{"text_format":"3","workbook":"xlsx","n_sheets":3,"sheets":["总表","Sheet3","Sheet1"],"not_rendered":{"defined_names":2},"read":"whole","date_system":"1900"}

{"sheet":"总表","index":0,"n_rows":1950,"n_cols":5,"rows_kept":1950}
["编码","描述","单位","数量","使用部门"]
["69L7150000","炼钢150结晶器;石墨套;K8008-19;SMF-600","套",20,"炼钢分厂"]
["69L7150000","炼钢150结晶器;石墨套;K8008-19;SMF-600","套",12,"炼钢分厂"]
["507270516A000","毛管打头装置;0102043-17.700;组件;33000Kg","套",1,"720分厂"]
["526641808C200","齿条rack;0129007-21.100;weight:8810kg;Fa:SMS MEER","件",1,"340分厂"]
["526640102J201","活塞杆;0102041-81.201;3657Kg","件",3,"720分厂"]
["5000015050093","轧辊侧关节;HTL800.10;1240235910;800*740.845;GS-33NICRM0744;1PCS;","套",2,"340分厂"]
["5000015050093","轧辊侧关节;HTL800.10;1240235910;800*740.845;GS-33NICRM0744;1PCS;","套",1,"340分厂"]
["69L2150000","炼钢150结晶器;不锈钢螺套;K8008-11;1Cr18Ni9Ti;5Kg","件",15,"炼钢分厂"]
["69L1150000","炼钢150结晶器;导水套;K8008-09;1Cr18Ni9Ti;9Kg","件",15,"炼钢分厂"]
["69K7140000","炼钢140结晶器;石墨套;高纯石墨;K8007.19.00","套",5,"炼钢分厂"]
["526642108Z150","三辊定心装置(二);0112015-43.000;组件;11691.83Kg","套",2,"340分厂"]
["69K2140000","炼钢140结晶器;隔套;1Cr18Ni9;SL2100-11;5Kg","件",3,"炼钢分厂"]
["5000015050094","轧辊侧十字包;HTL800.10;12402307910;HT800.10;Fa.VOITH","套",1,"340分厂"]
["526642402J400","三辊导向装置;Z0734.04.02.00;部件;17531.912Kg","套",1,"720分厂"]
["69K0140000","炼钢140结晶器;前端法兰;1Cr18Ni9;SL2100-5;11.5Kg","件",1,"炼钢分厂"]
["69J8130000","炼钢130结晶器;外套;焊件;SL2000-16","件",6,"炼钢分厂"]
["69J7130000","炼钢130结晶器;石墨套;高纯石墨;SL2000-18-0","套",20,"炼钢分厂"]
["526640102J302","丝杆;0102041-81.301;34CrNiMo6;1568Kg;MEER","件",1,"720分厂"]
["69I2120000","炼钢120结晶器;隔套;1Cr18Ni9;SL0501.0-18","件",23,"炼钢分厂"]
["69I1120000","炼钢120结晶器;导水隔套;1Cr18Ni9;SL0501.0-17","件",45,"炼钢分厂"]
["69HD110000","炼钢110结晶器;O型密封圈;硅橡胶;K8001.16;直径135.3*5.7","个",90,"炼钢分厂"]
["69HC110000","炼钢110结晶器;O型密封圈;硅橡胶;K8001.15;直径156.4*5.7","个",98,"炼钢分厂"]
["69HB110000","炼钢110结晶器;O型密封圈;硅橡胶;K8001.07;直径129.4*5.7","个",100,"炼钢分厂"]
["69HA110000","炼钢110结晶器;O型密封圈;硅橡胶;K8001.03;直径196.4*5.7","个",97,"炼钢分厂"]
["69H7120000","炼钢120结晶器;石墨套;高纯石墨;SL0501.0-24;6.52Kg","套",20,"炼钢分厂"]
["69H7120000","炼钢120结晶器;石墨套;高纯石墨;SL0501.0-24;6.52Kg","套",6,"炼钢分厂"]
["69H7110000","炼钢110结晶器;石墨套;高纯石墨;K8001.11","套",102,"炼钢分厂"]
["526642408D103","过车体装配;268.01SB0065-3g1;组件;5414.4Kg","套",2,"340分厂"]
["526640102C017","压下丝母;0102043-13.017;PAN-SoMs-210;685Kg","件",2,"720分厂"]
["69H3120000","炼钢120结晶器;导水套;1Cr18Ni9;SL0501.0-20","件",38,"炼钢分厂"]
["69H3110000","炼钢110结晶器;导水套;1Cr18Ni9;K8001.08","件",35,"炼钢分厂"]
["69H2110000","炼钢110结晶器;隔套;1Cr18Ni9;K8001.05","件",39,"炼钢分厂"]
["526642406T014","链条装配;268备29-34;部件;L=14720;298.4Kg","根",20,"89分厂"]
["69H0110000","炼钢110结晶器;前端法兰;1Cr18Ni9;K8001.01","件",23,"炼钢分厂"]
["526640102C016","压下丝杆;0102043-13.016;42CrMo4V;2030Kg","件",2,"720分厂"]
["6572397050","热轧矫直辊导辊;9Cr2MoV;D8002.24","个",5,"219分厂"]
["6543302000","热轧微张力减径机运送辊( 一 );ZG35;D8002.21.01","件",5,"219分厂"]
["6521400000","热轧穿孔机轧辊轴;Z0213.03.04.02A;42CrMo;812.76Kg","根",1,"219分厂"]
["5266424083013","大头端轴承座;0112015-24.013;45;2150.0Kg","件",3,"340分厂"]
["6520760000","热轧穿孔机轧辊;Z0213.03.04.08A;60CrMnMo;1828.5Kg","个",2,"219分厂"]
["63Z5056000","合金锯片;H560*7.0(5.5)*54","片",34,"89分厂"]
["63Z5056000","合金锯片;H560*7.0(5.5)*54","片",28,"89分厂"]
["63S5910000","缩口机卡板器板牙","件",3,"管加工分厂"]
["63S2073110","石油管冲头模;M8001-505;28NiMo17;直径73*5.51(1);41Kg","付",4,"89分厂"]
["63S1073120","石油管加厚模;M8001-204;H13;直径73*5.51(2);49Kg","付",2,"89分厂"]
["633P10100K","热轧芯棒料(进口);X38CrMoV51;0109009-06.101-118","根",70,"89分厂"]
["633P10100K","热轧芯棒料(进口);X38CrMoV51;0109009-06.101-118","根",24,"89分厂"]
["6334101000","热轧芯棒;X38CrMoV51;0109009-06.101-118","根",142,"89分厂"]
["632D106000","热轧穿孔导板;112008.06.101;G-X50NiCrW4828;直径106mm;","块",72,"89分厂"]
["632D106000","热轧穿孔导板;112008.06.101;G-X50NiCrW4828;直径106mm;","块",4,"89分厂"]
["632D100000","热轧穿孔导板;112008.06.101;G-X50NiCrW4828;直径100mm","块",84,"89分厂"]
["632D096100","热轧穿孔机导板;112008.06.101;Cr35Ni7MoV;T91专用;直径96mm","块",54,"89分厂"]
["62Z3225000","圆锯片;0506020-06.002g1;2250mm;371Kg","只",5,"720分厂"]
["62Y4530000","冲杆装置;HG720J-09.09.04-2;5CrNiMo;D300;2209.5Kg","套",4,"720分厂"]
["62Y4525500","冲杆装置;HG720J-09.09.04-1;5CrNiMo;D255;1814.5Kg","套",3,"720分厂"]
["62Y2325000","水压冲孔冲头模;Y3428.09.03.02.01;D325mm;X40CrMoV5-1;104Kg","件",4,"720分厂"]
["62Y2325000","水压冲孔冲头模;Y3428.09.03.02.01;D325mm;X40CrMoV5-1;104Kg","件",2,"720分厂"]
["62Y2325000","水压冲孔冲头模;Y3428.09.03.02.01;D325mm;X40CrMoV5-1;104Kg","件",2,"720分厂"]
["62Y2325000","水压冲孔冲头模;Y3428.09.03.02.01;D325mm;X40CrMoV5-1;104Kg","件",2,"720分厂"]
["62Y2305000","水压冲孔冲头模;Y3428.09.02.02.02;D305mm;H13;102Kg","件",7,"720分厂"]
["62Y2305000","水压冲孔冲头模;Y3428.09.02.02.02;D305mm;H13;102Kg","件",3,"720分厂"]
["62Y2305000","水压冲孔冲头模;Y3428.09.02.02.02;D305mm;H13;102Kg","件",2,"720分厂"]
["61D203000R","冷拔30轧头机辊;45;L8101D302","件",2,"50机组"]
["61D005000R","冷拔50轧头机辊坯(二);L8101D402;45","件",3,"50机组"]
["61C9150000","冷拔空气锤下砧块;45;C41-150-205(A);41Kg","块",7,"50机组"]
["61C9150000","冷拔空气锤下砧块;45;C41-150-205(A);41Kg","块",7,"50机组"]
["61C8150000","冷拔空气锤上砧块;45;C41-150-204(A);32Kg","块",4,"50机组"]
["61C8150000","冷拔空气锤上砧块;45;C41-150-204(A);32Kg","块",4,"50机组"]
["61C7175000","150空气锤;下砧块;H2016.19改;45;40Kg","件",1,"50机组"]
["61C7175000","150空气锤;下砧块;H2016.19改;45;40Kg","件",1,"50机组"]
["61C7151000","冷拔150空气锤下砧块;45;H2016.18","件",8,"50机组"]
["61C7151000","冷拔150空气锤下砧块;45;H2016.18","件",8,"50机组"]
["61C7150000","150空气锤下砧块;H2016.22;45;41.15Kg","块",1,"50机组"]
["61C7150000","150空气锤下砧块;H2016.22;45;41.15Kg","块",1,"50机组"]
["61C6175000","150空气锤;上砧块;H2016.19改;45;40Kg","块",1,"50机组"]
["61C6175000","150空气锤;上砧块;H2016.19改;45;40Kg","块",1,"50机组"]
["61C6150000","150空气锤上砧块;H2016.21;45;41.15Kg","块",1,"50机组"]
["61C6150000","150空气锤上砧块;H2016.21;45;41.15Kg","块",1,"50机组"]
["61C3150000","冷拔150锤头下块;45;L8101D206;22.5Kg","件",1,"50机组"]
["61C3150000","冷拔150锤头下块;45;L8101D206;22.5Kg","件",1,"50机组"]
["61C2150000","冷拔150锤头上块;45;L8101D205;21Kg","件",1,"50机组"]
["61C2150000","冷拔150锤头上块;45;L8101D205;21Kg","件",1,"50机组"]
["6196128700","冷拔高合金加强外模;23-直径128.70±0.01mm","个",1,"50机组"]
["6196012000","冷拔高合金加强外模;23-直径12.00mm±0.01mm","个",2,"50机组"]
["619309500F","冷拔精密合金外模;YG-15;23型;非镶套;直径95.00±0.01mm","个",1,"50机组"]
["619307900X","冷拔精密合金外模;YG-15;23型;直径79.00±0.01mm","个",1,"50机组"]
["619306500X","冷拔精密合金外模;YG-15;23型;直径65.00±0.01mm","个",2,"50机组"]
["619306100X","冷拔精密合金外模;YG-15;23型;直径61.00±0.01mm","个",2,"50机组"]
["619305200X","冷拔精密合金外模;YG-15;23型;直径52.00±0.01mm","个",2,"50机组"]
["619305150X","冷拔精密合金外模;YG-15;23型;直径51.50±0.01mm","个",2,"50机组"]
["619304900X","冷拔精密合金外模;YG-15;23型;直径49.00±0.01mm","个",3,"50机组"]
["619304870X","冷拔精密合金外模;YG-15;23型;直径48.70±0.01mm","个",3,"50机组"]
["619304800X","冷拔精密合金外模;YG-15;23型;直径48.00±0.01mm","个",2,"50机组"]
["619304763X","冷拔精密合金外模;YG-15;23型;直径47.63±0.01mm","个",2,"50机组"]
["619304763X","冷拔精密合金外模;YG-15;23型;直径47.63±0.01mm","个",2,"50机组"]
["619304700X","冷拔精密合金外模;YG-15;23型;直径47.00±0.01mm","个",2,"50机组"]
["619304400X","冷拔精密合金外模;YG-15;23型;直径44.00±0.01mm","个",5,"50机组"]
["619304300X","冷拔精密合金外模;YG-15;23型;直径43.00±0.01mm","个",1,"50机组"]
["619304270X","冷拔精密合金外模;YG-15;23型;直径42.70±0.01mm","个",3,"50机组"]
["619304220X","冷拔精密合金外模;YG-15;23型;直径42.20±0.01mm","个",1,"50机组"]
["619304200X","冷拔精密合金外模;YG-15;23型;直径42.00±0.01mm","个",2,"50机组"]
["619304100X","冷拔精密合金外模;YG-15;23型;直径41.00±0.01mm","个",6,"50机组"]
["619303850X","冷拔精密合金外模;YG-15;23型;直径38.50±0.01mm","个",2,"50机组"]
["619303540X","冷拔精密合金外模;YG-15;23型;直径35.40±0.01mm","个",3,"50机组"]
["619301905X","冷拔精密合金外模;YG-15;23型;直径19.05±0.01mm","个",1,"50机组"]
["619208400X","冷拔精密合金外模;YG-15;22型;直径84.00±0.01mm","个",1,"50机组"]
["619208300X","冷拔精密合金外模;YG-15;22型;直径83.00±0.01mm","个",2,"50机组"]
["619207100X","冷拔精密合金外模;YG-15;22型;直径71.00±0.01mm","个",3,"50机组"]
["619207000X","冷拔精密合金外模;YG-15;22型;直径70.00±0.01mm","个",3,"50机组"]
["619206800X","冷拔精密合金外模;YG-15;22型;直径68.00±0.01mm","个",2,"50机组"]
["619206600X","冷拔精密合金外模;YG-15;22型;直径66.00±0.01mm","个",2,"50机组"]
["619206400X","冷拔精密合金外模;YG-15;22型;直径64.00±0.01mm","个",1,"50机组"]
["619206200X","冷拔精密合金外模;YG-15;22型;直径62.00±0.01mm","个",2,"50机组"]
["619205900X","冷拔精密合金外模;YG-15;22型;直径59.00±0.01mm","个",1,"50机组"]
["619205800X","冷拔精密合金外模;YG-15;22型;直径58.00±0.01mm","个",1,"50机组"]
["619205800X","冷拔精密合金外模;YG-15;22型;直径58.00±0.01mm","个",4,"50机组"]
["619204000F","冷拔精密合金外模;YG-15;22型;非镶套;直径40.00±0.01mm","个",6,"50机组"]
["619003190X","冷拔精密合金外模;YG-15;20型;直径31.90±0.01mm","个",6,"50机组"]
["619001700X","冷拔精密合金外模;YG-15;20型;直径17.00±0.01mm","个",1,"50机组"]
["618C048000","冷拔内螺纹管用内模;25SiMnV;直径48.00±0.01mm","个",23,"50机组"]
["618C042300","冷拔内螺纹管用内模;25SiMnV;直径42.30±0.01mm","个",23,"50机组"]
["6189049200","冷拔渗金属超耐磨苏式内模;H8001.44.1;直径49.20±0.02mm","个",50,"50机组"]
["6189049000","冷拔渗金属超耐磨苏式内模;H8001.44.1;直径49.00±0.02mm","个",50,"50机组"]
["6189046400","冷拔渗金属超耐磨苏式内模;H8001.44.1;直径46.40±0.02mm","个",100,"50机组"]
["6189046200","冷拔渗金属超耐磨苏式内模;H8001.44.1;直径46.20±0.02mm","个",200,"50机组"]
["6189044400","冷拔渗金属超耐磨苏式内模;H8001.44.1;直径44.40±0.01mm","个",550,"50机组"]
["6185037000","冷拔外丝内模;45;L8101T204A;直径37.00±0.01mm","个",50,"50机组"]
["6185033600","冷拔外丝内模;45;L8101T204A;直径33.60±0.01mm","个",100,"50机组"]
["6185033400","冷拔外丝内模;45;L8101T204A;直径33.40±0.01mm","个",140,"50机组"]
["6185033200","冷拔外丝内模;45;L8101T204A;直径33.20±0.01mm","个",210,"50机组"]
["6185032600","冷拔外丝内模;45;L8101T204A;直径32.60±0.01mm","个",160,"50机组"]
["6185032400","冷拔外丝内模;45;L8101T214;直径32.40±0.01mm","个",30,"50机组"]
["6185032400","冷拔外丝内模;45;L8101T214;直径32.40±0.01mm","个",90,"50机组"]
["6185032400","冷拔外丝内模;45;L8101T214;直径32.40±0.01mm","个",10,"50机组"]
["6184073200","冷拔双头内模;45;L8101T203A;直径73.20±0.01mm","个",30,"50机组"]
["6184073000","冷拔双头内模;45;L8101T203A;直径73.00±0.01mm","个",30,"50机组"]
["6184072600","冷拔双头内模;45;L8101T203A;直径72.60±0.01mm","个",20,"50机组"]
["6184072400","冷拔双头内模;45;L8101T203A;直径72.40±0.01mm","个",20,"50机组"]
["6184072400","冷拔双头内模;45;L8101T203A;直径72.40±0.01mm","个",10,"50机组"]
["6184071800","冷拔双头内模;45;L8101T203A;直径71.80±0.01mm","个",90,"50机组"]
["6184071600","冷拔双头内模;45;L8101T203A;直径71.60±0.01mm","个",30,"50机组"]
["6184071400","冷拔双头内模;45;L8101T203A;直径71.40±0.01mm","个",30,"50机组"]
["6184071200","冷拔双头内模;45;L8101T203A;直径71.20±0.01mm","个",30,"50机组"]
["6184070800","冷拔双头内模;45;L8101T203A;直径70.80±0.01mm","个",102,"50机组"]
["6184070200","冷拔双头内模;45;L8101T203A;直径70.20±0.01mm","个",30,"50机组"]
["6184070000","冷拔双头内模;45;L8101T203A;直径70.00±0.01mm","个",50,"50机组"]
["6184069800","冷拔双头内模;45;L8101T203A;直径69.80±0.01mm","个",110,"50机组"]
["6184069600","冷拔双头内模;45;L8101T203A;直径69.60±0.01mm","个",19,"50机组"]
["6184069400","冷拔双头内模;45;L8101T203A;直径69.40±0.01mm","个",67,"50机组"]
["6184069200","冷拔双头内模;45;L8101T203A;直径69.20±0.01mm","个",50,"50机组"]
["6184069200","冷拔双头内模;45;L8101T203A;直径69.20±0.01mm","个",40,"50机组"]
["6184069000","冷拔双头内模;45;L8101T203A;直径69.00±0.01mm","个",40,"50机组"]
["6184068600","冷拔双头内模;45;L8101T203A;直径68.60±0.01mm","个",30,"50机组"]
["6184068400","冷拔双头内模;45;L8101T203A;直径68.40±0.01mm","个",60,"50机组"]
["6184068200","冷拔双头内模;45;L8101T203A;直径68.20±0.01mm","个",80,"50机组"]
["6184068000","冷拔双头内模;45;L8101T203A;直径68.00±0.01mm","个",100,"50机组"]
["6184067800","冷拔双头内模;45;L8101T203A;直径67.80±0.01mm","个",600,"50机组"]
["6184067600","冷拔双头内模;45;L8101T203A;直径67.60±0.01mm","个",82,"50机组"]
["6184067400","冷拔双头内模;45;L8101T203A;直径67.40±0.01mm","个",60,"50机组"]
["6184067200","冷拔双头内模;45;L8101T203A;直径67.20±0.01mm","个",20,"50机组"]
["6184067000","冷拔双头内模;45;L8101T203A;直径67.00±0.01mm","个",90,"50机组"]
["6184066800","冷拔双头内模;45;L8101T203A;直径66.80±0.01mm","个",96,"50机组"]
["6184066600","冷拔双头内模;45;L8101T203A;直径66.60±0.01mm","个",50,"50机组"]
["6184066400","冷拔双头内模;45;L8101T203A;直径66.40±0.01mm","个",20,"50机组"]
["6184066000","冷拔双头内模;45;L8101T203A;直径66.00±0.01mm","个",100,"50机组"]
["6184065800","冷拔双头内模;45;L8101T203A;直径65.80±0.01mm","个",420,"50机组"]
["6184065600","冷拔双头内模;45;L8101T203A;直径65.60±0.01mm","个",20,"50机组"]
["6184065400","冷拔双头内模;45;L8101T203A;直径65.40±0.01mm","个",60,"50机组"]
["6184065200","冷拔双头内模;45;L8101T203A;直径65.20±0.01mm","个",50,"50机组"]
["6184065000","冷拔双头内模;45;L8101T203A;直径65.00±0.01mm","个",49,"50机组"]
["6184064800","冷拔双头内模;45;L8101T203A;直径64.80±0.01mm","个",90,"50机组"]
["6184064600","冷拔双头内模;45;L8101T203A;直径64.60±0.01mm","个",20,"50机组"]
["6184064400","冷拔双头内模;45;L8101T203A;直径64.40±0.01mm","个",46,"50机组"]
["6184063000","冷拔双头内模;45;L8101T203A;直径63.00±0.01mm","个",50,"50机组"]
["6184062400","冷拔双头内模;45;L8101T203A;直径62.40±0.01mm","个",60,"50机组"]
["6184062200","冷拔双头内模;45;L8101T203A;直径62.20±0.01mm","个",50,"50机组"]
["6184062000","冷拔双头内模;45;L8101T203A;直径62.00±0.01mm","个",70,"50机组"]
["6184061600","冷拔双头内模;45;L8101T203A;直径61.60±0.01mm","个",99,"50机组"]
["6184061600","冷拔双头内模;45;L8101T203A;直径61.60±0.01mm","个",100,"50机组"]
["6184061400","冷拔双头内模;45;L8101T203A;直径61.40±0.01mm","个",200,"50机组"]
["6184061400","冷拔双头内模;45;L8101T203A;直径61.40±0.01mm","个",36,"50机组"]
["6184061400","冷拔双头内模;45;L8101T203A;直径61.40±0.01mm","个",150,"50机组"]
["6184061200","冷拔双头内模;45;L8101T203A;直径61.20±0.01mm","个",200,"50机组"]
["6184061200","冷拔双头内模;45;L8101T203A;直径61.20±0.01mm","个",50,"50机组"]
["6184061200","冷拔双头内模;45;L8101T203A;直径61.20±0.01mm","个",175,"50机组"]
["6184061200","冷拔双头内模;45;L8101T203A;直径61.20±0.01mm","个",101,"50机组"]
["6184061000","冷拔双头内模;45;L8101T203A;直径61.00±0.01mm","个",200,"50机组"]
["6184061000","冷拔双头内模;45;L8101T203A;直径61.00±0.01mm","个",87,"50机组"]
["6184060800","冷拔双头内模;45;L8101T203A;直径60.80±0.01mm","个",140,"50机组"]
["6184060600","冷拔双头内模;45;L8101T203A;直径60.60±0.01mm","个",30,"50机组"]
["6184060400","冷拔双头内模;45;L8101T203A;直径60.40±0.01mm","个",70,"50机组"]
["6184060200","冷拔双头内模;45;L8101T202A;直径60.20±0.01mm","个",20,"50机组"]
["6184060000","冷拔双头内模;45;L8101T202A;直径60.00±0.01mm","个",50,"50机组"]
["6184059800","冷拔双头内模;45;L8101T202A;直径59.80±0.01mm","个",40,"50机组"]
["6184059200","冷拔双头内模;45;L8101T202A;直径59.20±0.01mm","个",60,"50机组"]
["6184059000","冷拔双头内模;45;L8101T202A;直径59.00±0.01mm","个",15,"50机组"]
["6184059000","冷拔双头内模;45;L8101T202A;直径59.00±0.01mm","个",100,"50机组"]
["6184058800","冷拔双头内模;45;L8101T202A;直径58.80±0.01mm","个",50,"50机组"]
["6184058600","冷拔双头内模;45;L8101T202A;直径58.60±0.01mm","个",40,"50机组"]
["6184056600","冷拔双头内模;45;L8101T202A;直径56.60±0.01mm","个",100,"50机组"]
["6184055800","冷拔双头内模;45;L8101T202A;直径55.80±0.01mm","个",44,"50机组"]
["6184055000","冷拔双头内模;45;L8101T202A;直径55.00±0.01mm","个",212,"50机组"]
["6184054800","冷拔双头内模;45;L8101T202A;直径54.80±0.01mm","个",241,"50机组"]
["6184054800","冷拔双头内模;45;L8101T202A;直径54.80±0.01mm","个",100,"50机组"]
["6184054400","冷拔双头内模;45;L8101T202A;直径54.40±0.01mm","个",44,"50机组"]
["6184054400","冷拔双头内模;45;L8101T202A;直径54.40±0.01mm","个",56,"50机组"]
["6184054200","冷拔双头内模;45;L8101T202A;直径54.20±0.01mm","个",60,"50机组"]
["6184054200","冷拔双头内模;45;L8101T202A;直径54.20±0.01mm","个",100,"50机组"]
["6184054200","冷拔双头内模;45;L8101T202A;直径54.20±0.01mm","个",20,"50机组"]
["6184054000","冷拔双头内模;45;L8101T202A;直径54.00±0.01mm","个",59,"50机组"]
["6184054000","冷拔双头内模;45;L8101T202A;直径54.00±0.01mm","个",99,"50机组"]
["6184053800","冷拔双头内模;45;L8101T202A;直径53.80±0.01mm","个",49,"50机组"]
["6184053000","TD渗层双头内模;H8001.75;Cr12MoV;直径53.00±0.01mm","个",5,"50机组"]
["6184053000","TD渗层双头内模;H8001.75;Cr12MoV;直径53.00±0.01mm","个",66,"50机组"]
["6184052800","冷拔双头内模;45;L8101T202A;直径52.80±0.01mm","个",50,"50机组"]
["6184052600","冷拔双头内模;45;L8101T202A;直径52.60±0.01mm","个",50,"50机组"]
["6184052600","冷拔双头内模;45;L8101T202A;直径52.60±0.01mm","个",200,"50机组"]
["6184052400","冷拔双头内模;45;L8101T202A;直径52.40±0.01mm","个",60,"50机组"]
["6184052200","冷拔双头内模;45;L8101T202A;直径52.20±0.01mm","个",20,"50机组"]
["6184051200","冷拔双头内模;45;L8101T202A;直径51.20±0.01mm","个",20,"50机组"]
["6184050200","冷拔双头内模;45;L8101T202A;直径50.20±0.01mm","个",49,"50机组"]
["6184050200","冷拔双头内模;45;L8101T202A;直径50.20±0.01mm","个",21,"50机组"]
["6184049600","冷拔双头内模;45;L8101T201A;直径49.60±0.01mm","个",39,"50机组"]
["6184049600","冷拔双头内模;45;L8101T201A;直径49.60±0.01mm","个",33,"50机组"]
["6184049000","冷拔双头内模;45;L8101T201A;直径49.00±0.01mm","个",51,"50机组"]
["6184049000","冷拔双头内模;45;L8101T201A;直径49.00±0.01mm","个",99,"50机组"]
["6184048600","冷拔双头内模;45;L8101T201A;直径48.60±0.01mm","个",100,"50机组"]
["6184048400","冷拔双头内模;45;L8101T201A;直径48.40±0.01mm","个",100,"50机组"]
["6184047400","冷拔双头内模;45;L8101T201A;直径47.40±0.01mm","个",100,"50机组"]
["6184047000","冷拔双头内模;45;L8101T201A;直径47.00±0.01mm","个",99,"50机组"]
["6184045600","冷拔双头内模;45;L8101T201A;直径45.60±0.01mm","个",18,"50机组"]
["6184045600","冷拔双头内模;45;L8101T201A;直径45.60±0.01mm","个",30,"50机组"]
["6184045200","冷拔双头内模;45;L8101T201A;直径45.20±0.01mm","个",104,"50机组"]
["6184045200","冷拔双头内模;45;L8101T201A;直径45.20±0.01mm","个",27,"50机组"]
["6184045200","冷拔双头内模;45;L8101T201A;直径45.20±0.01mm","个",79,"50机组"]
["6184045200","冷拔双头内模;45;L8101T201A;直径45.20±0.01mm","个",43,"50机组"]
["6184045200","冷拔双头内模;45;L8101T201A;直径45.20±0.01mm","个",41,"50机组"]
["6184043800","冷拔双头内模;45;L8101T201A;直径43.80±0.01mm","个",50,"50机组"]
["6184042200","冷拔双头内模;45;L8101T201A;直径42.20±0.01mm","个",100,"50机组"]
["6184042200","冷拔双头内模;45;L8101T201A;直径42.20±0.01mm","个",100,"50机组"]
["6184042200","冷拔双头内模;45;L8101T201A;直径42.20±0.01mm","个",50,"50机组"]
["6184042000","冷拔双头内模;45;L8101T201A;直径42.00±0.01mm","个",37,"50机组"]
["6184042000","冷拔双头内模;45;L8101T201A;直径42.00±0.01mm","个",89,"50机组"]
["6182080000","冷拔苏式内模;45;L8101T206A;直径80.00±0.01mm","个",15,"50机组"]
["6182074000","冷拔苏式内模;45;L8101T206A;直径74.00±0.01mm","个",15,"50机组"]
["6182072400","冷拔苏式内模;45;L8101T206A;直径72.40±0.01mm","个",40,"50机组"]
["6182072000","冷拔苏式内模;45;L8101T206A;直径72.00±0.01mm","个",87,"50机组"]
["6182071800","冷拔苏式内模;45;L8101T206A;直径71.80±0.01mm","个",53,"50机组"]
["6182071400","冷拔苏式内模;45;L8101T206A;直径71.40±0.01mm","个",30,"50机组"]
["6182070600","冷拔苏式内模;45;L8101T206A;直径70.60±0.01mm","个",45,"50机组"]
["6182070400","冷拔苏式内模;45;L8101T206A;直径70.40±0.01mm","个",30,"50机组"]
["6182070200","冷拔苏式内模;45;L8101T206A;直径70.20±0.01mm","个",22,"50机组"]
["6182070000","冷拔苏式内模;45;L8101T206A;直径70.00±0.01mm","个",21,"50机组"]
["6182069400","冷拔苏式内模;45;L8101T206A;直径69.40±0.01mm","个",90,"50机组"]
["6182066600","冷拔苏式内模;45;L8101T206A;直径66.60±0.01mm","个",161,"50机组"]
["6182065800","冷拔苏式内模;45;L8101T206A;直径65.80±0.01mm","个",40,"50机组"]
["6182065600","冷拔苏式内模;45;L8101T206A;直径65.60±0.01mm","个",100,"50机组"]
["6182065000","冷拔苏式内模;45;L8101T206A;直径65.00±0.01mm","个",69,"50机组"]
["6182062400","冷拔苏式内模;45;L8101T205A;直径62.40±0.01mm","个",60,"50机组"]
["6182061400","冷拔苏式内模;45;L8101T205A;直径61.40±0.01mm","个",29,"50机组"]
["6182061000","冷拔苏式内模;45;L8101T205A;直径61.00±0.01mm","个",12,"50机组"]
["6182060600","冷拔苏式内模;45;L8101T205A;直径60.60±0.01mm","个",10,"50机组"]
["6182060600","冷拔苏式内模;45;L8101T205A;直径60.60±0.01mm","个",50,"50机组"]
["6182060400","冷拔苏式内模;45;L8101T205A;直径60.40±0.01mm","个",102,"50机组"]
["6182060400","冷拔苏式内模;45;L8101T205A;直径60.40±0.01mm","个",7,"50机组"]
["6182060200","冷拔苏式内模;45;L8101T205A;直径60.20±0.01mm","个",90,"50机组"]
["6182060000","冷拔苏式内模;45;L8101T205A;直径60.00±0.01mm","个",15,"50机组"]
["6182059600","冷拔苏式内模;45;L8101T205A;直径59.60±0.01mm","个",48,"50机组"]
["6182059400","冷拔苏式内模;45;L8101T205A;直径59.40±0.01mm","个",30,"50机组"]
["6182059200","冷拔苏式内模;45;L8101T205A;直径59.20±0.01mm","个",50,"50机组"]
["6182059200","冷拔苏式内模;45;L8101T205A;直径59.20±0.01mm","个",50,"50机组"]
["6182059000","冷拔苏式内模;45;L8101T205A;直径59.00±0.01mm","个",5,"50机组"]
["6182059000","冷拔苏式内模;45;L8101T205A;直径59.00±0.01mm","个",49,"50机组"]
["6182058800","冷拔苏式内模;45;L8101T205A;直径58.80±0.01mm","个",40,"50机组"]
["6182058600","冷拔苏式内模;45;L8101T205A;直径58.60±0.01mm","个",360,"50机组"]
["6182058400","冷拔苏式内模;45;L8101T205A;直径58.40±0.01mm","个",50,"50机组"]
["6182058200","冷拔苏式内模;45;L8101T205A;直径58.20±0.01mm","个",90,"50机组"]
["6182058000","冷拔苏式内模;45;L8101T205A;直径58.00±0.01mm","个",80,"50机组"]
["6182057800","冷拔苏式内模;45;L8101T205A;直径57.80±0.01mm","个",50,"50机组"]
["6182057600","冷拔苏式内模;45;L8101T205A;直径57.60±0.01mm","个",50,"50机组"]
["6182057400","冷拔苏式内模;45;L8101T205A;直径57.40±0.01mm","个",30,"50机组"]
["6182057200","冷拔苏式内模;45;L8101T205A;直径57.20±0.01mm","个",18,"50机组"]
["6182057200","冷拔苏式内模;45;L8101T205A;直径57.20±0.01mm","个",14,"50机组"]
["6182056600","冷拔苏式内模;45;L8101T205A;直径56.60±0.01mm","个",54,"50机组"]
["6182056000","冷拔苏式内模;45;L8101T205A;直径56.00±0.01mm","个",19,"50机组"]
["6182055800","冷拔苏式内模;45;L8101T205A;直径55.80±0.01mm","个",29,"50机组"]
["6182055800","冷拔苏式内模;45;L8101T205A;直径55.80±0.01mm","个",28,"50机组"]
["6182055400","冷拔苏式内模;45;L8101T205A;直径55.40±0.01mm","个",50,"50机组"]
["6182055200","冷拔苏式内模;45;L8101T205A;直径55.20±0.01mm","个",39,"50机组"]
["6182055000","冷拔苏式内模;45;L8101T205A;直径55.00±0.01mm","个",56,"50机组"]
["6182055000","冷拔苏式内模;45;L8101T205A;直径55.00±0.01mm","个",101,"50机组"]
["6182054800","冷拔苏式内模;45;L8101T205A;直径54.80±0.01mm","个",67,"50机组"]
["6182054600","冷拔苏式内模;45;L8101T205A;直径54.60±0.01mm","个",34,"50机组"]
["6182054600","冷拔苏式内模;45;L8101T205A;直径54.60±0.01mm","个",16,"50机组"]
["6182054200","冷拔苏式内模;45;L8101T205A;直径54.20±0.01mm","个",38,"50机组"]
["6182053800","冷拔苏式内模;45;L8101T205A;直径53.80±0.01mm","个",20,"50机组"]
["6182053600","冷拔苏式内模;45;L8101T205A;直径53.60±0.01mm","个",59,"50机组"]
["6182053400","冷拔苏式内模;45;L8101T205A;直径53.40±0.01mm","个",29,"50机组"]
["6182053400","冷拔苏式内模;45;L8101T205A;直径53.40±0.01mm","个",11,"50机组"]
["6182053200","冷拔苏式内模;45;L8101T205A;直径53.20±0.01mm","个",140,"50机组"]
["6182052400","冷拔苏式内模;45;L8101T205A;直径52.40±0.01mm","个",38,"50机组"]
["6180109000","冷拔中式内模;45;L8101T213A;直径109.00±0.02mm","个",30,"50机组"]
["6180108000","冷拔中式内模;45;L8101T213A;直径108.00±0.02mm","个",21,"50机组"]
["6180107600","冷拔中式内模;45;L8101T213A;直径107.60±0.02mm","个",52,"50机组"]
["6180099000","冷拔中式内模;45;L8101T213A;直径99.00±0.02mm","个",10,"50机组"]
["6180099000","冷拔中式内模;45;L8101T213A;直径99.00±0.02mm","个",5,"50机组"]
["6180096000","冷拔中式内模;45;L8101T213A;直径96.00±0.02mm","个",6,"50机组"]
["6180095000","冷拔中式内模;45;L8101T213A;直径95.00±0.02mm","个",13,"50机组"]
["6180094600","冷拔中式内模;45;L8101T213A;直径94.60±0.02mm","个",34,"50机组"]
["6180094400","冷拔中式内模;45;L8101T213A;直径94.40±0.02mm","个",35,"50机组"]
["6180091000","冷拔中式内模;45;L8101T213A;直径91.00±0.02mm","个",10,"50机组"]
["6180088000","冷拔中式内模;45;L8101T213A;直径88.00±0.02mm","个",8,"50机组"]
["6180088000","冷拔中式内模;45;L8101T213A;直径88.00±0.02mm","个",6,"50机组"]
["6180084000","冷拔中式内模;45;L8101T213A;直径84.00±0.02mm","个",38,"50机组"]
["6180082800","冷拔中式内模;45;L8101T213A;直径82.80±0.02mm","个",12,"50机组"]
["6180082000","冷拔中式内模;45;L8101T213A;直径82.00±0.02mm","个",20,"50机组"]
["6180081400","冷拔中式内模;45;L8101T213A;直径81.40±0.02mm","个",10,"50机组"]
["6180081000","冷拔中式内模;45;L8101T213A;直径81.00±0.02mm","个",10,"50机组"]
["6180080200","冷拔中式内模;45;L8101T213A;直径80.20±0.02mm","个",13,"50机组"]
["6180080200","冷拔中式内模;45;L8101T213A;直径80.20±0.02mm","个",15,"50机组"]
["6180080200","冷拔中式内模;45;L8101T213A;直径80.20±0.02mm","个",4,"50机组"]
["6180080000","冷拔中式内模;45;L8101T213A;直径80.00±0.02mm","个",34,"50机组"]
["6180079400","冷拔中式内模;45;L8101T213A;直径79.40±0.01mm","个",20,"50机组"]
["6180079200","冷拔中式内模;45;L8101T213A;直径79.20±0.01mm","个",15,"50机组"]
["6180079000","冷拔中式内模;45;L8101T213A;直径79.00±0.01mm","个",14,"50机组"]
["6180078600","冷拔中式内模;45;L8101T213A;直径78.60±0.01mm","个",11,"50机组"]
["6180078400","冷拔中式内模;45;L8101T213A;直径78.40±0.01mm","个",20,"50机组"]
["6180078000","冷拔中式内模;45;L8101T213A;直径78.00±0.01mm","个",15,"50机组"]
["6180075200","冷拔中式内模;45;L8101T213A;直径75.20±0.01mm","个",9,"50机组"]
["6180072200","冷拔中式内模;45;L8101T213A;直径72.20±0.01mm","个",20,"50机组"]
["6180031800","冷拔中式内模;45;L8101T213;直径31.80±0.01mm","个",80,"50机组"]
["6180031600","冷拔中式内模;45;L8101T213;直径31.60±0.01mm","个",183,"50机组"]
["6180031200","冷拔中式内模;45;L8101T213;直径31.20±0.01mm","个",60,"50机组"]
["6180030800","冷拔中式内模;45;L8101T213;直径30.80±0.01mm","个",90,"50机组"]
["6180030600","冷拔中式内模;45;L8101T213;直径30.60±0.01mm","个",60,"50机组"]
["6180030400","冷拔中式内模;45;L8101T213;直径30.40±0.01mm","个",40,"50机组"]
["6180030200","冷拔中式内模;45;L8101T213;直径30.20±0.01mm","个",90,"50机组"]
["6180030000","冷拔中式内模;45;L8101T213;直径30.00±0.01mm","个",60,"50机组"]
["6180029800","冷拔中式内模;45;L8101T213;直径29.80±0.01mm","个",90,"50机组"]
["6180029600","冷拔中式内模;45;L8101T213;直径29.60±0.01mm","个",40,"50机组"]
["6180029000","冷拔中式内模;45;L8101T213;直径29.00±0.01mm","个",128,"50机组"]
["6180028800","冷拔中式内模;45;L8101T213;直径28.80±0.01mm","个",46,"50机组"]
["6180028600","冷拔中式内模;45;L8101T213;直径28.60±0.01mm","个",94,"50机组"]
["6180028400","冷拔中式内模;45;L8101T213;直径28.40±0.01mm","个",32,"50机组"]
["6180027800","冷拔中式内模;45;L8101T213;直径27.80±0.01mm","个",90,"50机组"]
["6180027600","冷拔中式内模;45;L8101T213;直径27.60±0.01mm","个",110,"50机组"]
["6180027400","冷拔中式内模;45;L8101T213;直径27.40±0.01mm","个",120,"50机组"]
["6180027200","冷拔中式内模;45;L8101T213;直径27.20±0.01mm","个",175,"50机组"]
["6180027000","冷拔中式内模;45;L8101T213;直径27.00±0.01mm","个",60,"50机组"]
["6180026800","冷拔中式内模;45;L8101T213;直径26.80±0.01mm","个",119,"50机组"]
["6180026600","冷拔中式内模;45;L8101T213;直径26.60±0.01mm","个",98,"50机组"]
["6180026400","冷拔中式内模;45;L8101T213;直径26.40±0.01mm","个",102,"50机组"]
["6180026200","冷拔中式内模;45;L8101T213;直径26.20±0.01mm","个",94,"50机组"]
["6180026000","冷拔中式内模;45;L8101T213;直径26.00±0.01mm","个",60,"50机组"]
["6180024400","冷拔中式内模;45;L8101T213;直径24.40±0.01mm","个",44,"50机组"]
["617N112100","冷拔十七辊矫直机辊子;进口件;台湾","套",1,"50机组"]
["6174061000","冷拔六辊矫直机辊;高铬复合;Z569.8.3;102Kg","个",2,"50机组"]
["6174000000","冷拔六辊矫直机轴;30CrMnTi;Z569.8.11;62Kg","件",2,"50机组"]
["6172342000","冷拔五辊主动辊;H2006.03.01;复合材料","个",2,"50机组"]
["6172115000","冷拔十七辊矫直机;矫直辊轴;Z8029.06.01.09;45;2.79Kg","件",3,"50机组"]
["6172100000","冷拔五辊矫直机主动辊轴;L8101.J5.10;42CrMo","件",2,"50机组"]
["6171112300","冷拔十七辊矫直机矫直辊;Z8029.06.01.07;复合材料;14.2Kg","个",3,"50机组"]
["6171070000","冷拔七辊传动辊(一);9SiCr;L8101J704","件",12,"50机组"]
["6170138500","冷拔七辊矫直压辊;9SiCr;H2009.04.06;6Kg","个",7,"50机组"]
["6170100000","冷拔七辊矫直压辊轴;H2009.04.14;45","件",33,"50机组"]
["6170070000","冷拔七辊压辊;9SiCr;L8101J707","件",8,"50机组"]
["6127065000","热轧顶头缩节;HG50;直径65mm;45;0.5Kg","只",50,"50机组"]
["6103080000","冷拔冷剪机下刀片;6CrW2Si;H2015.36;直径80mm","块",1,"50机组"]
["6103070000","冷拔冷剪机下刀片;6CrW2Si;H2015.36","块",2,"50机组"]
["6102080000","冷拔冷剪机上刀片;6CrW2Si;H2015.33;直径80mm","块",1,"50机组"]
["6102070000","冷拔冷剪机上刀片;6CrW2Si;H2015.33","块",2,"50机组"]
["69L3150000","炼钢150结晶器;长不锈钢套;K8008-17;1Cr18Ni9Ti;66Kg","件",9,"炼钢分厂"]
["5771198073000","电极;配1#/2#不锈钢芯棒","付",51,"89分厂"]
["5771110013100","外径千分尺;75~100mm;0.01？;","支",3,"50机组"]
["5771106013001","百分表表架;0-10mm;A9116.00.01","只",18,"50机组"]
["5752106060000","机械万用表;MF-47","块",2,"50机组"]
["5745799061015","轴;A9152.01.04.02;45;6.3Kg","件",69,"50机组"]
["507111499A001","数控轧辊车床;滚珠丝杆幅;SHZ1039;M32*5","件",1,"管加工分厂"]
["5745799061009","中间滚轮;A9152.01.04.04;45;6.2Kg","件",84,"50机组"]
["5745704084011","橡胶传动轮;H2028.01;橡胶+45;","台",100,"50机组"]
["5743499780000","工业电视;黑白摄像机;YZ002","台",1,"50机组"]
["5741457050000","安全栅;DFA-1200-H;4~20mA","台",2,"89分厂"]
["5741452160000","数字积算仪;XML5060;220VAC;横式安装","台",1,"720分厂"]
["5741450100000","温度变送器;9404 211;80011(K);0-1200℃","台",2,"89分厂"]
["5741306830000","液晶显示控制无纸记录仪;HR-LCD-S8203-2P","台",1,"89分厂"]
["5741303190000","多点记录仪;XMD5216UK","台",1,"720分厂"]
["5741202090000","液位计;UX-D4W2;L=1000mm","台",8,"340分厂"]
["5741164070000","椭圆齿轮流量计;LC-25C","台",2,"50机组"]
["5741104811000","热电偶;WRP-130/S;L=400mm  d=12mm","支",5,"720分厂"]
["5741104811000","热电偶;WRP-130/S;L=400mm  d=12mm","支",2,"720分厂"]
["5741104740000","热电偶;NICR-NI;K型;WRN430;600℃;L=600mm;I=450mm;保护管外径16mm;法兰105mm;LOI","支",1,"340分厂"]
["5741104461300","铂铑铂热电偶;WRP1-433,0-1300°C","支",1,"720分厂"]
["5741103028000","铠装热电偶;SN-1MH-SF20M","支",2,"720分厂"]
["5741103027000","铠装热电偶;FBWRP-354","支",2,"720分厂"]
["5741103026000","热电偶;FBWRP-353","支",2,"720分厂"]
["5741103014000","铂铑铂热电偶;HFRPI-432H/T4;S分度;单支式;L*1=800*650;防溅式;双套管","支",1,"89分厂"]
["5628901027000","感应加热器;直径120;900Kw","套",1,"89分厂"]
["5628204G40000","电源模块AS-P120-000","件",2,"89分厂"]
["5628204C60000","模块AS-BDAP-210","件",2,"89分厂"]
["5628201022068","电源;6SE7 021-2EP87-OFB1","块",1,"340分厂"]
["5628201015487","水冷电缆;300mm2*3500mm","根",2,"89分厂"]
["5628201015485","水冷电缆;300mm2*3400mm","根",2,"89分厂"]
["5628201015408","压差发迅器;CMS;DC24V;2A","只",2,"50机组"]
["5628201015345","空调压缩机;KFR-120;JT160BCDY1L;5P","台",4,"能源分厂"]
["5628201015305","栅极触发板;HE62;Himmel","块",2,"89分厂"]
["5628201015304","数控机床;LCD液晶显示器驱动板;GTC12860;Vers1.01;VOLLMER","块",1,"89分厂"]
["5628201015166","通讯适配器;PCM-085;Modicon","只",1,"89分厂"]
["5628201015025","水冷板;BEF-KP-W45;2011435","块",20,"89分厂"]
["5628201013108","快熔;A70QS600-4K;600A;AB","只",4,"89分厂"]
["5628201013102","磁励调节板;1397-FS2015;AB","件",1,"89分厂"]
["5628201013037","PLC模块;1794-L34带1788-CNC;AB","块",1,"89分厂"]
["5628201011577","压力继电器;JSEDS300;带四芯插头及电缆","只",2,"89分厂"]
["5628201011311","通讯处理器模块;6GK7 343-1EX11-0XE0;SIEMENS","块",1,"89分厂"]
["5628201011145","电源模块;6ES5951-7LB21;AC:230/120;5V;3A","块",2,"89分厂"]
["5614201018291","平波电抗器;500Kw;700A;575V;5mH;1000HZ","台",1,"89分厂"]
["5614201015024","水冷电缆;L=6300mm;1600A;带活接头","根",2,"89分厂"]
["5614201011016","热金属检测器;GH4-470P4","台",6,"89分厂"]
["5565101132009","轴承座B116-04-11;ZG45;外购","件",6,"50机组"]
["5565101132001","大齿轮;B116-04-01;ZG35","件",3,"50机组"]
["69H6110000","炼钢110结晶器;不锈钢套;1Cr18Ni9;K8001.10","件",23,"炼钢分厂"]
["5565001032003","小齿轮;A3110-04;45;29.3Kg","件",1,"50机组"]
["5565001031005","大齿轮;A3110-04-01;ZG35;61.4Kg","件",15,"50机组"]
["69L3150000","炼钢150结晶器;长不锈钢套;K8008-17;1Cr18Ni9Ti;66Kg","件",7,"炼钢分厂"]
["5535900012002","半联轴器;H32021.08;ZG35","件",5,"50机组"]
["526670608G031","辊轮;268.01SB0706-31;ZG35CrMo+CrNi合金;38Kg","件",46,"340分厂"]
["5462106021020","两联件组件;HYNJ-04","件",2,"炼钢分厂"]
["5266801083007","20t冷拔机;低速齿轮;L2112.03.15;ZG45","件",2,"50机组"]
["69H6120000","炼钢120结晶器;不锈钢套;1Cr18Ni9;SL0501.0-22","件",16,"炼钢分厂"]
["5000015050060","万向联轴器;十字轴承组;SWF285","套",12,"219分厂"]
["5266801232022","8t冷拔机;车轮轴;CGJ02050822;45","件",12,"50机组"]
["5266801232020","8t冷拔机;气缸接头;CGJ02050820;45","件",3,"50机组"]
["5266801232011","8t冷拔机;气缸支架;CGJ02050811;45","件",1,"50机组"]
["5266801232007","8t冷拔机;拉板;CGJ02050807","件",2,"50机组"]
["5266801232004","8t冷拔机;夹板;CGJ02050804;45;","件",1,"50机组"]
["50000001506A4","万向联轴器;轴承;SWF315","套",11,"89分厂"]
["5266801231053","8t冷拔机;链轮联轴器;CGJ020554b;45","件",2,"50机组"]
["5266801231052","8t冷拔机;链轮联轴器;CGJ020554a;45","件",2,"50机组"]
["5266801231051","8t冷拔机;链轮II;CGJ02255;45","件",2,"50机组"]
["5266801231050","8t冷拔机;链轮;CGJ020549;45","件",2,"50机组"]
["5266801231048","8t冷拔机;主传动轴;CGJ020547;45","件",2,"50机组"]
["526671308K017","聚氨脂垫板;268.01SB0132-17;聚氨脂;95Kg","件",6,"340分厂"]
["5266801231038","8t冷拔机;被动链轮;CGJ020538;45","件",2,"50机组"]
["5266801231034","8t冷拔机;被动链轮轴;CGJ020536;45","件",2,"50机组"]
["5266801231030","8t冷拔机;链轮;CGJ020530;45;2.6Kg","件",8,"50机组"]
["5266801231008","8t冷拔机;滑块;CGJ02050808;45","件",2,"50机组"]
["526680122F006","30t冷拔机;拼帽;H2029.25.06;35","件",6,"50机组"]
["526680122F005","30t冷拔机;杆;H2029.25.05;45","件",1,"50机组"]
["526680122F002","30t冷拔机;支板;H2029.25.02;Q235","件",2,"50机组"]
["5266801228004","30t冷拔机;小轴;45","根",1,"50机组"]
["5266801225012","30t冷拔机;透盖;H2029.10.12;A3","件",8,"50机组"]
["5266801225010","30t冷拔机;隔套;H2029.10.10;20","件",6,"50机组"]
["5266801225008","30t冷拔机;小轴;H2029.10.08;45","件",12,"50机组"]
["5266801225004","30t冷拔机;压盖;H2029.10.04;45","件",5,"50机组"]
["5266801225002","30t冷拔机;轴座;H2029.10.02;ZG35","件",2,"50机组"]
["5266801225001","30t冷拔机;调节丝杆;H2029.10.01;45","件",4,"50机组"]
["5263400081090","轮轴联轴器组合;LZ.20.1-0;组件;1585Kg","套",1,"炼钢分厂"]
["507270501A038","支座;Z8018.01.38","件",3,"50机组"]
["5266801223024","15t冷拔机;支座;H2029.04.24;A3","件",2,"50机组"]
["526640103J009","上球座D2013.06.06;45;","件",9,"219分厂"]
["5266801061012","65t冷拔机;低速轴大齿轮;HG6702-20;ZG45","件",1,"50机组"]
["5000011100052","水压机压冲模螺杆;M80*4*695;Y3428.09.01.04.02","件",30,"720分厂"]
["5000011100052","水压机压冲模螺杆;M80*4*695;Y3428.09.01.04.02","件",30,"720分厂"]
["5266801221003","30t冷拔机;轴承套;H2029.01.02;45;5Kg","件",4,"50机组"]
["69K6140000","炼钢140结晶器;石墨段冷水套;K8007.17;1Cr18Ni9;66Kg","件",3,"炼钢分厂"]
["5266801167005","15t冷拔机;轴承座闷盖;H2004.08;HT15-30;9.5Kg","件",1,"50机组"]
["5266713084045","联轴器;268.01SB0075-45;WG15;650Kg","套",1,"340分厂"]
["526640102X911","安全销;LKA33.16g1;45;36.5Kg","件",21,"720分厂"]
["5266801167002","15t冷拔机;轴承座挡川;H2004.05;A3","件",8,"50机组"]
["5266801061025","65t冷拔机;Ⅱ轴大齿轮;HG6702-38;ZG45","件",3,"50机组"]
["5266801166002","30t冷拔机;托板;H2004.03 增;45;19.6Kg","件",15,"50机组"]
["5266801165001","30t冷拔机;链条滑板;H2004.02增;HT18-36;50Kg","件",62,"50机组"]
["5266801163001","15t冷拔机;被动链轮;H2004.15.01;45;43kg","件",6,"50机组"]
["5266801142008","20t冷拔机;低速齿轮;H2001.03.15;ZG45","件",1,"50机组"]
["526641808C110","内齿圈;C107197;42CrMo;73.9Kg","件",10,"340分厂"]
["5000000060619","液压缸缸体04-306冶17-19;35;","件",1,"219分厂"]
["5000000150321","万向联轴器;SWP350*3000","根",1,"89分厂"]
["5266801061016","65t冷拔机;低速轴;HG6702-30;40Cr","件",2,"50机组"]
["5266401023535","轴衬(三);00024535;PFCC3酚醛层压布板;2.5Kg","件",14,"720分厂"]
["5266801162017","30t冷拔机;小车车轮;H2004.19.17;45;7.5Kg","件",22,"50机组"]
["5266801162014","30t冷拔机;滑块;H2004.19.14;45;32.5Kg","件",2,"50机组"]
["5266801142003","20t冷拔机;内齿轴套;H2001.02.03(a);45;114.8Kg","件",6,"50机组"]
["526641808C101","齿轮;C107196;9.7Kg","件",20,"340分厂"]
["526640103P001","被动链轮;D2018.01.07;ZG35CrMo","件",8,"219分厂"]
["5266801162007","30t冷拔机;钳钩;H2004.19.07;45;21Kg","件",16,"50机组"]
["5266801162009","30t冷拔机;小车钳夹(二);H2004.19.09;45;55Kg","件",18,"50机组"]
["5266801162003","30t冷拔机;外齿圈;H2004.02.03;45;15.8Kg","件",2,"50机组"]
["5266801082005","20t冷拔机;主动链轮底座;L2112.05.02.00;ZG25","件",1,"50机组"]
["526680114Z015","15t冷拔机;被动轮压盖;L2112.18.05;A3","件",10,"50机组"]
["526680114Z011","15t冷拔机;主动链轮;L2112.09;45","件",10,"50机组"]
["5266801231047","8t冷拔机;主动链轮;CGJ020547;45;78Kg","件",4,"50机组"]
["526680114Z008","15t冷拔机;链轮轴;L2112.08.08;45","件",3,"50机组"]
["526680114Z007","15t冷拔机;链轮轴承压盖;L2112.08.07;HT20-40","件",5,"50机组"]
["526680114Z003","15t冷拔机;挡板;L2112.08.03;A3","件",5,"50机组"]
["526680114Z002","15t冷拔机;调节螺杆;L2112.08.02;45","件",15,"50机组"]
["526642605C010","花键套;M50","件",4,"219分厂"]
["5072705054002","左详板;7189.0-5;ZG25;","件",1,"50机组"]
["5072705054004","右详板;7189.0-7;ZG25;","件",1,"50机组"]
["69J6130000","炼钢130结晶器;石墨段冷水套;1Cr18Ni9;SL2000-15","件",3,"炼钢分厂"]
["526680114F026","15t冷拔机;拉杆B;L2112.13.31;45","件",2,"50机组"]
["526680114F023","20t冷拔机;钳板B;L2112.13.25;A3;85Kg","件",2,"50机组"]
["526680114F021","20t冷拔机;钳板A;L2112.13.23;A3","件",4,"50机组"]
["5266801141021","20t冷拔机;Ⅲ轴;L2112.03.17改;45;472Kg","件",2,"50机组"]
["5266401023537","轴衬(二);00024537;PFCC3酚醛层压布板;2.8Kg","件",10,"720分厂"]
["5000015030055","万向联轴器;SWF285F*1475;Z8031.06.01","件",1,"219分厂"]
["526640103N007","齿轮轴;Z2002.10-15;38CrSiMnMo;475Kg","件",1,"219分厂"]
["5072705054003","后详板;7189.0-6;ZG25;","件",1,"50机组"]
["526642401Z011","侧开炉门装配;04-324炉2-20;RQTSi5;130Kg","件",11,"50机组"]
["526680114C004","20t冷拔机;托滚轴;L2112.34.04;45;8.5Kg","件",15,"50机组"]
["5266424081018","丝杆;268.01SB0057-8-1;42CrMo;44Kg","件",10,"340分厂"]
["5266801149007","15t冷拔机;铜套;L2112.22.08;ZHP659-1","件",13,"50机组"]
["5266801061018","65t冷拔机;Ⅲ级小齿轮;HG6702-43;40Cr","件",1,"50机组"]
["526642605B006","齿轮轴(二);D2003.04;38SiMnMo","件",1,"219分厂"]
["526642605B004","小齿轮;D2003.33;38SiMnMo","件",2,"219分厂"]
["526640103J010","下球座D2013.06.01.00;45;","件",9,"219分厂"]
["5123202092040","高压泵;阀座;0540201.03.01-04;3Cr13","件",1,"管加工分厂"]
["5266801146006","20t冷拔机;链轮轴;H2001.06.01;45;5.4Kg","件",133,"50机组"]
["5266801146005","20t冷拔机;活塞杆;H2001.42.05","件",5,"50机组"]
["5266801146004","20t冷拔机;活塞杆;H2001.42.10;直径32;5.81Kg","件",9,"50机组"]
["5266801144010","20t冷拔机;被动轮轴;H2001.18.03;45","件",10,"50机组"]
["5072705054001","小辊子平台;7189.1-1;ZG25;","件",1,"50机组"]
["526640103N012","法兰叉头;SWP350(M50)","件",6,"219分厂"]
["5266801144005","15t冷拔机;半联轴器A;H2001.04.01;ZG45","件",3,"50机组"]
["5000015030231","万向联轴器:SWC200A-950","件",4,"管加工分厂"]
["526640103Q002","大齿轮;D2019.02;ZG35;336Kg","件",2,"219分厂"]
["69H1110000","炼钢110结晶器;导水隔套;1Cr18Ni9;K8001.04","件",29,"炼钢分厂"]
["5266801143006","15t冷拔机;轴承盖;L2001.05.07.06(a);A3","件",8,"50机组"]
["5266801142014","20t冷拔机;被动轮;L2112.18.04;ZG35;5.5Kg","件",3,"50机组"]
["526642406X018","轴;Z0202.05.05.18;42CrMo;376.4Kg","件",1,"219分厂"]
["526642406S031","锥齿轮;Z0202.05.11.01.25;20CrMnMo;32Kg","件",2,"219分厂"]
["5072705115014","万向接轴;ZK290;L=1320","套",1,"219分厂"]
["5266801142012","20t冷拔机;透盖;H2001.03.31;ZG25;17Kg","件",1,"50机组"]
["526642605Z001","压下螺母D2006.01.01;ZQAL9-4;","件",1,"219分厂"]
["507270509H991","外齿轴;C107198;40CrMo;28Kg","件",12,"340分厂"]
["5266801142002","15t冷拔机;端盖;L2001.02.02(a);A3","件",3,"50机组"]
["5266801141025","20t冷拔机;内衬套;L2112.03.32;A5","件",5,"50机组"]
["526680108A003","20t冷拔机;洋元挡座;HG03.05.11;ZG35;515Kg","件",2,"50机组"]
["5266801141020","20t冷拔机;链轮;H2005.04.45","件",34,"50机组"]
["5266801141019","15t冷拔机;Ⅰ轴;L2112.03.23;45","件",5,"50机组"]
["5266801140009","20t冷拔机;主动链轮;H2001.09;45;8.58Kg","件",5,"50机组"]
["5266801063001","65t冷拔机;联轴节;HGZ804.02.01;ZG45","件",1,"50机组"]
["5266801132005","15t冷拔机;链条板 t=120;177022-5;45","件",58,"50机组"]
["5266801131010","65t冷拔机;轴承座/盖;HG711.10/09","套",4,"50机组"]
["5266709613017","静梁支架(四);268.01SB0047-17;部件;942Kg","套",1,"340分厂"]
["5266801114002","20t冷拔机;轮轴;L2112.05.07.02;50","件",1,"50机组"]
["5266801111003","15t冷拔机;减速机皮带轮;冷77-04;HT15-32;30.5Kg","件",1,"50机组"]
["5266801101009","20t冷拔机;滑座;HG0305.36.17;45","件",10,"50机组"]
["5266801101008","20t冷拔机;凸轮;HG0305.36.14;45","件",48,"50机组"]
["5266801101007","15t冷拔机;拉板(一);HG0305.36.13;45","件",24,"50机组"]
["5032121010001","堵头座;H9001.00.01;ZG1Cr24Ni20Mo2Cu3;39.347Kg","件",5,"50机组"]
["526642406S030","锥齿轮轴;Z0202.05.11.01.24;20CrMnMo;25Kg","件",2,"219分厂"]
["5266801089007","20t冷拔机;减速箱低速轴;L2112.08.14;45;6.5Kg","件",8,"50机组"]
["5266801089007","20t冷拔机;减速箱低速轴;L2112.08.14;45;6.5Kg","件",5,"50机组"]
["5266801064010","65t冷拔机;Ⅲ轴齿轮轴装配;HG67.02-31;756Kg","套",1,"50机组"]
["5266801089006","20t冷拔机;减速箱大齿轮;L2112.08.13;ZG55;7.1Kg","件",5,"50机组"]
["5266801089005","20t冷拔机;二级齿轮轴;L2112.08.12;45;3.3Kg","件",4,"50机组"]
["526640104F045","轴;268备98-45代1;45","件",1,"89分厂"]
["5266801089003","20t冷拔机;减速箱高速轴;L2112.08.10;45;28Kg","件",6,"50机组"]
["5266801089003","20t冷拔机;减速箱高速轴;L2112.08.10;45;28Kg","件",4,"50机组"]
["526640103N006","轴;Z2002.10.6;40Cr;591Kg","件",1,"219分厂"]
["526680106F003","65t冷拔机;被动八角轮;HGZ804.10.09改;ZG45;350Kg","件",2,"50机组"]
["5266801088003","20t冷拔机;拉杆A;L2112.13.21;45;51.62Kg","件",2,"50机组"]
["69L3150000","炼钢150结晶器;长不锈钢套;K8008-17;1Cr18Ni9Ti;66Kg","件",1,"炼钢分厂"]
["69L3150000","炼钢150结晶器;长不锈钢套;K8008-17;1Cr18Ni9Ti;66Kg","件",1,"炼钢分厂"]
["5000000121358","瓦格拉锯O型密封圈;160.0*3.0;72NBR872;00005325;SIMRIT70","只",100,"89分厂"]
["5266801067005","65t冷拔机;定径挡板;HGZ804.39;45","件",2,"50机组"]
["5263401081054","护罩;WGS2305-3-7-1-9;1150Kg","件",1,"炼钢分厂"]
["5266801061020","65t冷拔机;Ⅱ级轴;HG6702-44;40Cr;411Kg","件",3,"50机组"]
["526642406M201","齿轮;Z0202.01.02.07.201;20CrMnMo;166.4Kg","件",1,"219分厂"]
["5266801082004","20t冷拔机;108斜轴承座;L2112.05.01.03;ZG25","件",2,"50机组"]
["5266801082003","20t冷拔机;108斜轴承盖;L2112.05.01.04;ZG25","件",2,"50机组"]
["5000015050075","万向联轴器花键套;SWF285","件",1,"219分厂"]
["526680106Z008","65t冷拔机;小皮带轮;HGZ804.27.05.09;HT18-36","件",3,"50机组"]
["526680106Z003","65t冷拔机;大皮带轮;HGZ804.27.03;HT18-36","件",4,"50机组"]
["5000015030110","万向联轴器;SWP250D*900;JB3241-91","件",2,"340分厂"]
["5072705053006","送料辊;H2006.05.17;HT28-40","件",20,"50机组"]
["526640103N004","轴;Z2002.10-17;45;591Kg","件",1,"219分厂"]
["526680106C008","65t冷拔机;轴端挡板;HGZ804.06.04改;A3;0.36Kg","件",36,"50机组"]
["526680106C007","65t冷拔机;轴套;HGZ804.06.07;A3;3.7Kg","件",36,"50机组"]
["526642605C005","万向接轴接盘;D2005.01;38CrSiMnMo","件",5,"219分厂"]
["5000015030113","万向联轴器;SWP250D*800;JB3241-91","件",2,"340分厂"]
["5072705032009","从动锥齿轮;7189.3-25;40Cr;32.526Kg","件",10,"50机组"]
["5000015030111","万向联轴器;SWP250D*759;JB3241-91","件",2,"340分厂"]
["5266424011007","穿孔机;下导板座;M2005.07.01.18;ZG35","件",8,"50机组"]
["5000015030112","万向联轴器;SWP250D*700;JB3241-91","件",2,"340分厂"]
["526640104F004","台架斜条;268备99-4;焊件","件",4,"89分厂"]
["5266424019009","穿孔机;机架;M2005.08.06.00;A3","件",4,"50机组"]
["526642401Z012","炉门框;04-324炉2-21;RQTSi5;106Kg","件",10,"50机组"]
["5072705112019","齿轮;D2025.01.19;45","件",3,"219分厂"]
["5266801233002","8t冷拔机;链条销轴(一);CGJ02052202;40Cr;","件",260,"50机组"]
["5266801061019","65t冷拔机;Ⅱ级小齿轮;HG6702-45;40Cr","件",2,"50机组"]
["5000015030056","万向联轴器;SWF285F*2230;Z8031.06.02","件",1,"219分厂"]
["526680106B001","65t冷拔机;垫板(一);HGZ804.05.02改;HT18-36;158Kg","件",5,"50机组"]
["526640103N002","轴;D2015.12(Z2002.10-11);45;477Kg","件",1,"219分厂"]
["5266801064009","65t冷拔机;轴瓦;HG67.02-17;ZQSn6-6-3;71.6Kg","付",1,"50机组"]
["526642406X014","连接法兰;Z0202.05.05.14;ZG270-500;66.7Kg","件",5,"219分厂"]
["526642601Y006","轴04-306冶17-66;42CrMo;","件",2,"219分厂"]
["526680108A002","20t冷拔机;拉模底座;L2112.19.06;ZG25","件",1,"50机组"]
["526642605G035","压辊;D2007.04.38;45;34Kg","件",10,"219分厂"]
["5072705112014","大齿轮;D2025.01.14;ZG45;200Kg","件",2,"219分厂"]
["5266801143012","65t冷拔机;主动链轮轴;H2001.05.07.11(a);50;210Kg","件",3,"50机组"]
["526642605B005","轴;D2003.35;40Cr","件",2,"219分厂"]
["526671304B098","横梁;268备237-7;Q235-B","件",2,"89分厂"]
["5266424013027","万向联轴器;接盘;SWP250","件",6,"50机组"]
["5266801011002","100t冷拔机;叉子;LBG100.1.2.0","件",1,"50机组"]
["5771198073000","电极;配1#/2#不锈钢芯棒","付",47,"管加工分厂"]
["526642605A001","滑槽;D2002.07;ZG35","件",1,"219分厂"]
["526640103J013","上球座D2013.17.01改;45;","件",3,"219分厂"]
["526642601G005","辊子;04-306冶6-24;45","件",8,"219分厂"]
["526640102C057","压头隔圈;0102043-13.057;C45;268Kg","件",2,"720分厂"]
["5263400031087","托辊;GX2002.04-09-2改;45;24Kg","件",6,"炼钢分厂"]
["5072705033001","小辊子座;7189.1-2;HT15-32","件",4,"50机组"]
["5535900011001","平车车轮;H3.2020.02;ZG45;47.5Kg","件",6,"50机组"]
["5266709033017","辊子;268备54-22;ZG230-450","件",5,"89分厂"]
["5093100081002","骨架;115*2100","件",150,"340分厂"]
["5000015030002","万向联轴器;JXC110-800","件",2,"219分厂"]
["5000015050057","万向联轴器;十字销;SWF285","件",3,"219分厂"]
["5000000150354","万向联轴器发兰叉头;SWP350B","件",2,"89分厂"]
["526642605Y003","拨杆;D2007.02.02;ZG25","件",10,"219分厂"]
["5071604247305","马达支座;Y3133.05.02.02.00;30Kg","件",8,"720分厂"]
["5266421089023","摇杆;268.01SB0135-23;焊接件;60.0Kg","件",5,"340分厂"]
["5266715037035","高速轴;H6.2010.04.27;45;3.2Kg","件",4,"50机组"]
["5266715037017","运行制动轮;H6.2010.04.05.01;45","件",1,"50机组"]
["5266715037003","高速轴;H6.2010.04.26;45","件",2,"50机组"]
["5266715036008","连续退火炉;外齿圈;L6104.10.01.04;45;2.38Kg","件",8,"50机组"]
["5266715036007","连续退火炉;内齿圈;L6104.10.01.03;45;2.75Kg","件",4,"50机组"]
["5266715035003","连续退火炉;减速箱链轮;L6104020804;45;6.4Kg","件",10,"50机组"]
["5072705112038","齿轮;D2025.01.38;45;123.5Kg","件",2,"219分厂"]
["5266715031006","连续退火炉;过桥辊;L6104020305-1;45","件",16,"50机组"]
["5266715031003","连续退火炉;链轮;L6104020303;45","件",12,"50机组"]
["5266715031002","连续退火炉;过桥链轮;L6104.02.06.01;45","件",6,"50机组"]
["5266715031001","连续退火炉;链轮;L6104.02.01.09;45","件",6,"50机组"]
["5266715025012","喷枪;YHR-150-2","件",4,"50机组"]
["5266715024004","过桥链轮;L6104.02.06.07;45","件",5,"50机组"]
["5266715024003","减速机链轮;L6104.02.08.04;HT15-33","件",2,"50机组"]
["5266715024002","小皮带轮;L6104.02.08.03;HT15-33","件",3,"50机组"]
["5266715024001","大皮带轮;L6104.02.08.02;HT15-33;55.09Kg","件",5,"50机组"]
["5266715023008","过桥链轮;L6104.02.06.07;HT15-33","件",1,"50机组"]
["5266715023004","轴承座;L6104020707-4;HT15-33","件",6,"50机组"]
["5266715022001","链轮;L6104.02.03.03;45","件",9,"50机组"]
["5266714021014","滑动轴承座;M2002.03.01.01;35;4.9Kg","件",2,"50机组"]
["5072705112009","齿轮;D2025.01.09;45;123.5Kg","件",2,"219分厂"]
["5266801064005","65t冷拔机;主动链轮;HGZ804.03.05;ZG25;366Kg","件",1,"50机组"]
["5266714021008","上料机构铜套;H6.2012.05.08;ZQSn6-6-3;0.49Kg","件",3,"50机组"]
["5266801064005","65t冷拔机;主动链轮;HGZ804.03.05;ZG25;366Kg","件",1,"50机组"]
["5266801064003","65t冷拔机;主动链轮轴;HGZ804.03.03;40Cr;719Kg","件",1,"50机组"]
["5266801064003","65t冷拔机;主动链轮轴;HGZ804.03.03;40Cr;719Kg","件",1,"50机组"]
["5266801064011","65t冷拔机;I轴齿轮轴;HG67.02-46;195Kg","件",1,"50机组"]
["5266421089039","挡块;268.01SB0135-39;70.0Kg","件",5,"340分厂"]
["5072705022015","30t冷拔机圆锥齿轮;H2009.03.15;Z32;40Cr;2.3Kg","件",15,"50机组"]
["5266801083015","20t冷拔机;齿轮轴;L2112.03.26;45;264Kg","件",1,"50机组"]
["5072705032009","从动锥齿轮;7189.3-25;40Cr;32.526Kg","件",6,"50机组"]
["5266713054006","铜套(二);GJ1304-6;ZCuSn10Pb1;39Kg","件",2,"89分厂"]
["5266401042016","运输辊条(一);0129003-01-21-00;焊接件","件",7,"89分厂"]
["5072402210016","250空气锤;连杆;C41-31408B;45","件",5,"50机组"]
["526640103J003","轴承套D2013.07.21改;38SiMnMo;","件",7,"219分厂"]
["5266713034053","内圈支撑板;04-306环炉3-31;ZGCr9Si2","件",15,"219分厂"]
["5266713034052","外圈支撑板;04-306环炉3-30;ZGCr9Si2","件",30,"219分厂"]
["5266713034003","内支脚板;04-306冶12-11改1;HT20-40;280Kg","件",4,"219分厂"]
["5266713034001","内弧角板;04-306冶12-8改1;RTSi-55","件",12,"219分厂"]
["526671302B002","电磁换向阀34DYo-B32H-T;","件",4,"219分厂"]
["5072705022016","30t冷拔机圆锥齿轮;H2009.03.16;Z25;40Cr;2.3Kg","件",20,"50机组"]
["526670908B004","压头;H3.2021.04;45","件",12,"50机组"]
["526670908A018","外齿联轴器;H3.2018.02.18;45;29Kg","件",5,"50机组"]
["526670908A008","外齿套;H3.2018.02.08;45","件",5,"50机组"]
["526670908A004","外齿圈;H3.2018.02.04;45","件",8,"50机组"]
["526680114F030","30t冷拔机;滑座;L2112.13.36;ZG55;233.85Kg","件",2,"50机组"]
["5266401042063","压板;0129003-04.07;45","件",4,"89分厂"]
["526642605F001","入口导套支座;D2006.07.02;ZG35;90Kg","件",2,"219分厂"]
["5266709084003","凸轮(二);H6.2010.05.03.03;45","件",3,"50机组"]
["5266709083010","联轴器(左);H6.2010.05.02.10;ZG35","件",3,"50机组"]
["5266709083008","轴承座;H6.2010.05.38A.01;ZG35;18.7Kg","件",2,"50机组"]
["5266709083005","凸轮(二);H6.2010.05.02.05;45","件",3,"50机组"]
["526642406X009","连接套;Z0202.05.05.09;ZG270-500;110Kg","件",2,"219分厂"]
["5266713082002","固定挡板;268.01SB0039-2G0;组焊件;381Kg","件",1,"340分厂"]
["5266709082023","链轮;H6.2010.05.23A;45;24.5Kg","件",4,"50机组"]
["5266401042139","运输蔑条(2);0129003.01.22.00a;Q235-A","件",6,"89分厂"]
["5266709082018","半联轴器(二);H6.2010.05.18A;ZG35;16Kg","件",1,"50机组"]
["5000015030135","万向联轴器;Z0213.03.05.10.00","件",1,"219分厂"]
["5072705130010","锥齿轮;H2031.09.42CrMo;3Kg","件",20,"50机组"]
["5266709082009","凸轮传动轴;H6.2010.05.01.09;45","件",1,"50机组"]
["5266709082008","轴承座;H6.2010.05.8A;ZG35;20Kg","件",4,"50机组"]
["5266709082002","链轮;H6.2010.05.01.02;45;24.5Kg","件",4,"50机组"]
["5266709081003","喷嘴(喷头);YHR-50A;","件",10,"50机组"]
["5266709081001","喷枪;YHR-50A","件",2,"50机组"]
["5000004020030","气缸;04-306冶11-64;S300*81","台",2,"219分厂"]
["5266709033051","挡板铜套(二);268备54-56;ZCuAl10Fe3","件",2,"89分厂"]
["5266709033047","挡板铜套(一);268备54-51;2CuAl10Fe3","件",2,"89分厂"]
["5266709033037","轴套(三);268备54-32;ZCuAl10Fe3;0.05Kg","件",9,"89分厂"]
["526640104X110","轴套;CT3143-10;Q235A;12.30Kg","件",12,"340分厂"]
["5000000060629","液压缸活塞04-306冶17-40;35;","件",1,"219分厂"]
["5266709032324","Material Feed Device for Billet Saw Without Motor;MS-0004-45;3441.0Kg;","件",1,"340分厂"]
["5266713091201","连接块;160000B01-201;Q235;21Kg","件",9,"720分厂"]
["5263402088002","中间包水口操作机械手;B206G8-2;Q345A组件;31.2Kg","件",8,"炼钢分厂"]
["526640104F041","拔爪(一)268备98-41;焊件","件",2,"89分厂"]
["526640104F035","拔爪(二)268备98-35;焊件","件",2,"89分厂"]
["526670608F026","衬板;268.01SB0137-26;聚氨脂;1Kg","件",30,"340分厂"]
["5266801233004","8t冷拔机;链条内套;CGJ02052204;20Cr;","件",260,"50机组"]
["526642605Z017","锥齿轮(二);D2006.01.26;40Cr","件",8,"219分厂"]
["526642605Z016","锥齿轮(一);D2006.01.24;40Cr","件",15,"219分厂"]
["526642605Z011","销D2006.02.08;45;","件",5,"219分厂"]
["5266801162004","10t冷拔机;虎钳底板;H2004.19.01;A3;170Kg","件",2,"50机组"]
["5072502051001","250t冷剪机;底座;H2013.01.01;A3","件",1,"50机组"]
["526642605N005","轴(二)D2008.09.01.02;45;","件",14,"219分厂"]
["526642605L002","链轮;D2008.10.06改;45","件",4,"219分厂"]
["526642605K006","链轮;D2008.01.04改;45","件",3,"219分厂"]
["526642605J009","螺母座D2007.04.05.06;A3;","件",4,"219分厂"]
["526642605J004","螺母D2007.03.04;40Cr;","件",10,"219分厂"]
["526642605J002","底座;D2007.03.02.00;焊接件","件",5,"219分厂"]
["526642605J001","调整块;D2007.03.02;45","件",9,"219分厂"]
["526642605H011","辊子;D2007.01.19;45","件",6,"219分厂"]
["526642605H002","轴承座;D2007.01.05;35","件",8,"219分厂"]
["526642605G035","压辊;D2007.04.38;45;34Kg","件",5,"219分厂"]
["5071605054010","20t冷拔机;丝杆;H2014.03.10;45;12Kg","件",10,"50机组"]
["526642605G030","压盖D2007.04.30;A3;","件",5,"219分厂"]
["526642605G009R","套(五);D2007.04.11;ZQSn6-6-3","件",9,"219分厂"]
["526642605F008","垫环D2006.08.04;45;","件",14,"219分厂"]
["5266801233005","8t冷拔机;链条滚子;CGJ02052205;40Cr;","件",260,"50机组"]
["526642605D003","小轴;D2006.02.a1;45","件",4,"219分厂"]
["5266715035001","连续退火炉;大皮带轮;L6104020802;HT15-33","件",6,"50机组"]
["526642406M219","齿轮;Z0202.01.02.07.219;20CrMnMo;67.61Kg","件",1,"219分厂"]
["526642605B008","圆螺母M290*3D2003.14;45;","件",2,"219分厂"]
["526642605B007","圆螺母;D2003.06;M250*3;45","件",1,"219分厂"]
["526642605B007","圆螺母;D2003.06;M250*3;45","件",1,"219分厂"]
["5266801089006","20t冷拔机;减速箱大齿轮;L2112.08.13;ZG55;7.1Kg","件",10,"50机组"]
["5266801015105","100t冷拔机;轴I;LBG100.5.1-5;40Cr;27.6Kg","件",10,"50机组"]
["69K1141000","炼钢140结晶器;导水隔套;1Cr18Ni9;SL2100-9改;9.9Kg","件",3,"炼钢分厂"]
["5266801144008","20t冷拔机;减速机箱座;H2001.18.08","件",3,"50机组"]
["5072705061002","万向接轴;ZK160-1280","件",1,"50机组"]
["526642601Y004","销轴;04-306冶17-61;42CrMo;","件",1,"219分厂"]
["526642601Y004","销轴;04-306冶17-61;42CrMo;","件",2,"219分厂"]
["526642601G010","辊子;04-306冶62-5;ZG35;55Kg","件",10,"219分厂"]
["526642406S019","齿轮;Z0202.05.11.01.11;20CrMnMo;90Kg","件",1,"219分厂"]
["526642601G002","链轮;04-306冶6改-02;45;24.5Kg","件",3,"219分厂"]
["526642601F001","上座;04-306冶11-50;ZG35","件",2,"219分厂"]
["526642601D019","上/下轴瓦;04-306冶11-43/42;ZQSn6-6-3;6.82Kg","件",8,"219分厂"]
["5072705112014","大齿轮;D2025.01.14;ZG45;200Kg","件",1,"219分厂"]
["526642601D007","齿条;04-306冶11-60改;45;10.61Kg","件",4,"219分厂"]
["526642601A006","减速机;A600;04-306冶11-102;组件;578Kg","台",1,"219分厂"]
["526642408TF98","能源链Enerey Chain;Enf-0096","根",1,"89分厂"]
["526642408S702","接头LW;0109015-24.702;45;0.03Kg","件",172,"340分厂"]
["526642408Q200","导盘减速机;0112015-22.200;组件;15800Kg","台",1,"340分厂"]
["507160359Z982","防切屑及切削液堵头;Q235A+聚氨脂;直径157.73mm","只",5,"管加工分厂"]
["507160359Z980","防切屑及切削液堵头;Q235A+聚氨脂;直径121.77mm","只",5,"管加工分厂"]
["5266801061022","65t冷拔机;Ⅰ级小齿轮HG6702-47;50","件",2,"50机组"]
["526642408N137","换向齿轮箱;268.01SB0099-137;组件","台",2,"340分厂"]
["526670608G035","齿轮(二);268.01SB0706-35;45;5.0Kg","件",20,"340分厂"]
["5263605082003","轮胎联轴器;轮胎体;UL6;32*60/55*112","只",25,"340分厂"]
["5000004020029","气缸;04-306冶11-53;F250*45","台",2,"219分厂"]
["526642408Q038","轴承闷盖;268.01SB0098-38;Q235-B;12Kg","件",10,"340分厂"]
["5072502051011","20t冷拔机;下轴承座;H2013.01.14;45;17.5Kg","件",8,"50机组"]
["526642406S033","齿轮轴;Z0202.05.11.01.28;20CrMnMo;72Kg","件",1,"219分厂"]
["526642406X043","滑轮;Z0202.05.05.43;ZG270-500;22Kg","件",2,"219分厂"]
["5071605054009","20t冷拔机;螺母;H2014.04.09;45;2.9Kg","件",36,"50机组"]
["5266801142013","20t冷拔机;齿轮;H2001.03.22;45;38Kg","件",3,"50机组"]
["526642408Q024","密封盖(一);268.01SB0098-24;25#;12Kg","件",8,"340分厂"]
["526642406M205","齿轮轴;Z0202.01.02.07.205;20CrMnMo;52.38Kg","件",1,"219分厂"]
["5266421089069","拐臂;268.01SB0135-69;组件;40Kg","件",4,"340分厂"]
["6521000000","热轧穿孔机轴;35Cr2MnMo;D2006.08.15","根",1,"219分厂"]
["5266801062014","65t冷拔机;钳板B;HGZ804.07.14改;45;78.6Kg","件",2,"50机组"]
["69L6150000","炼钢150结晶器;短不锈钢套;K8008-15;1Cr18Ni9Ti;1.7Kg","件",6,"炼钢分厂"]
["526642601D008","卡板;04-306冶11-45;1Cr18Ni97i;","件",6,"219分厂"]
["526642406M214","齿轮轴;Z0202.01.02.07.214;20CrMnMo;20.75Kg","件",1,"219分厂"]
["5072705011014","联接套;Z8018.01.14;QT500-7;18.24Kg","件",8,"50机组"]
["526642406M212","齿轮轴;Z0202.01.02.07.212;20CrNiMo;15.38Kg","件",1,"219分厂"]
["5266801224006","30t冷拔机;联轴器;H2029.11;45","套",1,"50机组"]
["5266801015108","100t冷拔机;轴Ⅱ;LBG100.5.1-8;40Cr;24.9Kg","件",10,"50机组"]
["526640103D002","链轮;D2010.08.02改;ZG35;62Kg","件",2,"219分厂"]
["526642406G049","轴套Z0202.03.04.14A;ZCuAl10Fe3;5.9Kg","件",12,"89分厂"]
["526642406G048","轴套Z0202.03.04.15A;ZCuAl10Fe3;6.2Kg","件",6,"89分厂"]
["526642406G035","铜套;Z0202.03.04.35;G-CuZn25AL5","件",7,"89分厂"]
["5266424063059","法兰;Z0202.02.04;42CrMoS4","件",2,"89分厂"]
["526680106C006","65t冷拔机;托辊轴;HGZ804.06.03改;45;15Kg","件",12,"50机组"]
["526642406M203","轴;Z0202.01.02.07.203;45;158.2Kg","件",1,"219分厂"]
["526680114F019","20t冷拔机;拉杆A;L2112.13.21;45;51.62Kg","件",3,"50机组"]
["5266801062021","65t冷拔机;从动链轮;HGZ804.27.01-08;40Cr;7.5Kg","件",8,"50机组"]
["5266801223015","30t冷拔机;拉板二;H2029.04.22;45;39.96Kg","件",3,"50机组"]
["526642401F012","20t冷拔机;+B489联轴节;H2037.04.12A;45;4.8Kg","件",2,"50机组"]
["5266801062017","65t冷拔机;滑座;HGZ804.07.17改;45;36.4Kg","件",2,"50机组"]
["5000014020003","蝶型弹簧;100*50.8*5.04*8.8;GB1972-80","只",92,"89分厂"]
["69K1141000","炼钢140结晶器;导水隔套;1Cr18Ni9;SL2100-9改;9.9Kg","件",2,"炼钢分厂"]
["526642401C230","20t冷拔机;右下辊架;H2037.02.03.01;ZG25;58.57Kg","件",2,"50机组"]
["526640103C009","链道;D2012.08.00;部件","件",5,"219分厂"]
["526642401F005","20t冷拔机;滑块;H2037;04.04A;45;6.86Kg","件",4,"50机组"]
["526642401F003","20t冷拔机;主轴;H2037.04.03;35SiMn;18.45Kg","件",1,"50机组"]
["526642401C421","20t冷拔机;活塞杆;H2037.02.04.21;4.1Kg","件",3,"50机组"]
["526642401C417","20t冷拔机;螺帽;H2037.02.04.17;A3;0.23Kg","件",2,"50机组"]
["526642401C374","20t冷拔机;下轴瓦;H2037.03.07.04;ZQAl9-4;0.124Kg","件",8,"50机组"]
["526642401C373","20t冷拔机;上轴瓦;H2037.03.07.03;ZQAl9-4;0.124Kg","件",16,"50机组"]
["526642401C309","20t冷拔机;轴套;H2037.02.03.09;ZQAl9-4;0.45Kg","件",3,"50机组"]
["526642401C239","20t冷拔机;轴套;H2037.02.23.03;ZQAl9-4;0.3Kg","件",6,"50机组"]
["5263400031068","尾端法兰∮120-∮140;sl1.08.8.20-3","件",10,"炼钢分厂"]
["526642401C233","20t冷拔机;轴套(二);H2037.02.29;ZQAL9-4;0.93Kg","件",8,"50机组"]
["526642401C232","20t冷拔机;轴套(二);H2037.02.20.02;ZQAl9-4;0.48Kg","件",2,"50机组"]
["526642408N135","联轴器(五);268.01SB0099-135;WGT2;38*60-1634;23Kg","套",2,"340分厂"]
["5565001032003","小齿轮;A3110-04;45;29.3Kg","件",5,"50机组"]
["526642401C218","20t冷拔机;下轴瓦(二);H2037.02.18;ZQAl9-4;0.24Kg","件",3,"50机组"]
["526642401C216","20t冷拔机;上轴瓦(二);H2037.02.16;ZQAl9-4;0.24Kg","件",2,"50机组"]
["526642401C026","20t冷拔机;轴套(一);H2037.02.20.01;ZQAl9-4;0.65Kg","件",6,"50机组"]
["526642401C022","20t冷拔机;调节螺母(一);H2037.02.02;A3;1.53Kg","件",3,"50机组"]
["526642401C231","20t冷拔机;左下辊架;H2037.23.01;ZG25;56.16Kg","件",2,"50机组"]
["5266424015030","小轴;04-325冶4-32;45;4.6Kg","件",23,"50机组"]
["526642401C020","20t冷拔机;气缸筒;H2037.02.04.09;20","件",3,"50机组"]
["526642401C008","20t冷拔机;活塞管;H2037.02.04.18;45;5.1Kg","件",3,"50机组"]
["526642401C007","20t冷拔机;大活塞管;H2037.02.04.07;45;11.7Kg","件",3,"50机组"]
["526642401C007","20t冷拔机;大活塞管;H2037.02.04.07;45;11.7Kg","件",2,"50机组"]
["526642401C003","20t冷拔机;支撑圈;H2037.02.04.03;ZG35;126Kg","件",3,"50机组"]
["526642401B006","水泵轴套D80*30-4;成品;长沙","件",11,"50机组"]
["526642401B005","水泵叶轮D80*30-4;成品;长沙","件",20,"50机组"]
["526642401B004","水泵轴D80*30-4;成品;长沙","件",6,"50机组"]
["526642401B002","水泵联轴器;D80*30-4","件",10,"50机组"]
["526642401B002","水泵联轴器;D80*30-4","件",2,"50机组"]
["526642401A024","穿孔机;调节螺母压盖;M2005.07.04.12;A3;2.68Kg","件",16,"50机组"]
["526642401A021","穿孔机;蜗轮轴套;M2005.07.04.09;45","件",8,"50机组"]
["526642401A020","穿孔机;蜗轮;M2005.07.04.08;ZQAL9-4","件",3,"50机组"]
["526642401A012","穿孔机;上导板压板;M2005.07.03.07;45","件",6,"50机组"]
["526642401A010","穿孔机;蜗轮箱体;M2005.07.04.200;组合件;39.712kg","件",2,"50机组"]
["5072705050010","30t冷拔机传导伞齿轮;H2006.03.10;40Cr;29.3Kg","件",2,"50机组"]
["5266424019015","穿孔机;滚轮;M2005.08.14;35;2Kg","件",20,"50机组"]
["5266424019013","穿孔机;螺钉;M2005.08.11;A3","件",29,"50机组"]
["5565001031002","主动车轮轴;A3110-04-03;45;167.4Kg","件",1,"50机组"]
["5266424019008","穿孔机;下杠杆;M2005.08.05.00;A3;17Kg","件",6,"50机组"]
["5266424019008","穿孔机;下杠杆;M2005.08.05.00;A3;17Kg","件",2,"50机组"]
["5266424019006","穿孔机;下辊支架;M2005.08.04.00;A3;47.5Kg","件",10,"50机组"]
["5266424019003","穿孔机;接头;M2005.08.03.00;A3;2.3Kg","件",20,"50机组"]
["5266424019001","穿孔机;调节螺母;M2005.08.01;A3","件",25,"50机组"]
["5266424018009","穿孔机;密封圈;M2005.08.02.09;耐油橡胶","件",100,"50机组"]
["5266424018003","穿孔机;活塞杆;M2005.08.02.03;45","件",7,"50机组"]
["5266424018001","穿孔机;活塞轴;M2005.08.02.01;45;2.6Kg","件",4,"50机组"]
["5266424017016","穿孔机;轴Ⅱ;M202.03.07;45","件",2,"50机组"]
["5266424017015","穿孔机;轴Ⅰ;M202.03.02;45","件",2,"50机组"]
["5266424017014","穿孔机;联轴套;M2002.03.04;A3","件",2,"50机组"]
["5266424017012","轴承座;HL50-01-17-02;ZG35;21kg","件",6,"50机组"]
["5266424017003","穿孔机;滑座丝杆;M2005.09.01.09;45","件",31,"50机组"]
["5266424016010","穿孔机;套管M2005.09.01.07;45","件",20,"50机组"]
["5266424016010","穿孔机;套管M2005.09.01.07;45","件",12,"50机组"]
["5266424016005","小车后台锁舌HL50-01-04;45;4.5Kg","件",9,"50机组"]
["526640104F029","联接套(一);268备98-29;45;30Kg","件",2,"89分厂"]
["5266424015042","弹性圈;04-325冶50-1;橡胶","只",100,"50机组"]
["526642401A005","穿孔机;大皮带轮M2005.07.03.01;A3","件",4,"50机组"]
["5266801068008","65t冷拔机;被动链轮轴;HGZ804.10.08;45","件",3,"50机组"]
["526640102K117","连接板;0102040-85.117g1;42CrMo;15.7Kg","件",4,"720分厂"]
["5266424015022","20t冷拔机;大齿轮;H2022.02.06.45;18Kg","件",2,"50机组"]
["5266424015013","20t冷拔机;翻料气缸活塞杆;H2022.06;45","件",10,"50机组"]
["5266424015008","20t冷拔机;低速轴;H2022.02.08;45;6.9Kg","件",5,"50机组"]
["5266424015003","穿孔机;链轮M202.08.00;50;12.5kg","件",4,"50机组"]
["5266801167004","30t冷拔机;主动链轮轴;H2004.07;50;58Kg","件",2,"50机组"]
["5266424013022","圆柱齿轮减速机;低速轴;ZD50-4I;i=2.8,A=500","件",1,"50机组"]
["5266424013021","圆柱齿轮减速机;低速齿轮;ZD50-4I;i=2.8,A=500","件",1,"50机组"]
["5266424013020","圆柱齿轮减速机;高速齿轮轴;ZD50-4I;i=2.8,A=500","件",1,"50机组"]
["5266424013006","穿孔机;外套;M2005.02.03;45;17.7Kg","件",1,"50机组"]
["5266424013004","穿孔机;主减速机轴套;M2005.02.01a;45;22.2Kg","件",1,"50机组"]
["5266424013001","穿孔机;主电机轴套M2005.01.01;45","件",4,"50机组"]
["5266424012010","穿孔机;轴承闷盖;M2005.07.02.11;A3","件",18,"50机组"]
["5266424012009","穿孔机;圆形轴承座;M2005.07.02.10;45;29Kg","件",3,"50机组"]
["5263400011131","上夹紧卡箍;3212-3-5-0","件",2,"炼钢分厂"]
["5266424011009","穿孔机;顶杆托架;M2005.07.01.20;A3;12.257kg","件",5,"50机组"]
["5266424011008","穿孔机;下导板压板;M2005.07.01.19;45;20.57kg","件",9,"50机组"]
["5072705050001","30t冷拔机电机皮带轮;H2006.03.11;HT15-33;52Kg","件",2,"50机组"]
["526640103J014","下球座D2013.17.01.02改;部件;","件",3,"219分厂"]
["5266424012001","穿孔机;轧辊接手;M2005.07.02.01;45;20Kg","件",4,"50机组"]
["526642108Z054","干油快速母接头Quick Female Connection;0109015-02.901;C02185;Fa.MEER","只",5,"340分厂"]
["526642108Z036","EIAOI4C001.2222 P.CIRCUIT BOARD P.CIRCUIT BOARD INPUT-10 TO +10V-OUTPUT+10 TO -10MA 0109015-03.011;ECKELMANN ANALOG INPUT BOARD","套",24,"340分厂"]
["526642108Z034","EIAII4C001.3333 P.CIRCUIT BOARD INPUT+4 TO +20MA-OUTPUT-9 TO+9V 0109015-03.011;ECKELMANN ANALOG INPUT BOARD","套",2,"340分厂"]
["526642108Z033","5136 PFB VMEP.CIRCUIT BOARD PROFIBUS BOARD UP TO 12 MBAUD 0109015-03.011;PROFIBUS CONTROLLER BOARD","套",2,"340分厂"]
["526642108Z032","VMIVME  2540-300 P.CIRCUIT BOARD INTELLIGENT COUNTER BOARD-24 CH 0109015-03.011;QUADRATURE COUNTER","套",3,"340分厂"]
["526642108Z031","VMIVME  4140-00 SCANNER ISOLATED  SCANNINGT 32CH ADC 12BIT 0109015-03,011;ANALOG INPUT","套",2,"340分厂"]
["526642108Z030","VMIVME 3125-000 SCANNER ISOLATED SCANNINGT 32CH ADC 12BIT0109015-03.011;ANALOG INPUT","套",4,"340分厂"]
["526642108Z029","VME R64 MEMORY MODULE 64M BEMK 64MB BOARD 01090145-03.011","套",1,"340分厂"]
["526642108Z028","VMIVME 7455-300;CD-ROM;0109015-03.011 CD-ROM BOARD","套",1,"340分厂"]
["526642108Z027","VMIVME 7452-505;HARD DISK FLOPPY&HARD DISK 20 GB;0109015-03.011;FLOPPY&HARD DISK BOARD","套",1,"340分厂"]
["526642108Z026","VMIVME 7740-841;0109015-03.011;WMIVME7740-845;CPU Pentium Ⅲ@850MHz-64MB RAM 64MB FLASH","套",8,"340分厂"]
["5266801167001","30t冷拔机;主动链轮;H2004.04;45;39.6Kg","件",2,"50机组"]
["5266421089038","压盖;268.01SB0135-38;35;27.30Kg","件",5,"340分厂"]
["5266421089105","缓冲垫(一);268.01SB135-105;天然橡胶;11.0Kg","件",6,"340分厂"]
["5266801162009","30t冷拔机;小车钳夹(二);H2004.19.09;45;55Kg","件",2,"50机组"]
["5266801062005","65t冷拔机;车轮轴承座;HGZ804.07.33改;A3;3.7Kg","件",32,"50机组"]
["5266713084027","固定块;268.01SB0075-27;Q235;3Kg","件",16,"340分厂"]
["526642408Q023","轴承透盖;268.01SB0098-23;25#;13Kg","件",5,"340分厂"]
["5266801162021","20t冷拔机;底板;H2004.19.01;A3","件",1,"50机组"]
["5266421082604","SEALS FOR HYDRAULIC CYLINDER 140/100/155 DRAWING No.INNSE B-74244;SMS","套",6,"340分厂"]
["5266421082600","ROBA-DX torsionally rigid,backlash-free,flexibl steel bellows coupling sizw 2,type 931.333 acc to catalogue no.k.931.05gb, pages 4+ May arti","套",1,"89分厂"]
["5266420195004","联轴器内齿圈;0107061.51-004;50Cr;13.21Kg","件",1,"219分厂"]
["5266420195003","联轴器内齿圈;0107061.51-003;50Cr;11.78Kg","件",2,"219分厂"]
["5266420191055","外齿轴套;0107061-51.001;45;12.4Kg","件",1,"219分厂"]
["5266420191004","套筒;0107061-10.012;42CrMo4V;15.5Kg","件",12,"219分厂"]
["526680106C001","65t冷拔机;压盖;HGZ804.06.01;A3;3Kg","件",18,"50机组"]
["526640103Q001","小齿轮;D2019.06;45","件",1,"219分厂"]
["526642401C236","20t冷拔机;上辊托架;H2037.02.24.01;ZG25;46.57Kg","件",2,"50机组"]
["526640108N080","轴瓦(二);268.01SB0099-80;ZCuSn10Pb1;11Kg","件",4,"340分厂"]
["5211412031019","水压试验机;充水模垫;直径339.73mm","只",1,"管加工分厂"]
["5000000030624","气阀安装底板(1);Q-268-DVP(1)","件",5,"89分厂"]
["5266801114004","20t冷拔机;从动皮带轮;H2003.03.08;HT21-40","件",2,"50机组"]
["526640104F072","铜瓦H2110;W005003010;ZCuAl10Fe3","件",12,"89分厂"]
["5072502051002","20t冷拔机;轧辊半联轴器;H2013.01.04;ZG35;18.45Kg","件",4,"50机组"]
["5266801068108","65t冷拔机;被动链轮压盖;HGZ804.10.08改;Q235","件",4,"50机组"]
["5266421089117","缓冲垫(二);268.01SB135-117;天然橡胶;7.80Kg","件",6,"340分厂"]
["5263699060002","煤气烘烤;燃烧器;DOR91-3;A3","件",7,"炼钢分厂"]
["5266801223029","30t冷拔机;车轮;H2029.04.23.05;45;5.87Kg","件",16,"50机组"]
["5266801162010","30t冷拔机;小车钳夹(一);H2004.19.10;45;61Kg","件",2,"50机组"]
["526640104F030","传动斜齿轮;268备98-62代1-07;40CrMnMo;23Kg","件",4,"89分厂"]
["526670608G030","传动轴;268.01SB0706-30;45;3.90Kg","件",17,"340分厂"]
["526640104F028","传动斜齿轮轴;268备98-62代1-06;40CrMnMo;8.5Kg","件",4,"89分厂"]
["526640104F026","减速机三级齿轮轴;268备98-62代1-05;40CrMnNo;9.5Kg","件",3,"89分厂"]
["526640104F025","减速机三级大齿轮;268备98-62代1-04;40CrMnNo;34.5Kg","件",2,"89分厂"]
["526640104F006","减速机箱体;268备98-5代1;NZS497-25Ⅲ","件",1,"89分厂"]
["526640104F005","减速机;全套齿轮及齿轮轴;268备98-5","件",1,"89分厂"]
["5072705052006","小辊子架;7189.2-1;ZG25","件",4,"50机组"]
["526640104D053","轴承;268备97-64;SLxqz62","件",1,"89分厂"]
["526640104D046","轴套(五);268备97-57;ZCuAl10Fe3","件",2,"89分厂"]
["526640104D036","衬套(二);268备97-42;ZCuAl10Fe3","件",2,"89分厂"]
["526640104D029","轴套(一);268备97-35;ZCuAl10Fe3","件",2,"89分厂"]
["526640104D022","轴承(二);268备97-24;xqz62","件",2,"89分厂"]
["526640104D016","轴承(一);268备97-14;xqz62","件",2,"89分厂"]
["5266801061017","65t冷拔机;Ⅲ级轴;HG6702-42;40Cr","件",1,"50机组"]
["5266709082022","轴承底座;H6.2010.05.22A;Q235","件",2,"50机组"]
["5072705111004","升降辊支承架;D2022.04.04.00;45;53.1Kg","件",2,"219分厂"]
["5266709082010","半联轴器(一);H6.2010.05.10A;ZG35;24.2Kg","件",2,"50机组"]
["526642406M213","齿轮;Z0202.01.02.07.213;20CrMnMo;30.86Kg","件",1,"219分厂"]
["526640104C036","销轴;268备83-102;45","件",1,"89分厂"]
["5144100021005","电机皮带轮;LEK-160-05","件",2,"340分厂"]
["526640103Z001","轴;D2010.07.05;38SiMnMo","件",1,"219分厂"]
["526640103Y019","轴D2013.02.03.12;","件",6,"219分厂"]
["526640103Y017","锥齿轮(一)D2013.02.03.01;38SiMnMo;","件",3,"219分厂"]
["526640103Y012","锥齿轮(一)D2013.13.01;38SiMnMo;","件",10,"219分厂"]
["526640103Y007","蜗轮装配(二);D2013.11.02.00;15.512Kg","件",2,"219分厂"]
["526640103Y006","蜗杆579D2013.02.08;38SiMnMo;","件",8,"219分厂"]
["526640103Y001","蜗轮装配;D2013.02.01.00;部件;15.5Kg","件",4,"219分厂"]
["526640103X013","挡块;D2017.02.08;ZG35","件",3,"219分厂"]
["526640103X009","链轮;D2017.09.09;45","件",5,"219分厂"]
["526640103Q020","边瓦D2019.01.06;3002-2酚醛层压布板;","件",19,"219分厂"]
["526640103Q019","止推瓦D2019.01.04;3002-2酚醛层压布板;","件",12,"219分厂"]
["526640103Q018","月牙瓦D2019.01.05;3002-2酚醛层压布板;","件",6,"219分厂"]
["5266709082024","半联轴器(三);H6.2010.05.24A;ZG35;24.2Kg","件",2,"50机组"]
["526640103Q011","杠杆;D2019.10.02;ZG35","件",1,"219分厂"]
["526640103Q010","拔料杆;D2019.10.01;ZG35","件",9,"219分厂"]
["526680114F008","30t冷拔机;杠杆轴;L2112.13.09;45","件",6,"50机组"]
["5266801220001","30t冷拔机;隔套;H2029.01.05;45","件",1,"50机组"]
["526640103P014","滚子;D2018.03.03;45","件",163,"219分厂"]
["526640103P009","轴承;D2018.01.10;ZQAL9-4;14Kg","件",2,"219分厂"]
["526671304B096","平行拔料杆(一);268备237-4;45;54Kg","件",2,"89分厂"]
["526680114F010","20t冷拔机;车轮;L2112.13.11;45;5.87Kg","件",10,"50机组"]
["526680106A003","65t冷拔机;链轮B;HGZ804.20.06;45;7.34Kg","件",4,"50机组"]
["5266709089010","插盖;H2007.10;A3;.0.8Kg","件",40,"50机组"]
["526642401Y013","导筒;04-324炉3-13;RTSi-5.5;8.3Kg","件",8,"50机组"]
["5266801081928","20t冷拔机;推管器;L2112-W28;Q235;148.8Kg","件",1,"50机组"]
["526640103M019","滑板(二);D2014.02.01.209;ZQAL9-4","件",2,"219分厂"]
["526640103M017","滑板(三);D2014.02.01.210;ZQAL9-4","件",8,"219分厂"]
["526640103M016R","滑板坯(二);D2014.02.01.209;ZQAL9-4","件",12,"219分厂"]
["526680114F009","20t冷拔机;凹槽钩板;L2112.13.10;A3;11.86Kg","件",4,"50机组"]
["526680114F033","20t冷拔机;滑座车轮;L2112.13.39;45;10.03Kg","件",10,"50机组"]
["526640103M012","夹送辊;D2014.02.01.205;55","件",4,"219分厂"]
["526640103M007","连杆;D2014.02.09;45","件",1,"219分厂"]
["526640103M006","杠杆支座;D2014.02.08;ZG35","件",1,"219分厂"]
["526640103M005","杠杆;D2014.02.07;ZG35;","件",1,"219分厂"]
["526640103L005","螺杆;D2013.03.03;45","件",2,"219分厂"]
["526640103K002","短轴;D2013.14.03;45","件",8,"219分厂"]
["526640103J015","挡套D2013.07.11;","件",11,"219分厂"]
["526680106B002","65t冷拔机;垫板(二);HGZ804.05.03改;HT18-36","件",5,"50机组"]
["5266709033016","辊子焊接轴;268备54-21;焊件","件",5,"89分厂"]
["5266401042151","轴;0101030-35.101;42CrMo4;71.5Kg","件",1,"89分厂"]
["5000015050067","万向联轴器;轴承;SWP200","套",2,"219分厂"]
["5263400011132","下夹紧卡箍;3212-3-6-0;1Cr18Ni9Ti","件",2,"炼钢分厂"]
["526640103H001","丝杆610;D2013.01.03;","件",3,"219分厂"]
["526640103D019","轴瓦;Q/ZB80-81-73;d=180/D=210;L=270;ZQAl9-4;16.2Kg","件",4,"219分厂"]
["5266801143009","20t冷拔机;轴承座闷盖;L2001.05.07.10(a);HT20-40;50Kg","件",4,"50机组"]
["526640103D001","轴;D2010.08.01改;45","件",3,"219分厂"]
["5266709082025","摇臂;H6.2010.04.11;锻45;16Kg","件",4,"50机组"]
["526640103A004","链轮(二);D2012.01.05;ZG45","件",4,"219分厂"]
["526640103A003","链轮(一);D2012.01.03;ZG45","件",9,"219分厂"]
["526640103Q017","拔料盘;D2019.10.03;45","件",3,"219分厂"]
["5266421089125","缓冲垫(四);268.01SB135-125;天然橡胶;4.60Kg","件",6,"340分厂"]
["5266421089121","缓冲垫(三);268.01SB135-121;天然橡胶;5.50Kg","件",6,"340分厂"]
["5266801232001","8t冷拔机;底板;CGJ02050801;ZG35","件",1,"50机组"]
["526640102C117","压下丝母;0102043-13.017;PAN-SoMs-210;685Kg;MEER","件",2,"720分厂"]
["5266801221011","30t冷拔机;透盖;H2029.01.11;A3","件",1,"50机组"]
["507160351R034","销轴;268.151SB0015-34;45;6.5Kg","件",10,"89分厂"]
["5071605050005","20t冷拔机;传动轴;H2008.11;45","件",2,"50机组"]
["526680114C004","20t冷拔机;托滚轴;L2112.34.04;45;8.5Kg","件",10,"50机组"]
["5266801144004","15t冷拔机;半联轴器Ⅱ;H2001.02.05;HT20-40","件",1,"50机组"]
["5266801087001","20t冷拔机;双链轮;L2112.08.05;45;13.75Kg","件",3,"50机组"]
["5000000040697","活塞杆;精整07-02;45","根",3,"89分厂"]
["5072705032005","半联轴器B;7189.3-49;45","件",2,"50机组"]
["526340308B009","七通阀;LS-J-QTF-1-14","只",1,"炼钢分厂"]
["5072705011043","轴套;Z8018.04.04;42CrMo;12.84Kg","件",3,"50机组"]
["526340108X002","塞棒系统;8.097943.T STOPPER ROD","套",2,"炼钢分厂"]
["526642408H020","轴承套;268.01SB0068-20;Q235-B;2.2Kg","件",10,"340分厂"]
["526340008K003","防溅板;B206G20-3;Q345A;27.11Kg","件",20,"炼钢分厂"]
["526670608G022","齿轮(一);268.01SB0706-22;45;5.0Kg","件",7,"340分厂"]
["65KA008000","模口;ZG270-500;D88;50Kg","件",1,"219分厂"]
["5266801144009","15t冷拔机;减速机箱盖;H2001.18.09","件",3,"50机组"]
["5072705061008","辊子轴;Z5689.8.6;45;12Kg","件",6,"50机组"]
["526671304B097","平行拔料杆;268备237-5;45","件",1,"89分厂"]
["526129901D111","空段清扫器;DQG-V-800","台",7,"炼铁分厂"]
["5261201011045","炉前开铁口机KD-IA;锚钩;GLYA14.00","套",3,"炼铁分厂"]
["5261201011045","炉前开铁口机KD-IA;锚钩;GLYA14.00","套",2,"炼铁分厂"]
["5211412031090","水压试验机;密封;GD1000K80/62*43;137698","只",5,"89分厂"]
["5211412031045","水压试验机;密封圈;直径273","只",10,"管加工分厂"]
["5211412031043","水压试验机;密封圈;直径219","只",10,"管加工分厂"]
["5211412031034","水压试验机;排气模;直径355.6mm","套",1,"管加工分厂"]
["5211412031025","水压试验机;充水模;直径365mm","套",1,"管加工分厂"]
["5000015050056","万向联轴器;十字销;SWC150","件",2,"219分厂"]
["5211411092016","PY密封;PY-F140;PTFE","只",3,"89分厂"]
["5211411092014","PY密封;PY-F93;PTFE","只",22,"89分厂"]
["5211411092010","水压试验机;PY密封圈;110*5.3","只",91,"89分厂"]
["5211411092009","PY密封圈;285*6;增强PTFE","只",15,"管加工分厂"]
["5211411092008","PY密封圈;252*6;增强PTFE","只",15,"管加工分厂"]
["5211411092004","PY密封圈;162.8*7.2;增强PTFE","只",15,"管加工分厂"]
["5211411082017","芯棒润滑泵;下部座;044740015","件",3,"89分厂"]
["5203311005006","04-100泵;汽缸;044.695.002","台",8,"89分厂"]
["5203311003044","V型密封圈;H250.502P","只",19,"89分厂"]
["5203311003023","15.250泵;液压部分;044.741.000","台",1,"89分厂"]
["5203311003006","15.250泵;上部座;044.370.006","件",23,"89分厂"]
["5203311001010","自动喷枪;拉针;AS1-09","件",49,"89分厂"]
["5202100060000","CPU模块CPU12520;6FX1138-5BB03;Siemens","件",1,"89分厂"]
["5202100033000","传动控制板;6SN1118-0AA11-0AA1","件",1,"89分厂"]
["5202100033000","传动控制板;6SN1118-0AA11-0AA1","件",1,"89分厂"]
["5146001011049","空调配件;海立特外机;B-4;R142B;制冷量4000W","台",3,"能源分厂"]
["5146001011048","空调配件;海立特外机;B-12;R142B;制冷量12000W","台",2,"能源分厂"]
["5146001011041","空调配件;飞越VES-100B/50B冷媒氟利昂电子秤;带电磁阀","台",1,"能源分厂"]
["5146001011039","空调配件;内风机电机;YT150-4E01;380V;150W","台",2,"能源分厂"]
["5146001011037","空调配件;压力开关;高低压差控制器;P830E;奉申","只",5,"能源分厂"]
["5146001011035","空调配件;电源变压器;EI41-15DD33;220V/15V","只",3,"能源分厂"]
["5146001011012","空调配件;水冷空调压缩机;VR125KS-TFP-522;吉荣","台",8,"能源分厂"]
["5146001011007","空调配件;谷轮;VR94KS-TFR-522","台",2,"能源分厂"]
["5266801221007","30t冷拔机;杠杆端盖;H2001.13.07;HT20-40;1.2Kg","件",12,"50机组"]
["5745799061011","皮带轮;A9152.01.04.06;HT200;5.8Kg","件",10,"50机组"]
["5130101359000","外转子电机离心风机;DRAD251-4;C00-251 46;IP54;800W;400V;1.56A;1130r/min;Rosenberg","台",1,"340分厂"]
["5130101212005","离心通风机;叶片;9-19;No7.1D;左旋90","件",1,"50机组"]
["5130101212001","离心风机叶轮;9-19-8#;右旋","件",2,"89分厂"]
["5130101212000","离心风机;9-19-8D;右180度","台",1,"89分厂"]
["5124000131004","螺杆泵;联轴器;3U35-16","件",7,"50机组"]
["5124000131003","螺杆泵;轴套;3U35-16","件",9,"50机组"]
["5123202122054","高压泵;水阀滤芯;LZ0.3mm","只",4,"管加工分厂"]
["5123202122026","高压泵;PY密封圈;PY-72","只",5,"89分厂油管"]
["5123202122024","水压试验机;PY密封圈;140*7;HJP0","只",55,"89分厂"]
["5123202112487","V型组合密封圈;S01-48*36*22.5","只",10,"管加工分厂"]
["5123202111165","高压泵;夹具总成;JAJ50/140","套",1,"89分厂"]
["5123202111036","高压泵;阀芯;XH-FX-15","只",2,"89分厂"]
["5266801062015","65t冷拔机;拉杆A;HGZ804.07.15改;45;33.8Kg","件",2,"50机组"]
["5123202092037","高压泵;安全阀;3DY;3GQ4.4","只",3,"89分厂"]
["5123202091053","高压泵;十字头;3DY-2000/70","件",2,"89分厂"]
["512320203A014","管线管专用支撑座;直径409mm","件",28,"管加工分厂"]
["512320203A013","管线管专用支撑座;直径389mm","件",3,"管加工分厂"]
["512320203A012","管线管专用支撑座;直径331mm","件",30,"管加工分厂"]
["512320203A011","管线管专用支撑座;直径290mm","件",20,"管加工分厂"]
["5123202033037","高压泵;顶杆;GXH-06","只",10,"89分厂"]
["5123202033029","高压泵;堵头;3/4\";GSHL-02-13","只",6,"89分厂"]
["5123202032162","高压泵;挡圈3;GS-DJF50H32F-15","只",20,"管加工分厂"]
["5123202032161","高压泵;挡圈2;GS-DJF50H32F-14","只",20,"管加工分厂"]
["5123202032160","高压泵;挡圈1;GS-DJF50H32F-07","只",20,"管加工分厂"]
["5123202032110","高压泵;吸排阀;ZDXFZ30.110-00","套",2,"89分厂"]
["5123202032056","高压泵;快速接头;HA050500;1\"","只",5,"管加工分厂"]
["5123202032056","高压泵;快速接头;HA050500;1\"","只",5,"管加工分厂"]
["512320201B005","高压泵;阀;LF406B-06-00;Pg 400;Dg100","件",6,"89分厂"]
["512320201A002","高压泵;导向套;3W-4B4-3-01-3a,b;2Cr13/ChSnSb11-b","件",6,"89分厂"]
["512320201A001","高压泵;柱塞;3W-4B4-3-01-1;38CrMoAlA","件",10,"89分厂"]
["5123202018010","高压泵;圆螺母;3W-4B-1-12","件",10,"89分厂"]
["5123202018009","高压泵;中间杆;3W-4B-1-11","件",6,"89分厂"]
["5123202015034","高压泵;排液闷头;3W-4B4G-2-9;2Cr13;4.5Kg","件",3,"89分厂"]
["5123202015027","高压泵;前闷头;3W-4B4G-2-2","件",4,"89分厂"]
["5123202015022","高压泵;导向套;3W-4B4G-2-03-5;ZCuSn5Pb5Zn5;1.1Kg","件",27,"89分厂"]
["5123202015021","高压泵;夹环;3W-4B4G-2-03-4;四氟+5%碳钎","件",60,"89分厂"]
["5123202015020","高压泵;填料;3W-4B4G-2-03-3;树麻纤维","件",140,"89分厂"]
["5123202015018","高压泵;柱塞;3W-4B4G-2-03-1","件",3,"89分厂"]
["5123202015015","高压泵;进排液阀;3W-4B4G-2-01-00;4.84Kg","件",8,"89分厂"]
["5121400020102","从动螺杆;3U45B-16","件",4,"89分厂"]
["5121400020101","主动螺杆;3U45B-16","件",2,"89分厂"]
["5121103231001","自吸泵叶轮;65ZW-20-30","件",2,"50机组"]
["5121103075000","长轴深井泵;MXS410-Y;Q=4m3/h;H=120m;22Kw;CALPEDA","台",1,"89分厂"]
["5121103018006","风机叶轮;CTH-4","件",1,"89分厂"]
["5121103018004","风机叶轮;CTH-2","件",1,"89分厂"]
["5121103018003","风机叶轮;CTH-1","件",1,"89分厂"]
["5121102250200","机械密封;32GDL-6-12*12;φ26","件",30,"89分厂"]
["5121101551002","水泵联轴器;BF-25-100;  ;","套",6,"50机组"]
["5121101550001","离心水泵;BF-25-100;;外购","件",2,"50机组"]
["5121101531001","离心水泵;IH65-50-160;5.5kw;外购","件",2,"50机组"]
["5120999161100","多功能水泵控制阀;JD745X-75 DN80","只",1,"50机组"]
["5120999148000","气动三偏心硬密封开关蝶阀;HB2511;DN200;PN16;阀体/板材质:WCB/304;阀座材  :304;带执行器","只",1,"340分厂"]
["5120999119300","气动调节切断蝶阀;ET700T-B-1-1.6-100-APS","只",1,"720分厂"]
["5120999100000","密封调节蝶阀;HB2412-F122182K;DN200;PN0.6MPa;带执行机构GTXN110*90;定位  YTC1000R;减压阀:T-50;配手轮机械.法兰及紧固件","只",1,"89分厂"]
["5120899887000","气动装置先导阀2630600;QQ-50;0.15-1MPa","只",4,"89分厂"]
["5120899872000","双动气动法兰蝶阀;PD374XE78/T;OMAL+GEFA;DN350;PN25;PTFE密封","只",1,"340分厂"]
["5120899870000","双动气动法兰蝶阀;PD374XE75/T;OMAL+GEFA;DN200;PN25;PTFE密封","只",1,"340分厂"]
["5120899700000","电动控制阀;LSDF-1W;DN150;PN10","只",1,"340分厂"]
["5120899660000","阀门电动装置;LQA10-1;N=0.03Kw","只",1,"89分厂"]
["5120899395000","气动直通水阀;Fisher4\"ED","只",1,"340分厂"]
["5120899385400","气动活塞调节阀;HB2810;DN40","只",1,"50机组"]
["5120899385200","气动活塞调节阀;HB2810;DN50","只",1,"50机组"]
["5120899384300","气动活塞硬密封蝶阀;DYD673H-0.6;DN150","只",1,"50机组"]
["5120899384200","气动活塞硬密封蝶阀;DYD673H-0.6;DN40","只",2,"50机组"]
["5120899384100","气动活塞硬密封蝶阀;DYD673H-0.6;DN250","只",2,"50机组"]
["5094400511119","探伤机;探头;管体横向;139mm","只",22,"89分厂"]
["5094400511101","探伤机;探头;管体横向;直径73mm","只",25,"89分厂"]
["5094400510385","探伤机;蜗流探头;2.891.30-3055;直径55mm","只",1,"89分厂"]
["5094400510082","探伤机;横向探头框;直径139.7","件",32,"89分厂"]
["5266801147001","30t冷拔机;轮轴;L2112.17.01;45;10.8Kg","件",3,"50机组"]
["508310103G028","超载限制传感器;QCX2B-2-5t/140-300","只",1,"管加工分厂"]
["5082202244035","齿轮联轴器;QD20058.2.3","套",4,"89分厂"]
["5082202084030","12.5+12.5t双梁行车;挂梁;GL12.5-1;部件;845Kg","件",1,"340分厂"]
["5082201361025","制动轮;直径300;H3.2018.02.20;45;29.5Kg","件",2,"50机组"]
["5082201361023","制动轮;直径300;H3.2018.02.19;45","件",1,"50机组"]
["5082201361021","减速器齿轮;H3.2018.02.16;45","件",1,"50机组"]
["5082201361017","联轴器外齿圈;H3.2018.02.12;45","件",4,"50机组"]
["5082201361014","外齿套;H3.2018.02.09;45","件",2,"50机组"]
["5082201361012","外齿套;H3.2018.02.07;45;3.6Kg","件",23,"50机组"]
["5082201361011","齿轮轴;H3.2018.02.06;45","件",5,"50机组"]
["5082201092006","角型轴承箱;ZL251.1;QT40-10","件",8,"50机组"]
["5082201091072","滑轮Φ400;G13.3-31","件",6,"50机组"]
["5082201091070","固定滑轮Φ250;QT42-10","件",10,"50机组"]
["5082201091062","外齿圈;m=2.5;z=38;S9-71","件",14,"50机组"]
["5082201091060","小车轴接手;Q3-122.26","件",10,"50机组"]
["5082201091053","齿轮轴;m=3;z=14;Q3-135.100","件",3,"50机组"]
["5082201091050","齿轮;m=3;z=67;Q3-131.36","件",2,"50机组"]
["5082201091042","轴;Q3-113.68;;自制","件",2,"50机组"]
["5082201091030","齿轮盘接手;1608","件",2,"50机组"]
["5082201091029","卷筒组300XL;T143","件",1,"50机组"]
["5082201091027","齿轮轴;mn=3;z=11;Q3-135.91","件",5,"50机组"]
["5082201091023","齿轮轴;mn=5;z=18;Q3-135-19","件",3,"50机组"]
["5082201091021","齿轮;mn=3;z=85;Q3-131.15","件",4,"50机组"]
["5082201091017","齿轮轴;mn=5z=14;Q3-135.17","件",2,"50机组"]
["5082201091012","内齿圈;m=3 z=48;S130-72","件",10,"50机组"]
["5082201091011","内齿圈;m=3 z=48;S130-71","件",4,"50机组"]
["5082201091010","弹簧缓冲器;Q2-457-3H","件",12,"50机组"]
["5082201091009","主动轴;L8-11","件",10,"50机组"]
["5082201091005","闷盖;T3-1651.1513","件",10,"50机组"]
["5082201091004","轴;Q3-113.60","件",20,"50机组"]
["5082201091003","角型轴承座;T2-148.1503","件",18,"50机组"]
["5082201091002","通盖;T3-1654.1528","件",5,"50机组"]
["5082201091001","被动车轮Φ500;Q3-171.13","件",3,"50机组"]
["5082201021004","吊钩螺母;DG10.6;M64","件",1,"炼钢分厂"]
["507160350F109","轴(二);268备87-9;45","件",28,"89分厂"]
["507270513C001","轴;Z8029.18.01;45","件",10,"50机组"]
["507270513B013","轴承盖;Z8029.16.13;Q235","件",10,"50机组"]
["507270513B012","轴承座;Z8029.16.12;Q235","件",10,"50机组"]
["507270513B008","轴承座;Z8029.16.08;Q235;8.7Kg","件",19,"50机组"]
["507270513B007","轴承盖;Z8029.16.07;Q235","件",10,"50机组"]
["507270513B006","轴;Z8029.16.06;45","件",4,"50机组"]
["507270513B004","轴承盖;Z8029.16.04;Q235","件",10,"50机组"]
["5266713091058","轴;160000B01-058;45;35Kg","件",1,"720分厂"]
["507270513A001","轴;Z8029.15.01;Q235","件",5,"50机组"]
["5072203031025","前护板Y81-250AO1-32;","件",8,"炼钢分厂"]
["5072705137017","链轮;Z8029.06.17;45","件",13,"50机组"]
["5072705137015","压盖;Z8029.06.15;45","件",6,"50机组"]
["5072705137011","压下丝杆;Z8029.06.11;45;12.34Kg","件",20,"50机组"]
["5072203031019","前底护板Y81-250AO1-56;","件",8,"炼钢分厂"]
["5072705136012","30t冷拔机;活塞杆;H2034.03;45","件",3,"50机组"]
["5072705136011","30t冷拔机;夹块二;H2034.02;Q235A","件",6,"50机组"]
["5072705136010","30t冷拔机;夹块一;H2034.01;Q235A","件",8,"50机组"]
["5072705136009","30t冷拔机;张紧轮;H2031.06.09;45","件",10,"50机组"]
["5072705136008","30t冷拔机;输出链轮;H2031.06.08;45","件",2,"50机组"]
["5266801162003","30t冷拔机;外齿圈;H2004.02.03;45;15.8Kg","件",2,"50机组"]
["5072705136007","30t冷拔机;链轮;H2031.06.07;45","件",13,"50机组"]
["5072705136005","30t冷拔机;大链轮;H2031.06.05;45","件",4,"50机组"]
["5266801065006","65t冷拔机;推料杆;HGZ804.25.02;A3;16Kg","件",2,"50机组"]
["5072705136002","30t冷拔机;大齿轮;H2031.06.02;45","件",8,"50机组"]
["5072705136001","30t冷拔机;双联齿轮;H2031.06.01;45","件",2,"50机组"]
["5072705134004","铜套;Z8029.04.04;ZQAL9-4;0.05Kg","件",10,"50机组"]
["507160350G015","气缸座;268备88-15;ZG35","件",2,"89分厂"]
["5072705133013","端盖;Z8029.03.13;16Mn;45","件",10,"50机组"]
["5072705131010","挡环;Z8029.03.02;45","件",10,"50机组"]
["5072705131009","端盖;Z8029.06;A3","件",9,"50机组"]
["5266424016004","卡挡;HL50-02-01改;A3","件",1,"50机组"]
["5072705130009","套;Z8029.09;20","件",10,"50机组"]
["5072705130008","套;Z8029.08;20","件",10,"50机组"]
["5266714021013","翻料轴(一);H6.02012.05.12;45;31Kg","件",1,"50机组"]
["5072705130005","皮带轮;Z8029.05;HT200","件",4,"50机组"]
["5072705130003","压环;Z8029.03","件",8,"50机组"]
["5072705130002","皮带轮;Z8029.02;HT15-33;13.5Kg","件",4,"50机组"]
["5072705118009","套;Z529.4.3.6;45;4.5Kg","件",2,"219分厂"]
["5072705118006","盖;Z529.4.3.13;45;7.5Kg","件",2,"219分厂"]
["5072705118005","挡盖;Z529.4.3.12;45;4.6Kg","件",2,"219分厂"]
["5072705118003","挡盖;Z529.4.3.5;A3;7Kg","件",2,"219分厂"]
["5072705011002","闷盖;Z8018.05.01.00","件",6,"50机组"]
["5072705113085","轴承座;D2025.04.24","件",4,"219分厂"]
["5072705113077","弹簧D2025.04.16;60SiMnA;","件",41,"219分厂"]
["5072705113073","滑柱;D2025.04.05;45;","件",5,"219分厂"]
["5072705113059","顶杆II改;D2025.02.69;45;","件",10,"219分厂"]
["5072705113057","止推滑块III;D2025.02.66;45;","件",15,"219分厂"]
["5072705113041R","顶杆螺母I 改;D2025.02.42;ZQAL9-4","件",5,"219分厂"]
["5072705113037","止动滑块 I D2025.02.38;45;","件",18,"219分厂"]
["5072705113029","螺母D2025.02.32;45;","件",12,"219分厂"]
["5072705113021","止推滑块II;D2025.02.23;45","件",11,"219分厂"]
["5072705113015","丝杆轴;D2025.02.09;45","件",1,"219分厂"]
["526680114Z011","15t冷拔机;主动链轮;L2112.09;45","件",3,"50机组"]
["5072705112034","联轴器D2025.01.34;45;34.95Kg","件",3,"219分厂"]
["5072705112023","齿轮轴;D2025.01.23;40Cr;61.1Kg","件",2,"219分厂"]
["5072705112019","齿轮;D2025.01.19;45","件",4,"219分厂"]
["5266401042018","运输辊条(三);0129003-01-23-00;焊接件","件",1,"89分厂"]
["5072705136008","30t冷拔机;输出链轮;H2031.06.08;45","件",5,"50机组"]
["5266801064012","65t冷拔机;侧盖;HG67.02.35;HT12-28;15Kg","件",2,"50机组"]
["507270509H991","外齿轴;C107198;40CrMo;28Kg","件",1,"340分厂"]
["5072705112007","轴;D2025.01.13;45","件",3,"219分厂"]
["5072705112003","轴承座;D2025.01.11;4Kg","件",13,"219分厂"]
["5072705111051","衬套;D2022.04.22;ZQSn6-6-3;0.37Kg","件",10,"219分厂"]
["5072705111049","轴套D2022.04.20;","件",8,"219分厂"]
["5072705111041","轴套;D2022.04.16;ZQSn6-6-3;0.365Kg","件",8,"219分厂"]
["5072705111037","链轮;D2022.04.14改;45;6.8Kg","件",6,"219分厂"]
["5072705137007","轴;Z8029.06.07;45","件",10,"50机组"]
["5072705111011","轴承套;D2022.04.11;ZG35","件",1,"219分厂"]
["5266801142014","20t冷拔机;被动轮;L2112.18.04;ZG35;5.5Kg","件",10,"50机组"]
["5266801065007","65t冷拔机;压盖;HGZ804.26.04;A3","件",6,"50机组"]
["5072705032009","从动锥齿轮;7189.3-25;40Cr;32.526Kg","件",1,"50机组"]
["526640103M014","轴承座(二);D2014.02.01.302;45;36.3Kg","件",2,"219分厂"]
["526640103M013","轴承座(一);D2014.02.01.301;45;33.5Kg","件",2,"219分厂"]
["5263500110116","挡圈;XL595.2.4-5;A3;14.32Kg","件",4,"炼钢分厂"]
["507270513B002","链轮;Z8029.16.02;45;10.5Kg","件",3,"50机组"]
["5072705130007","链轮;Z8029.07;45","件",5,"50机组"]
["5072705136004","30t冷拔机;小链轮;H2031.06.04;45;0.41Kg","件",18,"50机组"]
["526640104F040","端盖;268备98-40;Q235-B;10Kg","件",2,"89分厂"]
["5266801087001","20t冷拔机;双链轮;L2112.08.05;45;13.75Kg","件",2,"50机组"]
["5266714021010","翻料轴(二);H6.02012.05.10;45;26Kg","件",1,"50机组"]
["5071605050013","20t冷拔机;皮带轮;H2008-16;HT15-33","件",1,"50机组"]
["5072705052003","长调整丝杆;7189.1-3;45;15.4Kg","件",1,"50机组"]
["5072705052001","30t冷拔机平台导套;H2006.02.04;ZG45","件",4,"50机组"]
["5266801089004","20t冷拔机;二轴大齿轮;L2112.08.11;45;2.2Kg","件",8,"50机组"]
["5072705050009","30t冷拔机从动齿轮;H2006.03.05;40Cr;32.5Kg","件",2,"50机组"]
["5072705050007","半联轴器(一);7189.3-48;35;110Kg","件",6,"50机组"]
["5072705050006","30t冷拔机传动轴H2006.03.09;5.5kg","件",1,"50机组"]
["5266709082018","半联轴器(二);H6.2010.05.18A;ZG35;16Kg","件",1,"50机组"]
["526640104F502","齿轮;268备98-5-2;40CrNiMo;7.9Kg","件",4,"89分厂"]
["526640104F051","紧定套;H3132;GB9160.1-88;","件",2,"89分厂"]
["5072705011011","透盖(3);Z8018.05.12;Q235-A","件",6,"50机组"]
["5072705032014","端盖;7189.3-56;45","件",2,"50机组"]
["5072705032011","斜交轴承座斜盖;7189.3-40;ZG25","件",4,"50机组"]
["526640104F037","卡箍;268备98-37;Q235-B;2.6Kg","件",10,"89分厂"]
["5000014020016","碟型弹簧;125*64*8*10.6","片",20,"89分厂"]
["526642401C022","20t冷拔机;调节螺母(一);H2037.02.02;A3;1.53Kg","件",15,"50机组"]
["5072605023016","20t冷拔机;透盖;H2015.16;A3;1.06Kg","件",20,"50机组"]
["5072705031011","中速齿轮轴;L5311.01.10;45","件",3,"50机组"]
["5072705031008","高速轴;L5311.01.04;40Cr","件",2,"50机组"]
["5072705031007","高速轴齿轮;L5311.01.07;45;7.5Kg","件",2,"50机组"]
["5072705031006","低速齿轮;L5311.01.17;ZG45","件",6,"50机组"]
["5144100021004","主机皮带轮;LEK-160-05","件",1,"340分厂"]
["507160351R037","销轴;268.151SB0015-37;45;3.2Kg","件",10,"89分厂"]
["5072705023008","螺母套;56780-76改;ZQSn6-6-3;0.55Kg","件",15,"50机组"]
["5266801223010","30t冷拔机;滑座车论端盖;H2029.04.26;A3;0.95Kg","件",6,"50机组"]
["5266424015038","偏心轮;04-322冶4-17;ZG35CrSiMn;36Kg","件",1,"50机组"]
["5000000060678","电磁换向阀芯板;H-268-CO;DN6","件",5,"89分厂"]
["5266801062024","65t冷拔机;透盖;HGZ804.07.35改;A3.1.07Kg","件",16,"50机组"]
["5072705022006","20t冷拔机;圆锥齿轮Z24;H2009.03.20;40Cr","件",12,"50机组"]
["5072705022005","20t冷拔机;圆锥齿轮;H2009.03.19;Z=40;40Cr;4.8Kg","件",7,"50机组"]
["5072705022004","20t冷拔机;圆锥齿轮Z36;H2009.03.18;40Cr","件",13,"50机组"]
["5072705021016","20t冷拔机;方法兰;H2009.02.03;A3","件",5,"50机组"]
["5072705021009","20t冷拔机;出料筒;H2009.02.04;45","件",1,"50机组"]
["5266801088014","20t冷拔机;车轮轴;L2112.13.14;45","件",10,"50机组"]
["5072705021005","圆锥齿轮;56780-65;45","件",6,"50机组"]
["5071605050001","锯片法兰(一);H2008.03;焊接件;15.2Kg","件",2,"50机组"]
["5000015050054","万向联轴器;十字销;SWC100","件",2,"219分厂"]
["5266424011002","穿孔机;机架销轴;M2005.07.01.02;45;6.81Kg","件",6,"50机组"]
["5072705023009","螺杆轴;56780-78;45","件",10,"50机组"]
["5000004060072","气缸活塞杆;QGB80*80;45;1.5Kg","件",6,"50机组"]
["5072705022009","30t冷拔机密封盖;H2009.03.09;A3","件",10,"50机组"]
["526671503A014","主动轮轴(一);04-325冶2-14;45;12.9Kg","件",2,"50机组"]
["5072605025025","250t冷剪机;轴瓦;B25b5-13;ZQAl9-4","件",1,"50机组"]
["5072605025012","250t冷剪机;飞轮轴;B25b4-27;45","件",1,"50机组"]
["5072605025006","250t冷剪机;外齿片;B25b4-17;45","件",11,"50机组"]
["5072605025002","250t冷剪机;Yx密封圈D500;B25b4-6;聚胺脂-1","只",2,"50机组"]
["5072605024016","250t冷剪机;连杆;B25b3-1","件",1,"50机组"]
["5072605024014","250t冷剪机;曲轴;B25b2-3;40Cr","件",1,"50机组"]
["5072605024008","250t冷剪机;后垫板;B25b.3-13;45","件",2,"50机组"]
["5072605024007","250t冷剪机;前垫板;B25b.3-12;45","件",2,"50机组"]
["507160350X026","销轴268备88-17;45","件",13,"89分厂"]
["5072605023002","250t冷剪机;平辊;H2015.18;45","件",9,"50机组"]
["5072605022014","铜套;H6.2012.05.07;ZQAl9-4","件",13,"50机组"]
["5072502053003","20t冷拔机;皮带轮;H2013.02.03;HT15-33","件",4,"50机组"]
["5072502052002","20t冷拔机;齿轮;H2013.02.02;45;14.3Kg","件",8,"50机组"]
["526680106F002","65t冷拔机;滑杆座;HGZ804.12.07;A3;19.97Kg","件",2,"50机组"]
["5072502051003","20t冷拔机;半联轴器;H2013.01.05;ZG35;20.84Kg","件",4,"50机组"]
["526680106F001","65t冷拔机;滑杆座;HGZ804.12.01;A3;20Kg","件",2,"50机组"]
["5266801147004","30t冷拔机;压盖;L2112.17.04;HT18-36;7.5Kg","件",4,"50机组"]
["5072502031007","压下螺母;HJ-01-15;ZQAL9-4","件",3,"50机组"]
["5072502031006","上、下轴承座;HJ-01-12/9;ZG25","件",2,"50机组"]
["5072502031004","压下丝杆HJ-01-14;45;8Kg","件",6,"50机组"]
["5072502031003","大皮带轮;HJ-01-23;HT15-33;20Kg","件",1,"50机组"]
["5072502031002","小皮带轮;HJ-01-24;HT15-33;7.5Kg","件",1,"50机组"]
["5072502031001","轴套;HJ-01-10;ZQAl9-4;4.5Kg","件",10,"50机组"]
["5072502011001","联动齿轮冷;77-06;45","件",14,"50机组"]
["5072402210041","250空气锤;中旋阀盖;C41-33024;HT21-40;6.35Kg","件",1,"50机组"]
["5072402210040","250空气锤;活塞销;C41-31404a","件",6,"50机组"]
["5072402210026","250空气锤;曲轴;C41-32201;45","件",2,"50机组"]
["5072402210026","250空气锤;曲轴;C41-32201;45","件",5,"50机组"]
["5072402210025","250空气锤;电机皮带轮;C41-32016b;HT21-40","件",1,"50机组"]
["5072402210019","250空气锤;传动齿轮轴;C41-32004;45","件",1,"50机组"]
["5072402210017","250空气锤;轴承座;C41-32001B;HT15-32","件",2,"50机组"]
["5266801062022","65t冷拔机;车轮轴;HGZ804.07.36改;45.2.1Kg","件",16,"50机组"]
["5072402210016","250空气锤;连杆;C41-31408B;45","件",1,"50机组"]
["5072402210015","250空气锤;连杆头;C41-250-04-25;ZG45","件",2,"50机组"]
["5072402210012","250空气锤;压缩活塞环;C41-31401;HT21-40","件",10,"50机组"]
["5072402210010","250空气锤;锤杆阻漏圈(一);C41-31301;HT21-40","件",7,"50机组"]
["5072402210008","250空气锤;活塞阻漏圈(一);C41-31201;HT21-40","件",1,"50机组"]
["5072402210004","250空气锤;活塞导程;C41-31016;HT21-40","件",15,"50机组"]
["5072402111039","150空气锤;连杆;H2016.03;C41-301-106;45锻件","件",8,"50机组"]
["5072402110063","150空气锤;活塞涨圈;C41-150-302;HT21-40","件",26,"50机组"]
["5072402110063","150空气锤;活塞涨圈;C41-150-302;HT21-40","件",11,"50机组"]
["5072402110062","150空气锤;铜套;C41-150-307;TSnEnPb","件",5,"50机组"]
["5072402110061","150空气锤;十字接头;C41-150-505;HT15-32","件",7,"50机组"]
["5072402110060","150空气锤;下气门芯;C41-150-504;HT15-32","件",1,"50机组"]
["5072402110059","150空气锤;下气门套;C41-150-503;HT20-40","件",1,"50机组"]
["5072402110053","150空气锤;活塞阻漏圈;C41-150-311;HT21-40","件",10,"50机组"]
["5072402110052","150空气锤;活塞阻漏圈;C41-150-310;HT21-40","件",6,"50机组"]
["5072402110050","150空气锤;曲轴;C41-301-401;45","件",3,"50机组"]
["5072402110049","150空气锤;活塞涨圈;C41-301-302;HT24-46","件",3,"50机组"]
["5072402110027","150空气锤;大皮带轮;C41-150-441;HT15-32","件",1,"50机组"]
["5072705111001","轴承盖;D2022.04.01;45;2.181Kg","件",4,"219分厂"]
["5072402110022","150空气锤;连杆头;C41-150-425;45","件",2,"50机组"]
["5072402110017","150空气锤;轴领座;C41-150-411;HT20-40","件",1,"50机组"]
["5072402110014","150空气锤;大齿轮;C41-150-409;HT32-52","件",2,"50机组"]
["5072402110012","150空气锤;轴承座;C41-150-406;HT20-40","件",1,"50机组"]
["5072402110009","150空气锤;活塞销;C41-150-309;45","件",11,"50机组"]
["5072402110006","150空气锤;锤杆阻漏圈;C41-150-218","件",5,"50机组"]
["5072402110005","150空气锤;导板;C41-150-217;HT20-40","件",30,"50机组"]
["5072402110004","150空气锤;阻漏圈;C41-150-216;HT20-40","件",5,"50机组"]
["5072402110003","150空气锤;二砧座;C41-150-206;ZG45","件",2,"50机组"]
["5072402110001","150空气锤;锤杆涨圈;C41-150-203;HT21-40","件",19,"50机组"]
["5072402050033","150空气锤;下转手柄;C41-33028;HT21-40","件",3,"50机组"]
["5072402050032","150空气锤;上气门芯;C41-150-502;HT20-40","件",5,"50机组"]
["5072402050032","150空气锤;上气门芯;C41-150-502;HT20-40","件",1,"50机组"]
["5072402050031","150空气锤;凡尔座;C41-150-530;HT15-32;","件",9,"50机组"]
["5072402050030","150空气锤;下气门转柄;C41-150-509;HT15-32","件",3,"50机组"]
["5072402050030","150空气锤;下气门转柄;C41-150-509;HT15-32","件",5,"50机组"]
["5072402050029","150空气锤;上气门转柄;C41-150-507;HT15-32","件",3,"50机组"]
["5072402050028","150空气锤;上气门盖;C41-150-506;HT15-32","件",3,"50机组"]
["5072402050027","150空气锤;传动轴;C41-150-426; 中级弹簧钢丝","件",6,"50机组"]
["5072402050027","150空气锤;传动轴;C41-150-426; 中级弹簧钢丝","件",2,"50机组"]
["5072402050026","150空气锤;轴承盖;C41-150-410;HT15-32","件",2,"50机组"]
["5072402050026","150空气锤;轴承盖;C41-150-410;HT15-32","件",2,"50机组"]
["5266801146008","20t冷拔机;皮带轮;H2001.42.08;HT15-33","件",6,"50机组"]
["5072705023007","30t冷拔机压辊座;H2009.04.02;ZG35;7.38","件",3,"50机组"]
["5072203031044","护板;Y81-250A03-14;;","件",4,"炼钢分厂"]
["5072203031048","前护板Y81-250AO1-33;","件",14,"炼钢分厂"]
["5072203031034","左框水平护板;Y81-250A01-25;0","件",4,"炼钢分厂"]
["5266713091217","垫板;160000B01-217;Q235;0.8Kg","件",16,"720分厂"]
["5266801162020","20t冷拔机;托辊压盖;H2004.13;A3","件",10,"50机组"]
["526680106A008","65t冷拔机;压盖;HGZ804.20.08;A3;1.5Kg","件",4,"50机组"]
["526680106A004","65t冷拔机;压盖;HGZ804.20.04;A3;1.4Kg","件",4,"50机组"]
["5072203031021","门护板;Y81-250A01-30;;","件",4,"炼钢分厂"]
["5000015010247","梅花弹性联轴器;ML2;ZA14*42/ZB26*70","套",3,"89分厂油管"]
["5072203031018","刮屑条Y81-250AO3-26;","件",4,"炼钢分厂"]
["5072203031017","刮屑条Y81-250AO3-25;","件",4,"炼钢分厂"]
["5072203031016","刮屑条Y81-250AO3-24;","件",4,"炼钢分厂"]
["5072203031015","刮屑条Y81-250AO3-23;","件",4,"炼钢分厂"]
["5072203031014","刮屑条Y81-250AO3-22;","件",4,"炼钢分厂"]
["5072203031013","刮屑条Y81-250AO3-21;","件",4,"炼钢分厂"]
["5072203031009","护板Y81-250AO3-12;","件",3,"炼钢分厂"]
["5071605501008","轴套;268备217-8","件",2,"89分厂"]
["5071605264001","三爪卡盘;直径325;环球牌","只",3,"50机组"]
["5071605263002","20t冷拔机;双联齿轮;L2103.09;45","件",4,"50机组"]
["5071605263001","20t冷拔机;双联齿轮;L2103.08;45","件",5,"50机组"]
["5071605262005","20t冷拔机;丝杆;L2103.18;45","件",4,"50机组"]
["5071605262004","20t冷拔机;丝母;L2103.17;45","件",7,"50机组"]
["5071605262001","20t冷拔机;鼓齿轮;L2103.02;45","件",9,"50机组"]
["5071605261005","20t冷拔机;内卡爪;L2103.06;40Cr","件",11,"50机组"]
["5071605261003","20t冷拔机;刀架;L2103.19;A3","件",6,"50机组"]
["5071605261002","20t冷拔机;进刀齿轮;L2103.03;45","件",3,"50机组"]
["5071605261001","20t冷拔机;碗形齿轮;L2103.01;ZG45","件",3,"50机组"]
["5071605133005","127切管机;床身导轨;GXQG-127.10014改","件",2,"219分厂"]
["5071605132014","127切管机;滚轮;GXQG-127.10033","件",30,"219分厂"]
["5071605132013","127切管机;小轴;GXQG-127.10031","件",35,"219分厂"]
["5071605132012","127切管机;齿轮;M65B","件",4,"219分厂"]
["5071605132011","127切管机;齿轮;M65A","件",4,"219分厂"]
["5071605132010","127切管机;齿轮;M32B","件",6,"219分厂"]
["5071605132009","127切管机;齿轮;M32A","件",3,"219分厂"]
["5071605132007","127切管机;滑板;GXQG-127.44015","件",8,"219分厂"]
["5071605132003","127切管机;刀夹;GXQG-127.44033","件",5,"219分厂"]
["5071605131020","127切管机;防护门;GXQG-127.75001改;组件","件",1,"219分厂"]
["5071605131017","127切管机;卡盘体;GXQG-127.09011","件",1,"219分厂"]
["5071605131015","127切管机;挡环;GXQG-127.09027","件",6,"219分厂"]
["5071605131004","127切管机;圆盘;GXQG-127.09012","件",3,"219分厂"]
["5071605096012","压轮E2018.06.01;尼龙66","件",2,"50机组"]
["5071605094006","电磁换向阀;22D2-25BH","台",2,"50机组"]
["5266801088024","30t冷拔机;圆垫片;L2112.13.24;A3;3.09Kg","件",5,"50机组"]
["5266801162019","30t冷拔机;车轮端盖;H2004.19.20;A3;1.1Kg","件",11,"50机组"]
["526680114F032","20t冷拔机;滑座车轮盖;L2112.13.38;A3;0.95Kg","件",8,"50机组"]
["526642401F011","20t冷拔机;透盖;H2037.04.11A;Q235;3.1Kg","件",4,"50机组"]
["5071605050006","20t冷拔机;传动轴皮带轮;H2008.12;HT15-30;16.12kg","件",2,"50机组"]
["5266801167005","15t冷拔机;轴承座闷盖;H2004.08;HT15-30;9.5Kg","件",4,"50机组"]
["5071605015005","轴;6947.28-3;45;","根",20,"219分厂"]
["5071605015003","圆锥体;6947.28-2;;","件",8,"219分厂"]
["5071605014049","盖板;4303011.2.2;45","件",17,"219分厂"]
["5071605014025","辊子（三）;6947.20-39;;","件",1,"219分厂"]
["5071605012040","销钉；6947.31.13；45#；","件",33,"219分厂"]
["5071605012023","轴;6947.13-9;45;","根",5,"219分厂"]
["5071605012019","轴;6947.12-12;;","件",8,"219分厂"]
["5071605012017","挡油环;6947.6-34;;","件",11,"219分厂"]
["5071605012012","轴;6947.11.29;45#;","件",3,"219分厂"]
["5071605012011","轴;6947.9.2;45#;","件",17,"219分厂"]
["5071605012010","轴;6947.34-4;45#;","件",3,"219分厂"]
["5071605012008","轴;6947.31.6;45#;","件",17,"219分厂"]
["5071605012006","盖;6947.28.4;45#;","件",22,"219分厂"]
["5071605011075","缓冲器;JHQ-C-4;","件",33,"89分厂"]
["5071605011071","平衡杠;6947.7/9-4;45#;","件",3,"219分厂"]
["5071605011070","杠杆;6947.7-14;A3;5.5Kg","件",3,"219分厂"]
["5071605011057","轴;6947.4-6;45;","根",7,"219分厂"]
["5071605011013","轴;6947.2-14;;","件",14,"219分厂"]
["5071605011009","套筒;6947.2-5;ZQSn10-5","件",17,"219分厂"]
["526680114F031","20t冷拔机;滑座车轮轴;L2112.13.37;45;3.81Kg","件",10,"50机组"]
["507160421A373","摩擦块;GKT608-06373;ZHMn58-2-2;0.2Kg","件",10,"340分厂"]
["507160421A372","摩擦块;GKT608-06372;ZHMn58-2-2;0.2Kg","件",10,"340分厂"]
["507160421A371","导向块;GKT608-06371;ZHMn58-2-2;1.18Kg","件",10,"340分厂"]
["507160413A008","带锯条;LIDA;M42;34*1.1mm;4/6-0°;L=3950","条",47,"89分厂"]
["5071604122003","弓锯机;泵体总成;G72","套",1,"炼钢分厂"]
["5071604023025","127切管机;下V型导轨槽;4303011.90.203;20CrMnTi;1.1Kg","件",4,"219分厂"]
["5071604023023","127切管机;上V型导轨槽;4303011.90.202;20CrMnTi;1.1Kg","件",15,"219分厂"]
["5071604023016","127切管机;弹性挡圈;4303011.90.017;65Mn;","件",45,"219分厂"]
["5071604023005","127切管机;切管机;滑板;4303011.60.002","件",12,"219分厂"]
["5071604022015","127切管机;卡爪压板;4303011.20.009;ZQAl9-4;0.07Kg","件",30,"219分厂"]
["5071604022015","127切管机;卡爪压板;4303011.20.009;ZQAl9-4;0.07Kg","件",4,"219分厂"]
["5071604022006","127切管机;滚珠丝杆;GDXG-127","根",4,"219分厂"]
["5071604022001","127切管机;谐波齿轮;XBF3.120;I=80, M=400","件",1,"219分厂"]
["5071604022001","127切管机;谐波齿轮;XBF3.120;I=80, M=400","件",1,"219分厂"]
["5071604021002","液压缸小活塞杆;4303011.C;45;1Kg","件",10,"219分厂"]
["5071604021002","液压缸小活塞杆;4303011.C;45;1Kg","件",3,"219分厂"]
["5071604021001","液压缸大活塞杆;4303011.B;45;2.14Kg","件",7,"219分厂"]
["5072705023012","30t冷拔机;防尘盖;H2009.04.12;A3","件",10,"50机组"]
["5266801062023","65t冷拔机;凸轮轴;HGZ804.07.19改;45;12.5Kg","件",2,"50机组"]
["507160357U006","辊轴;268.21SB0009-6;35+Q235B;92Kg","件",4,"89分厂"]
["507160351W936","H4080铜轴瓦;D08112103;黄铜;1.5Kg","件",6,"管加工分厂"]
["526640104F501","齿轮;268备98-5-1;40CrNiMo;5.2Kg","件",2,"89分厂"]
["5000013010116","三排滚子链条卡子;20A-3;节距31.75-3","付",25,"89分厂"]
["507160351P013","链轮;268.151SB0139-13","件",5,"89分厂"]
["526680114F006","30t冷拔机;杠杆端盖;L2112.13.07;HT20-40","件",5,"50机组"]
["5072705011003","透盖;Z8018.05.03;Q235-A;6.34Kg","件",3,"50机组"]
["5266713091205","垫圈;160000B01-205;Q235;0.8Kg","件",14,"720分厂"]
["507160350Q053","铜套;268.151SB0107-53;ZCuAl10Fe3","件",8,"89分厂"]
["526642401F008","20t冷拔机;透盖;H2037.04.08A;Q235;2.34Kg","件",4,"50机组"]
["507160350F200","林辛格锯;减速机;B94735","台",1,"89分厂"]
["5072705134002","轴;Z8029.04.02;45;0.9Kg","件",5,"50机组"]
["507160350D063","轴承座装配;268备84-63;40Kg","套",12,"89分厂"]
["507160350C113","铜套268备83-88;ZCuSn10Pb1;","件",1,"89分厂"]
["507160350C098","铜套;268备83-65;ZCuSn10Pb1;7Kg","件",4,"89分厂"]
["507160350C098","铜套;268备83-65;ZCuSn10Pb1;7Kg","件",2,"89分厂"]
["5000004060027","活塞杆;QGB80*80*3;45;1.5Kg","件",5,"50机组"]
["5266801149003","30t冷拔机;滑杆座;L2112.22.02;A3;15.13Kg","件",2,"50机组"]
["5266801149003","30t冷拔机;滑杆座;L2112.22.02;A3;15.13Kg","件",2,"50机组"]
["507160350C006","铜套;268备83-93;ZCuZn40Pb2;2.3Kg","根",10,"89分厂"]
["5071603503061","导板;268备71-61;XqZ62","件",4,"89分厂"]
["5071603503040","导板;268备71-40;CFZ1265","件",4,"89分厂"]
["526642401Y025","160气缸座;04-324冶2-25;ZG270-500;16.2Kg","件",1,"50机组"]
["5071603503020","自润滑轴承;268备71-20;CFZ1265;0.7Kg","件",6,"89分厂"]
["5071603503019","销轴;268备71-19;CFZ1265;0.44Kg","件",10,"89分厂"]
["5071603503017","冷锯上夹紧衬套;268备71-17","件",2,"89分厂"]
["5071603503014","滑板;268备71-14;CFZ1265;0.44Kg","件",10,"89分厂"]
["5071603503008","滑板;268备71-8;CFZ1265;0.26Kg","件",10,"89分厂"]
["5071603502002","管坯锯直线导轨;268备GPJ-02","件",2,"89分厂"]
["507160302Z052","角接取压标准孔板;SN-LGBH-35-01-D-V;空气","件",3,"720分厂"]
["507160302Z051","角接取压标准孔板;SN-LGBH-20-01-D-V","件",3,"720分厂"]
["5071199018013","LOC650-R车丝机;减速电机;VX04-300M-KSS;P=0.4Kw;I=1:300","台",2,"管加工分厂"]
["5071199018012","车丝机;内支撑;11-3/4","只",2,"管加工分厂"]
["526680114F017","20t冷拔机;轮轴承座A;L2112.13.19;A5;2.68Kg","件",10,"50机组"]
["5072705021008","20t冷拔机;进料喇叭筒;H2009.02.05;A3","件",2,"50机组"]
["5000021030347","位移传感器;953AC42000MXXC19.7X;VMAX/METEK","只",1,"720分厂"]
["5000021030230","激光测距传感器;要求范围0.1MM-5000MM;测量精度小于1MM;输入DC4-20MA","套",1,"管加工分厂"]
["5000021020195","电抗器;1321-3RA12-B","台",4,"89分厂"]
["5000021020193","电抗器;1321-3R160-B;AB","台",1,"89分厂油管"]
["5000021020119","变频器;FRN55G1S-4C;带简易面板TP-EIU","台",1,"89分厂"]
["5000021020118","变频器;FRN90G1S-4C;带简易面板TP-EIU及电抗器DCR4-90B","台",1,"89分厂"]
["5000021020113","变频器;FRN45G1S-4C;带简易面板TP-EIU","台",1,"89分厂"]
["5000021010169","主轴编码器;6FX2001-3AB02;Siemens","只",1,"89分厂"]
["5000018050024","弹簧滚子轴承内圈;B50/92*69/140","只",8,"89分厂"]
["5000018010326","进口轴承;NU332ECM;SKF","套",1,"50机组"]
["5000018010241","进口轴承;NO2212ECP;SKF","套",8,"219分厂"]
["5000018010239","进口轴承;NA4848;SKF","套",6,"219分厂"]
["5000018010236","进口轴承;6020-2Z;SKF","套",2,"219分厂"]
["5000018010230","进口轴承;680235内/680270外;SKF","套",1,"219分厂"]
["5000018010223","进口轴承;61852;SKF","套",2,"219分厂"]
["5000018010222","进口轴承;61848;SKF","套",2,"219分厂"]
["5000018010212","进口轴承;R313581A;SKF","套",2,"89分厂"]
["5000018010191","进口轴承;NJ218ECP;SKF","套",1,"89分厂"]
["5000018010173","进口轴承;81111TN;SKF","套",250,"89分厂"]
["5000018010028","进口轴承;22334JS;SKF","套",2,"89分厂"]
["5000017020001","制动器;GH6-06QD","台",1,"340分厂"]
["5000017010082","制动器;YWZ9-250/E30","台",1,"340分厂"]
["5000015050105","锁紧盘;SP2-240*405","件",3,"管加工分厂"]
["526642401F009","20t冷拔机;主轴;H2037.04.09A;45;20Kg","件",1,"50机组"]
["5266401042144","导轨二;0129003-01.08.17;Q235-A","件",2,"89分厂"]
["5266801062030","65t冷拔机;撞块;HGZ804.07.31改;1505Kg","件",4,"50机组"]
["5072705052008","压盖7189.2-8;HT15-32","件",6,"50机组"]
["5266801140006","20t冷拔机;轴承座透盖;H2004.06;HT15-33","件",2,"50机组"]
["5072705137103","端盖;Z8029.06.01.03;Q235;1.44Kg","件",10,"50机组"]
["5000015050058","万向联轴器;十字销;SWP350","件",2,"219分厂"]
["5000004060073","气缸尾座;QGB80*80-2","件",4,"50机组"]
["5072203031039","右框底护板;Y81-250A01-55;0","件",1,"炼钢分厂"]
["507160350C020","减振垫;268备83-20;Q235-B","件",10,"89分厂"]
["5266706088033","透盖(一);268.01SB0026-33;Q235-B;1.66Kg","件",4,"340分厂"]
["5000015030141","万向联轴器;JXC160*880","件",2,"89分厂"]
["5072203031032","右框前侧护板;Y81-250AO1-53","件",1,"炼钢分厂"]
["5072203031031","左框上护板;Y81-250AO1-18","件",1,"炼钢分厂"]
["526642401F011","20t冷拔机;透盖;H2037.04.11A;Q235;3.1Kg","件",2,"50机组"]
["5071603512012","林辛格锯;密封;RDR158;12*5.33;进口","只",4,"89分厂"]
["5071603512011","林辛格锯;密封;RDR240;61*5.33;进口","只",4,"89分厂"]
["526642401F010","20t冷拔机;闷盖;H2037.04.14A;A3;1.34Kg","件",4,"50机组"]
["5072203031038","右框后侧护板;Y81-250A01-54;0","件",1,"炼钢分厂"]
["5071605050011","20t冷拔机;气缸丝接头;H2008.07;A3;2.4Kg","件",2,"50机组"]
["5000015010308","联轴器;GⅡCL14;170*302/J1-200*282;JBT19012-1985","套",1,"89分厂"]
["5266709089006","六辊矫直机;座透盖;H2007.06;Q235","件",2,"50机组"]
["5000015010181","联轴器;WGT12;J1-190*282/120*212-Ⅱ-332.5","套",1,"89分厂"]
["5266709089004","六辊矫直机;座端盖;H2007.04;Q235","件",2,"50机组"]
["5266709033073","轴承座(二);268备54-19","件",2,"89分厂"]
["5266801162035","20t冷拔机;衬套;H2001.03.32;Q235","件",2,"50机组"]
["5000013010115","双排滚子链卡子;38.1-2","付",1,"50机组"]
["5000012170026","管道修补器;WDH20-14","只",2,"89分厂"]
["5000012160064","方型密封圈;AIG529C;174.5*190*6.3","只",30,"340分厂"]
["5000012160001","油封;AIG5505H;153*190*16","只",8,"340分厂"]
["5000012120564","WD型密封圈;G1-1/4","只",30,"管加工分厂"]
["5000012120527","外密封环;0640202.15-03;聚甲醛树脂","只",1,"管加工分厂"]
["5000012120292","增压器活塞导向环;FA500*35;012171","只",4,"720分厂"]
["5000012120291","增压器活塞密封圈;GD1000K;137742","只",2,"720分厂"]
["5000012120244","耐腐泵;机械密封;25FB-25;138725","套",7,"50机组"]
["5000012120200","V型密封圈;直径63*直径79.5*7;聚四氟;000.950.350","只",41,"89分厂"]
["5000012120196","V型密封圈;直径57.2*直径77*7;聚四氟;909.050.501","只",75,"89分厂"]
["5000012120052","孔用回转方型圈;GNS1900","只",15,"340分厂"]
["5000012120030","L型密封圈D300;;","只",10,"219分厂"]
["5000012110209","液压缸密封;Z0213.08.05.10.00","套",2,"219分厂"]
["5000012110208","液压缸密封;Z0213.08.05.10.00","套",3,"219分厂"]
["5000012110206","液压缸密封;Z0213.08.02.01.00","套",2,"219分厂"]
["5000012110206","液压缸密封;Z0213.08.02.01.00","套",1,"219分厂"]
["5000012110201","液压缸密封;Z0213.03.02.06.00","套",1,"219分厂"]
["5000012110200","液压缸密封;Z0213.03.02.04.00","套",16,"219分厂"]
["5000012110199","液压缸密封;Z0213.03.01.34","套",12,"219分厂"]
["5000012110199","液压缸密封;Z0213.03.01.34","套",2,"219分厂"]
["5000012080310","轴用斯特封;GS55013-1200-46-353-8307","只",4,"219分厂"]
["5000012080303","真空密封缓冲垫;AK01251;78*248*80;H702","只",4,"340分厂"]
["5000012080302","真空密封缓冲垫;AK01250;125*295*80;H702","只",4,"340分厂"]
["5000012080301","真空密封缓冲垫;AK01249;218*388*80;H702","只",4,"340分厂"]
["5000012080300","真空密封缓冲垫;AK01248;285*455*80;H702","只",4,"340分厂"]
["5000012080293","毡圈油封;152*128*12;JB/ZQ4606-1986","只",10,"340分厂"]
["5000012080292","毡圈油封;280*250*14;JB/ZQ4606-1986","只",10,"340分厂"]
["5000012080262","耐磨环;BS50705-1200C-47","只",7,"219分厂"]
["5000012080260","耐磨环;BS50704-0600-47","只",8,"219分厂"]
["5000012080105","导向环;350*35*338;FA-012140","只",3,"89分厂"]
["5000012080044","车氏密封;直径105*115*4","只",30,"89分厂"]
["5000012080041","车氏密封;PY70","只",16,"89分厂"]
["5000012080023","车氏密封;CHTB2-285*272*7;增强PTFE","只",5,"管加工分厂"]
["5000012080022","车氏密封;CHTB2-273*258*7;增强PTFE","只",5,"管加工分厂"]
["5000012080020","车氏密封;CHTB2-235*224*5.3;增强PTFE","只",10,"管加工分厂"]
["5000012080019","车氏密封;CHTB2-220*206*7;增强PTFE","只",13,"89分厂"]
["5000012080015","车氏密封;CHTB2-164*155*5.3;增强PTFE","只",4,"89分厂"]
["5000012070230","特康防尘圈;ES56152-1200-451-249-8307","只",3,"219分厂"]
["5000012070225","特康防尘圈;ES56151-0600-451-144-8307","只",2,"219分厂"]
["5000012070007","J形防尘圈d70;橡塑","只",19,"50机组"]
["5000012040609","油封;BM1236AO;VR130A;NOK","只",1,"340分厂"]
["5000012040608","油封;BM1244AO;VR200A;NOK","只",1,"340分厂"]
["5000012040607","油封;AE4451FO;130*160*14;NOK","只",2,"340分厂"]
["5000012040567","J型油封;220","只",2,"340分厂"]
["5000012040531","油封;CPS511;380*440*25","只",2,"340分厂"]
["5000012040523","骨架油封;WAS320*360*20;NBR;GB13781-1992","只",19,"340分厂"]
["5000012040394","骨架油封;PD35*56*12;NBR;GB13781-1992","只",41,"219分厂"]
["5000012040363","骨架油封;FB321*360*20;GB13871-1992","只",20,"340分厂"]
["5000012040353","骨架油封;FB320*360*20;NBR;GB13871-1992","只",30,"219分厂"]
["5000012040344","骨架油封;FB12*150*10;NBR;GB13781-1992","只",16,"340分厂"]
["5000012040212","骨架油封;95*163*10/16;FKM","只",4,"340分厂"]
["5000012040165","骨架油封;35*60*10","只",7,"340分厂"]
["5000012040162","骨架油封;450*490*67.5;CARCO;TEX/UN;橡胶I-4","只",5,"340分厂"]
["5000012040151","骨架油封;40*65*12;NBR;GB13781-1992","只",9,"219分厂"]
["5000012040086","骨架油封;250*285*18;NBR;GB13781-1992","只",7,"219分厂"]
["5000012040081","骨架油封;25*45*10;NBR;GB13781-1992","只",27,"340分厂"]
["5000012040076","骨架油封;220*255*18;NBR;GB13781-1992","只",5,"219分厂"]
["5000012040056","骨架油封;195*230*15;NBR;GB13781-1992","只",47,"219分厂"]
["5000012040025","骨架油封;120*180*16;NBR;GB13781-1992","只",10,"219分厂"]
["5000012040025","骨架油封;120*180*16;NBR;GB13781-1992","只",20,"219分厂"]
["5000012040006","骨架密封;400*440*20;NBR;GB13781-1992","只",30,"219分厂"]
["5000012040005","骨架密封;360*400*20;NBR;GB13781-1992","只",30,"219分厂"]
["5000012040002","PG密封圈;PG02000;NBR;GB13781-1992","只",3,"89分厂"]
["5000012031127","大间隙密封圈711;NZM711","只",6,"720分厂"]
["5000012031126","大间隙密封圈660;NZM660","只",6,"720分厂"]
["5000012031125","大间隙密封圈630;NZM630","只",4,"720分厂"]
["5000012031123","大间隙密封圈560;NZM560","只",6,"720分厂"]
["5000012031122","大间隙密封圈559;NZM559","只",6,"720分厂"]
["5000012031121","大间隙密封圈530;NZM530","只",6,"720分厂"]
["5000012030820","铜垫圈;直径54*直径47*2.5mm;JBT2001.5-1999","只",20,"720分厂"]
["5000012030819","铜垫圈;直径50*直径43*2.5mm;JBT2001.5-1999","只",30,"720分厂"]
["5000012030817","铜垫圈;直径42*直径35*2.5mm;JBT2001.5-1999","只",20,"720分厂"]
["5000012030814","铜垫圈;直径280*直径260*5mm;JBT2001.5-1999","只",5,"720分厂"]
["5000012030813","铜垫圈;直径265*直径247*5mm;JBT2001.5-1999","只",5,"720分厂"]
["5000012030811","铜垫圈;直径236*直径218*5mm;JBT2001.5-1999","只",10,"720分厂"]
["5000012030810","铜垫圈;直径212*直径198*5mm;JBT2001.5-1999","只",10,"720分厂"]
["5000012030809","铜垫圈;直径192*直径180*4mm;JBT2001.5-1999","只",10,"720分厂"]
["5000012030808","铜垫圈;直径18*直径12*2mm;JBT2001.5-1999","只",28,"720分厂"]
["5000012030807","铜垫圈;直径172*直径160*4mm;JBT2001.5-1999","只",10,"720分厂"]
["5000012030806","铜垫圈;直径150*直径138*4mm;JBT2001.5-1999","只",10,"720分厂"]
["5000012030805","铜垫圈;直径132*直径120*4mm;JBT2001.5-1999","只",10,"720分厂"]
["5000012030804","铜垫圈;直径13.5*直径9.5*2mm;JBT2001.5-1999","只",28,"720分厂"]
["5000012030525","Yx密封圈;160*144*19;A105","只",10,"50机组"]
["5000012030348","大间隙密封圈;TBC-F262","套",10,"管加工分厂"]
["5000012030193","脚型环式组合密封;TB2-Ⅱ177*7;PTFE","只",11,"89分厂"]
["5000012030192","脚型环式组合密封;TB2-Ⅱ247*7;PTFE","只",2,"89分厂"]
["5000012030191","脚型环式组合密封;TB2-Ⅱ232*7;PTFE","只",19,"89分厂"]
["5000012030190","脚型环式组合密封;TB2-Ⅱ224*7;PTFE","只",1,"89分厂"]
["5000012030189","脚型环式组合密封;TB2-Ⅱ207*7;PTFE","只",11,"89分厂"]
["5000012030172","高压泵;导向环;DXH;D305*D300*20","只",9,"89分厂"]
["5000012030082","U型超高压密封圈;直径151.6*119;带支撑环;NBR","只",5,"89分厂"]
["5000012020186","Yx密封圈;100*88*8*7;FKM","只",10,"50机组"]
["5000012020126","Yx密封圈;D80;JB/ZQ4264-86","只",68,"50机组"]
["5000012020122","Yx密封圈;D63;Q/ZB248-77","只",6,"50机组"]
["5000012020121","Yx密封圈;d60;橡塑;JB/ZQ4264-86","只",50,"50机组"]
["5000012020120","Yx密封圈;d60;JB/ZQ4264-86","只",66,"219分厂"]
["5000012020120","Yx密封圈;d60;JB/ZQ4264-86","只",50,"219分厂"]
["5000012020106","Yx密封圈;D50;JB/ZQ4264-86","只",3,"50机组"]
["5000012020095","Yx密封圈;d45;JB/ZQ4264-86","只",80,"219分厂"]
["5000012020092","Yx密封圈;D40;JB/ZQ4264-86","只",117,"219分厂"]
["5000012020090","Yx密封圈;D360;JB/ZQ4264-86","只",18,"219分厂"]
["5000012020075","Yx密封圈;d32;JB/ZQ4264-86","只",80,"219分厂"]
["5000012020072","Yx密封圈;D30;橡塑;XHL-01-30","只",78,"219分厂"]
["5000012020071","Yx密封圈;d30;JB/ZQ4264-86","只",80,"219分厂"]
["5000012020058","Yx密封圈;D250;橡塑;XHL-01-250","只",22,"219分厂"]
["5000012020056","Yx密封圈;d25;JB/ZQ4264-86","只",94,"219分厂"]
["5000012020056","Yx密封圈;d25;JB/ZQ4264-86","只",30,"219分厂"]
["5000012020034","Yx密封圈;D180;橡塑;XHL-01-180","只",1,"219分厂"]
["5000012020034","Yx密封圈;D180;橡塑;XHL-01-180","只",10,"219分厂"]
["5000012020034","Yx密封圈;D180;橡塑;XHL-01-180","只",8,"219分厂"]
["5000012020032","Yx密封圈;D180;JB/ZQ4264-86","只",20,"219分厂"]
["5000012020016","Yx密封圈;D130*8;JB/ZQ4264-86","只",5,"219分厂"]
["5000012020001","Yx密封圈;D100;JB/ZQ4264-86","只",96,"219分厂"]
["5000012011110","O型密封圈;直径315*2.5;NBR;GB/T3452.1-1992","只",5,"340分厂"]
["5000012010912","O圈带;直径8.5mm;GB/T3452.1-1992","米",28,"340分厂"]
["5000012010868","O型密封圈;CPS511;直径76*3","只",10,"340分厂"]
["5000012010867","O型密封圈;CPS511;直径290*3","只",7,"340分厂"]
["5000012010866","O型密封圈;CPS511;直径220*3","只",6,"340分厂"]
["5000012010048","O型密封圈;直径119.6*5.3;NBR;GB/T3452.1-1992","只",40,"340分厂"]
["507160350C029","螺杆;268备83-29;45","件",4,"89分厂"]
["5266801084002","30t冷拔机;轴套;L2112.17.02;A3","件",2,"50机组"]
["5000011100027","蜗轮流量传感器;LWGY;输入:0.04-0.25m3/h;输出:4-20mA","只",2,"炼钢分厂"]
["5000011090819","旋转接头;HS-XS;40-20L;左旋","只",10,"89分厂油管"]
["5000011090817","旋转接头;HS-G;40-20R;右旋","只",5,"89分厂油管"]
["5000011090817","旋转接头;HS-G;40-20R;右旋","只",3,"89分厂油管"]
["5000011090817","旋转接头;HS-G;40-20R;右旋","只",2,"89分厂油管"]
["5000011081692","肘节接头;KQGL06-01S","只",5,"340分厂"]
["5000011081691","阳连接头;KQGH06-01S","只",5,"340分厂"]
["5000011081690","直接头;KQGH08-00","只",5,"340分厂"]
["5000011081295","快速接头Adapter Nipple;LP-032-1-WR-548-22;G1/2\";WALTHER","只",5,"340分厂"]
["5000011081294","快速接头Adapter Nipple;LP-032-1-WR-548-11;G1-1/2\";WALTHER","只",5,"340分厂"]
["5000011081292","快速接头Adapter Clutch;LP-032-0-WR-548-22-1;G1/2\";WALTHER","只",5,"340分厂"]
["5000011081291","快速接头Adapter Clutch;LP-032-0-WR-548-11-1;G1-1/2\";WALTHER","只",5,"340分厂"]
["5000011081273","快速接头;LP-032-2-WR548-..-2;不锈钢","只",2,"340分厂"]
["5000011081272","快速接头;LP-032-0-WR548-..-2;不锈钢","只",2,"340分厂"]
["5000011081270","快速接头;HP-032-2-WB048-..-2;不锈钢","只",2,"340分厂"]
["5000011081268","快速接头;HP-032-2-S3042-..-2;不锈钢","只",2,"340分厂"]
["5000011081266","快速接头;HP-032-0-S3042-..-2;不锈钢","只",2,"340分厂"]
["5000011081264","快速接头;HP-020-0-S2536-..-2;不锈钢","只",3,"340分厂"]
["5000011080315","管接头;DKL20R","只",10,"89分厂"]
["5000011060282","陶瓷砂轮;250*6*32;009A060;L07Y86;35711/S;FSMR10M","只",20,"89分厂"]
["5000011060281","抛光轮;Dia250*25*20; 10A60 4024W KB;PL1250","只",80,"89分厂"]
["5000011060269","金刚石砂轮;CHD250;95-1/77;200*4*2*32;VOLLMER","件",19,"89分厂"]
["5000011040520","过滤器滤芯;JXZ-GY-05V","只",4,"管加工分厂"]
["5000011040519","过滤器滤芯;JXZ-XY-60W","只",4,"管加工分厂"]
["5000011040512","过滤器滤芯;JXZ-YLX25","只",5,"管加工分厂"]
["5000011040510","过滤器滤芯;JXZ-43/16-12","只",5,"720分厂"]
["5000011040496","油流信号器;YXQ-25Ⅱ;0.4MPa;DN25;DC24V","只",8,"管加工分厂"]
["5000011040297","过滤器滤芯;JXZ-L.R.5211","只",6,"89分厂"]
["5000011040285","过滤器滤芯;SFAX-800*5","只",6,"720分厂"]
["5000011040244","过滤器滤芯;J0801","只",2,"89分厂"]
["5000011040243","过滤器滤芯;JXZ-KY-37FT30(30um)","只",3,"管加工分厂"]
["5000011040242","过滤器滤芯;JXZ-KY-38F30(30um)","只",3,"管加工分厂"]
["5000011040228","过滤器滤芯;YCX-100/FV.BB","只",5,"管加工分厂"]
["5000011040227","过滤器滤芯;LYC-100/FT.AB","只",5,"管加工分厂"]
["5000011040187","油水分离器滤芯;JXZ-YQL/1400.10FT","只",3,"管加工分厂"]
["5000011030035","过滤器滤芯片;SJPL-6500X30Q","只",1,"管加工分厂"]
["5000011030028","过滤器;Y型;SY4P-16;150uM;DN200","件",2,"炼钢分厂"]
["5000011020006","温度传感器保护套;TFP-100","件",4,"720分厂"]
["5000010030239","金属软管;JRD20E-300","根",11,"管加工分厂"]
["5000010030238","金属软管;JRD15SL1-800;管螺纹","根",12,"219分厂"]
["5000010030224","金属软管;JRD10SL1-1200;M20*15","根",10,"219分厂"]
["5000009022086","高压空气软管;DN10接口螺纹;两端直通:5/16\"-24;74°扩口;另一端1/4;","根",5,"720分厂"]
["5000009022085","高压空气软管;DN25接口螺纹;74°扩口软管 3/4\" 两端;SAE1 1/16-12;L=3000","根",2,"720分厂"]
["5000009020513","高压胶管;直径48*10000","根",1,"50机组"]
["5000009020327","高压胶管;HM4S22-1200AA2","根",5,"管加工分厂"]
["5000009020299","高压胶管;HM4S22-1500AA2","根",6,"管加工分厂"]
["5000009020141","高压胶管;19Ⅱ-1300C90度;G3/4\"","根",4,"管加工分厂"]
["5000009020004","高压胶管;10Ⅱ-1000A;JB/ZQ4427-86","根",19,"219分厂"]
["5000009010677","高压胶管;AGT6M2000JBF06JBF06","根",6,"管加工分厂"]
["5000008080032","螺杆泵机械密封;SNH280R43U12.1W21","套",3,"50机组"]
["5000008080013","螺杆泵衬套;2G62-104W1;2G62-105;0426233","件",1,"50机组"]
["5000008080005","螺杆泵滑动轴承1;2G62-104W1;2G62-106.01;0426233","件",2,"50机组"]
["5000008050128","液压马达;MD025","台",2,"管加工分厂"]
["5000008050123","液压马达;ZBM4-200-F-H-K3Y","台",1,"管加工分厂"]
["5000008050100","同步马达;FDRC3080;21MPa;80l/min;1000转","台",1,"89分厂"]
["5000008050097","液压马达;ZJM-25-0-P-TANZ排量:2498ml/r","台",1,"219分厂"]
["5000008050066","液压马达;1QJM42-2;20L/r;1250r/min","台",3,"管加工分厂"]
["5000008040011","叶片泵;YB-E40","台",1,"219分厂"]
["5000008040008","叶片泵;IPV2V4-17/20RA01MC160A1","台",1,"219分厂"]
["5000008040003","叶片泵;YB-E125","台",2,"219分厂"]
["5000008030008","齿轮油泵;CB-B160","台",1,"89分厂"]
["5000008020033","双螺杆泵;2GH70-118W1;70-150℃;15MPa;22Kw","台",1,"89分厂"]
["5000008010012","柱塞泵;10PCY14-1B;31.5MPa","台",1,"管加工分厂"]
["5000007090220","试验台;FTE8-235/68-60/350","台",1,"720分厂"]
["5000007090139","双叠加液控单向阀;DGMC2-5-AB-FW-BA-FW-30","只",5,"管加工分厂"]
["5000007090101","减压溢流阀;DGMX2-5-PP-F-W-B-30","只",2,"管加工分厂"]
["5000007090100","减压溢流阀;DGMX2-5-PA-F-W-B-30","只",5,"管加工分厂"]
["5000007090020","比例阀;GIK25R02-5;03155134;CE-C87AS25","只",3,"管加工分厂"]
["5000007090019","比例阀;GIK40R02-5;03155146;CE-C87AS25","只",3,"管加工分厂"]
["5000007090013","减压阀;DGMX2-3-PA-C-W-B-40","只",1,"管加工分厂"]
["5000007090012","比例减压阀先导阀;KCG-3-L160D-Z-M-U-H1-10-P15-T14","只",1,"管加工分厂"]
["5000007080126","比例减压阀;AGRCZ0-TERS-PS-10/210","只",1,"89分厂"]
["5000007080072","保压电磁阀;M3-SEW6C36/420MG24N9K4","只",5,"管加工分厂"]
["5000007080071","电液比例换向阀;KBDG5V-8-2C280-N-X-M-U-H1-10","只",1,"管加工分厂"]
["5000007070608","比例换向阀;DZ0-AE-271-35/E31;带插头;ATOS","只",2,"720分厂"]
["5000007070586","比例阀先导阀;DHRZ0-P5E-012/25;带放大板;ATOS","只",1,"720分厂"]
["5000007070585","比例阀先导阀;DHRZ0-ATE-073-P3/B1/DP27SC20;带放大板;ATOS","只",1,"720分厂"]
["5000007070584","比例阀先导阀;DHRZ0-P5E-012/25/B1;带放大板;ATOS","只",2,"720分厂"]
["5000007070432","压力补偿器;KDGMH-7-PAB-11-10","只",1,"720分厂"]
["5000007070431","压力补偿器;KDGMH-5-PAB-11-10","只",1,"720分厂"]
["5000007070172","电液比例换向阀;4WRZ32W8 360-7X/6EG24N9ETK4D3M;REXROTH","只",1,"89分厂"]
["5000007050172","气动球阀;Q641PPL-16C;DN100;带电磁阀及回迅器","只",1,"89分厂"]
["5000007040493","电磁换向阀;Q250C-L25;AC220V","只",4,"管加工分厂"]
["5000007040179","溢流阀;JXT-023M-VR-MRED;VALVE-V-N","只",3,"89分厂"]
["5000007030562","最低液面阀密封;DN65;TBF-N90*1a","只",2,"720分厂"]
["5000007030561","最低液面阀密封;DN125;TBF-N160*1a","只",2,"720分厂"]
["5000007030560","液压闸阀密封;DN80;TBF-N120*1a","只",2,"720分厂"]
["5000007030559","液压闸阀密封;DN125;TBF-N180*1a","只",2,"720分厂"]
["5000007030558","三通气闸阀密封;DN65;TBF-N20*2a","只",8,"720分厂"]
["5000007030557","三通气闸阀密封;DN40;TBF-N16*2","只",1,"720分厂"]
["5000007030556","三通气闸阀密封;D=36;d=20;H=41","只",5,"720分厂"]
["5000007030555","三通气闸阀密封;D=32;d=16;H=39","只",5,"720分厂"]
["5000007030528","三通气闸阀芯;DN65;JB/T2001.47-1999;31.5MPa","只",2,"720分厂"]
["5000007030525","手动闸阀;DN10;JB/T2001.27-1999;31.5MPa","只",2,"720分厂"]
["5000007030015","减压阀;DR20-5-5X/200YM","只",2,"89分厂"]
["5000007010035","单向阀;H12W-16T;DN25","只",2,"炼钢分厂"]
["5000006060168","液压缸小抱活塞杆;D2007.04.03;45","件",4,"219分厂"]
["5000006060151","液压缸活塞杆Z0213.08.02.01.00","件",4,"219分厂"]
["5000006060145","液压缸活塞杆;Z0213.08.05.10.00","件",5,"219分厂"]
["5000006060142","液压缸活塞杆;Z0213.05.09.05","件",4,"219分厂"]
["5000006060140","液压缸活塞杆;Z0213.03.02.04.00","件",15,"219分厂"]
["5000006060098","液压缸活塞杆;D2007.04.01.05;45","件",3,"219分厂"]
["5000006060034","液压缸缸体;4303011.60.550;45","件",7,"219分厂"]
["5000006060013","液压缸导向套;04-306冶12-121改2;QT40-17;10.2Kg","件",6,"219分厂"]
["5000006040182","液压缸;Z0224.04.04.01;100/70-135","台",2,"219分厂"]
["5000006040102","电液推杆;XDGP1000-600/50","台",3,"炼钢分厂"]
["5000006040018","液压缸;Z0213.08.02.01.00","台",1,"219分厂"]
["5000006040017","液压缸;Z0213.08.05.10.00","台",2,"219分厂"]
["5000006040015","液压缸;Z0202.05.10.06.23","台",1,"219分厂"]
["5000006040012","液压缸;Z0213.05.09.05","台",1,"219分厂"]
["5000006040011","液压缸;Z0213.05.11.11","台",1,"219分厂"]
["5000006040007","液压缸;Z0213.03.01.03","台",1,"219分厂"]
["5000006040005","液压缸;Z0213.03.02.06.00","台",2,"219分厂"]
["5000006040004","液压缸;Z0213.03.02.04.00","台",1,"219分厂"]
["5000006030031","液压缸;G63/45-470-00","台",2,"89分厂油管"]
["5000006010249","液压缸;CDL1MP5/160/90/190D1X/B1CFUMWW","台",1,"89分厂"]
["5000006010247","液压缸;CDL1MF4/63/36/50D1X/B1CHDMWW","台",4,"89分厂油管"]
["5000006010191","液压缸;CD250F160/110-480B10/02CGDMA","台",1,"219分厂"]
["5000006010068","液压缸;CD250B160/100-270A10/02CGDMA","台",1,"89分厂"]
["5000005020167","换向阀;D5-02-2B2-D2","只",2,"50机组"]
["5000005020138","延时阀组;K23Y-L8-J-G1/4","只",5,"50机组"]
["5000005020101","油雾器;QYW-L20","只",2,"50机组"]
["5000005010019","电磁气阀;FOF-13","只",2,"50机组"]
["5000005010016","气阀DF3-20W;220V","只",6,"50机组"]
["5000005010008","气阀;K25D2-6","只",8,"89分厂"]
["5000005010007","气阀;K25D-8","只",2,"89分厂"]
["5266424015036","配重臂;04-322冶4-24;Q235;2.9Kg","件",2,"50机组"]
["526642401C022","20t冷拔机;调节螺母(一);H2037.02.02;A3;1.53Kg","件",2,"50机组"]
["5000004060067","气缸密封;ZHM-45*57","套",20,"50机组"]
["5000004060037","气缸轴套;D2051.03;D=70/D2=104;L=95;ZQSn6-6-3;1.4Kg","件",2,"219分厂"]
["5000004060036","气缸轴套;D2051.03;D=50/D2=77;L=65;ZQSn6-6-3;1.1Kg","件",13,"219分厂"]
["5000004060035","气缸轴套;D2051.03;D=40/D2=67;L=52;ZQSn6-6-3;0.6Kg","件",5,"219分厂"]
["5000004060034","气缸轴套;D2051.03;D=30/D2=28;L=38;ZQSn6-6-3;0.2Kg","件",29,"219分厂"]
["5000004060034","气缸轴套;D2051.03;D=30/D2=28;L=38;ZQSn6-6-3;0.2Kg","件",5,"219分厂"]
["5000004060030","气缸端盖;QGBⅡ-R160","件",1,"89分厂"]
["5072705032043","轴承座压盖;7189-3-43;A3;3.7Kg","件",2,"50机组"]
["5000004060024","气缸活塞杆;D2051.07;直径40*640;5.3Kg","件",5,"219分厂"]
["5000004060023","气缸活塞杆;D2051.07;直径40*650;5.4Kg","件",5,"219分厂"]
["5000004060022","气缸活塞杆;D2051.07;直径40*740;6.4Kg","件",5,"219分厂"]
["5000004060021","气缸活塞杆;D2051.07;直径50*455;3.8Kg","件",5,"219分厂"]
["5000004060020","气缸活塞杆;D2051.07;直径50*490;3.9Kg","件",5,"219分厂"]
["5000004060019","气缸活塞杆;D2051.07;直径50*580;9.2Kg","件",5,"219分厂"]
["5000004060018","气缸活塞杆;D2051.07;直径50*630;10.2Kg","件",5,"219分厂"]
["5000004060016","气缸活塞杆;D2051.07;直径70*580;13.3Kg","件",4,"219分厂"]
["5000004060015","气缸活塞杆;D2051.07;直径70*720;17.9Kg","件",3,"219分厂"]
["5000004060010","气缸丝套;D2004.03;M115*2;35","件",5,"219分厂"]
["5000004060009","气缸活塞杆;4303011.60.038;45","件",10,"219分厂"]
["5000004060007","气缸活塞杆;D2004.01.00改;组件","件",1,"219分厂"]
["5000004060002","气缸缸体;D2007.01.02.04;45","件",19,"219分厂"]
["5000004020030","气缸;04-306冶11-64;S300*81","台",1,"219分厂"]
["5072203031047","前护板Y81-250AO1-46;","件",2,"炼钢分厂"]
["5266801142014","20t冷拔机;被动轮;L2112.18.04;ZG35;5.5Kg","件",1,"50机组"]
["5000004020028","气缸;JB160*420B","台",1,"50机组"]
["5000004020008","气缸;F125*250;JB1446-74","台",2,"50机组"]
["5000004010126","芯杆上下调整气缸;SIJ-100*75-75-TC-M","台",4,"50机组"]
["5000004010117","直气缸;SD40*20-B","台",1,"炼钢分厂"]
["5000004010070","气缸;QGB-J80*600","台",1,"50机组"]
["5000004010063","气缸;QGBⅡ直径320*350-MF1","台",1,"89分厂"]
["5000004010056","气缸;QGBⅡ-R100*70MP4","台",2,"89分厂"]
["5000002080143","辊道减速机;内-齿轮轴;YZL132M217;268备95-6","件",4,"89分厂"]
["5000002080142","辊道减速机;内-输出齿轮;YZL132M217;268备95-6","件",4,"89分厂"]
["5000002080141","辊道减速机;内-电机过渡齿轮;YZL132M217;268备95-6","件",9,"89分厂"]
["5000002080140","辊道减速机;内-电机小齿轮;YZL132M217;268备95-6","件",9,"89分厂"]
["5000002080106","减速机齿轮;ZQ40.1-6-2;Mn=5, Z=83","件",2,"50机组"]
["5000002080105","减速机低速轴;ZQ40.1-1","件",4,"50机组"]
["5000002080097","减速机中速齿轮;ZQ400;I=20.9;Z=81","件",4,"50机组"]
["5000002080096","减速机中速齿轮;ZQ400;I=20.9;Z=16","件",2,"50机组"]
["5000002080070","减速机齿轮轴;ZQ35.5-5-3","件",3,"50机组"]
["5000002080064","升降机蜗轮;QWL10A-I-155","件",4,"219分厂"]
["5000002080052","减速机中间齿轮;ZQ350-Ⅸ-2;I=8.23;Z=64","件",1,"50机组"]
["5000002080044","减速机中间齿轮轴;ZL2115-4-12;Z=19;I=45","件",1,"50机组"]
["5000002080043","减速机中间齿轮轴;ZL2115-6-6;Z=19;I=45","件",1,"50机组"]
["5000002080033","减速机高速齿轮轴;ZQ35-8-ⅡZ;Z=35;M=3","件",2,"50机组"]
["5000002080020","减速机齿轮轴;ZQ350;Mn=3;Z=26;I=12.64","件",1,"50机组"]
["5000002080019","减速机大齿轮;ZQ500;Mn=6;Z=81","件",1,"50机组"]
["5000002080018","减速机中间齿轮;ZQ500;Mn=4;Z=77","件",1,"50机组"]
["5000002080017","减速机中间齿轮轴;ZQ500;Mn=6;Z=18","件",1,"50机组"]
["5000002070024","进口管坯锯主减速机;HK400-HE-30;MFL","台",1,"89分厂"]
["5000002070017","锯机减速机Sawing Gear;1800 COMPLETE;SG001045;A200658-01-EZ;TYPE:KKS180","台",1,"340分厂"]
["5000002070016","锯机减速机Sawing Gear;1220*910*660SG001745;A200658-02-MZ;TYPE:KKS1000-","台",1,"340分厂"]
["5000002060017","轧钢辊道减速机;YZX160M1-14-5","台",6,"89分厂"]
["5000002050047","非标减速机;Z8031.04.04.00","台",1,"219分厂"]
["5000002050032","非标减速机;Z0213.06.02.03","台",1,"219分厂"]
["5000002050031","非标减速机;Z0213.05.07.21","台",1,"219分厂"]
["5000002050030","非标减速机;Z0213.03.10.07","台",1,"219分厂"]
["5000002050029","非标减速机;Z0213.03.10.03","台",1,"219分厂"]
["5000002050028","非标减速机;Z0213.03.06.03.00","台",1,"219分厂"]
["5000002050027","非标减速机;Z0213.03.06.01.00","台",1,"219分厂"]
["5000002050026","非标减速机;Z0213.03.05.06.00;铸钢壳体;246.6Kg;","台",1,"50机组"]
["5000002050024","非标减速机;Z0213.03.05.04.00","台",1,"219分厂"]
["5000002050023","非标减速机;Z0213.03.05.01.00","台",1,"219分厂"]
["5000002050020","非标减速机;Z0213.03.02.08.00","台",2,"219分厂"]
["5000002050005","非标减速机;268备33-40A;SCH350-63-110a;15Kw;600Kg","台",1,"89分厂"]
["5000002040094","升降机;SGT30L0-0-24-0-Ⅰ-S;E9608222;国产化","台",2,"89分厂"]
["5000002040069","螺旋伞齿轮传动箱;T25-1:1-1-D-0-B3","台",1,"50机组"]
["5000002040025","三环减速机;SHL-415-303","台",1,"89分厂"]
["5000002030069","圆柱齿轮减速机;ZQ500-9-6;I=8.23","台",1,"50机组"]
["5000002030069","圆柱齿轮减速机;ZQ500-9-6;I=8.23","台",1,"50机组"]
["5000002030043","圆柱齿轮减速机;ZQ400-25-ⅢCA;i=23.34","台",1,"50机组"]
["5000002030001","园柱齿轮减速机;ZQ350-Ⅸ-2;I=8.23","台",2,"50机组"]
["5000002010094","摆线针轮减速机;XWD1.1-3-23","台",1,"89分厂油管"]
["5000001100090","碳刷;SM3;2.2*7.6*10","件",45,"89分厂"]
["5000001100061","电动机风叶;YZR160M1-6;5.5Kw","件",3,"50机组"]
["5000001100061","电动机风叶;YZR160M1-6;5.5Kw","件",1,"50机组"]
["5000001100047","电动机风叶;Y180L-6","件",7,"50机组"]
["5000001070079","电动机;1LA7096-4AA16/B35;1.5Kw","台",1,"219分厂"]
["5000001070049","进口异步交流电动机;1FT6084-1AF71-1EG1;No.YF P720828302.001.EN60034","台",1,"89分厂"]
["5000001070010","进口测速发电机TDP0.2T-4+FS;60V;1760rpm","台",1,"219分厂"]
["5000001070009","进口测速发电机;TDP0.2T-4+FSL;60V;序号:590547;2880rpm","台",1,"219分厂"]
["5000001070003","进口测速电动机;POG9D+FSL;1024P/R;9-30V","台",1,"219分厂"]
["5000001060002","电磁调速电动机;YCT200-4A;5.5Kw","台",1,"89分厂"]
["5000001050079","冶金起重电动机;YZR280S-8;45Kw","台",1,"89分厂"]
["5000001050013","冶金起重电动机;YZR112M-6;1.5Kw","台",1,"50机组"]
["5000001040614","齿轮减速电动机;DXCW270-28.5-Ⅱ","台",1,"720分厂"]
["5000001040585","轧钢辊道减速机;DSZR97-40YTSZ112M-4-I-M1;IC416;带电机","台",1,"720分厂"]
["5000001040270","轧钢辊道电动机;YJTG280S-6A;45Kw","台",1,"管加工分厂"]
["5000001040253","轧钢辊道电动机;YGB132M2-6B5;2.4Kw","台",2,"89分厂"]
["5000001040246","轧钢辊道电动机;YGa160S2-8;3Kw","台",1,"89分厂"]
["5000001040242","轧钢辊道电动机;YGa112L2-6B5;1.2Kw;H级","台",5,"89分厂"]
["5000001040231","轧钢辊道电动机;YG112L1-6;0.85Kw","台",4,"89分厂"]
["5000001040227","轧钢辊道电动机;YBCJ132;23转;0.75Kw","台",1,"89分厂"]
["5000001040086","轧钢辊道减速机;DSZYGCJa225-3-204-B3;带电机","台",2,"89分厂"]
["5000001040006","电动机;DM112M4/SRD;3Kw","台",1,"89分厂"]
["5000001030540","异步交流电动机;Y315M-2;132Kw;IP55;F","台",1,"89分厂"]
["5000001030305","异步交流电动机;YS-7124;0.37Kw;立式","台",2,"管加工分厂"]
["5000001030293","电动机;YDFW500-4;500W;1250rpm;B编号:CH0006419-24","台",1,"340分厂"]
["5000001030260","异步交流电动机;YYB180L-4;22Kw","台",1,"89分厂"]
["5000001030257","异步交流电动机;YYB160L-4;15Kw","台",1,"50机组"]
["5000001030135","异步交流电动机;YVP225M-8;22Kw","台",1,"50机组"]
["5000001030007","异步交流电动机;ASF102A;380V;0.25Kw","台",5,"50机组"]
["5000001010025","测速发电机;ZCFY12TH;55V;4.4w;1900r/min","台",4,"219分厂"]
["5000001010022","直流电动机;ZY3-3A;22Kw;110V;2000r/min;永磁","台",2,"219分厂"]
["5000001010016","锥型转子电动机;ZDY1-21-4;0.8Kw","台",2,"219分厂"]
["5000000230047","控制板;6FX1121-4BA02;Siemens","块",1,"89分厂"]
["5000000230037","模块;6ES5491-OLB11;;Siemens","个",3,"219分厂"]
["5000000230036","连接端子;6ES5490-8mA11;;Siemens","个",3,"219分厂"]
["5000000230032","模块;6ES5318-8mA12;;Siemens","个",5,"219分厂"]
["5000000230030","模块;6ES5103-8mA02;Siemens","个",1,"219分厂"]
["50000002100G1","光钎式对射式光电开关配套光钎;LL3-TB02;5.308.04;SICK","套",4,"340分厂"]
["5000000170104","制动器TJ2-100;500","台",4,"219分厂"]
["5072705032042","轴承座压盖;7189-3-42;A3;2.8Kg","件",2,"50机组"]
["5000000150644","压盖;CL665.1-2;直径152/直径90","件",19,"219分厂"]
["5000000150602","半联轴器D2008.03.01.01;ZG35II;","件",2,"219分厂"]
["5000000150415","联轴器;300S-58","件",2,"炼钢分厂"]
["5266801088001","20t冷拔机;杠杆弹簧;L2112.13.08;65Mn","件",5,"50机组"]
["5072705111018","辊子轴(三;)D2022.04.18;45;15.02Kg","件",1,"219分厂"]
["5000000150172","轴接手;CZ245.3-8Y1","件",6,"219分厂"]
["5000000150165","轴接手;CZ140.3-8","件",3,"219分厂"]
["5000000140304","弹簧D2006.01.11;60Si2Mn;","件",5,"219分厂"]
["5000000140303","弹簧04 - 306冶12 - 103;65Mn;","件",15,"219分厂"]
["5000000121935","进口密封川;V220A;;","只",5,"89分厂"]
["5000000121934","进口密封川;V150A;;","只",4,"89分厂"]
["5000000121933","进口密封川;V120A;;","只",4,"89分厂"]
["5071603503038","销轴;268备71-38","件",1,"89分厂"]
["5000000121280","骨架油封;200*250*18;JB2600-80","只",8,"219分厂"]
["5000000121069","斯特圈;KDJd35","只",38,"89分厂"]
["5000000120942","防尘圈;DKI45*57*7*10","件",237,"219分厂"]
["5000000120902","J形防尘圈d25;;","只",5,"219分厂"]
["5000000120621","皮碗;150*125*12;;","只",13,"219分厂"]
["5000000120616","v型密封圈;50*70*12;橡胶;","只",15,"219分厂"]
["5000000120615","v型密封圈;200*255*20;橡胶;","只",58,"219分厂"]
["5000000120603","V型组合圈04-306冶17-22;350*312;","只",7,"219分厂"]
["5000000120602","V型组合圈04-306冶17-14;320*280;","只",1,"219分厂"]
["5000000120507","U型密封圈80*100*12;;","只",129,"219分厂"]
["5000000120507","U型密封圈80*100*12;;","只",70,"219分厂"]
["5000000120506","U型密封圈;71*91*12","只",107,"219分厂"]
["5000000120504","U型密封圈;56*76*12","只",65,"219分厂"]
["5000000120503","U型密封圈45*60*10;;","只",39,"219分厂"]
["5000000111104","压力开关;SA-BAL;5-11.5MPa;","台",38,"89分厂"]
["50000001107N4","进口管接头;MMN386.02-SB14-RS;;MANNISMANN  DEMAG  MEEK","件",20,"89分厂"]
["50000001107L1","比例放大器;VT2010S-4X/2;Roxroth","台",1,"89分厂"]
["50000001107K8","驱动盘;GDX237;进口件","件",1,"89分厂"]
["5000000110648","电磁铁MFJ1-4.5;AC200;","件",26,"219分厂"]
["5000000100307","金属软管;JRD18-500","根",10,"219分厂"]
["5000000070572","电磁换向阀;34D2-10B;;","只",4,"219分厂"]
["5000000070570","电磁换向阀;24D2-10B;;","只",5,"219分厂"]
["5000000070543","先导电磁阀Q24D2H-15;;","个",6,"219分厂"]
["5000000070527","电磁换向阀K25JD-15W AC36V;;","个",1,"219分厂"]
["5000000070149","单向节流阀LA-H20;;","个",7,"219分厂"]
["526642408F032","顶球;268.01SB0389-32A2;轴承钢;0.4Kg","件",6,"340分厂"]
["5000000060660","导向套DC1415-9改;QT20-40;","件",14,"219分厂"]
["5000000060656","液压缸活塞杆D2014.02.01.501改;45;","件",6,"219分厂"]
["5000000060649","液压缸缸头D2013.08.04;A3;","件",18,"219分厂"]
["5072705011059","套筒;H2004.15.03;A3;1.34Kg","件",2,"50机组"]
["5000000060625","液压缸端盖04-306冶17-32;45;","件",2,"219分厂"]
["5266801162034","20t冷拔机;套铜;H2004.15.03.A3;1.34Kg","件",2,"50机组"]
["5000000060590","液压缸;DC1415-2改;L=200","个",3,"219分厂"]
["5000000060589","液压缸;DC1415-2改;L=400","个",5,"219分厂"]
["5000000060587","液压缸D2013.08.00;;","个",6,"219分厂"]
["5000000060587","液压缸D2013.08.00;;","个",6,"219分厂"]
["5000000060586","液压缸;D2013.12.00","个",4,"219分厂"]
["5000000060586","液压缸;D2013.12.00","个",4,"219分厂"]
["5000000060585","液压缸;D2013.15.00;DG-TICOC-E11","个",1,"219分厂"]
["5000000060585","液压缸;D2013.15.00;DG-TICOC-E11","个",1,"219分厂"]
["5000000060424","液压缸Y-HG1-E140/80*500;FZ23-H10","个",6,"89分厂"]
["5000000050407","空气滤清器EF8-120;;","个",2,"炼钢分厂"]
["5000000050404","分水滤气器QSL-40;;","个",12,"219分厂"]
["5000000050113","气阀;K25D-6","台",10,"89分厂"]
["5000000040698","电控气阀;DQK1422","件",4,"炼钢分厂"]
["5266801162038","20t冷拔机;衬套;H2001.03.19;45;1.38Kg","件",2,"50机组"]
["507160350C035","减振垫;268备83-35;Q235-B","件",6,"89分厂"]
["5000000011066","过电压保护器;TBP-6.3","只",3,"219分厂"]
["5000000011060","电动机轴瓦;5E263.024","付",2,"219分厂"]
["42308012055","空调材料;干燥过滤器;DFS-306S-3/4;焊接Φ19mm","只",5,"能源分厂"]
["42308012054","空调材料;干燥过滤器;DFS-165S-5/8;焊接Φ16mm","只",10,"能源分厂"]
["42308012053","空调材料;干燥过滤器;DFS-164S-1/2;焊接Φ12mm","只",10,"能源分厂"]
["42308012052","空调材料;储液罐;3P;接口Φ19*2;罐体Φ128*300mm;挂式","只",8,"能源分厂"]
["42308012051","空调材料;储液罐;3P;接口Φ16*2;罐体Φ115*200mm;挂式","只",8,"能源分厂"]
["42308012050","空调材料;制冷球阀;鸿森GBC-18;Φ18;焊口","只",8,"能源分厂"]
["42308012049","空调材料;制冷球阀;鸿森GBC-16;Φ16;焊口","只",8,"能源分厂"]
["42308012048","空调材料;制冷球阀;鸿森GBC-12;Φ12;焊口","只",8,"能源分厂"]
["42308012047","空调材料;视液镜;鸿森SG型;焊口12mm","只",5,"能源分厂"]
["42308012046","空调材料;视液镜;鸿森SG型;焊口16mm","只",5,"能源分厂"]
["42308012044","空调材料;丹佛斯膨胀阀;外平衡10P;TGEX-7.5TR;制冷量27Kw;R22","只",10,"能源分厂"]
["42308012043","空调材料;丹佛斯膨胀阀;外平衡5P;TGEX4TR;制冷量14Kw;R22","只",10,"能源分厂"]
["42308012037","空调材料;90°紫铜管弯头;Φ22*1","只",10,"能源分厂"]
["42308012036","空调材料;90°紫铜管弯头;Φ19*1","只",10,"能源分厂"]
["42308012035","空调材料;90°紫铜管弯头;Φ16*1","只",10,"能源分厂"]
["42308012034","空调材料;90°紫铜管弯头;Φ12*0.8","只",10,"能源分厂"]
["42308011009","空调工具;卤素检漏仪;RX-1A","台",1,"能源分厂"]
["41302010195","交流接触器CJX8-105；140A；690V；线圈电压220V","个",34,"89分厂"]
["41301130279","接近开关：S1C1B3022N3A2","只",9,"89分厂"]
["40104045035","螺纹锁固密封胶；243；250ml/支","支",300,"89分厂"]
["40103093035","双金属合金带锯条G41*1.27  3/4 国标LENOX 4870","条",2,"89分厂"]
["5700200102","外边框","件",90,"89分厂"]
["5700200096","内边框","件",72,"89分厂"]
["5700200103","外水封刀","件",52,"89分厂"]
["5700200107","销点轮弧形段","件",36,"89分厂"]

{"sheet":"Sheet3","index":1,"n_rows":1087,"n_cols":14,"rows_kept":1087}
["编码","描述","子库存","货位","单位","成本价","入库时间","数量","金额","使用部门","闲置原因","处置方式","位置","处理情况"]
["5000012010048","O型密封圈;直径119.6*5.3;NBR;GB/T3452.1-1992","W209设备库","340#设备2","只",5.2562,"2007-11-09T08:29:25",40,210.248,"340分厂","有实物 超使用寿命无法使用","报废","2-Q8-3-3"]
["5000012010866","O型密封圈;CPS511;直径220*3","W209设备库","340#设备2","只",4.76502,"2007-09-14T08:35:43",6,28.59012,"340分厂","有实物 超使用寿命无法使用","报废","2-Q8-3-3"]
["5000012010867","O型密封圈;CPS511;直径290*3","W209设备库","340#设备2","只",6.307686,"2007-09-14T08:35:43",7,44.153802,"340分厂","有实物 超使用寿命无法使用","报废","2-Q8-3-3"]
["5000012010868","O型密封圈;CPS511;直径76*3","W209设备库","340#设备2","只",1.541846,"2007-09-14T08:35:43",10,15.41846,"340分厂","有实物 超使用寿命无法使用","报废","2-Q8-3-3"]
["5000012010912","O圈带;直径8.5mm;GB/T3452.1-1992","W209设备库","340#设备2","米",200.820488,"2007-03-25T23:31:00",28,5622.973664,"340分厂","有实物 超使用寿命无法使用","报废","2-Q8-3-3"]
["5000012011110","O型密封圈;直径315*2.5;NBR;GB/T3452.1-1992","W209设备库","340#设备2","只",7.3554,"2009-12-02T08:01:11",5,36.777,"340分厂","有实物 超使用寿命无法使用","报废","2-Q8-3-3"]
["5000012040081","骨架油封;25*45*10;NBR;GB13781-1992","W209设备库","340#设备2","只",2.1032,"2007-03-25T23:31:00",27,56.7864,"340分厂","有实物 超使用寿命无法使用","报废","2-Q8-3-1"]
["5000012040162","骨架油封;450*490*67.5;CARCO;TEX/UN;橡胶I-4","W209设备库","340#设备2","只",3067.196,"2007-03-25T23:31:00",5,15335.98,"340分厂","有实物 超使用寿命无法使用","报废","2-Q8-3-1"]
["5000012040165","骨架油封;35*60*10","W209设备库","340#设备2","只",4.55551,"2007-08-31T08:57:39",7,31.88857,"340分厂","有实物 超使用寿命无法使用","报废","2-Q8-3-1"]
["5000012040212","骨架油封;95*163*10/16;FKM","W209设备库","340#设备2","只",164.697,"2009-04-28T11:00:04",4,658.788,"340分厂","有实物 超使用寿命无法使用","报废","2-Q8-3-3"]
["5000012040344","骨架油封;FB12*150*10;NBR;GB13781-1992","W209设备库","340#设备2","只",20.458152,"2007-03-25T23:31:00",16,327.330432,"340分厂","有实物 超使用寿命无法使用","报废","2-Q8-3-3"]
["5000012040363","骨架油封;FB321*360*20;GB13871-1992","W209设备库","340#设备2","只",201.14518,"2009-10-27T10:21:14",20,4022.9036,"340分厂","有实物 超使用寿命无法使用","报废","2-Q8-3-3"]
["5000012040523","骨架油封;WAS320*360*20;NBR;GB13781-1992","W209设备库","340#设备2","只",92.592678,"2007-07-26T17:46:33",19,1759.260882,"340分厂","有实物 超使用寿命无法使用","报废","2-Q8-3-3"]
["5000012040531","油封;CPS511;380*440*25","W209设备库","340#设备2","只",508.67962,"2009-01-08T09:36:41",2,1017.35924,"340分厂","有实物 超使用寿命无法使用","报废","2-Q8-3-2"]
["5000012040567","J型油封;220","W209设备库","340#设备2","只",23.128182,"2007-12-13T09:20:26",2,46.256364,"340分厂","有实物 超使用寿命无法使用","报废","2-Q8-3-2"]
["5000012040607","油封;AE4451FO;130*160*14;NOK","W209设备库","340#设备2","只",154.18788,"2009-11-03T15:18:05",2,308.37576,"340分厂","有实物 超使用寿命无法使用","报废","2-Q8-3-2"]
["5000012040608","油封;BM1244AO;VR200A;NOK","W209设备库","340#设备2","只",266.324766,"2009-11-03T15:18:05",1,266.324766,"340分厂","有实物 超使用寿命无法使用","报废","2-Q8-3-2"]
["5000012040609","油封;BM1236AO;VR130A;NOK","W209设备库","340#设备2","只",112.136722,"2009-11-03T15:18:05",1,112.136722,"340分厂","有实物 超使用寿命无法使用","报废","2-Q8-3-2"]
["5000012080292","毡圈油封;280*250*14;JB/ZQ4606-1986","W209设备库","340#设备2","只",148.58072,"2008-12-23T09:14:40",10,1485.8072,"340分厂","有实物 超使用寿命无法使用","报废","2-Q8-3-2"]
["5000012080293","毡圈油封;152*128*12;JB/ZQ4606-1986","W209设备库","340#设备2","只",66.58072,"2008-12-23T16:23:22",10,665.8072,"340分厂","有实物 超使用寿命无法使用","报废","2-Q8-3-2"]
["5000012080300","真空密封缓冲垫;AK01248;285*455*80;H702","W209设备库","340#设备2","只",1692.3076896,"2007-03-25T23:31:00",4,6769.2307584,"340分厂","有实物 超使用寿命无法使用","报废","2-Q8-4-1/2-Q8-5-1"]
["5000012080301","真空密封缓冲垫;AK01249;218*388*80;H702","W209设备库","340#设备2","只",1241.0256408,"2007-03-25T23:31:00",4,4964.1025632,"340分厂","有实物 超使用寿命无法使用","报废","2-Q8-4-1/2-Q8-5-1"]
["5000012080302","真空密封缓冲垫;AK01250;125*295*80;H702","W209设备库","340#设备2","只",895.0427376,"2007-03-25T23:31:00",4,3580.1709504,"340分厂","有实物 超使用寿命无法使用","报废","2-Q8-4-1/2-Q8-5-1"]
["5000012080303","真空密封缓冲垫;AK01251;78*248*80;H702","W209设备库","340#设备2","只",767.1794856,"2007-03-25T23:31:00",4,3068.7179424,"340分厂","有实物 超使用寿命无法使用","报废","2-Q8-4-1/2-Q8-5-1"]
["5000012120052","孔用回转方型圈;GNS1900","W209设备库","340#设备2","只",170.44766,"2008-08-08T08:58:30",15,2556.7149,"340分厂","有实物 超使用寿命无法使用","报废","2-Q8-4-2"]
["5000012160001","油封;AIG5505H;153*190*16","W209设备库","340#设备2","只",586.666696,"2007-03-25T23:31:00",8,4693.333568,"340分厂","有实物 超使用寿命无法使用","报废","2-Q8-4-2"]
["5000012160064","方型密封圈;AIG529C;174.5*190*6.3","W209设备库","340#设备2","只",428.71796,"2007-03-25T23:31:00",30,12861.5388,"340分厂","有实物 超使用寿命无法使用","报废","2-Q8-4-2"]
["5000017010082","制动器;YWZ9-250/E30","W209设备库","340#设备2","台",2761.84614816,"2007-03-25T23:31:00",1,2761.84614816,"340分厂","有实物 下线台架上料装置技改后不可用","报废","2-Q8-7-2"]
["5000017020001","制动器;GH6-06QD","W209设备库","340#设备2","台",3549.78458208,"2007-03-25T23:31:00",1,3549.78458208,"340分厂","有实物 离线上料技改后不可用","报废","2-Q8-7-2"]
["507160421A371","导向块;GKT608-06371;ZHMn58-2-2;1.18Kg","W209设备库","340#设备2","件",131.760634,"2008-01-25T09:40:05",10,1317.60634,"340分厂","有实物 返反切锯技改后不可用","报废","16柜-1-6"]
["507160421A372","摩擦块;GKT608-06372;ZHMn58-2-2;0.2Kg","W209设备库","340#设备2","件",43.452948,"2008-01-25T09:39:49",10,434.52948,"340分厂","有实物 返反切锯技改后不可用","报废","16柜-1-6"]
["507160421A373","摩擦块;GKT608-06373;ZHMn58-2-2;0.2Kg","W209设备库","340#设备2","件",43.452948,"2008-01-25T09:39:25",10,434.52948,"340分厂","有实物 返反切锯技改后不可用","报废","16柜-1-6"]
["526642108Z026","VMIVME 7740-841;0109015-03.011;WMIVME7740-845;CPU Pentium Ⅲ@850MHz-64MB RAM 64MB FLASH","W209设备库","340#T设备2","套",42301.3566319444,"2015-10-24T08:33:33",8,338410.853055556,"340分厂","有实物 液压小仓升级改造后不能再用，国内目前无同类设备","报废","T货位","退库物资"]
["526642108Z027","VMIVME 7452-505;HARD DISK FLOPPY&HARD DISK 20 GB;0109015-03.011;FLOPPY&HARD DISK BOARD","W209设备库","340#T设备2","套",22808.7552,"2015-10-24T08:33:33",1,22808.7552,"340分厂","有实物 液压小仓升级改造后不能再用，国内目前无同类设备","报废","T货位","退库物资"]
["526642108Z028","VMIVME 7455-300;CD-ROM;0109015-03.011 CD-ROM BOARD","W209设备库","340#T设备2","套",19633.8736,"2015-10-24T08:33:33",1,19633.8736,"340分厂","有实物 液压小仓升级改造后不能再用，国内目前无同类设备","报废","T货位","退库物资"]
["526642108Z029","VME R64 MEMORY MODULE 64M BEMK 64MB BOARD 01090145-03.011","W209设备库","340#T设备2","套",27243.5152,"2015-10-24T08:33:33",1,27243.5152,"340分厂","有实物 液压小仓升级改造后不能再用，国内目前无同类设备","报废","T货位","退库物资"]
["526642108Z030","VMIVME 3125-000 SCANNER ISOLATED SCANNINGT 32CH ADC 12BIT0109015-03.011;ANALOG INPUT","W209设备库","340#T设备2","套",56351.6448,"2015-10-24T08:33:33",4,225406.5792,"340分厂","有实物 液压小仓升级改造后不能再用，国内目前无同类设备","报废","T货位","退库物资"]
["526642108Z031","VMIVME  4140-00 SCANNER ISOLATED  SCANNINGT 32CH ADC 12BIT 0109015-03,011;ANALOG INPUT","W209设备库","340#T设备2","套",92121.9904,"2015-10-24T08:33:33",2,184243.9808,"340分厂","有实物 液压小仓升级改造后不能再用，国内目前无同类设备","报废","T货位","退库物资"]
["526642108Z032","VMIVME  2540-300 P.CIRCUIT BOARD INTELLIGENT COUNTER BOARD-24 CH 0109015-03.011;QUADRATURE COUNTER","W209设备库","340#T设备2","套",104519.1488,"2015-10-24T08:33:33",3,313557.4464,"340分厂","有实物 液压小仓升级改造后不能再用，国内目前无同类设备","报废","T货位","退库物资"]
["526642108Z033","5136 PFB VMEP.CIRCUIT BOARD PROFIBUS BOARD UP TO 12 MBAUD 0109015-03.011;PROFIBUS CONTROLLER BOARD","W209设备库","340#T设备2","套",82960.1872,"2015-10-24T08:33:33",2,165920.3744,"340分厂","有实物 液压小仓升级改造后不能再用，国内目前无同类设备","报废","T货位","退库物资"]
["526642108Z034","EIAII4C001.3333 P.CIRCUIT BOARD INPUT+4 TO +20MA-OUTPUT-9 TO+9V 0109015-03.011;ECKELMANN ANALOG INPUT BOARD","W209设备库","340#T设备2","套",16338.0448,"2015-10-24T08:33:33",2,32676.0896,"340分厂","有实物 液压小仓升级改造后不能再用，国内目前无同类设备","报废","T货位","退库物资"]
["526642108Z036","EIAOI4C001.2222 P.CIRCUIT BOARD P.CIRCUIT BOARD INPUT-10 TO +10V-OUTPUT+10 TO -10MA 0109015-03.011;ECKELMANN ANALOG INPUT BOARD","W209设备库","340#T设备2","套",16338.0448,"2015-10-24T08:33:33",24,392113.0752,"340分厂","有实物 液压小仓升级改造后不能再用，国内目前无同类设备","报废","T货位","退库物资"]
["526642408S702","接头LW;0109015-24.702;45;0.03Kg","W209设备库","340#设备2","件",10.529904,"2007-03-25",172,1811.143488,"340分厂","有实物 空减机机架技改后不可用","报废","1-7-4-5"]
["5000012120291","增压器活塞密封圈;GD1000K;137742","W209设备库","720#设备2","只",6957.73444,"2010-08-26T09:40:59",2,13915.46888,"720分厂","有实物 水压机 时间长过期老化","报废","2-Q8-5-2"]
["5000009010677","高压胶管;AGT6M2000JBF06JBF06","W209设备库","030#套管加设备2","根",117.1821,"2008-07-16T08:17:32",6,703.0926,"管加工分厂","有实物 时间长老化不可用","报废","小房北"]
["5000009020141","高压胶管;19Ⅱ-1300C90度;G3/4\"","W209设备库","030#套管加设备2","根",93.2135,"2008-08-05T13:56:20",4,372.854,"管加工分厂","有实物 时间长老化不可用","报废","小房南"]
["5000009020299","高压胶管;HM4S22-1500AA2","W209设备库","030#套管加设备2","根",246,"2007-07-13T16:54:40",6,1476,"管加工分厂","有实物 时间长老化不可用","报废","小房北"]
["5000009020327","高压胶管;HM4S22-1200AA2","W209设备库","030#套管加设备2","根",215.162424,"2007-07-13T16:54:40",5,1075.81212,"管加工分厂","有实物 时间长老化不可用","报废","小房北"]
["5000010030239","金属软管;JRD20E-300","W209设备库","030#套管加设备2","根",46.1811,"2013-03-12T09:33:33",11,507.9921,"管加工分厂","有实物 时间长老化不可用","报废","小房北"]
["5000012120564","WD型密封圈;G1-1/4","W209设备库","030#套管加设备2","只",4.835868,"2011-06-08T08:30:45",30,145.07604,"管加工分厂","有实物 时间长老化不可用","报废","2-Q8-6-3"]
["5071199018012","车丝机;内支撑;11-3/4","W209设备库","030#套管加设备2","只",7569.230744,"2010-08-18T09:42:58",2,15138.461488,"管加工分厂","有实物 技改后不可用","报废","1-T4-1-13"]
["5123202112487","V型组合密封圈;S01-48*36*22.5","W209设备库","030#套管加设备2","只",38.54656,"2009-02-19T16:23:55",10,385.4656,"管加工分厂","有实物 技改后不可用","报废","2-Q8-6-3"]
["5123202122054","高压泵;水阀滤芯;LZ0.3mm","W209设备库","030#套管加设备2","只",1677.145262,"2010-06-02T10:01:00",4,6708.581048,"管加工分厂","有实物 技改后不可用","报废","2-Q8-6-3"]
["5211411092004","PY密封圈;162.8*7.2;增强PTFE","W209设备库","030#套管加设备2","只",270.769224,"2007-03-25T23:31:00",15,4061.53836,"管加工分厂","有实物 密封老化不可用","报废","2-Q8-6-3"]
["5211411092008","PY密封圈;252*6;增强PTFE","W209设备库","030#套管加设备2","只",459.555536,"2007-03-25T23:31:00",15,6893.33304,"管加工分厂","有实物 密封老化不可用","报废","2-Q8-6-3"]
["5211411092009","PY密封圈;285*6;增强PTFE","W209设备库","030#套管加设备2","只",671.658152,"2007-03-25T23:31:00",15,10074.87228,"管加工分厂","有实物 密封老化不可用","报废","2-Q8-6-3"]
["5000000040698","电控气阀;DQK1422","W209设备库","004#一炼钢设备2","件",135.388,"2007-03-25T11:31:00",4,541.552,"炼钢分厂","有实物 报废，原水平连铸备件","报废","小房南"]
["5000000050407","空气滤清器EF8-120;;","W209设备库","004#一炼钢设备2","个",163.0904,"2007-03-25T11:31:00",2,326.1808,"炼钢分厂","有实物 报废，原水平连铸备件","报废","2-墙8-3-2"]
["5000000150415","联轴器;300S-58","W209设备库","004#一炼钢设备2","件",909.7616,"2007-03-25T11:31:00",2,1819.5232,"炼钢分厂","有实物 报废，原水平连铸备件","报废","2-墙8-3-1"]
["5000004010117","直气缸;SD40*20-B","W209设备库","004#一炼钢设备2","台",98.119642,"2007-12-27T11:06:05",1,98.119642,"炼钢分厂","有实物 报废，原水平连铸备件","报废","1-15-2-1"]
["5000006040102","电液推杆;XDGP1000-600/50","W209设备库","004#一炼钢设备2","台",8933.76,"2007-03-25T11:31:00",3,26801.28,"炼钢分厂","有实物 报废，原水平连铸备件","报废","1-T1-1-10,2-T2-1-16,2-T2-1-18"]
["5000007010035","单向阀;H12W-16T;DN25","W209设备库","004#一炼钢设备2","只",310.15,"2007-03-25T11:31:00",2,620.3,"炼钢分厂","有实物 报废，原水平连铸备件","报废","小房南"]
["5000011030028","过滤器;Y型;SY4P-16;150uM;DN200","W209设备库","004#一炼钢设备2","件",1262.837576,"2007-03-25T11:31:00",2,2525.675152,"炼钢分厂","有实物 报废，原水平连铸备件","报废","100库10.5区-5平架上"]
["5000011100027","蜗轮流量传感器;LWGY;输入:0.04-0.25m3/h;输出:4-20mA","W209设备库","004#一炼钢设备2","只",3509.1672,"2007-03-25T11:31:00",2,7018.3344,"炼钢分厂","有实物 报废，原水平连铸备件","报废","2-墙8-3-1"]
["5071604122003","弓锯机;泵体总成;G72","W209设备库","004#一炼钢设备2","套",2068.3784,"2007-03-25T11:31:00",1,2068.3784,"炼钢分厂","有实物 报废，原机加房弓锯机","报废","2-T3-2-7"]
["5082201021004","吊钩螺母;DG10.6;M64","W209设备库","004#一炼钢设备2","件",128.1456,"2007-03-25T11:31:00",1,128.1456,"炼钢分厂","有实物 钩子已改大不可用","报废","100库"]
["526340308B009","七通阀;LS-J-QTF-1-14","W209设备库","004#一炼钢设备2","只",34137.23058,"2008-09-17T11:04:51",1,34137.23058,"炼钢分厂","有实物 中间包烘烤技改不可用","报废","100库10.4区-6"]
["5462106021020","两联件组件;HYNJ-04","W209设备库","004#一炼钢设备2","件",263.252,"2007-03-25T11:31:00",2,526.504,"炼钢分厂","有实物 报废，原水平连铸备件","报废","小房南"]
["69H7110000","炼钢110结晶器;石墨套;高纯石墨;K8001.11","W209设备库","004#一炼钢设备2","套",1088.36,"2007-03-25T11:31:00",102,111012.72,"炼钢分厂","有实物 水平连铸结晶器","报废","备件库靠马路墙边"]
["69H7120000","炼钢120结晶器;石墨套;高纯石墨;SL0501.0-24;6.52Kg","W209设备库","004#一炼钢设备2","套",1026.752176,"2009-03-18T10:40:23",6,6160.513056,"炼钢分厂","有实物 水平连铸结晶器","报废","2-墙7架顶-3"]
["69H7120000","炼钢120结晶器;石墨套;高纯石墨;SL0501.0-24;6.52Kg","W209设备库","004#一炼钢设备2","套",1026.752176,"2010-03-15T09:43:14",20,20535.04352,"炼钢分厂","有实物 水平连铸结晶器","报废","2-墙8架顶-7"]
["69HA110000","炼钢110结晶器;O型密封圈;硅橡胶;K8001.03;直径196.4*5.7","W209设备库","004#一炼钢设备2","个",13.6955,"2007-03-25T11:31:00",97,1328.4635,"炼钢分厂","有实物 水平连铸结晶器","报废","2-14-3-14"]
["69HB110000","炼钢110结晶器;O型密封圈;硅橡胶;K8001.07;直径129.4*5.7","W209设备库","004#一炼钢设备2","个",8.5631,"2007-03-25T11:31:00",100,856.31,"炼钢分厂","有实物 水平连铸结晶器","报废","2-14-3-5"]
["69HC110000","炼钢110结晶器;O型密封圈;硅橡胶;K8001.15;直径156.4*5.7","W209设备库","004#一炼钢设备2","个",11.1202,"2007-03-25T11:31:00",98,1089.7796,"炼钢分厂","有实物 水平连铸结晶器","报废","2-14-3-11"]
["69HD110000","炼钢110结晶器;O型密封圈;硅橡胶;K8001.16;直径135.3*5.7","W209设备库","004#一炼钢设备2","个",8.5631,"2007-03-25T11:31:00",90,770.679,"炼钢分厂","有实物 水平连铸结晶器","报废","2-14-3-12"]
["69J7130000","炼钢130结晶器;石墨套;高纯石墨;SL2000-18-0","W209设备库","004#一炼钢分厂设备2","套",1191.4518,"2012-10-23T03:52:59",20,23829.036,"炼钢分厂","有实物 水平连铸结晶器","报废","2-墙8-顶-1"]
["69K7140000","炼钢140结晶器;石墨套;高纯石墨;K8007.19.00","W209设备库","004#一炼钢分厂设备2","套",1252.427328,"2012-10-23T03:52:59",5,6262.13664,"炼钢分厂","有实物 水平连铸结晶器","报废","2-墙8-顶-1"]
["69L7150000","炼钢150结晶器;石墨套;K8008-19;SMF-600","W209设备库","004#一炼钢设备2","套",1646.307686,"2012-03-12T02:50:10",12,19755.692232,"炼钢分厂","有实物 水平连铸结晶器","报废","2-墙7-顶-7"]
["69L7150000","炼钢150结晶器;石墨套;K8008-19;SMF-600","W209设备库","004#一炼钢分厂设备2","套",1646.307686,"2012-07-20T05:53:02",20,32926.15372,"炼钢分厂","有实物 水平连铸结晶器","报废","2-墙8-顶-5"]
["5261201011045","炉前开铁口机KD-IA;锚钩;GLYA14.00","W209设备库","006#炼铁设备2","套",981.196584,"2009-12-02T10:55:12",3,2943.589752,"炼铁分厂","有实物 申报错误，","报废","100库"]
["5261201011045","炉前开铁口机KD-IA;锚钩;GLYA14.00","W209设备库","006#炼铁设备2","套",981.196584,"2010-05-05T10:41:17",2,1962.393168,"炼铁分厂","有实物 申报错误，","报废","100库"]
["5000000100307","金属软管;JRD18-500","W009设备库","根",138.6352,"2007-03-25",10,1386.352,"219分厂","有实物 老108分厂物资，已经不用","报废","小房南"]
["5000000120507","U型密封圈80*100*12;;","W009设备库","只",5.9664,"2007-03-25",70,417.648,"219分厂","有实物 老108分厂物资，已经不用","报废","2-Q8-1-3"]
["5000000120602","V型组合圈04-306冶17-14;320*280;","W009设备库","只",190.8104,"2007-03-25",1,190.8104,"219分厂","有实物 老108分厂物资，已经不用","报废","2-Q8-1-2"]
["5000000120603","V型组合圈04-306冶17-22;350*312;","W009设备库","只",122.6632,"2007-03-25",7,858.6424,"219分厂","有实物 老108分厂物资，已经不用","报废","2-Q8-1-2"]
["5000004060034","气缸轴套;D2051.03;D=30/D2=28;L=38;ZQSn6-6-3;0.2Kg","W009设备库","件",36.96,"2007-03-25",5,184.8,"219分厂","有实物 老108分厂物资，已经不用","报废","5柜-2-20"]
["5000004060035","气缸轴套;D2051.03;D=40/D2=67;L=52;ZQSn6-6-3;0.6Kg","W009设备库","件",63.36,"2007-03-25",5,316.8,"219分厂","有实物 老108分厂物资，已经不用","报废","6柜-1-4"]
["5000004060036","气缸轴套;D2051.03;D=50/D2=77;L=65;ZQSn6-6-3;1.1Kg","W009设备库","件",116.16,"2007-03-25",13,1510.08,"219分厂","有实物 老108分厂物资，已经不用","报废","6柜-1-5"]
["5000004060037","气缸轴套;D2051.03;D=70/D2=104;L=95;ZQSn6-6-3;1.4Kg","W009设备库","件",147.84,"2007-03-25",2,295.68,"219分厂","有实物 老108分厂物资，已经不用","报废","6柜-1-3"]
["5000006010191","液压缸;CD250F160/110-480B10/02CGDMA","W009设备库","台",9705.652,"2007-03-25",1,9705.652,"219分厂","有实物 老108分厂物资，已经不用","报废","库100"]
["5000012020001","Yx密封圈;D100;JB/ZQ4264-86","W009设备库","只",1.766116,"2013-05-23",96,169.547136,"219分厂","有实物 老108分厂物资，已经不用","报废","2-Q8-1-1"]
["5000012020032","Yx密封圈;D180;JB/ZQ4264-86","W009设备库","只",3.772,"2007-03-25",20,75.44,"219分厂","有实物 老108分厂物资，已经不用","报废","2-Q8-1-1"]
["5000012020034","Yx密封圈;D180;橡塑;XHL-01-180","W009设备库","只",4.905978,"2007-03-25",10,49.05978,"219分厂","有实物 老108分厂物资，已经不用","报废","2-Q8-1-1"]
["5000012020034","Yx密封圈;D180;橡塑;XHL-01-180","W009设备库","只",4.905978,"2011-04-07",8,39.247824,"219分厂","有实物 老108分厂物资，已经不用","报废","2-Q8-1-1"]
["5000012020056","Yx密封圈;d25;JB/ZQ4264-86","W009设备库","只",0.350468,"2007-03-25",30,10.51404,"219分厂","有实物 老108分厂物资，已经不用","报废","2-Q8-1-1"]
["5000012020071","Yx密封圈;d30;JB/ZQ4264-86","W009设备库","只",0.455592,"2013-05-23",80,36.44736,"219分厂","有实物 老108分厂物资，已经不用","报废","2-Q8-1-1"]
["5000012020072","Yx密封圈;D30;橡塑;XHL-01-30","W009设备库","只",1.955536,"2007-03-25",78,152.531808,"219分厂","有实物 老108分厂物资，已经不用","报废","2-Q8-1-1"]
["5000012020075","Yx密封圈;d32;JB/ZQ4264-86","W009设备库","只",0.490606,"2013-05-23",80,39.24848,"219分厂","有实物 老108分厂物资，已经不用","报废","2-Q8-1-1"]
["5000012020092","Yx密封圈;D40;JB/ZQ4264-86","W009设备库","只",2.4376,"2007-03-25",117,285.1992,"219分厂","有实物 老108分厂物资，已经不用","报废","2-Q8-1-3"]
["5000012020095","Yx密封圈;d45;JB/ZQ4264-86","W009设备库","只",0.54,"2013-05-23",80,43.2,"219分厂","有实物 老108分厂物资，已经不用","报废","2-Q8-1-1"]
["5000012020120","Yx密封圈;d60;JB/ZQ4264-86","W009设备库","只",2.663278,"2007-03-25",50,133.1639,"219分厂","有实物 老108分厂物资，已经不用","报废","2-Q8-1-3"]
["5000012040005","骨架密封;360*400*20;NBR;GB13781-1992","W009设备库","只",34.7512,"2007-03-25",30,1042.536,"219分厂","有实物 老108分厂物资，已经不用","报废","2-Q8-1-2"]
["5000012040006","骨架密封;400*440*20;NBR;GB13781-1992","W009设备库","只",84.102562,"2007-03-25",30,2523.07686,"219分厂","有实物 老108分厂物资，已经不用","报废","2-Q8-2-2"]
["5000012040076","骨架油封;220*255*18;NBR;GB13781-1992","W009设备库","只",12.3816,"2007-03-25",5,61.908,"219分厂","有实物 老108分厂物资，已经不用","报废","2-Q8-2-1"]
["5000012070225","特康防尘圈;ES56151-0600-451-144-8307","W009设备库","只",170.588,"2007-03-25",2,341.176,"219分厂","有实物 老108分厂物资，已经不用","报废","2-Q8-2-3"]
["5000012070230","特康防尘圈;ES56152-1200-451-249-8307","W009设备库","只",292.4328,"2007-03-25",3,877.2984,"219分厂","有实物 老108分厂物资，已经不用","报废","2-Q8-2-3"]
["5000012080260","耐磨环;BS50704-0600-47","W009设备库","只",21.12,"2007-03-25",8,168.96,"219分厂","有实物 老108分厂物资，已经不用","报废","2-Q8-2-3"]
["5000012080262","耐磨环;BS50705-1200C-47","W009设备库","只",89.3552,"2007-03-25",7,625.4864,"219分厂","有实物 老108分厂物资，已经不用","报废","2-Q8-2-3"]
["5000012080310","轴用斯特封;GS55013-1200-46-353-8307","W009设备库","只",154.3344,"2007-03-25",4,617.3376,"219分厂","有实物 老108分厂物资，已经不用","报废","2-Q8-2-3"]
["5000012110199","液压缸密封;Z0213.03.01.34","W009设备库","套",157.972672,"2007-03-25",12,1895.672064,"219分厂","有实物 老108分厂物资，已经不用","报废","2-Q8-2-3"]
["5000012110199","液压缸密封;Z0213.03.01.34","W009设备库","套",157.972672,"2007-07-09",2,315.945344,"219分厂","有实物 老108分厂物资，已经不用","报废","2-Q8-2-3"]
["5000012110200","液压缸密封;Z0213.03.02.04.00","W009设备库","套",351.868,"2007-03-25",16,5629.888,"219分厂","有实物 老108分厂物资，已经不用","报废","2-Q8-2-3"]
["5000012110201","液压缸密封;Z0213.03.02.06.00","W009设备库","套",319.7304,"2007-03-25",1,319.7304,"219分厂","有实物 老108分厂物资，已经不用","报废","2-Q8-2-3"]
["5000012110206","液压缸密封;Z0213.08.02.01.00","W009设备库","套",146.296446,"2007-03-25",1,146.296446,"219分厂","有实物 老108分厂物资，已经不用","报废","2-Q8-1-3"]
["5000012110206","液压缸密封;Z0213.08.02.01.00","W009设备库","套",146.296446,"2007-07-09",2,292.592892,"219分厂","有实物 老108分厂物资，已经不用","报废","2-Q8-1-3"]
["5000012110208","液压缸密封;Z0213.08.05.10.00","W009设备库","套",1003.332,"2007-03-25",3,3009.996,"219分厂","有实物 老108分厂物资，已经不用","报废","2-Q8-2-3"]
["5000012110209","液压缸密封;Z0213.08.05.10.00","W009设备库","套",488.888928,"2007-03-25",2,977.777856,"219分厂","有实物 老108分厂物资，已经不用","报废","2-Q8-2-3"]
["5000012120030","L型密封圈D300;;","W009设备库","只",11.0704,"2007-03-25",10,110.704,"219分厂","有实物 老108分厂物资，已经不用","报废","2-Q8-2-1"]
["5071604022015","127切管机;卡爪压板;4303011.20.009;ZQAl9-4;0.07Kg","W009设备库","件",22,"2007-03-25",30,660,"219分厂","有实物 老108分厂物资，已经不用","报废","4柜-1-3"]
["5071604022015","127切管机;卡爪压板;4303011.20.009;ZQAl9-4;0.07Kg","W009设备库","件",22,"2010-05-21",4,88,"219分厂","有实物 老108分厂物资，已经不用","报废","4柜-1-3"]
["5071605011009","套筒;6947.2-5;ZQSn10-5","W009设备库","件",7.744,"2010-05-21",17,131.648,"219分厂","有实物 老108分厂物资，已经不用","报废","6柜-1-10"]
["5072705111041","轴套;D2022.04.16;ZQSn6-6-3;0.365Kg","W009设备库","件",44,"2007-03-25",8,352,"219分厂","有实物 老108分厂物资，已经不用","报废","6柜-1-2"]
["5072705111049","轴套D2022.04.20;","W009设备库","件",161.04,"2007-03-25",8,1288.32,"219分厂","有实物 老108分厂物资，已经不用","报废","5柜-2-17"]
["5072705111051","衬套;D2022.04.22;ZQSn6-6-3;0.37Kg","W009设备库","件",36.96,"2007-03-25",10,369.6,"219分厂","有实物 老108分厂物资，已经不用","报废","4柜-1-5"]
["5072705113041R","顶杆螺母I 改;D2025.02.42;ZQAL9-4","W009设备库","件",349.36,"2007-03-25",5,1746.8,"219分厂","有实物 老108分厂物资，已经不用","报废","1-4-1-24"]
["526640103D019","轴瓦;Q/ZB80-81-73;d=180/D=210;L=270;ZQAl9-4;16.2Kg","W009设备库","件",1140.48,"2007-03-25",4,4561.92,"219分厂","有实物 老108分厂物资，已经不用","报废","4柜-1-1"]
["526640103M016R","滑板坯(二);D2014.02.01.209;ZQAL9-4","W009设备库","件",204.16,"2007-03-25",12,2449.92,"219分厂","有实物 老108分厂物资，已经不用","报废","1-4-1-23"]
["526640103M017","滑板(三);D2014.02.01.210;ZQAL9-4","W009设备库","件",260.48,"2007-03-25",8,2083.84,"219分厂","有实物 老108分厂物资，已经不用","报废","1-4-1-22"]
["526640103M019","滑板(二);D2014.02.01.209;ZQAL9-4","W009设备库","件",102.08,"2007-03-25",2,204.16,"219分厂","有实物 老108分厂物资，已经不用","报废","5柜-2-19"]
["526640103P009","轴承;D2018.01.10;ZQAL9-4;14Kg","W009设备库","件",985.6,"2007-03-25",2,1971.2,"219分厂","有实物 老108分厂物资，已经不用","报废","2柜-3-23"]
["526640103Q018","月牙瓦D2019.01.05;3002-2酚醛层压布板;","W009设备库","件",32.0408,"2007-03-25",6,192.2448,"219分厂","有实物 老108分厂物资，已经不用","报废","1-4-1-5"]
["526640103Q019","止推瓦D2019.01.04;3002-2酚醛层压布板;","W009设备库","件",77.5984,"2007-03-25",12,931.1808,"219分厂","有实物 老108分厂物资，已经不用","报废","1-4-1-5"]
["526640103Q020","边瓦D2019.01.06;3002-2酚醛层压布板;","W009设备库","件",32.0408,"2007-03-25",19,608.7752,"219分厂","有实物 老108分厂物资，已经不用","报废","1-4-1-5"]
["526640103Y001","蜗轮装配;D2013.02.01.00;部件;15.5Kg","W009设备库","件",660,"2007-03-25",4,2640,"219分厂","有实物 老108分厂物资，已经不用","报废","4柜-2-7"]
["526640103Y007","蜗轮装配(二);D2013.11.02.00;15.512Kg","W009设备库","件",660,"2007-03-25",2,1320,"219分厂","有实物 老108分厂物资，已经不用","报废","4柜-2-7"]
["526642601D019","上/下轴瓦;04-306冶11-43/42;ZQSn6-6-3;6.82Kg","W009设备库","件",721.6,"2007-03-25",8,5772.8,"219分厂","有实物 老108分厂物资，已经不用","报废","5柜-1-1"]
["526642605G009R","套(五);D2007.04.11;ZQSn6-6-3","W009设备库","件",114.4,"2007-03-25",9,1029.6,"219分厂","有实物 老108分厂物资，已经不用","报废","1-4-1-27"]
["5000004060067","气缸密封;ZHM-45*57","W009设备库","套",20.324766,"2010-12-10T09:13:36",20,406.49532,"50机组","有实物 机组淘汰","报废","2-Q8-4-3"]
["5000005010016","气阀DF3-20W;220V","W009设备库","只",586.1768,"2007-03-25T09:47:00",6,3517.0608,"50机组","有实物 机组淘汰","报废","小房南"]
["5000005010019","电磁气阀;FOF-13","W009设备库","只",215.1072,"2007-03-25T09:47:00",2,430.2144,"50机组","有实物 机组淘汰","报废","小房南"]
["5000005020101","油雾器;QYW-L20","W009设备库","只",88.0968,"2007-03-25T09:47:00",2,176.1936,"50机组","有实物 机组淘汰","报废","小房南"]
["5000005020138","延时阀组;K23Y-L8-J-G1/4","W009设备库","只",245.299064,"2007-08-31T08:35:00",5,1226.49532,"50机组","有实物 机组淘汰","报废","2-墙7-3-6"]
["5000005020167","换向阀;D5-02-2B2-D2","W009设备库","只",217.26474,"2008-11-12T09:32:09",2,434.52948,"50机组","有实物 机组淘汰","报废","小房南"]
["5000008080005","螺杆泵滑动轴承1;2G62-104W1;2G62-106.01;0426233","W009设备库","件",316.8,"2007-03-25T09:47:00",2,633.6,"50机组","有实物 机组淘汰","报废","100库"]
["5000008080013","螺杆泵衬套;2G62-104W1;2G62-105;0426233","W009设备库","件",2371.9344,"2007-03-25T09:47:00",1,2371.9344,"50机组","有实物 机组淘汰","报废","2-墙7-3-6"]
["5000008080032","螺杆泵机械密封;SNH280R43U12.1W21","W009设备库","套",371.8968,"2007-03-25T09:47:00",3,1115.6904,"50机组","有实物 机组淘汰","报废","2-墙8-3-4"]
["5000009020513","高压胶管;直径48*10000","W009设备库","根",1496.324766,"2007-05-18T02:25:04",1,1496.324766,"50机组","有实物 机组淘汰","报废","1-T1架墙边"]
["5000012020121","Yx密封圈;d60;橡塑;JB/ZQ4264-86","W009设备库","只",1.0296,"2007-03-25T10:56:00",50,51.48,"50机组","有实物 机组淘汰","报废","2-Q8-4-3"]
["5000012020186","Yx密封圈;100*88*8*7;FKM","W009设备库","只",34.788582,"2010-12-17T09:48:59",10,347.88582,"50机组","有实物 机组淘汰","报废","2-Q8-4-3"]
["5000012030525","Yx密封圈;160*144*19;A105","W009设备库","只",8.410248,"2010-12-17T09:49:51",10,84.10248,"50机组","有实物 机组淘汰","报废","2-Q8-4-3"]
["5000012120244","耐腐泵;机械密封;25FB-25;138725","W009设备库","套",318.5336,"2007-03-25T10:56:00",7,2229.7352,"50机组","有实物 机组淘汰","报废","2-Q8-4-3"]
["5071605094006","电磁换向阀;22D2-25BH","W009设备库","台",209.3168,"2007-03-25T10:56:00",2,418.6336,"50机组","有实物 机组淘汰","报废","小房南"]
["5071605096012","压轮E2018.06.01;尼龙66","W009设备库","件",228.2544,"2007-03-25T10:56:00",2,456.5088,"50机组","有实物 机组淘汰","报废","1-14-1-15"]
["5071605264001","三爪卡盘;直径325;环球牌","W009设备库","只",1294.8056,"2007-03-25T10:56:00",3,3884.4168,"50机组","有实物 机组淘汰","报废","1-梯4-1-29"]
["5072502031001","轴套;HJ-01-10;ZQAl9-4;4.5Kg","W009设备库","件",59.2416,"2007-03-25T10:56:00",10,592.416,"50机组","有实物 机组淘汰","报废","21柜-1"]
["5072502031007","压下螺母;HJ-01-15;ZQAL9-4","W009设备库","件",402.2392,"2007-03-25T10:56:00",3,1206.7176,"50机组","有实物 机组淘汰","报废","5柜-2-25"]
["5072605022014","铜套;H6.2012.05.07;ZQAl9-4","W009设备库","件",28.16,"2007-03-25T10:56:00",13,366.08,"50机组","有实物 机组淘汰","报废","20柜-1-3"]
["5072605024014","250t冷剪机;曲轴;B25b2-3;40Cr","W009设备库","件",8841.668,"2007-03-25T10:56:00",1,8841.668,"50机组","有实物 机组淘汰","报废","库100-11.5区平架"]
["5072605024016","250t冷剪机;连杆;B25b3-1","W009设备库","件",9321.36722,"2008-08-08T09:04:29",1,9321.36722,"50机组","有实物 机组淘汰","报废","库100-11.5区平架"]
["5072605025002","250t冷剪机;Yx密封圈D500;B25b4-6;聚胺脂-1","W009设备库","只",77.7656,"2007-03-25T10:56:00",2,155.5312,"50机组","有实物 机组淘汰","报废","库100-11.5区平架"]
["5072605025012","250t冷剪机;飞轮轴;B25b4-27;45","W009设备库","件",2687.0976,"2007-03-25T10:56:00",1,2687.0976,"50机组","有实物 机组淘汰","报废","库100-11.5区平架"]
["5072605025025","250t冷剪机;轴瓦;B25b5-13;ZQAl9-4","W009设备库","件",47.7048,"2007-03-25T10:56:00",1,47.7048,"50机组","有实物 机组淘汰","报废","20柜-1-2"]
["5072705134004","铜套;Z8029.04.04;ZQAL9-4;0.05Kg","W009设备库","件",20.24,"2007-03-25T10:56:00",10,202.4,"50机组","有实物 机组淘汰","报废","20柜-1-6"]
["5082201092006","角型轴承箱;ZL251.1;QT40-10","W009设备库","件",119.4072,"2007-03-25T10:56:00",8,955.2576,"50机组","有实物 机组淘汰","报废","100库10.7区货架上4层"]
["5124000131003","螺杆泵;轴套;3U35-16","W009设备库","件",209.1936,"2007-03-25T10:56:00",9,1882.7424,"50机组","有实物 机组淘汰","报废","2-墙7-3-6"]
["5124000131004","螺杆泵;联轴器;3U35-16","W009设备库","件",122.4168,"2007-03-25T10:56:00",7,856.9176,"50机组","有实物 机组淘汰","报废","2-墙7-3-6"]
["5266424015042","弹性圈;04-325冶50-1;橡胶","W009设备库","只",3.50427,"2008-04-23T10:15:59",100,350.427,"50机组","有实物 机组淘汰","报废","2-Q8-4-3"]
["5266424018009","穿孔机;密封圈;M2005.08.02.09;耐油橡胶","W009设备库","件",3.0624,"2007-03-25T10:56:00",100,306.24,"50机组","有实物 机组淘汰","报废","2-Q8-4-3"]
["526642401A020","穿孔机;蜗轮;M2005.07.04.08;ZQAL9-4","W009设备库","件",386.1264,"2007-03-25T10:56:00",3,1158.3792,"50机组","有实物 机组淘汰","报废","20柜-4-26"]
["526642401A021","穿孔机;蜗轮轴套;M2005.07.04.09;45","W009设备库","件",498.7312,"2007-03-25T10:56:00",8,3989.8496,"50机组","有实物 机组淘汰","报废","21柜-3-10"]
["526642401C026","20t冷拔机;轴套(一);H2037.02.20.01;ZQAl9-4;0.65Kg","W009设备库","件",45.76,"2007-03-25T10:56:00",6,274.56,"50机组","有实物 机组淘汰","报废","21柜-1-3"]
["526642401C216","20t冷拔机;上轴瓦(二);H2037.02.16;ZQAl9-4;0.24Kg","W009设备库","件",26.632452,"2007-10-11T09:17:12",2,53.264904,"50机组","有实物 机组淘汰","报废","21柜-1-1.5"]
["526642401C218","20t冷拔机;下轴瓦(二);H2037.02.18;ZQAl9-4;0.24Kg","W009设备库","件",26.632452,"2007-10-11T09:17:44",3,79.897356,"50机组","有实物 机组淘汰","报废","21柜-1-2.5"]
["526642401C232","20t冷拔机;轴套(二);H2037.02.20.02;ZQAl9-4;0.48Kg","W009设备库","件",54.56,"2007-03-25T10:56:00",2,109.12,"50机组","有实物 机组淘汰","报废","20柜-5-27.5"]
["526642401C233","20t冷拔机;轴套(二);H2037.02.29;ZQAL9-4;0.93Kg","W009设备库","件",209.44,"2007-03-25T10:56:00",8,1675.52,"50机组","有实物 机组淘汰","报废","20柜-5-27.5"]
["526642401C239","20t冷拔机;轴套;H2037.02.23.03;ZQAl9-4;0.3Kg","W009设备库","件",36.96,"2007-03-25T10:56:00",6,221.76,"50机组","有实物 机组淘汰","报废","21柜-1-2.5"]
["526642401C309","20t冷拔机;轴套;H2037.02.03.09;ZQAl9-4;0.45Kg","W009设备库","件",55.44,"2007-03-25T10:56:00",3,166.32,"50机组","有实物 机组淘汰","报废","21柜-1"]
["526642401C373","20t冷拔机;上轴瓦;H2037.03.07.03;ZQAl9-4;0.124Kg","W009设备库","件",26.4,"2007-03-25T10:56:00",16,422.4,"50机组","有实物 机组淘汰","报废","20柜-2-10"]
["526642401C374","20t冷拔机;下轴瓦;H2037.03.07.04;ZQAl9-4;0.124Kg","W009设备库","件",26.4,"2007-03-25T10:56:00",8,211.2,"50机组","有实物 机组淘汰","报废","20柜-1-8"]
["5266709081001","喷枪;YHR-50A","W009设备库","件",1861.4992,"2007-03-25T10:56:00",2,3722.9984,"50机组","有实物 机组淘汰","报废","2-墙7-3-5"]
["5266709081003","喷嘴(喷头);YHR-50A;","W009设备库","件",646.1576,"2007-03-25T10:56:00",10,6461.576,"50机组","有实物 机组淘汰","报废","2-墙7-3-5"]
["5266714021008","上料机构铜套;H6.2012.05.08;ZQSn6-6-3;0.49Kg","W009设备库","件",51.92,"2007-03-25T10:56:00",3,155.76,"50机组","有实物 机组淘汰","报废","20柜-4-25.5"]
["5266715025012","喷枪;YHR-150-2","W009设备库","件",1917.9512,"2007-03-25T10:56:00",4,7671.8048,"50机组","有实物 机组淘汰","报废","2-墙7-3-5"]
["5266801149007","15t冷拔机;铜套;L2112.22.08;ZHP659-1","W009设备库","件",83.2304,"2007-03-25T10:56:00",13,1081.9952,"50机组","有实物 机组淘汰","报废","20柜-3-17"]
["5628201015408","压差发迅器;CMS;DC24V;2A","W009设备库","只",126.153146,"2008-01-23T09:22:35",2,252.306292,"50机组","有实物 机组淘汰","报废","2-墙8-2-1"]
["5741164070000","椭圆齿轮流量计;LC-25C","W009设备库","台",1343.6192,"2007-03-25T10:56:00",2,2687.2384,"50机组","有实物 机组淘汰","报废","2-墙8-1-1"]
["5743499780000","工业电视;黑白摄像机;YZ002","W009设备库","台",1341.576088,"2007-03-25T10:56:00",1,1341.576088,"50机组","有实物 机组淘汰","报废","2-墙8-2-1"]
["5000000050113","气阀;K25D-6","W009设备库","台",172.0928,"2007-03-25T09:47:00",10,1720.928,"89分厂","有实物 阀已改大,不可用","报废","2-墙7-3-6"]
["5000000060424","液压缸Y-HG1-E140/80*500;FZ23-H10","W009设备库","个",2690.336,"2007-03-25T09:47:00",6,16142.016,"89分厂","有实物 已改型","报废","100库10区3位"]
["5000000121069","斯特圈;KDJd35","W009设备库","只",8.6416,"2007-03-25T09:47:00",38,328.3808,"89分厂","有实物 老化报废","报废","2-Q8-5-3"]
["5000000121933","进口密封川;V120A;;","W009设备库","只",50.7056,"2007-03-25T09:47:00",4,202.8224,"89分厂","有实物 老化报废","报废","2-Q8-5-3"]
["5000000121934","进口密封川;V150A;;","W009设备库","只",66.6512,"2007-03-25T09:47:00",4,266.6048,"89分厂","有实物 老化报废","报废","2-Q8-5-3"]
["5000000121935","进口密封川;V220A;;","W009设备库","只",118.1664,"2007-03-25T09:47:00",5,590.832,"89分厂","有实物 老化报废","报废","2-Q8-5-3"]
["5071603503008","滑板;268备71-8;CFZ1265;0.26Kg","W009设备库","件",45.60864,"2007-03-25T10:56:00",10,456.0864,"89分厂","有实物 WG冷锯前夹紧装置，该设备已改造，取消","报废","8柜-1-24"]
["5071603503014","滑板;268备71-14;CFZ1265;0.44Kg","W009设备库","件",75.2136,"2007-03-25T10:56:00",10,752.136,"89分厂","有实物 WG冷锯前夹紧装置，该设备已改造，取消","报废","18柜-1-29"]
["5071603503017","冷锯上夹紧衬套;268备71-17","W009设备库","件",45.2232,"2007-03-25T10:56:00",2,90.4464,"89分厂","有实物 WG冷锯前夹紧装置，该设备已改造，取消","报废","12柜-2-21"]
["5071603503019","销轴;268备71-19;CFZ1265;0.44Kg","W009设备库","件",75.2136,"2007-03-25T10:56:00",10,752.136,"89分厂","有实物 WG冷锯前夹紧装置，该设备已改造，取消","报废","18柜-1-30"]
["5071603503020","自润滑轴承;268备71-20;CFZ1265;0.7Kg","W009设备库","件",75.213688,"2007-03-25T10:56:00",6,451.282128,"89分厂","有实物 WG冷锯前夹紧装置，该设备已改造，取消","报废","18柜-1-20"]
["5071603503040","导板;268备71-40;CFZ1265","W009设备库","件",31.108,"2007-03-25T10:56:00",4,124.432,"89分厂","有实物 WG冷锯前夹紧装置，该设备已改造，取消","报废","10柜-1-9"]
["5071603503061","导板;268备71-61;XqZ62","W009设备库","件",6.028,"2007-03-25T10:56:00",4,24.112,"89分厂","有实物 WG冷锯前夹紧装置，该设备已改造，取消","报废","10柜-1-8"]
["507160350C006","铜套;268备83-93;ZCuZn40Pb2;2.3Kg","W009设备库","根",283.36,"2007-03-25T10:56:00",10,2833.6,"89分厂","有实物 WG2#冷锯后定尺机，该设备已改造，取消","报废","18柜-1-28"]
["507160350C098","铜套;268备83-65;ZCuSn10Pb1;7Kg","W009设备库","件",536.8,"2007-03-25T10:56:00",4,2147.2,"89分厂","有实物 WG2#冷锯后定尺机，该设备已改造，取消","报废","13柜-3-15"]
["507160350C098","铜套;268备83-65;ZCuSn10Pb1;7Kg","W009设备库","件",536.8,"2007-03-25T10:56:00",2,1073.6,"89分厂","有实物 WG2#冷锯后定尺机，该设备已改造，取消","报废","13柜-3-15"]
["507160350C113","铜套268备83-88;ZCuSn10Pb1;","W009设备库","件",1611.8256,"2007-03-25T10:56:00",1,1611.8256,"89分厂","有实物 WG2#冷锯后定尺机，该设备已改造，取消","报废","1-5-1-12"]
["5071605011075","缓冲器;JHQ-C-4;","W009设备库","件",134.0328,"2007-03-25T10:56:00",33,4423.0824,"89分厂","有实物 报废、缓冲器橡胶老化","报废","已报废"]
["5071605501008","轴套;268备217-8","W009设备库","件",34.6544,"2007-03-25T10:56:00",2,69.3088,"89分厂","有实物 精整1#切管机辅机，设备已改造","报废","13柜-2-7"]
["5123202015015","高压泵;进排液阀;3W-4B4G-2-01-00;4.84Kg","W009设备库","件",934.9032,"2007-03-25T10:56:00",8,7479.2256,"89分厂","有实物 上海大隆泵已改造,不可用","报废","100库10.7区货架上4层"]
["5123202015018","高压泵;柱塞;3W-4B4G-2-03-1","W009设备库","件",620.5144,"2007-03-25T10:56:00",3,1861.5432,"89分厂","有实物 上海大隆泵已改造,不可用","报废","100库10.7区货架上4层"]
["5123202015020","高压泵;填料;3W-4B4G-2-03-3;树麻纤维","W009设备库","件",55.0176,"2007-03-25T10:56:00",140,7702.464,"89分厂","有实物 上海大隆泵已改造,不可用","报废","100库10.7区货架上4层"]
["5123202015021","高压泵;夹环;3W-4B4G-2-03-4;四氟+5%碳钎","W009设备库","件",91.0096,"2007-03-25T10:56:00",60,5460.576,"89分厂","有实物 上海大隆泵已改造,不可用","报废","100库10.7区货架上4层"]
["5123202015022","高压泵;导向套;3W-4B4G-2-03-5;ZCuSn5Pb5Zn5;1.1Kg","W009设备库","件",212.1064,"2007-03-25T10:56:00",27,5726.8728,"89分厂","有实物 上海大隆泵已改造,不可用","报废","100库10.7区货架上4层"]
["5123202015027","高压泵;前闷头;3W-4B4G-2-2","W009设备库","件",122.6016,"2007-03-25T10:56:00",4,490.4064,"89分厂","有实物 上海大隆泵已改造,不可用","报废","100库10.7区货架上4层"]
["5123202015034","高压泵;排液闷头;3W-4B4G-2-9;2Cr13;4.5Kg","W009设备库","件",139.1456,"2007-03-25T10:56:00",3,417.4368,"89分厂","有实物 上海大隆泵已改造,不可用","报废","100库10.7区货架上4层"]
["5123202018009","高压泵;中间杆;3W-4B-1-11","W009设备库","件",326.8056,"2007-03-25T10:56:00",6,1960.8336,"89分厂","有实物 上海大隆泵已改造,不可用","报废","100库10.7区货架上4层"]
["5123202018010","高压泵;圆螺母;3W-4B-1-12","W009设备库","件",138.5824,"2007-03-25T10:56:00",10,1385.824,"89分厂","有实物 上海大隆泵已改造,不可用","报废","100库10.7区货架上4层"]
["512320201A001","高压泵;柱塞;3W-4B4-3-01-1;38CrMoAlA","W009设备库","件",520.5728,"2007-03-25T10:56:00",10,5205.728,"89分厂","有实物 上海大隆泵已改造,不可用","报废","100库10.7区货架上4层"]
["512320201A002","高压泵;导向套;3W-4B4-3-01-3a,b;2Cr13/ChSnSb11-b","W009设备库","件",297.8448,"2007-03-25T10:56:00",6,1787.0688,"89分厂","有实物 上海大隆泵已改造,不可用","报废","100库10.7区货架上4层"]
["512320201B005","高压泵;阀;LF406B-06-00;Pg 400;Dg100","W009设备库","件",704.7744,"2007-03-25T10:56:00",6,4228.6464,"89分厂","有实物 上海大隆泵已改造,不可用","报废","100库10.7区货架上4层"]
["5123202111165","高压泵;夹具总成;JAJ50/140","W009设备库","套",12236.923058,"2015-07-27T17:00:26",1,12236.923058,"89分厂","无实物 报废","报废","T货位","退库物资"]
["526640104D016","轴承(一);268备97-14;xqz62","W009设备库","件",42.7504,"2007-03-25T10:56:00",2,85.5008,"89分厂","有实物 芯棒定位装置，该设备已改造，取消","报废","12柜-2-19"]
["526640104D022","轴承(二);268备97-24;xqz62","W009设备库","件",192.3592,"2007-03-25T10:56:00",2,384.7184,"89分厂","有实物 芯棒定位装置，该设备已改造，取消","报废","12柜-2-15"]
["526640104D029","轴套(一);268备97-35;ZCuAl10Fe3","W009设备库","件",92.1536,"2007-03-25T10:56:00",2,184.3072,"89分厂","有实物 芯棒定位装置，该设备已改造，取消","报废","12柜-1-12"]
["526640104D036","衬套(二);268备97-42;ZCuAl10Fe3","W009设备库","件",99.2024,"2007-03-25T10:56:00",2,198.4048,"89分厂","有实物 芯棒定位装置，该设备已改造，取消","报废","12柜-1-10"]
["526640104D046","轴套(五);268备97-57;ZCuAl10Fe3","W009设备库","件",224.4176,"2007-03-25T10:56:00",2,448.8352,"89分厂","有实物 芯棒定位装置，该设备已改造，取消","报废","7柜-1-6"]
["526640104D053","轴承;268备97-64;SLxqz62","W009设备库","件",85.492,"2007-03-25T10:56:00",1,85.492,"89分厂","有实物 芯棒定位装置，该设备已改造，取消","报废","12柜-1-10"]
["5266709033037","轴套(三);268备54-32;ZCuAl10Fe3;0.05Kg","W009设备库","件",22,"2007-03-25T10:56:00",9,198,"89分厂","有实物 冷床齐头辊道，该设备取消","报废","14柜-1-8"]
["5266709033047","挡板铜套(一);268备54-51;2CuAl10Fe3","W009设备库","件",140.9408,"2007-03-25T10:56:00",2,281.8816,"89分厂","有实物 冷床齐头辊道，该设备取消","报废","12柜-2-22"]
["5266709033051","挡板铜套(二);268备54-56;ZCuAl10Fe3","W009设备库","件",37.9456,"2007-03-25T10:56:00",2,75.8912,"89分厂","有实物 冷床齐头辊道，该设备取消","报废","12柜-2-20"]
["5000011040285","过滤器滤芯;SFAX-800*5","W209设备库","只",1051.275014,"2010-05-21T09:47:35",6,6307.650084,"720分厂","技改后不可用","让售","1-1-1-1"]
["5000011040228","过滤器滤芯;YCX-100/FV.BB","W209设备库","只",890.0854,"2007-10-22T09:29:51",5,4450.427,"管加工分厂","有实物 空压机干燥塔滤芯备件，已停用","让售","1-1-2-1"]
["5000011040512","过滤器滤芯;JXZ-YLX25","W209设备库","只",927.931598,"2010-03-23T10:07:03",5,4639.65799,"管加工分厂","有实物 定径机小液压站用，现已停用","让售","1-1-2-11"]
["5000011040227","过滤器滤芯;LYC-100/FT.AB","W209设备库","只",1120.666612,"2007-10-22T09:29:51",5,5603.33306,"管加工分厂","有实物 空压机干燥塔滤芯备件，已停用","让售","1-1-2-3"]
["5000012120527","外密封环;0640202.15-03;聚甲醛树脂","W209设备库","只",4842.905978,"2010-08-18T08:52:23",1,4842.905978,"管加工分厂","有实物 密封老化，已经无法使用","让售","1-13-1-23"]
["5000011040519","过滤器滤芯;JXZ-XY-60W","W209设备库","只",705.05281,"2011-05-25T11:01:57",4,2820.21124,"管加工分厂","有实物 定径机小液压站用，现已停用","让售","1-1-3-13"]
["5000011040520","过滤器滤芯;JXZ-GY-05V","W209设备库","只",1147.299146,"2011-05-25T11:01:57",4,4589.196584,"管加工分厂","有实物 定径机小液压站用，现已停用","让售","1-1-3-14"]
["5000012120292","增压器活塞导向环;FA500*35;012171","W209设备库","只",860.22838,"2010-08-26T09:40:59",4,3440.91352,"720分厂","技改后不可用","让售","2-Q8-2-5"]
["5266421082604","SEALS FOR HYDRAULIC CYLINDER 140/100/155 DRAWING No.INNSE B-74244;SMS","W209设备库","套",11301.158,"2009-02-24T15:34:06",6,67806.948,"340分厂","超使用寿命无法使用","让售","1-14-1-5"]
["5000011040243","过滤器滤芯;JXZ-KY-37FT30(30um)","W209设备库","只",1198.46157,"2011-03-23T11:21:27",3,3595.38471,"管加工分厂","有实物 加油小车滤芯，由于后期设备不通用，已停用","让售","1-1-4-6"]
["5000011040242","过滤器滤芯;JXZ-KY-38F30(30um)","W209设备库","只",1878.290606,"2011-03-23T11:21:27",3,5634.871818,"管加工分厂","有实物 加油小车滤芯，由于后期设备不通用，已停用","让售","1-1-4-7"]
["5000011030035","过滤器滤芯片;SJPL-6500X30Q","W209设备库","只",3378.119642,"2009-10-14T13:57:13",1,3378.119642,"管加工分厂","有实物 预拧机阀块过渡器用，现已停用","让售","1-2-4-4"]
["5120899870000","双动气动法兰蝶阀;PD374XE75/T;OMAL+GEFA;DN200;PN25;PTFE密封","W209设备库","只",25039.384656,"2007-03-25T23:31:00",1,25039.384656,"340分厂","芯棒冷却隧道水阀，已取消","让售","1-2平架中"]
["5120899872000","双动气动法兰蝶阀;PD374XE78/T;OMAL+GEFA;DN350;PN25;PTFE密封","W209设备库","只",71146.871752,"2007-03-25T23:31:00",1,71146.871752,"340分厂","芯棒冷却隧道水阀，已取消","让售","1-2平架中"]
["507160351W936","H4080铜轴瓦;D08112103;黄铜;1.5Kg","W209设备库","件",105.969174,"2011-07-25T16:49:35",6,635.815044,"管加工分厂","有实物 矫直后翻料机械装置，现已技改","让售","铜库-3-2-20"]
["5000011040510","过滤器滤芯;JXZ-43/16-12","W209设备库","只",2378,"2010-02-04T09:21:50",5,11890,"720分厂","技改后不可用","让售","1-3-4-11"]
["5000011081268","快速接头;HP-032-2-S3042-..-2;不锈钢","W209设备库","只",5428.3944,"2007-03-25T11:31:00",2,10856.7888,"340分厂","已改为胶管直接连接","让售","1-5-2-11"]
["5000011081273","快速接头;LP-032-2-WR548-..-2;不锈钢","W209设备库","只",8273.5048,"2007-03-25T11:31:00",2,16547.0096,"340分厂","已改为胶管直接连接","让售","1-5-2-15"]
["5000011081294","快速接头Adapter Nipple;LP-032-1-WR-548-11;G1-1/2\";WALTHER","W209设备库","只",659.5864,"2007-03-25T11:31:00",5,3297.932,"340分厂","已改为胶管直接连接","让售","1-5-2-11"]
["5000011081266","快速接头;HP-032-0-S3042-..-2;不锈钢","W209设备库","只",7664.272,"2007-03-25T11:31:00",2,15328.544,"340分厂","已改为胶管直接连接","让售","1-5-2-13.5"]
["5000011081270","快速接头;HP-032-2-WB048-..-2;不锈钢","W209设备库","只",3407.1752,"2007-03-25T11:31:00",2,6814.3504,"340分厂","已改为胶管直接连接","让售","1-5-2-13.5"]
["5000011081291","快速接头Adapter Clutch;LP-032-0-WR-548-11-1;G1-1/2\";WALTHER","W209设备库","只",2944.5768,"2007-03-25T11:31:00",5,14722.884,"340分厂","已改为胶管直接连接","让售","1-5-2-14"]
["5000011081295","快速接头Adapter Nipple;LP-032-1-WR-548-22;G1/2\";WALTHER","W209设备库","只",1430.6688,"2007-03-25T11:31:00",5,7153.344,"340分厂","已改为胶管直接连接","让售","1-5-2-14"]
["5000011081272","快速接头;LP-032-0-WR548-..-2;不锈钢","W209设备库","只",11206.8352,"2007-03-25T11:31:00",2,22413.6704,"340分厂","已改为胶管直接连接","让售","1-5-2-11"]
["5123202032056","高压泵;快速接头;HA050500;1\"","W209设备库","只",203.948678,"2009-10-19T10:20:49",5,1019.74339,"管加工分厂","有实物 水压举升油缸用，故障高，现已改造","让售","1-5-2-7"]
["5123202032056","高压泵;快速接头;HA050500;1\"","W209设备库","只",203.948678,"2010-06-09T15:41:19",5,1019.74339,"管加工分厂","有实物 水压举升油缸用，故障高，现已改造","让售","1-5-2-7"]
["5000011081264","快速接头;HP-020-0-S2536-..-2;不锈钢","W209设备库","只",2144.6116,"2008-05-14T08:45:11",3,6433.8348,"340分厂","已改为胶管直接连接","让售","1-5-2-14"]
["5000011081292","快速接头Adapter Clutch;LP-032-0-WR-548-22-1;G1/2\";WALTHER","W209设备库","只",6164.7696,"2007-03-25T11:31:00",5,30823.848,"340分厂","已改为胶管直接连接","让售","1-5-2-13"]
["5000011081690","直接头;KQGH08-00","W209设备库","只",110.7,"2010-05-12T11:07:00",5,553.5,"340分厂","已改为胶管直接连接","让售","1-5-4-30"]
["5000011081691","阳连接头;KQGH06-01S","W209设备库","只",59.57259,"2009-02-13T09:23:48",5,297.86295,"340分厂","已改为胶管直接连接","让售","1-5-4-29"]
["5000011081692","肘节接头;KQGL06-01S","W209设备库","只",113.53843,"2009-02-13T09:23:48",5,567.69215,"340分厂","已改为胶管直接连接","让售","1-5-4-28"]
["5120899700000","电动控制阀;LSDF-1W;DN150;PN10","W209设备库","只",10905.982824,"2007-03-25T23:31:00",1,10905.982824,"340分厂","现场自动控制水阀，已取消","让售","1-T1-3-4"]
["5082202084030","12.5+12.5t双梁行车;挂梁;GL12.5-1;部件;845Kg","W209设备库","件",12711.111072,"2007-03-25T23:31:00",1,12711.111072,"340分厂","技改后不可用","让售","1-后-3#地"]
["5000011040496","油流信号器;YXQ-25Ⅱ;0.4MPa;DN25;DC24V","W209设备库","只",315.3843,"2008-12-26T13:27:18",8,2523.0744,"管加工分厂","有实物 加油小车滤芯，由于后期设备不通用，已停用","让售","2-10-1-20木箱"]
["5000009022085","高压空气软管;DN25接口螺纹;74°扩口软管 3/4\" 两端;SAE1 1/16-12;L=3000","W209设备库","根",235.417982,"2010-08-23T09:18:17",2,470.835964,"720分厂","技改后不可用","让售","1-12-4-3"]
["5000011020006","温度传感器保护套;TFP-100","W209设备库","件",862.051322,"2010-03-23T10:06:31",4,3448.205288,"720分厂","技改后不可用","让售","2-10-3-1"]
["5000009022086","高压空气软管;DN10接口螺纹;两端直通:5/16\"-24;74°扩口;另一端1/4;","W209设备库","根",114.239284,"2010-08-23T09:18:17",5,571.19642,"720分厂","技改后不可用","让售","1-12-4-18"]
["5741202090000","液位计;UX-D4W2;L=1000mm","W209设备库","台",1153.025632,"2007-03-25T23:31:00",8,9224.205056,"340分厂","污水井液位计，已取消","让售","2-11-4-1"]
["5000007090020","比例阀;GIK25R02-5;03155134;CE-C87AS25","W209设备库","只",770.940138,"2007-08-03T15:15:43",3,2312.820414,"管加工分厂","有实物 探伤压辊阀，现已改成普通阀","让售","2-1-3-3"]
["5000007090019","比例阀;GIK40R02-5;03155146;CE-C87AS25","W209设备库","只",1146.598292,"2007-08-03T15:15:43",3,3439.794876,"管加工分厂","有实物 探伤压辊阀，现已改成普通阀","让售","2-1-3-4"]
["5000007090013","减压阀;DGMX2-3-PA-C-W-B-40","W209设备库","只",697.350468,"2007-06-12T18:17:41",1,697.350468,"管加工分厂","有实物 探伤翻料器，现已改成普通阀","让售","2-1-4-11"]
["5000007040493","电磁换向阀;Q250C-L25;AC220V","W209设备库","只",455.54854,"2010-08-25T09:31:07",4,1822.19416,"管加工分厂","有实物 220V的气动换向阀，涉及安全，已改成24V的阀","让售","2-1-4-11.5"]
["5000007090012","比例减压阀先导阀;KCG-3-L160D-Z-M-U-H1-10-P15-T14","W209设备库","只",2663.247824,"2009-08-12T08:47:47",1,2663.247824,"管加工分厂","有实物 水淬压辊减压阀，因为故障高，现已改成普通双级减压阀","让售","2-1-4-12"]
["5120999119300","气动调节切断蝶阀;ET700T-B-1-1.6-100-APS","W209设备库","只",8129.914518,"2010-03-25T09:21:39",1,8129.914518,"720分厂","技改后不可用","让售","100库10.4区-6木箱上"]
["5000007080071","电液比例换向阀;KBDG5V-8-2C280-N-X-M-U-H1-10","W209设备库","只",11334.222204,"2007-06-12T18:17:41",1,11334.222204,"管加工分厂","有实物 1#水淬后步进梁旋转马达用，现改成滚式链和电机旋转","让售","2-2-1-10"]
["5000007030528","三通气闸阀芯;DN65;JB/T2001.47-1999;31.5MPa","W209设备库","只",2266.56405,"2009-10-22T10:03:17",2,4533.1281,"720分厂","报废，机组未投用","让售","2-2-1-11"]
["5000007030525","手动闸阀;DN10;JB/T2001.27-1999;31.5MPa","W209设备库","只",865.55551,"2009-10-22T10:04:12",2,1731.11102,"720分厂","报废，机组未投用","让售","2-2-1-13"]
["5000007080072","保压电磁阀;M3-SEW6C36/420MG24N9K4","W209设备库","只",2540.598292,"2007-12-21T08:30:35",5,12702.99146,"管加工分厂","有实物 矫直机保压阀，因为使用效果不好，已停用","让售","2-2-2-4"]
["5000007090139","双叠加液控单向阀;DGMC2-5-AB-FW-BA-FW-30","W209设备库","只",2312.820496,"2007-04-25T17:08:46",5,11564.10248,"管加工分厂","有实物 2#探伤V3阀台，现已改成普通阀","让售","2-2-3-1"]
["5000007090100","减压溢流阀;DGMX2-5-PA-F-W-B-30","W209设备库","只",1852.359008,"2007-04-25T17:08:46",5,9261.79504,"管加工分厂","有实物 2#探伤V3阀台，现已改成普通阀","让售","2-2-3-2"]
["5000007090101","减压溢流阀;DGMX2-5-PP-F-W-B-30","W209设备库","只",1852.359008,"2007-04-25T17:08:46",2,3704.718016,"管加工分厂","有实物 2#探伤V3阀台，现已改成普通阀","让售","2-2-3-3"]
["5000007070608","比例换向阀;DZ0-AE-271-35/E31;带插头;ATOS","W209设备库","只",13045.00854,"2009-12-25T15:31:03",2,26090.01708,"720分厂","技改后不可用","让售","2-3-4-8"]
["5120899395000","气动直通水阀;Fisher4\"ED","W209设备库","只",66630.2562,"2008-03-05T09:18:21",1,66630.2562,"340分厂","现场自动控制水阀，已取消","让售","2-3地中木箱"]
["526642108Z054","干油快速母接头Quick Female Connection;0109015-02.901;C02185;Fa.MEER","W209设备库","只",25279.3044,"2007-12-04T09:06:23",5,126396.522,"340分厂","液压小仓油管已改为胶管直接连接","让售","1-5-3-10"]
["5000007070584","比例阀先导阀;DHRZ0-P5E-012/25/B1;带放大板;ATOS","W209设备库","只",7243.333306,"2010-01-26T14:35:07",2,14486.666612,"720分厂","技改后不可用","让售","2-7-2-3"]
["5000007070585","比例阀先导阀;DHRZ0-ATE-073-P3/B1/DP27SC20;带放大板;ATOS","W209设备库","只",11143.58967,"2010-01-26T14:35:07",1,11143.58967,"720分厂","技改后不可用","让售","2-7-2-4"]
["5000007070586","比例阀先导阀;DHRZ0-P5E-012/25;带放大板;ATOS","W209设备库","只",7243.333306,"2010-01-26T14:35:07",1,7243.333306,"720分厂","技改后不可用","让售","2-7-2-5"]
["5000021030347","位移传感器;953AC42000MXXC19.7X;VMAX/METEK","W209设备库","只",5312.471598,"2010-10-12T09:44:15",1,5312.471598,"720分厂","技改后不可用","让售","2-8-3-15"]
["5741303190000","多点记录仪;XMD5216UK","W209设备库","台",1576.916088,"2011-01-24T10:05:00",1,1576.916088,"720分厂","技改后不可用","让售","2-9-3-26"]
["507160302Z052","角接取压标准孔板;SN-LGBH-35-01-D-V;空气","W209设备库","件",7794.8718,"2017-07-20T14:54:12",3,23384.6154,"720分厂","技改后不可用","让售","2-P1"]
["5000015050105","锁紧盘;SP2-240*405","W209设备库","件",2922.56405,"2009-04-08T08:48:55",3,8767.69215,"管加工分厂","有实物 预拧机锁紧盘，现已停用","让售","2-P5-1"]
["5000008050128","液压马达;MD025","W209设备库","台",1541.873306,"2010-10-28T09:08:40",2,3083.746612,"管加工分厂","有实物 预拧机旋转马达，使用效果不好，已停用","让售","2-T2-2-21"]
["5000008010012","柱塞泵;10PCY14-1B;31.5MPa","W209设备库","台",1934.35868,"2007-06-25T18:20:56",1,1934.35868,"管加工分厂","有实物 矫直机保压泵，因为使用效果不好，已停用","让售","2-T3-2-22"]
["5000008050123","液压马达;ZBM4-200-F-H-K3Y","W209设备库","台",4064.9573,"2010-09-10T10:08:14",1,4064.9573,"管加工分厂","有实物 1#水淬旋转马达，因为使用效果不好，已改造","让售","2-T3-2-12"]
["5146001011012","空调配件;水冷空调压缩机;VR125KS-TFP-522;吉荣","W209设备库","台",6495.7264,"2017-08-15T09:02:46",8,51965.8112,"能源分厂","空调外委","让售","2-地2-1"]
["5000007090220","试验台;FTE8-235/68-60/350","W209设备库","台",132461.53146,"2015-08-27T11:38:00",1,132461.53146,"720分厂","有实物（水压冲孔机的），让售","让售","T","退库物资"]
["5146001011007","空调配件;谷轮;VR94KS-TFR-522","W209设备库","台",3401.709,"2017-08-15T08:56:20",2,6803.418,"能源分厂","空调外委","让售","XF"]
["5628201015345","空调压缩机;KFR-120;JT160BCDY1L;5P","W209设备库","台",1310.016,"2017-08-15T08:56:09",4,5240.064,"能源分厂","空调外委","让售","XF"]
["50000002100G1","光钎式对射式光电开关配套光钎;LL3-TB02;5.308.04;SICK","W209设备库","套",194.615344,"2007-03-25T23:31:00",4,778.461376,"340分厂","技改后不可用","让售","XF-10-5-1"]
["5628201022068","电源;6SE7 021-2EP87-OFB1","W209设备库","块",2654.129752,"2010-12-27T04:31:22",1,2654.129752,"340分厂","报废（电气没用过）","让售","XF-4-1-8"]
["42308011009","空调工具;卤素检漏仪;RX-1A","W209设备库","台",914.5299,"2017-07-25T18:01:32",1,914.5299,"能源分厂","空调外委","让售","XF门口"]
["42308012034","空调材料;90°紫铜管弯头;Φ12*0.8","W209设备库","只",3.07692,"2017-07-25T17:59:53",10,30.7692,"能源分厂","空调外委","让售","XF门口"]
["42308012035","空调材料;90°紫铜管弯头;Φ16*1","W209设备库","只",4.4444,"2017-07-25T18:00:06",10,44.444,"能源分厂","空调外委","让售","XF门口"]
["42308012036","空调材料;90°紫铜管弯头;Φ19*1","W209设备库","只",5.89743,"2017-07-25T18:00:17",10,58.9743,"能源分厂","空调外委","让售","XF门口"]
["42308012037","空调材料;90°紫铜管弯头;Φ22*1","W209设备库","只",7.52136,"2017-07-25T18:00:29",10,75.2136,"能源分厂","空调外委","让售","XF门口"]
["42308012043","空调材料;丹佛斯膨胀阀;外平衡5P;TGEX4TR;制冷量14Kw;R22","W209设备库","只",254.70085,"2017-08-15T09:40:13",10,2547.0085,"能源分厂","空调外委","让售","XF门口"]
["42308012044","空调材料;丹佛斯膨胀阀;外平衡10P;TGEX-7.5TR;制冷量27Kw;R22","W209设备库","只",296.5811,"2017-08-15T09:40:20",10,2965.811,"能源分厂","空调外委","让售","XF门口"]
["42308012046","空调材料;视液镜;鸿森SG型;焊口16mm","W209设备库","只",27.3504,"2017-07-25T17:59:03",5,136.752,"能源分厂","空调外委","让售","XF门口"]
["42308012047","空调材料;视液镜;鸿森SG型;焊口12mm","W209设备库","只",24.78632,"2017-07-25T17:59:24",5,123.9316,"能源分厂","空调外委","让售","XF门口"]
["42308012048","空调材料;制冷球阀;鸿森GBC-12;Φ12;焊口","W209设备库","只",47.0085,"2017-07-25T17:59:39",8,376.068,"能源分厂","空调外委","让售","XF门口"]
["42308012049","空调材料;制冷球阀;鸿森GBC-16;Φ16;焊口","W209设备库","只",48.7179,"2017-07-25T17:57:56",8,389.7432,"能源分厂","空调外委","让售","XF门口"]
["42308012050","空调材料;制冷球阀;鸿森GBC-18;Φ18;焊口","W209设备库","只",64.9572,"2017-07-25T17:58:10",8,519.6576,"能源分厂","空调外委","让售","XF门口"]
["42308012051","空调材料;储液罐;3P;接口Φ16*2;罐体Φ115*200mm;挂式","W209设备库","只",70.94017,"2017-07-25T17:58:22",8,567.52136,"能源分厂","空调外委","让售","XF门口"]
["42308012052","空调材料;储液罐;3P;接口Φ19*2;罐体Φ128*300mm;挂式","W209设备库","只",70.9401,"2017-07-25T17:57:06",8,567.5208,"能源分厂","空调外委","让售","XF门口"]
["42308012053","空调材料;干燥过滤器;DFS-164S-1/2;焊接Φ12mm","W209设备库","只",32.4786,"2017-07-25T17:57:20",10,324.786,"能源分厂","空调外委","让售","XF门口"]
["42308012054","空调材料;干燥过滤器;DFS-165S-5/8;焊接Φ16mm","W209设备库","只",32.47863,"2017-07-25T17:57:33",10,324.7863,"能源分厂","空调外委","让售","XF门口"]
["42308012055","空调材料;干燥过滤器;DFS-306S-3/4;焊接Φ19mm","W209设备库","只",48.7179,"2017-07-25T17:58:44",5,243.5895,"能源分厂","空调外委","让售","XF门口"]
["5146001011035","空调配件;电源变压器;EI41-15DD33;220V/15V","W209设备库","只",27.3504,"2017-07-25T18:01:10",3,82.0512,"能源分厂","空调外委","让售","XF门口"]
["5146001011037","空调配件;压力开关;高低压差控制器;P830E;奉申","W209设备库","只",88.0341,"2017-07-25T18:01:21",5,440.1705,"能源分厂","空调外委","让售","XF门口"]
["5146001011039","空调配件;内风机电机;YT150-4E01;380V;150W","W209设备库","台",1189.7435,"2017-07-25T18:01:55",2,2379.487,"能源分厂","空调外委","让售","XF门口"]
["5146001011041","空调配件;飞越VES-100B/50B冷媒氟利昂电子秤;带电磁阀","W209设备库","台",846.1538,"2017-07-25T18:02:03",1,846.1538,"能源分厂","空调外委","让售","XF门口"]
["5146001011048","空调配件;海立特外机;B-12;R142B;制冷量12000W","W209设备库","台",19658.1196,"2017-09-19T10:07:19",2,39316.2392,"能源分厂","空调外委","让售","库100"]
["5146001011049","空调配件;海立特外机;B-4;R142B;制冷量4000W","W209设备库","台",8376.06837,"2017-09-19T10:07:43",3,25128.20511,"能源分厂","空调外委","让售","库100"]
["526129901D111","空段清扫器;DQG-V-800","W209设备库","台",2481.02562,"2010-01-06",7,17367.17934,"炼铁分厂","淘汰备件","让售 ","库100"]
["5000011040187","油水分离器滤芯;JXZ-YQL/1400.10FT","W209设备库","只",3364.102562,"2016-12-27T16:12:36",3,10092.307686,"管加工分厂","有实物 计划错误，我们没有油水分离器","让售","1-1-1-5"]
["5120999148000","气动三偏心硬密封开关蝶阀;HB2511;DN200;PN16;阀体/板材质:WCB/304;阀座材  :304;带执行器","W209设备库","只",15049.2144,"2007-03-25T11:31:00",1,15049.2144,"340分厂","芯棒润滑三通球阀，已取消","让售","已发"]
["507160302Z051","角接取压标准孔板;SN-LGBH-20-01-D-V","W209设备库","件",5606.8376,"2017-07-20T14:53:29",3,16820.5128,"720分厂","技改后不可用","让售","已发"]
["5121102250200","机械密封;32GDL-6-12*12;φ26","W009设备库","件",138.3272,"2007-03-25T10:56:00",30,4149.816,"89分厂","原穿孔机冷却水加压泵已改造,不可用","让售","1-14-1-34"]
["5071604021001","液压缸大活塞杆;4303011.B;45;2.14Kg","W009设备库","件",568.33708,"2007-08-02",7,3978.35956,"219分厂","老108分厂物资，已经不用","让售","1-15-1-3"]
["5072402110063","150空气锤;活塞涨圈;C41-150-302;HT21-40","W009设备库","件",19.8,"2007-03-25T10:56:00",11,217.8,"50机组","机组淘汰","让售","1-15-2-13"]
["5072402110053","150空气锤;活塞阻漏圈;C41-150-311;HT21-40","W009设备库","件",22.9416,"2007-03-25T10:56:00",10,229.416,"50机组","机组淘汰","让售","1-15-2-15"]
["5071605131015","127切管机;挡环;GXQG-127.09027","W009设备库","件",752.136,"2007-03-25",6,4512.816,"219分厂","原108机组","让售","1-15-2-2"]
["5000006060140","液压缸活塞杆;Z0213.03.02.04.00","W009设备库","件",235.5672,"2007-03-25",15,3533.508,"219分厂","老108分厂物资，已经不用","让售","1-15-3-1"]
["5072402110001","150空气锤;锤杆涨圈;C41-150-203;HT21-40","W009设备库","件",24.0328,"2007-03-25T10:56:00",19,456.6232,"50机组","机组淘汰","让售","1-15-3-13.5"]
["5072402110049","150空气锤;活塞涨圈;C41-301-302;HT24-46","W009设备库","件",20.328,"2007-03-25T10:56:00",3,60.984,"50机组","机组淘汰","让售","1-15-3-15"]
["5000004060030","气缸端盖;QGBⅡ-R160","W009设备库","件",324.9224,"2007-03-25T09:47:00",1,324.9224,"89分厂","汽缸改油缸,可改制","让售","1-15-3-19"]
["5071604021002","液压缸小活塞杆;4303011.C;45;1Kg","W009设备库","件",536.153802,"2007-05-14",3,1608.461406,"219分厂","老108分厂物资，已经不用","让售","1-15-3-2"]
["5071604021002","液压缸小活塞杆;4303011.C;45;1Kg","W009设备库","件",536.153802,"2007-08-22",10,5361.53802,"219分厂","老108分厂物资，已经不用","让售","1-15-3-2"]
["5072402110052","150空气锤;活塞阻漏圈;C41-150-310;HT21-40","W009设备库","件",22.9416,"2007-03-25T10:56:00",6,137.6496,"50机组","机组淘汰","让售","1-15-3-6"]
["5072402210012","250空气锤;压缩活塞环;C41-31401;HT21-40","W009设备库","件",53.2664,"2007-03-25T10:56:00",10,532.664,"50机组","机组淘汰","让售","1-15-3-7"]
["5000006060142","液压缸活塞杆;Z0213.05.09.05","W009设备库","件",616.752136,"2007-03-25",4,2467.008544,"219分厂","老108分厂物资，已经不用","让售","1-15-4-24"]
["5000000050404","分水滤气器QSL-40;;","W009设备库","个",142.5864,"2007-03-25",12,1711.0368,"219分厂","老108分厂物资","让售","1-2-3-20纸箱"]
["5000000011060","电动机轴瓦;5E263.024","W009设备库","付",7446.1552,"2007-03-25",2,14892.3104,"219分厂","老108分厂物资","让售","1-T4-2-10"]
["5000011090819","旋转接头;HS-XS;40-20L;左旋","W009设备库","只",406.49573,"2009-10-21T09:09:26",10,4064.9573,"89分厂油管","回火炉循环风机,改造,不可用","让售","1-6-4-28"]
["5000011090817","旋转接头;HS-G;40-20R;右旋","W009设备库","只",328,"2009-03-27T08:31:42",2,656,"89分厂油管","回火炉循环风机,改造,不可用","让售","1-6-4-29"]
["5000011090817","旋转接头;HS-G;40-20R;右旋","W009设备库","只",328,"2009-05-13T09:52:54",3,984,"89分厂油管","回火炉循环风机,改造,不可用","让售","1-6-4-29"]
["5000011090817","旋转接头;HS-G;40-20R;右旋","W009设备库","只",328,"2009-09-10T09:58:40",5,1640,"89分厂油管","回火炉循环风机,改造,不可用","让售","1-6-4-29"]
["5000006060151","液压缸活塞杆Z0213.08.02.01.00","W009设备库","件",204.280384,"2007-03-25",4,817.121536,"219分厂","老108分厂物资，已经不用","让售","1-P1-7(右)"]
["5000006060145","液压缸活塞杆;Z0213.08.05.10.00","W009设备库","件",1579.487184,"2007-03-25",5,7897.43592,"219分厂","老108分厂物资，已经不用","让售","1-P1-7(左)"]
["5000006040015","液压缸;Z0202.05.10.06.23","W009设备库","台",3694.1168,"2007-03-25",1,3694.1168,"219分厂","老108分厂物资，已经不用","让售","1-T1-1-8.5"]
["5000006040011","液压缸;Z0213.05.11.11","W009设备库","台",2550.7152,"2007-03-25",1,2550.7152,"219分厂","老108分厂物资，已经不用","让售","1-T2-1-14.5"]
["5000000060586","液压缸;D2013.12.00","W009设备库","个",528.22,"2007-03-25",4,2112.88,"219分厂","老108分厂物资，已经不用","让售","1-T2-1-16"]
["5000000060587","液压缸D2013.08.00;;","W009设备库","个",494.9472,"2007-03-25",6,2969.6832,"219分厂","老108分厂物资，已经不用","让售","1-T2-1-16"]
["5000008040003","叶片泵;YB-E125","W009设备库","台",1307.2136,"2007-03-25",2,2614.4272,"219分厂","老108分厂物资，已经不用","让售","1-T3-2-7"]
["5000002080019","减速机大齿轮;ZQ500;Mn=6;Z=81","W009设备库","件",1287.44,"2007-03-25T09:47:00",1,1287.44,"50机组","机组淘汰","让售","1-T4-1-11"]
["5000010030238","金属软管;JRD15SL1-800;管螺纹","W009设备库","根",167.332,"2007-03-25",12,2007.984,"219分厂","老108分厂物资，已经不用","让售","2-12-2-25"]
["5000005010007","气阀;K25D-8","W009设备库","只",186.9824,"2007-03-25T09:47:00",2,373.9648,"89分厂","管坯火焰切割机用，改造,不用","让售","2-4-3-21"]
["5000005010008","气阀;K25D2-6","W009设备库","只",172.0928,"2007-03-25T09:47:00",8,1376.7424,"89分厂","管坯火焰切割机用，改造,不用","让售","2-4-3-7"]
["5000000070543","先导电磁阀Q24D2H-15;;","W009设备库","个",206.844,"2007-03-25",6,1241.064,"219分厂","老108分厂物资，已经不用","让售","2-5-2-3"]
["5000000070527","电磁换向阀K25JD-15W AC36V;;","W009设备库","个",243.2408,"2007-03-25",1,243.2408,"219分厂","老108分厂物资，已经不用","让售","2-5-3-20"]
["5741306830000","液晶显示控制无纸记录仪;HR-LCD-S8203-2P","W009设备库","台",2693.0288,"2007-03-25T10:56:00",1,2693.0288,"89分厂","环形炉升级改造,不可用","让售","2-9-3-15"]
["5000000011066","过电压保护器;TBP-6.3","W009设备库","只",356.3032,"2007-03-25",3,1068.9096,"219分厂","老108分厂物资","让售","2-9-1-29"]
["50000001107L1","比例放大器;VT2010S-4X/2;Roxroth","W009设备库","台",2704.3808,"2007-03-25T09:47:00",1,2704.3808,"89分厂","连扎机入口改造,升降辊取消","让售","2-9-2-29"]
["5741457050000","安全栅;DFA-1200-H;4~20mA","W009设备库","台",2382.7672,"2007-03-25T10:56:00",2,4765.5344,"89分厂","锯片修磨,设备封存,不可用","让售","2-9-2-7(木箱)"]
["5741450100000","温度变送器;9404 211;80011(K);0-1200℃","W009设备库","台",2456.8016,"2007-03-25T10:56:00",2,4913.6032,"89分厂","环形炉已改造,不可用","让售","2-9-3-29"]
["50000001107K8","驱动盘;GDX237;进口件","W009设备库","件",19074.0704,"2007-03-25T09:47:00",1,19074.0704,"89分厂","数控机床升级改造,不可用","让售","2-Q4-1-1"]
["526642401B002","水泵联轴器;D80*30-4","W009设备库","件",167.3672,"2007-03-25T10:56:00",10,1673.672,"50机组","机组淘汰","让售","2-Q4-2-1"]
["5000006040012","液压缸;Z0213.05.09.05","W009设备库","台",3048.6192,"2007-03-25",1,3048.6192,"219分厂","老108分厂物资，已经不用","让售","2-T1-1-11.5"]
["5000006040017","液压缸;Z0213.08.05.10.00","W009设备库","台",10078.7896,"2007-03-25",2,20157.5792,"219分厂","老108分厂物资，已经不用","让售","2-T1-1-11里"]
["5000004020028","气缸;JB160*420B","W009设备库","台",1405.668,"2007-03-25T09:47:00",1,1405.668,"50机组","机组淘汰","让售","2-T1-1-6"]
["5000006040007","液压缸;Z0213.03.01.03","W009设备库","台",2659.7648,"2007-03-25",1,2659.7648,"219分厂","老108分厂物资，已经不用","让售","2-T1-2-12"]
["5000004010126","芯杆上下调整气缸;SIJ-100*75-75-TC-M","W009设备库","台",756.923058,"2007-09-20T09:01:46",4,3027.692232,"50机组","机组淘汰","让售","2-T1-2-19"]
["5000006030031","液压缸;G63/45-470-00","W009设备库","台",2376.752136,"2007-03-25T09:47:00",2,4753.504272,"89分厂油管","1#加厚已改造,不可用","让售","2-T1-2-22"]
["5000004010063","气缸;QGBⅡ直径320*350-MF1","W009设备库","台",4951.2821,"2012-08-31T09:48:38",1,4951.2821,"89分厂","汽缸改油缸,可改制","让售","2-T1-3-12"]
["5000000060585","液压缸;D2013.15.00;DG-TICOC-E11","W009设备库","个",1571.5392,"2007-03-25",1,1571.5392,"219分厂","老108分厂物资，已经不用","让售","2-T2-1-1.5"]
["5000006040018","液压缸;Z0213.08.02.01.00","W009设备库","台",3491.9192,"2007-03-25",1,3491.9192,"219分厂","老108分厂物资，已经不用","让售","2-T2-2-1.5里"]
["5000008030008","齿轮油泵;CB-B160","W009设备库","台",1714.2224,"2007-03-25T09:47:00",1,1714.2224,"89分厂","采购错误","让售","2-T2-2-11"]
["5000006040004","液压缸;Z0213.03.02.04.00","W009设备库","台",2247.7488,"2007-03-25",1,2247.7488,"219分厂","老108分厂物资，已经不用","让售","2-T2-2-7.5"]
["5000006010247","液压缸;CDL1MF4/63/36/50D1X/B1CHDMWW","W009设备库","台",2162.3932,"2007-03-25T09:47:00",4,8649.5728,"89分厂油管","2#加厚已改造,不可用","让售","2-T2-2-8.5"]
["5000006040005","液压缸;Z0213.03.02.06.00","W009设备库","台",2472.9496,"2007-03-25",2,4945.8992,"219分厂","老108分厂物资，已经不用","让售","2-T2-2-9"]
["5000008040008","叶片泵;IPV2V4-17/20RA01MC160A1","W009设备库","台",3920.796,"2007-03-25",1,3920.796,"219分厂","老108分厂物资，已经不用","让售","2-T3-1-7"]
["5000008050097","液压马达;ZJM-25-0-P-TANZ排量:2498ml/r","W009设备库","台",18103.07686,"2008-09-24",1,18103.07686,"219分厂","老108分厂物资，已经不用","让售","2-T3-3-9"]
["5000021010169","主轴编码器;6FX2001-3AB02;Siemens","W009设备库","只",1611.6848,"2007-03-25T10:56:00",1,1611.6848,"89分厂","轧辊车床已改造升级,不可用","让售","XF-3-1-4"]
["5628201015166","通讯适配器;PCM-085;Modicon","W009设备库","只",10439.66,"2007-03-25T10:56:00",1,10439.66,"89分厂","采购错误","让售","XF-3-2-1"]
["5000000230047","控制板;6FX1121-4BA02;Siemens","W009设备库","块",18257.9672,"2007-03-25T09:47:00",1,18257.9672,"89分厂","车床升级改造,不可用","让售","XF-3-2-10"]
["5202100033000","传动控制板;6SN1118-0AA11-0AA1","W009设备库","件",6190.6504,"2007-03-25T10:56:00",1,6190.6504,"89分厂","数控机床升级改造,不可用","让售","XF-3-2-3"]
["5628204G40000","电源模块AS-P120-000","W009设备库","件",1844.1632,"2007-03-25T10:56:00",2,3688.3264,"89分厂","7辊矫直机已改造,不可用","让售","XF-3-2-4"]
["5628204C60000","模块AS-BDAP-210","W009设备库","件",1483.856,"2007-03-25T10:56:00",2,2967.712,"89分厂","7辊矫直机已改造,不可用","让售","XF-3-2-5"]
["5202100060000","CPU模块CPU12520;6FX1138-5BB03;Siemens","W009设备库","件",25983.7688,"2007-03-25T10:56:00",1,25983.7688,"89分厂","数控机床升级改造,不可用","让售","XF-3-2-7"]
["5628201015304","数控机床;LCD液晶显示器驱动板;GTC12860;Vers1.01;VOLLMER","W009设备库","块",12572.4104,"2007-03-25T10:56:00",1,12572.4104,"89分厂","锯片修磨,设备封存,不可用","让售","XF-3-5-6"]
["5628201015305","栅极触发板;HE62;Himmel","W009设备库","块",11293.3392,"2007-03-25T10:56:00",2,22586.6784,"89分厂","锯片修磨,设备封存,不可用","让售","XF-3-5-8"]
["5071605131020","127切管机;防护门;GXQG-127.75001改;组件","W009设备库","件",15769.230826,"2009-02-17",1,15769.230826,"219分厂","原108机组","让售","库100"]
["5072402210025","250空气锤;电机皮带轮;C41-32016b;HT21-40","W009设备库","件",549.811944,"2007-10-10T08:34:47",2,1099.623888,"50机组","机组淘汰","让售","库100","2018.7.26已让售*"]
["5000002080017","减速机中间齿轮轴;ZQ500;Mn=6;Z=18","W009设备库","件",332.7016,"2007-03-25T09:47:00",1,332.7016,"50机组","机组淘汰","让售","库100"]
["5000002080018","减速机中间齿轮;ZQ500;Mn=4;Z=77","W009设备库","件",512.556,"2007-03-25T09:47:00",1,512.556,"50机组","机组淘汰","让售","库100"]
["5000002080020","减速机齿轮轴;ZQ350;Mn=3;Z=26;I=12.64","W009设备库","件",193.6968,"2007-03-25T09:47:00",1,193.6968,"50机组","机组淘汰","让售","库100"]
["5000002080033","减速机高速齿轮轴;ZQ35-8-ⅡZ;Z=35;M=3","W009设备库","件",225.8256,"2007-03-25T09:47:00",2,451.6512,"50机组","机组淘汰","让售","库100"]
["5000002080070","减速机齿轮轴;ZQ35.5-5-3","W009设备库","件",243.6896,"2007-03-25T09:47:00",3,731.0688,"50机组","机组淘汰","让售","库100"]
["5072402050026","150空气锤;轴承盖;C41-150-410;HT15-32","W009设备库","件",93.213746,"2012-10-10T08:15:40",2,186.427492,"50机组","机组淘汰","让售","库100"]
["5072402050027","150空气锤;传动轴;C41-150-426; 中级弹簧钢丝","W009设备库","件",489.984,"2007-03-25T10:56:00",6,2939.904,"50机组","机组淘汰","让售","库100"]
["5072402050030","150空气锤;下气门转柄;C41-150-509;HT15-32","W009设备库","件",6.5648,"2007-03-25T10:56:00",5,32.824,"50机组","机组淘汰","让售","库100"]
["5072402050032","150空气锤;上气门芯;C41-150-502;HT20-40","W009设备库","件",83.4768,"2007-03-25T10:56:00",1,83.4768,"50机组","机组淘汰","让售","库100"]
["5072402050033","150空气锤;下转手柄;C41-33028;HT21-40","W009设备库","件",58.2472,"2007-03-25T10:56:00",3,174.7416,"50机组","机组淘汰","让售","库100"]
["5072402110003","150空气锤;二砧座;C41-150-206;ZG45","W009设备库","件",1040.76942,"2012-10-12T08:13:34",2,2081.53884,"50机组","机组淘汰","让售","库100"]
["5072402110012","150空气锤;轴承座;C41-150-406;HT20-40","W009设备库","件",549.811944,"2007-03-25T10:56:00",1,549.811944,"50机组","机组淘汰","让售","库100"]
["5072402110017","150空气锤;轴领座;C41-150-411;HT20-40","W009设备库","件",470.8352,"2007-03-26T11:45:00",1,470.8352,"50机组","机组淘汰","让售","库100"]
["5072402110022","150空气锤;连杆头;C41-150-425;45","W009设备库","件",538.4616,"2012-10-10T08:17:58",2,1076.9232,"50机组","机组淘汰","让售","库100"]
["5072402110027","150空气锤;大皮带轮;C41-150-441;HT15-32","W009设备库","件",542.74,"2007-03-25T10:56:00",1,542.74,"50机组","机组淘汰","让售","库100"]
["5072402110050","150空气锤;曲轴;C41-301-401;45","W009设备库","件",756.923058,"2007-10-10T08:37:00",3,2270.769174,"50机组","机组淘汰","让售","库100"]
["5072402110059","150空气锤;下气门套;C41-150-503;HT20-40","W009设备库","件",490.393112,"2007-03-25T10:56:00",1,490.393112,"50机组","机组淘汰","让售","库100"]
["5072402110060","150空气锤;下气门芯;C41-150-504;HT15-32","W009设备库","件",569.36748,"2007-03-25T10:56:00",1,569.36748,"50机组","机组淘汰","让售","库100"]
["5072402110062","150空气锤;铜套;C41-150-307;TSnEnPb","W009设备库","件",143.5875,"2012-10-10T08:17:58",5,717.9375,"50机组","机组淘汰","让售","库100"]
["5072402111039","150空气锤;连杆;H2016.03;C41-301-106;45锻件","W009设备库","件",538.46,"2012-10-10T08:15:40",8,4307.68,"50机组","机组淘汰","让售","库100"]
["5072402210004","250空气锤;活塞导程;C41-31016;HT21-40","W009设备库","件",603.1432,"2007-03-25T10:56:00",15,9047.148,"50机组","机组淘汰","让售","库100"]
["5072402210015","250空气锤;连杆头;C41-250-04-25;ZG45","W009设备库","件",314.0104,"2007-03-25T10:56:00",2,628.0208,"50机组","机组淘汰","让售","库100"]
["5072402210017","250空气锤;轴承座;C41-32001B;HT15-32","W009设备库","件",406.2608,"2007-03-25T10:56:00",2,812.5216,"50机组","机组淘汰","让售","库100"]
["5072402210019","250空气锤;传动齿轮轴;C41-32004;45","W009设备库","件",770.940138,"2007-10-10T08:37:00",1,770.940138,"50机组","机组淘汰","让售","库100"]
["5072402210026","250空气锤;曲轴;C41-32201;45","W009设备库","件",838.4,"2007-03-25T10:56:00",2,1676.8,"50机组","机组淘汰","让售","库100"]
["5120899384100","气动活塞硬密封蝶阀;DYD673H-0.6;DN250","W009设备库","只",11031.45303,"2007-07-03T03:33:54",2,22062.90606,"50机组","机组淘汰","让售","库100"]
["5120899384200","气动活塞硬密封蝶阀;DYD673H-0.6;DN40","W009设备库","只",3214.119642,"2007-07-03T03:33:28",2,6428.239284,"50机组","机组淘汰","让售","库100"]
["5120899384300","气动活塞硬密封蝶阀;DYD673H-0.6;DN150","W009设备库","只",6272.649532,"2007-07-03T03:33:54",1,6272.649532,"50机组","机组淘汰","让售","库100"]
["5120899385200","气动活塞调节阀;HB2810;DN50","W009设备库","只",8921.880358,"2007-07-18T06:53:43",1,8921.880358,"50机组","机组淘汰","让售","库100"]
["5120899385400","气动活塞调节阀;HB2810;DN40","W009设备库","只",9041.02562,"2007-07-18T06:53:43",1,9041.02562,"50机组","机组淘汰","让售","库100"]
["5120999161100","多功能水泵控制阀;JD745X-75 DN80","W009设备库","只",1654.01708,"2010-01-25T08:51:20",1,1654.01708,"50机组","机组淘汰","让售","库100"]
["5121101531001","离心水泵;IH65-50-160;5.5kw;外购","W009设备库","件",9370.24,"2007-03-25T10:56:00",2,18740.48,"50机组","机组淘汰","让售","库100"]
["5121101550001","离心水泵;BF-25-100;;外购","W009设备库","件",10819.0984,"2007-03-25T10:56:00",2,21638.1968,"50机组","机组淘汰","让售","库100"]
["5120899660000","阀门电动装置;LQA10-1;N=0.03Kw","W009设备库","只",2275.2136,"2007-03-25T10:56:00",1,2275.2136,"89分厂","采购错误","让售","库100"]
["5120899887000","气动装置先导阀2630600;QQ-50;0.15-1MPa","W009设备库","只",479.996,"2007-03-25T10:56:00",4,1919.984,"89分厂","工业炉改造,不可用","让售","库100"]
["5000000060660","导向套DC1415-9改;QT20-40;","W009设备库","件",27.4296,"2007-03-25",14,384.0144,"219分厂","老108分厂物资，已经不用","让售","铜5柜-1-11"]
["5000002080064","升降机蜗轮;QWL10A-I-155","W009设备库","件",1090.598256,"2010-05-21",4,4362.393024,"219分厂","老108分厂物资，已经不用","让售","铜6柜-1-8"]
["5000000011050","电机风罩;Y250M-4;;","W009设备库","件",110.132,"2007-03-25",8,881.056,"219分厂","老108分厂物资","让售","行车梯旁边","2018.7.26已让售*"]
["5000006040182","液压缸;Z0224.04.04.01;100/70-135","W009设备库","台",7709.401708,"2014-09-01",2,15418.803416,"219分厂","老108分厂物资，已经不用","让售","1-T2-3-11"]
["5000000100307","金属软管;JRD18-500","W009设备库","根",138.6352,"2007-03-25",10,1386.352,"219分厂","有实物 老108分厂物资，已经不用","报废","小房南"]
["5000000120507","U型密封圈80*100*12;;","W009设备库","只",5.9664,"2007-03-25",70,417.648,"219分厂","有实物 老108分厂物资，已经不用","报废","2-Q8-1-3"]
["5000000120602","V型组合圈04-306冶17-14;320*280;","W009设备库","只",190.8104,"2007-03-25",1,190.8104,"219分厂","有实物 老108分厂物资，已经不用","报废","2-Q8-1-2"]
["5000000120603","V型组合圈04-306冶17-22;350*312;","W009设备库","只",122.6632,"2007-03-25",7,858.6424,"219分厂","有实物 老108分厂物资，已经不用","报废","2-Q8-1-2"]
["5000004060034","气缸轴套;D2051.03;D=30/D2=28;L=38;ZQSn6-6-3;0.2Kg","W009设备库","件",36.96,"2007-03-25",5,184.8,"219分厂","有实物 老108分厂物资，已经不用","报废","5柜-2-20"]
["5000004060035","气缸轴套;D2051.03;D=40/D2=67;L=52;ZQSn6-6-3;0.6Kg","W009设备库","件",63.36,"2007-03-25",5,316.8,"219分厂","有实物 老108分厂物资，已经不用","报废","6柜-1-4"]
["5000004060036","气缸轴套;D2051.03;D=50/D2=77;L=65;ZQSn6-6-3;1.1Kg","W009设备库","件",116.16,"2007-03-25",13,1510.08,"219分厂","有实物 老108分厂物资，已经不用","报废","6柜-1-5"]
["5000004060037","气缸轴套;D2051.03;D=70/D2=104;L=95;ZQSn6-6-3;1.4Kg","W009设备库","件",147.84,"2007-03-25",2,295.68,"219分厂","有实物 老108分厂物资，已经不用","报废","6柜-1-3"]
["5000006010191","液压缸;CD250F160/110-480B10/02CGDMA","W009设备库","台",9705.652,"2007-03-25",1,9705.652,"219分厂","有实物 老108分厂物资，已经不用","报废","库100"]
["5000012020001","Yx密封圈;D100;JB/ZQ4264-86","W009设备库","只",1.766116,"2013-05-23",96,169.547136,"219分厂","有实物 老108分厂物资，已经不用","报废","2-Q8-1-1"]
["5000012020032","Yx密封圈;D180;JB/ZQ4264-86","W009设备库","只",3.772,"2007-03-25",20,75.44,"219分厂","有实物 老108分厂物资，已经不用","报废","2-Q8-1-1"]
["5000012020034","Yx密封圈;D180;橡塑;XHL-01-180","W009设备库","只",4.905978,"2007-03-25",10,49.05978,"219分厂","有实物 老108分厂物资，已经不用","报废","2-Q8-1-1"]
["5000012020034","Yx密封圈;D180;橡塑;XHL-01-180","W009设备库","只",4.905978,"2011-04-07",8,39.247824,"219分厂","有实物 老108分厂物资，已经不用","报废","2-Q8-1-1"]
["5000012020056","Yx密封圈;d25;JB/ZQ4264-86","W009设备库","只",0.350468,"2007-03-25",30,10.51404,"219分厂","有实物 老108分厂物资，已经不用","报废","2-Q8-1-1"]
["5000012020071","Yx密封圈;d30;JB/ZQ4264-86","W009设备库","只",0.455592,"2013-05-23",80,36.44736,"219分厂","有实物 老108分厂物资，已经不用","报废","2-Q8-1-1"]
["5000012020072","Yx密封圈;D30;橡塑;XHL-01-30","W009设备库","只",1.955536,"2007-03-25",78,152.531808,"219分厂","有实物 老108分厂物资，已经不用","报废","2-Q8-1-1"]
["5000012020075","Yx密封圈;d32;JB/ZQ4264-86","W009设备库","只",0.490606,"2013-05-23",80,39.24848,"219分厂","有实物 老108分厂物资，已经不用","报废","2-Q8-1-1"]
["5000012020092","Yx密封圈;D40;JB/ZQ4264-86","W009设备库","只",2.4376,"2007-03-25",117,285.1992,"219分厂","有实物 老108分厂物资，已经不用","报废","2-Q8-1-3"]
["5000012020095","Yx密封圈;d45;JB/ZQ4264-86","W009设备库","只",0.54,"2013-05-23",80,43.2,"219分厂","有实物 老108分厂物资，已经不用","报废","2-Q8-1-1"]
["5000012020120","Yx密封圈;d60;JB/ZQ4264-86","W009设备库","只",2.663278,"2007-03-25",50,133.1639,"219分厂","有实物 老108分厂物资，已经不用","报废","2-Q8-1-3"]
["5000012040005","骨架密封;360*400*20;NBR;GB13781-1992","W009设备库","只",34.7512,"2007-03-25",30,1042.536,"219分厂","有实物 老108分厂物资，已经不用","报废","2-Q8-1-2"]
["5000012040006","骨架密封;400*440*20;NBR;GB13781-1992","W009设备库","只",84.102562,"2007-03-25",30,2523.07686,"219分厂","有实物 老108分厂物资，已经不用","报废","2-Q8-2-2"]
["5000012040076","骨架油封;220*255*18;NBR;GB13781-1992","W009设备库","只",12.3816,"2007-03-25",5,61.908,"219分厂","有实物 老108分厂物资，已经不用","报废","2-Q8-2-1"]
["5000012070225","特康防尘圈;ES56151-0600-451-144-8307","W009设备库","只",170.588,"2007-03-25",2,341.176,"219分厂","有实物 老108分厂物资，已经不用","报废","2-Q8-2-3"]
["5000012070230","特康防尘圈;ES56152-1200-451-249-8307","W009设备库","只",292.4328,"2007-03-25",3,877.2984,"219分厂","有实物 老108分厂物资，已经不用","报废","2-Q8-2-3"]
["5000012080260","耐磨环;BS50704-0600-47","W009设备库","只",21.12,"2007-03-25",8,168.96,"219分厂","有实物 老108分厂物资，已经不用","报废","2-Q8-2-3"]
["5000012080262","耐磨环;BS50705-1200C-47","W009设备库","只",89.3552,"2007-03-25",7,625.4864,"219分厂","有实物 老108分厂物资，已经不用","报废","2-Q8-2-3"]
["5000012080310","轴用斯特封;GS55013-1200-46-353-8307","W009设备库","只",154.3344,"2007-03-25",4,617.3376,"219分厂","有实物 老108分厂物资，已经不用","报废","2-Q8-2-3"]
["5000012110199","液压缸密封;Z0213.03.01.34","W009设备库","套",157.972672,"2007-03-25",12,1895.672064,"219分厂","有实物 老108分厂物资，已经不用","报废","2-Q8-2-3"]
["5000012110199","液压缸密封;Z0213.03.01.34","W009设备库","套",157.972672,"2007-07-09",2,315.945344,"219分厂","有实物 老108分厂物资，已经不用","报废","2-Q8-2-3"]
["5000012110200","液压缸密封;Z0213.03.02.04.00","W009设备库","套",351.868,"2007-03-25",16,5629.888,"219分厂","有实物 老108分厂物资，已经不用","报废","2-Q8-2-3"]
["5000012110201","液压缸密封;Z0213.03.02.06.00","W009设备库","套",319.7304,"2007-03-25",1,319.7304,"219分厂","有实物 老108分厂物资，已经不用","报废","2-Q8-2-3"]
["5000012110206","液压缸密封;Z0213.08.02.01.00","W009设备库","套",146.296446,"2007-03-25",1,146.296446,"219分厂","有实物 老108分厂物资，已经不用","报废","2-Q8-1-3"]
["5000012110206","液压缸密封;Z0213.08.02.01.00","W009设备库","套",146.296446,"2007-07-09",2,292.592892,"219分厂","有实物 老108分厂物资，已经不用","报废","2-Q8-1-3"]
["5000012110208","液压缸密封;Z0213.08.05.10.00","W009设备库","套",1003.332,"2007-03-25",3,3009.996,"219分厂","有实物 老108分厂物资，已经不用","报废","2-Q8-2-3"]
["5000012110209","液压缸密封;Z0213.08.05.10.00","W009设备库","套",488.888928,"2007-03-25",2,977.777856,"219分厂","有实物 老108分厂物资，已经不用","报废","2-Q8-2-3"]
["5000012120030","L型密封圈D300;;","W009设备库","只",11.0704,"2007-03-25",10,110.704,"219分厂","有实物 老108分厂物资，已经不用","报废","2-Q8-2-1"]
["5071604022015","127切管机;卡爪压板;4303011.20.009;ZQAl9-4;0.07Kg","W009设备库","件",22,"2007-03-25",30,660,"219分厂","有实物 老108分厂物资，已经不用","报废","4柜-1-3"]
["5071604022015","127切管机;卡爪压板;4303011.20.009;ZQAl9-4;0.07Kg","W009设备库","件",22,"2010-05-21",4,88,"219分厂","有实物 老108分厂物资，已经不用","报废","4柜-1-3"]
["5071605011009","套筒;6947.2-5;ZQSn10-5","W009设备库","件",7.744,"2010-05-21",17,131.648,"219分厂","有实物 老108分厂物资，已经不用","报废","6柜-1-10"]
["5072705111041","轴套;D2022.04.16;ZQSn6-6-3;0.365Kg","W009设备库","件",44,"2007-03-25",8,352,"219分厂","有实物 老108分厂物资，已经不用","报废","6柜-1-2"]
["5072705111049","轴套D2022.04.20;","W009设备库","件",161.04,"2007-03-25",8,1288.32,"219分厂","有实物 老108分厂物资，已经不用","报废","5柜-2-17"]
["5072705111051","衬套;D2022.04.22;ZQSn6-6-3;0.37Kg","W009设备库","件",36.96,"2007-03-25",10,369.6,"219分厂","有实物 老108分厂物资，已经不用","报废","4柜-1-5"]
["5072705113041R","顶杆螺母I 改;D2025.02.42;ZQAL9-4","W009设备库","件",349.36,"2007-03-25",5,1746.8,"219分厂","有实物 老108分厂物资，已经不用","报废","1-4-1-24"]
["526640103D019","轴瓦;Q/ZB80-81-73;d=180/D=210;L=270;ZQAl9-4;16.2Kg","W009设备库","件",1140.48,"2007-03-25",4,4561.92,"219分厂","有实物 老108分厂物资，已经不用","报废","4柜-1-1"]
["526640103M016R","滑板坯(二);D2014.02.01.209;ZQAL9-4","W009设备库","件",204.16,"2007-03-25",12,2449.92,"219分厂","有实物 老108分厂物资，已经不用","报废","1-4-1-23"]
["526640103M017","滑板(三);D2014.02.01.210;ZQAL9-4","W009设备库","件",260.48,"2007-03-25",8,2083.84,"219分厂","有实物 老108分厂物资，已经不用","报废","1-4-1-22"]
["526640103M019","滑板(二);D2014.02.01.209;ZQAL9-4","W009设备库","件",102.08,"2007-03-25",2,204.16,"219分厂","有实物 老108分厂物资，已经不用","报废","5柜-2-19"]
["526640103P009","轴承;D2018.01.10;ZQAL9-4;14Kg","W009设备库","件",985.6,"2007-03-25",2,1971.2,"219分厂","有实物 老108分厂物资，已经不用","报废","2柜-3-23"]
["526640103Q018","月牙瓦D2019.01.05;3002-2酚醛层压布板;","W009设备库","件",32.0408,"2007-03-25",6,192.2448,"219分厂","有实物 老108分厂物资，已经不用","报废","1-4-1-5"]
["526640103Q019","止推瓦D2019.01.04;3002-2酚醛层压布板;","W009设备库","件",77.5984,"2007-03-25",12,931.1808,"219分厂","有实物 老108分厂物资，已经不用","报废","1-4-1-5"]
["526640103Q020","边瓦D2019.01.06;3002-2酚醛层压布板;","W009设备库","件",32.0408,"2007-03-25",19,608.7752,"219分厂","有实物 老108分厂物资，已经不用","报废","1-4-1-5"]
["526640103Y001","蜗轮装配;D2013.02.01.00;部件;15.5Kg","W009设备库","件",660,"2007-03-25",4,2640,"219分厂","有实物 老108分厂物资，已经不用","报废","4柜-2-7"]
["526640103Y007","蜗轮装配(二);D2013.11.02.00;15.512Kg","W009设备库","件",660,"2007-03-25",2,1320,"219分厂","有实物 老108分厂物资，已经不用","报废","4柜-2-7"]
["526642601D019","上/下轴瓦;04-306冶11-43/42;ZQSn6-6-3;6.82Kg","W009设备库","件",721.6,"2007-03-25",8,5772.8,"219分厂","有实物 老108分厂物资，已经不用","报废","5柜-1-1"]
["526642605G009R","套(五);D2007.04.11;ZQSn6-6-3","W009设备库","件",114.4,"2007-03-25",9,1029.6,"219分厂","有实物 老108分厂物资，已经不用","报废","1-4-1-27"]
["5000004060067","气缸密封;ZHM-45*57","W009设备库","套",20.324766,"2010-12-10T09:13:36",20,406.49532,"50机组","有实物 机组淘汰","报废","2-Q8-4-3"]
["5000005010016","气阀DF3-20W;220V","W009设备库","只",586.1768,"2007-03-25T09:47:00",6,3517.0608,"50机组","有实物 机组淘汰","报废","小房南"]
["5000005010019","电磁气阀;FOF-13","W009设备库","只",215.1072,"2007-03-25T09:47:00",2,430.2144,"50机组","有实物 机组淘汰","报废","小房南"]
["5000005020101","油雾器;QYW-L20","W009设备库","只",88.0968,"2007-03-25T09:47:00",2,176.1936,"50机组","有实物 机组淘汰","报废","小房南"]
["5000005020138","延时阀组;K23Y-L8-J-G1/4","W009设备库","只",245.299064,"2007-08-31T08:35:00",5,1226.49532,"50机组","有实物 机组淘汰","报废","2-墙7-3-6"]
["5000005020167","换向阀;D5-02-2B2-D2","W009设备库","只",217.26474,"2008-11-12T09:32:09",2,434.52948,"50机组","有实物 机组淘汰","报废","小房南"]
["5000008080005","螺杆泵滑动轴承1;2G62-104W1;2G62-106.01;0426233","W009设备库","件",316.8,"2007-03-25T09:47:00",2,633.6,"50机组","有实物 机组淘汰","报废","100库"]
["5000008080013","螺杆泵衬套;2G62-104W1;2G62-105;0426233","W009设备库","件",2371.9344,"2007-03-25T09:47:00",1,2371.9344,"50机组","有实物 机组淘汰","报废","2-墙7-3-6"]
["5000008080032","螺杆泵机械密封;SNH280R43U12.1W21","W009设备库","套",371.8968,"2007-03-25T09:47:00",3,1115.6904,"50机组","有实物 机组淘汰","报废","2-墙8-3-4"]
["5000009020513","高压胶管;直径48*10000","W009设备库","根",1496.324766,"2007-05-18T02:25:04",1,1496.324766,"50机组","有实物 机组淘汰","报废","1-T1架墙边"]
["5000012020121","Yx密封圈;d60;橡塑;JB/ZQ4264-86","W009设备库","只",1.0296,"2007-03-25T10:56:00",50,51.48,"50机组","有实物 机组淘汰","报废","2-Q8-4-3"]
["5000012020186","Yx密封圈;100*88*8*7;FKM","W009设备库","只",34.788582,"2010-12-17T09:48:59",10,347.88582,"50机组","有实物 机组淘汰","报废","2-Q8-4-3"]
["5000012030525","Yx密封圈;160*144*19;A105","W009设备库","只",8.410248,"2010-12-17T09:49:51",10,84.10248,"50机组","有实物 机组淘汰","报废","2-Q8-4-3"]
["5000012120244","耐腐泵;机械密封;25FB-25;138725","W009设备库","套",318.5336,"2007-03-25T10:56:00",7,2229.7352,"50机组","有实物 机组淘汰","报废","2-Q8-4-3"]
["5071605094006","电磁换向阀;22D2-25BH","W009设备库","台",209.3168,"2007-03-25T10:56:00",2,418.6336,"50机组","有实物 机组淘汰","报废","小房南"]
["5071605096012","压轮E2018.06.01;尼龙66","W009设备库","件",228.2544,"2007-03-25T10:56:00",2,456.5088,"50机组","有实物 机组淘汰","报废","1-14-1-15"]
["5071605264001","三爪卡盘;直径325;环球牌","W009设备库","只",1294.8056,"2007-03-25T10:56:00",3,3884.4168,"50机组","有实物 机组淘汰","报废","1-梯4-1-29"]
["5072502031001","轴套;HJ-01-10;ZQAl9-4;4.5Kg","W009设备库","件",59.2416,"2007-03-25T10:56:00",10,592.416,"50机组","有实物 机组淘汰","报废","21柜-1"]
["5072502031007","压下螺母;HJ-01-15;ZQAL9-4","W009设备库","件",402.2392,"2007-03-25T10:56:00",3,1206.7176,"50机组","有实物 机组淘汰","报废","5柜-2-25"]
["5072605022014","铜套;H6.2012.05.07;ZQAl9-4","W009设备库","件",28.16,"2007-03-25T10:56:00",13,366.08,"50机组","有实物 机组淘汰","报废","20柜-1-3"]
["5072605024014","250t冷剪机;曲轴;B25b2-3;40Cr","W009设备库","件",8841.668,"2007-03-25T10:56:00",1,8841.668,"50机组","有实物 机组淘汰","报废","库100-11.5区平架"]
["5072605024016","250t冷剪机;连杆;B25b3-1","W009设备库","件",9321.36722,"2008-08-08T09:04:29",1,9321.36722,"50机组","有实物 机组淘汰","报废","库100-11.5区平架"]
["5072605025002","250t冷剪机;Yx密封圈D500;B25b4-6;聚胺脂-1","W009设备库","只",77.7656,"2007-03-25T10:56:00",2,155.5312,"50机组","有实物 机组淘汰","报废","库100-11.5区平架"]
["5072605025012","250t冷剪机;飞轮轴;B25b4-27;45","W009设备库","件",2687.0976,"2007-03-25T10:56:00",1,2687.0976,"50机组","有实物 机组淘汰","报废","库100-11.5区平架"]
["5072605025025","250t冷剪机;轴瓦;B25b5-13;ZQAl9-4","W009设备库","件",47.7048,"2007-03-25T10:56:00",1,47.7048,"50机组","有实物 机组淘汰","报废","20柜-1-2"]
["5072705134004","铜套;Z8029.04.04;ZQAL9-4;0.05Kg","W009设备库","件",20.24,"2007-03-25T10:56:00",10,202.4,"50机组","有实物 机组淘汰","报废","20柜-1-6"]
["5082201092006","角型轴承箱;ZL251.1;QT40-10","W009设备库","件",119.4072,"2007-03-25T10:56:00",8,955.2576,"50机组","有实物 机组淘汰","报废","100库10.7区货架上4层"]
["5124000131003","螺杆泵;轴套;3U35-16","W009设备库","件",209.1936,"2007-03-25T10:56:00",9,1882.7424,"50机组","有实物 机组淘汰","报废","2-墙7-3-6"]
["5124000131004","螺杆泵;联轴器;3U35-16","W009设备库","件",122.4168,"2007-03-25T10:56:00",7,856.9176,"50机组","有实物 机组淘汰","报废","2-墙7-3-6"]
["5266424015042","弹性圈;04-325冶50-1;橡胶","W009设备库","只",3.50427,"2008-04-23T10:15:59",100,350.427,"50机组","有实物 机组淘汰","报废","2-Q8-4-3"]
["5266424018009","穿孔机;密封圈;M2005.08.02.09;耐油橡胶","W009设备库","件",3.0624,"2007-03-25T10:56:00",100,306.24,"50机组","有实物 机组淘汰","报废","2-Q8-4-3"]
["526642401A020","穿孔机;蜗轮;M2005.07.04.08;ZQAL9-4","W009设备库","件",386.1264,"2007-03-25T10:56:00",3,1158.3792,"50机组","有实物 机组淘汰","报废","20柜-4-26"]
["526642401A021","穿孔机;蜗轮轴套;M2005.07.04.09;45","W009设备库","件",498.7312,"2007-03-25T10:56:00",8,3989.8496,"50机组","有实物 机组淘汰","报废","21柜-3-10"]
["526642401C026","20t冷拔机;轴套(一);H2037.02.20.01;ZQAl9-4;0.65Kg","W009设备库","件",45.76,"2007-03-25T10:56:00",6,274.56,"50机组","有实物 机组淘汰","报废","21柜-1-3"]
["526642401C216","20t冷拔机;上轴瓦(二);H2037.02.16;ZQAl9-4;0.24Kg","W009设备库","件",26.632452,"2007-10-11T09:17:12",2,53.264904,"50机组","有实物 机组淘汰","报废","21柜-1-1.5"]
["526642401C218","20t冷拔机;下轴瓦(二);H2037.02.18;ZQAl9-4;0.24Kg","W009设备库","件",26.632452,"2007-10-11T09:17:44",3,79.897356,"50机组","有实物 机组淘汰","报废","21柜-1-2.5"]
["526642401C232","20t冷拔机;轴套(二);H2037.02.20.02;ZQAl9-4;0.48Kg","W009设备库","件",54.56,"2007-03-25T10:56:00",2,109.12,"50机组","有实物 机组淘汰","报废","20柜-5-27.5"]
["526642401C233","20t冷拔机;轴套(二);H2037.02.29;ZQAL9-4;0.93Kg","W009设备库","件",209.44,"2007-03-25T10:56:00",8,1675.52,"50机组","有实物 机组淘汰","报废","20柜-5-27.5"]
["526642401C239","20t冷拔机;轴套;H2037.02.23.03;ZQAl9-4;0.3Kg","W009设备库","件",36.96,"2007-03-25T10:56:00",6,221.76,"50机组","有实物 机组淘汰","报废","21柜-1-2.5"]
["526642401C309","20t冷拔机;轴套;H2037.02.03.09;ZQAl9-4;0.45Kg","W009设备库","件",55.44,"2007-03-25T10:56:00",3,166.32,"50机组","有实物 机组淘汰","报废","21柜-1"]
["526642401C373","20t冷拔机;上轴瓦;H2037.03.07.03;ZQAl9-4;0.124Kg","W009设备库","件",26.4,"2007-03-25T10:56:00",16,422.4,"50机组","有实物 机组淘汰","报废","20柜-2-10"]
["526642401C374","20t冷拔机;下轴瓦;H2037.03.07.04;ZQAl9-4;0.124Kg","W009设备库","件",26.4,"2007-03-25T10:56:00",8,211.2,"50机组","有实物 机组淘汰","报废","20柜-1-8"]
["5266709081001","喷枪;YHR-50A","W009设备库","件",1861.4992,"2007-03-25T10:56:00",2,3722.9984,"50机组","有实物 机组淘汰","报废","2-墙7-3-5"]
["5266709081003","喷嘴(喷头);YHR-50A;","W009设备库","件",646.1576,"2007-03-25T10:56:00",10,6461.576,"50机组","有实物 机组淘汰","报废","2-墙7-3-5"]
["5266714021008","上料机构铜套;H6.2012.05.08;ZQSn6-6-3;0.49Kg","W009设备库","件",51.92,"2007-03-25T10:56:00",3,155.76,"50机组","有实物 机组淘汰","报废","20柜-4-25.5"]
["5266715025012","喷枪;YHR-150-2","W009设备库","件",1917.9512,"2007-03-25T10:56:00",4,7671.8048,"50机组","有实物 机组淘汰","报废","2-墙7-3-5"]
["5266801149007","15t冷拔机;铜套;L2112.22.08;ZHP659-1","W009设备库","件",83.2304,"2007-03-25T10:56:00",13,1081.9952,"50机组","有实物 机组淘汰","报废","20柜-3-17"]
["5628201015408","压差发迅器;CMS;DC24V;2A","W009设备库","只",126.153146,"2008-01-23T09:22:35",2,252.306292,"50机组","有实物 机组淘汰","报废","2-墙8-2-1"]
["5741164070000","椭圆齿轮流量计;LC-25C","W009设备库","台",1343.6192,"2007-03-25T10:56:00",2,2687.2384,"50机组","有实物 机组淘汰","报废","2-墙8-1-1"]
["5743499780000","工业电视;黑白摄像机;YZ002","W009设备库","台",1341.576088,"2007-03-25T10:56:00",1,1341.576088,"50机组","有实物 机组淘汰","报废","2-墙8-2-1"]
["5000000050113","气阀;K25D-6","W009设备库","台",172.0928,"2007-03-25T09:47:00",10,1720.928,"89分厂","有实物 阀已改大,不可用","报废","2-墙7-3-6"]
["5000000060424","液压缸Y-HG1-E140/80*500;FZ23-H10","W009设备库","个",2690.336,"2007-03-25T09:47:00",6,16142.016,"89分厂","有实物 已改型","报废","100库10区3位"]
["5000000121069","斯特圈;KDJd35","W009设备库","只",8.6416,"2007-03-25T09:47:00",38,328.3808,"89分厂","有实物 老化报废","报废","2-Q8-5-3"]
["5000000121933","进口密封川;V120A;;","W009设备库","只",50.7056,"2007-03-25T09:47:00",4,202.8224,"89分厂","有实物 老化报废","报废","2-Q8-5-3"]
["5000000121934","进口密封川;V150A;;","W009设备库","只",66.6512,"2007-03-25T09:47:00",4,266.6048,"89分厂","有实物 老化报废","报废","2-Q8-5-3"]
["5000000121935","进口密封川;V220A;;","W009设备库","只",118.1664,"2007-03-25T09:47:00",5,590.832,"89分厂","有实物 老化报废","报废","2-Q8-5-3"]
["5071603503008","滑板;268备71-8;CFZ1265;0.26Kg","W009设备库","件",45.60864,"2007-03-25T10:56:00",10,456.0864,"89分厂","有实物 WG冷锯前夹紧装置，该设备已改造，取消","报废","8柜-1-24"]
["5071603503014","滑板;268备71-14;CFZ1265;0.44Kg","W009设备库","件",75.2136,"2007-03-25T10:56:00",10,752.136,"89分厂","有实物 WG冷锯前夹紧装置，该设备已改造，取消","报废","18柜-1-29"]
["5071603503017","冷锯上夹紧衬套;268备71-17","W009设备库","件",45.2232,"2007-03-25T10:56:00",2,90.4464,"89分厂","有实物 WG冷锯前夹紧装置，该设备已改造，取消","报废","12柜-2-21"]
["5071603503019","销轴;268备71-19;CFZ1265;0.44Kg","W009设备库","件",75.2136,"2007-03-25T10:56:00",10,752.136,"89分厂","有实物 WG冷锯前夹紧装置，该设备已改造，取消","报废","18柜-1-30"]
["5071603503020","自润滑轴承;268备71-20;CFZ1265;0.7Kg","W009设备库","件",75.213688,"2007-03-25T10:56:00",6,451.282128,"89分厂","有实物 WG冷锯前夹紧装置，该设备已改造，取消","报废","18柜-1-20"]
["5071603503040","导板;268备71-40;CFZ1265","W009设备库","件",31.108,"2007-03-25T10:56:00",4,124.432,"89分厂","有实物 WG冷锯前夹紧装置，该设备已改造，取消","报废","10柜-1-9"]
["5071603503061","导板;268备71-61;XqZ62","W009设备库","件",6.028,"2007-03-25T10:56:00",4,24.112,"89分厂","有实物 WG冷锯前夹紧装置，该设备已改造，取消","报废","10柜-1-8"]
["507160350C006","铜套;268备83-93;ZCuZn40Pb2;2.3Kg","W009设备库","根",283.36,"2007-03-25T10:56:00",10,2833.6,"89分厂","有实物 WG2#冷锯后定尺机，该设备已改造，取消","报废","18柜-1-28"]
["507160350C098","铜套;268备83-65;ZCuSn10Pb1;7Kg","W009设备库","件",536.8,"2007-03-25T10:56:00",4,2147.2,"89分厂","有实物 WG2#冷锯后定尺机，该设备已改造，取消","报废","13柜-3-15"]
["507160350C098","铜套;268备83-65;ZCuSn10Pb1;7Kg","W009设备库","件",536.8,"2007-03-25T10:56:00",2,1073.6,"89分厂","有实物 WG2#冷锯后定尺机，该设备已改造，取消","报废","13柜-3-15"]
["507160350C113","铜套268备83-88;ZCuSn10Pb1;","W009设备库","件",1611.8256,"2007-03-25T10:56:00",1,1611.8256,"89分厂","有实物 WG2#冷锯后定尺机，该设备已改造，取消","报废","1-5-1-12"]
["5071605011075","缓冲器;JHQ-C-4;","W009设备库","件",134.0328,"2007-03-25T10:56:00",33,4423.0824,"89分厂","有实物 报废、缓冲器橡胶老化","报废","已报废"]
["5071605501008","轴套;268备217-8","W009设备库","件",34.6544,"2007-03-25T10:56:00",2,69.3088,"89分厂","有实物 精整1#切管机辅机，设备已改造","报废","13柜-2-7"]
["5123202015015","高压泵;进排液阀;3W-4B4G-2-01-00;4.84Kg","W009设备库","件",934.9032,"2007-03-25T10:56:00",8,7479.2256,"89分厂","有实物 上海大隆泵已改造,不可用","报废","100库10.7区货架上4层"]
["5123202015018","高压泵;柱塞;3W-4B4G-2-03-1","W009设备库","件",620.5144,"2007-03-25T10:56:00",3,1861.5432,"89分厂","有实物 上海大隆泵已改造,不可用","报废","100库10.7区货架上4层"]
["5123202015020","高压泵;填料;3W-4B4G-2-03-3;树麻纤维","W009设备库","件",55.0176,"2007-03-25T10:56:00",140,7702.464,"89分厂","有实物 上海大隆泵已改造,不可用","报废","100库10.7区货架上4层"]
["5123202015021","高压泵;夹环;3W-4B4G-2-03-4;四氟+5%碳钎","W009设备库","件",91.0096,"2007-03-25T10:56:00",60,5460.576,"89分厂","有实物 上海大隆泵已改造,不可用","报废","100库10.7区货架上4层"]
["5123202015022","高压泵;导向套;3W-4B4G-2-03-5;ZCuSn5Pb5Zn5;1.1Kg","W009设备库","件",212.1064,"2007-03-25T10:56:00",27,5726.8728,"89分厂","有实物 上海大隆泵已改造,不可用","报废","100库10.7区货架上4层"]
["5123202015027","高压泵;前闷头;3W-4B4G-2-2","W009设备库","件",122.6016,"2007-03-25T10:56:00",4,490.4064,"89分厂","有实物 上海大隆泵已改造,不可用","报废","100库10.7区货架上4层"]
["5123202015034","高压泵;排液闷头;3W-4B4G-2-9;2Cr13;4.5Kg","W009设备库","件",139.1456,"2007-03-25T10:56:00",3,417.4368,"89分厂","有实物 上海大隆泵已改造,不可用","报废","100库10.7区货架上4层"]
["5123202018009","高压泵;中间杆;3W-4B-1-11","W009设备库","件",326.8056,"2007-03-25T10:56:00",6,1960.8336,"89分厂","有实物 上海大隆泵已改造,不可用","报废","100库10.7区货架上4层"]
["5123202018010","高压泵;圆螺母;3W-4B-1-12","W009设备库","件",138.5824,"2007-03-25T10:56:00",10,1385.824,"89分厂","有实物 上海大隆泵已改造,不可用","报废","100库10.7区货架上4层"]
["512320201A001","高压泵;柱塞;3W-4B4-3-01-1;38CrMoAlA","W009设备库","件",520.5728,"2007-03-25T10:56:00",10,5205.728,"89分厂","有实物 上海大隆泵已改造,不可用","报废","100库10.7区货架上4层"]
["512320201A002","高压泵;导向套;3W-4B4-3-01-3a,b;2Cr13/ChSnSb11-b","W009设备库","件",297.8448,"2007-03-25T10:56:00",6,1787.0688,"89分厂","有实物 上海大隆泵已改造,不可用","报废","100库10.7区货架上4层"]
["512320201B005","高压泵;阀;LF406B-06-00;Pg 400;Dg100","W009设备库","件",704.7744,"2007-03-25T10:56:00",6,4228.6464,"89分厂","有实物 上海大隆泵已改造,不可用","报废","100库10.7区货架上4层"]
["5123202111165","高压泵;夹具总成;JAJ50/140","W009设备库","套",12236.923058,"2015-07-27T17:00:26",1,12236.923058,"89分厂","无实物 报废","报废","T货位","退库物资"]
["526640104D016","轴承(一);268备97-14;xqz62","W009设备库","件",42.7504,"2007-03-25T10:56:00",2,85.5008,"89分厂","有实物 芯棒定位装置，该设备已改造，取消","报废","12柜-2-19"]
["526640104D022","轴承(二);268备97-24;xqz62","W009设备库","件",192.3592,"2007-03-25T10:56:00",2,384.7184,"89分厂","有实物 芯棒定位装置，该设备已改造，取消","报废","12柜-2-15"]
["526640104D029","轴套(一);268备97-35;ZCuAl10Fe3","W009设备库","件",92.1536,"2007-03-25T10:56:00",2,184.3072,"89分厂","有实物 芯棒定位装置，该设备已改造，取消","报废","12柜-1-12"]
["526640104D036","衬套(二);268备97-42;ZCuAl10Fe3","W009设备库","件",99.2024,"2007-03-25T10:56:00",2,198.4048,"89分厂","有实物 芯棒定位装置，该设备已改造，取消","报废","12柜-1-10"]
["526640104D046","轴套(五);268备97-57;ZCuAl10Fe3","W009设备库","件",224.4176,"2007-03-25T10:56:00",2,448.8352,"89分厂","有实物 芯棒定位装置，该设备已改造，取消","报废","7柜-1-6"]
["526640104D053","轴承;268备97-64;SLxqz62","W009设备库","件",85.492,"2007-03-25T10:56:00",1,85.492,"89分厂","有实物 芯棒定位装置，该设备已改造，取消","报废","12柜-1-10"]
["5266709033037","轴套(三);268备54-32;ZCuAl10Fe3;0.05Kg","W009设备库","件",22,"2007-03-25T10:56:00",9,198,"89分厂","有实物 冷床齐头辊道，该设备取消","报废","14柜-1-8"]
["5266709033047","挡板铜套(一);268备54-51;2CuAl10Fe3","W009设备库","件",140.9408,"2007-03-25T10:56:00",2,281.8816,"89分厂","有实物 冷床齐头辊道，该设备取消","报废","12柜-2-22"]
["5266709033051","挡板铜套(二);268备54-56;ZCuAl10Fe3","W009设备库","件",37.9456,"2007-03-25T10:56:00",2,75.8912,"89分厂","有实物 冷床齐头辊道，该设备取消","报废","12柜-2-20"]
["5000011040285","过滤器滤芯;SFAX-800*5","W209设备库","只",1051.275014,"2010-05-21T09:47:35",6,6307.650084,"720分厂","技改后不可用","让售","1-1-1-1"]
["5000011040228","过滤器滤芯;YCX-100/FV.BB","W209设备库","只",890.0854,"2007-10-22T09:29:51",5,4450.427,"管加工分厂","有实物 空压机干燥塔滤芯备件，已停用","让售","1-1-2-1"]
["5000011040512","过滤器滤芯;JXZ-YLX25","W209设备库","只",927.931598,"2010-03-23T10:07:03",5,4639.65799,"管加工分厂","有实物 定径机小液压站用，现已停用","让售","1-1-2-11"]
["5000011040227","过滤器滤芯;LYC-100/FT.AB","W209设备库","只",1120.666612,"2007-10-22T09:29:51",5,5603.33306,"管加工分厂","有实物 空压机干燥塔滤芯备件，已停用","让售","1-1-2-3"]
["5000012120527","外密封环;0640202.15-03;聚甲醛树脂","W209设备库","只",4842.905978,"2010-08-18T08:52:23",1,4842.905978,"管加工分厂","有实物 密封老化，已经无法使用","让售","1-13-1-23"]
["5000011040519","过滤器滤芯;JXZ-XY-60W","W209设备库","只",705.05281,"2011-05-25T11:01:57",4,2820.21124,"管加工分厂","有实物 定径机小液压站用，现已停用","让售","1-1-3-13"]
["5000011040520","过滤器滤芯;JXZ-GY-05V","W209设备库","只",1147.299146,"2011-05-25T11:01:57",4,4589.196584,"管加工分厂","有实物 定径机小液压站用，现已停用","让售","1-1-3-14"]
["5000012120292","增压器活塞导向环;FA500*35;012171","W209设备库","只",860.22838,"2010-08-26T09:40:59",4,3440.91352,"720分厂","技改后不可用","让售","2-Q8-2-5"]
["5266421082604","SEALS FOR HYDRAULIC CYLINDER 140/100/155 DRAWING No.INNSE B-74244;SMS","W209设备库","套",11301.158,"2009-02-24T15:34:06",6,67806.948,"340分厂","超使用寿命无法使用","让售","1-14-1-5"]
["5000011040243","过滤器滤芯;JXZ-KY-37FT30(30um)","W209设备库","只",1198.46157,"2011-03-23T11:21:27",3,3595.38471,"管加工分厂","有实物 加油小车滤芯，由于后期设备不通用，已停用","让售","1-1-4-6"]
["5000011040242","过滤器滤芯;JXZ-KY-38F30(30um)","W209设备库","只",1878.290606,"2011-03-23T11:21:27",3,5634.871818,"管加工分厂","有实物 加油小车滤芯，由于后期设备不通用，已停用","让售","1-1-4-7"]
["5000011030035","过滤器滤芯片;SJPL-6500X30Q","W209设备库","只",3378.119642,"2009-10-14T13:57:13",1,3378.119642,"管加工分厂","有实物 预拧机阀块过渡器用，现已停用","让售","1-2-4-4"]
["5120899870000","双动气动法兰蝶阀;PD374XE75/T;OMAL+GEFA;DN200;PN25;PTFE密封","W209设备库","只",25039.384656,"2007-03-25T23:31:00",1,25039.384656,"340分厂","芯棒冷却隧道水阀，已取消","让售","1-2平架中"]
["5120899872000","双动气动法兰蝶阀;PD374XE78/T;OMAL+GEFA;DN350;PN25;PTFE密封","W209设备库","只",71146.871752,"2007-03-25T23:31:00",1,71146.871752,"340分厂","芯棒冷却隧道水阀，已取消","让售","1-2平架中"]
["507160351W936","H4080铜轴瓦;D08112103;黄铜;1.5Kg","W209设备库","件",105.969174,"2011-07-25T16:49:35",6,635.815044,"管加工分厂","有实物 矫直后翻料机械装置，现已技改","让售","铜库-3-2-20"]
["5000011040510","过滤器滤芯;JXZ-43/16-12","W209设备库","只",2378,"2010-02-04T09:21:50",5,11890,"720分厂","技改后不可用","让售","1-3-4-11"]
["5000011081268","快速接头;HP-032-2-S3042-..-2;不锈钢","W209设备库","只",5428.3944,"2007-03-25T11:31:00",2,10856.7888,"340分厂","已改为胶管直接连接","让售","1-5-2-11"]
["5000011081273","快速接头;LP-032-2-WR548-..-2;不锈钢","W209设备库","只",8273.5048,"2007-03-25T11:31:00",2,16547.0096,"340分厂","已改为胶管直接连接","让售","1-5-2-15"]
["5000011081294","快速接头Adapter Nipple;LP-032-1-WR-548-11;G1-1/2\";WALTHER","W209设备库","只",659.5864,"2007-03-25T11:31:00",5,3297.932,"340分厂","已改为胶管直接连接","让售","1-5-2-11"]
["5000011081266","快速接头;HP-032-0-S3042-..-2;不锈钢","W209设备库","只",7664.272,"2007-03-25T11:31:00",2,15328.544,"340分厂","已改为胶管直接连接","让售","1-5-2-13.5"]
["5000011081270","快速接头;HP-032-2-WB048-..-2;不锈钢","W209设备库","只",3407.1752,"2007-03-25T11:31:00",2,6814.3504,"340分厂","已改为胶管直接连接","让售","1-5-2-13.5"]
["5000011081291","快速接头Adapter Clutch;LP-032-0-WR-548-11-1;G1-1/2\";WALTHER","W209设备库","只",2944.5768,"2007-03-25T11:31:00",5,14722.884,"340分厂","已改为胶管直接连接","让售","1-5-2-14"]
["5000011081295","快速接头Adapter Nipple;LP-032-1-WR-548-22;G1/2\";WALTHER","W209设备库","只",1430.6688,"2007-03-25T11:31:00",5,7153.344,"340分厂","已改为胶管直接连接","让售","1-5-2-14"]
["5000011081272","快速接头;LP-032-0-WR548-..-2;不锈钢","W209设备库","只",11206.8352,"2007-03-25T11:31:00",2,22413.6704,"340分厂","已改为胶管直接连接","让售","1-5-2-11"]
["5123202032056","高压泵;快速接头;HA050500;1\"","W209设备库","只",203.948678,"2009-10-19T10:20:49",5,1019.74339,"管加工分厂","有实物 水压举升油缸用，故障高，现已改造","让售","1-5-2-7"]
["5123202032056","高压泵;快速接头;HA050500;1\"","W209设备库","只",203.948678,"2010-06-09T15:41:19",5,1019.74339,"管加工分厂","有实物 水压举升油缸用，故障高，现已改造","让售","1-5-2-7"]
["5000011081264","快速接头;HP-020-0-S2536-..-2;不锈钢","W209设备库","只",2144.6116,"2008-05-14T08:45:11",3,6433.8348,"340分厂","已改为胶管直接连接","让售","1-5-2-14"]
["5000011081292","快速接头Adapter Clutch;LP-032-0-WR-548-22-1;G1/2\";WALTHER","W209设备库","只",6164.7696,"2007-03-25T11:31:00",5,30823.848,"340分厂","已改为胶管直接连接","让售","1-5-2-13"]
["5000011081690","直接头;KQGH08-00","W209设备库","只",110.7,"2010-05-12T11:07:00",5,553.5,"340分厂","已改为胶管直接连接","让售","1-5-4-30"]
["5000011081691","阳连接头;KQGH06-01S","W209设备库","只",59.57259,"2009-02-13T09:23:48",5,297.86295,"340分厂","已改为胶管直接连接","让售","1-5-4-29"]
["5000011081692","肘节接头;KQGL06-01S","W209设备库","只",113.53843,"2009-02-13T09:23:48",5,567.69215,"340分厂","已改为胶管直接连接","让售","1-5-4-28"]
["5120899700000","电动控制阀;LSDF-1W;DN150;PN10","W209设备库","只",10905.982824,"2007-03-25T23:31:00",1,10905.982824,"340分厂","现场自动控制水阀，已取消","让售","1-T1-3-4"]
["5082202084030","12.5+12.5t双梁行车;挂梁;GL12.5-1;部件;845Kg","W209设备库","件",12711.111072,"2007-03-25T23:31:00",1,12711.111072,"340分厂","技改后不可用","让售","1-后-3#地"]
["5000011040496","油流信号器;YXQ-25Ⅱ;0.4MPa;DN25;DC24V","W209设备库","只",315.3843,"2008-12-26T13:27:18",8,2523.0744,"管加工分厂","有实物 加油小车滤芯，由于后期设备不通用，已停用","让售","2-10-1-20木箱"]
["5000009022085","高压空气软管;DN25接口螺纹;74°扩口软管 3/4\" 两端;SAE1 1/16-12;L=3000","W209设备库","根",235.417982,"2010-08-23T09:18:17",2,470.835964,"720分厂","技改后不可用","让售","1-12-4-3"]
["5000011020006","温度传感器保护套;TFP-100","W209设备库","件",862.051322,"2010-03-23T10:06:31",4,3448.205288,"720分厂","技改后不可用","让售","2-10-3-1"]
["5000009022086","高压空气软管;DN10接口螺纹;两端直通:5/16\"-24;74°扩口;另一端1/4;","W209设备库","根",114.239284,"2010-08-23T09:18:17",5,571.19642,"720分厂","技改后不可用","让售","1-12-4-18"]
["5741202090000","液位计;UX-D4W2;L=1000mm","W209设备库","台",1153.025632,"2007-03-25T23:31:00",8,9224.205056,"340分厂","污水井液位计，已取消","让售","2-11-4-1"]
["5000007090020","比例阀;GIK25R02-5;03155134;CE-C87AS25","W209设备库","只",770.940138,"2007-08-03T15:15:43",3,2312.820414,"管加工分厂","有实物 探伤压辊阀，现已改成普通阀","让售","2-1-3-3"]
["5000007090019","比例阀;GIK40R02-5;03155146;CE-C87AS25","W209设备库","只",1146.598292,"2007-08-03T15:15:43",3,3439.794876,"管加工分厂","有实物 探伤压辊阀，现已改成普通阀","让售","2-1-3-4"]
["5000007090013","减压阀;DGMX2-3-PA-C-W-B-40","W209设备库","只",697.350468,"2007-06-12T18:17:41",1,697.350468,"管加工分厂","有实物 探伤翻料器，现已改成普通阀","让售","2-1-4-11"]
["5000007040493","电磁换向阀;Q250C-L25;AC220V","W209设备库","只",455.54854,"2010-08-25T09:31:07",4,1822.19416,"管加工分厂","有实物 220V的气动换向阀，涉及安全，已改成24V的阀","让售","2-1-4-11.5"]
["5000007090012","比例减压阀先导阀;KCG-3-L160D-Z-M-U-H1-10-P15-T14","W209设备库","只",2663.247824,"2009-08-12T08:47:47",1,2663.247824,"管加工分厂","有实物 水淬压辊减压阀，因为故障高，现已改成普通双级减压阀","让售","2-1-4-12"]
["5120999119300","气动调节切断蝶阀;ET700T-B-1-1.6-100-APS","W209设备库","只",8129.914518,"2010-03-25T09:21:39",1,8129.914518,"720分厂","技改后不可用","让售","100库10.4区-6木箱上"]
["5000007080071","电液比例换向阀;KBDG5V-8-2C280-N-X-M-U-H1-10","W209设备库","只",11334.222204,"2007-06-12T18:17:41",1,11334.222204,"管加工分厂","有实物 1#水淬后步进梁旋转马达用，现改成滚式链和电机旋转","让售","2-2-1-10"]
["5000007030528","三通气闸阀芯;DN65;JB/T2001.47-1999;31.5MPa","W209设备库","只",2266.56405,"2009-10-22T10:03:17",2,4533.1281,"720分厂","报废，机组未投用","让售","2-2-1-11"]
["5000007030525","手动闸阀;DN10;JB/T2001.27-1999;31.5MPa","W209设备库","只",865.55551,"2009-10-22T10:04:12",2,1731.11102,"720分厂","报废，机组未投用","让售","2-2-1-13"]
["5000007080072","保压电磁阀;M3-SEW6C36/420MG24N9K4","W209设备库","只",2540.598292,"2007-12-21T08:30:35",5,12702.99146,"管加工分厂","有实物 矫直机保压阀，因为使用效果不好，已停用","让售","2-2-2-4"]
["5000007090139","双叠加液控单向阀;DGMC2-5-AB-FW-BA-FW-30","W209设备库","只",2312.820496,"2007-04-25T17:08:46",5,11564.10248,"管加工分厂","有实物 2#探伤V3阀台，现已改成普通阀","让售","2-2-3-1"]
["5000007090100","减压溢流阀;DGMX2-5-PA-F-W-B-30","W209设备库","只",1852.359008,"2007-04-25T17:08:46",5,9261.79504,"管加工分厂","有实物 2#探伤V3阀台，现已改成普通阀","让售","2-2-3-2"]
["5000007090101","减压溢流阀;DGMX2-5-PP-F-W-B-30","W209设备库","只",1852.359008,"2007-04-25T17:08:46",2,3704.718016,"管加工分厂","有实物 2#探伤V3阀台，现已改成普通阀","让售","2-2-3-3"]
["5000007070608","比例换向阀;DZ0-AE-271-35/E31;带插头;ATOS","W209设备库","只",13045.00854,"2009-12-25T15:31:03",2,26090.01708,"720分厂","技改后不可用","让售","2-3-4-8"]
["5120899395000","气动直通水阀;Fisher4\"ED","W209设备库","只",66630.2562,"2008-03-05T09:18:21",1,66630.2562,"340分厂","现场自动控制水阀，已取消","让售","2-3地中木箱"]
["526642108Z054","干油快速母接头Quick Female Connection;0109015-02.901;C02185;Fa.MEER","W209设备库","只",25279.3044,"2007-12-04T09:06:23",5,126396.522,"340分厂","液压小仓油管已改为胶管直接连接","让售","1-5-3-10"]
["5000007070584","比例阀先导阀;DHRZ0-P5E-012/25/B1;带放大板;ATOS","W209设备库","只",7243.333306,"2010-01-26T14:35:07",2,14486.666612,"720分厂","技改后不可用","让售","2-7-2-3"]
["5000007070585","比例阀先导阀;DHRZ0-ATE-073-P3/B1/DP27SC20;带放大板;ATOS","W209设备库","只",11143.58967,"2010-01-26T14:35:07",1,11143.58967,"720分厂","技改后不可用","让售","2-7-2-4"]
["5000007070586","比例阀先导阀;DHRZ0-P5E-012/25;带放大板;ATOS","W209设备库","只",7243.333306,"2010-01-26T14:35:07",1,7243.333306,"720分厂","技改后不可用","让售","2-7-2-5"]
["5000021030347","位移传感器;953AC42000MXXC19.7X;VMAX/METEK","W209设备库","只",5312.471598,"2010-10-12T09:44:15",1,5312.471598,"720分厂","技改后不可用","让售","2-8-3-15"]
["5741303190000","多点记录仪;XMD5216UK","W209设备库","台",1576.916088,"2011-01-24T10:05:00",1,1576.916088,"720分厂","技改后不可用","让售","2-9-3-26"]
["507160302Z052","角接取压标准孔板;SN-LGBH-35-01-D-V;空气","W209设备库","件",7794.8718,"2017-07-20T14:54:12",3,23384.6154,"720分厂","技改后不可用","让售","2-P1"]
["5000015050105","锁紧盘;SP2-240*405","W209设备库","件",2922.56405,"2009-04-08T08:48:55",3,8767.69215,"管加工分厂","有实物 预拧机锁紧盘，现已停用","让售","2-P5-1"]
["5000008050128","液压马达;MD025","W209设备库","台",1541.873306,"2010-10-28T09:08:40",2,3083.746612,"管加工分厂","有实物 预拧机旋转马达，使用效果不好，已停用","让售","2-T2-2-21"]
["5000008010012","柱塞泵;10PCY14-1B;31.5MPa","W209设备库","台",1934.35868,"2007-06-25T18:20:56",1,1934.35868,"管加工分厂","有实物 矫直机保压泵，因为使用效果不好，已停用","让售","2-T3-2-22"]
["5000008050123","液压马达;ZBM4-200-F-H-K3Y","W209设备库","台",4064.9573,"2010-09-10T10:08:14",1,4064.9573,"管加工分厂","有实物 1#水淬旋转马达，因为使用效果不好，已改造","让售","2-T3-2-12"]
["5146001011012","空调配件;水冷空调压缩机;VR125KS-TFP-522;吉荣","W209设备库","台",6495.7264,"2017-08-15T09:02:46",8,51965.8112,"能源分厂","空调外委","让售","2-地2-1"]
["5000007090220","试验台;FTE8-235/68-60/350","W209设备库","台",132461.53146,"2015-08-27T11:38:00",1,132461.53146,"720分厂","有实物（水压冲孔机的），让售","让售","T","退库物资"]
["5146001011007","空调配件;谷轮;VR94KS-TFR-522","W209设备库","台",3401.709,"2017-08-15T08:56:20",2,6803.418,"能源分厂","空调外委","让售","XF"]
["5628201015345","空调压缩机;KFR-120;JT160BCDY1L;5P","W209设备库","台",1310.016,"2017-08-15T08:56:09",4,5240.064,"能源分厂","空调外委","让售","XF"]
["50000002100G1","光钎式对射式光电开关配套光钎;LL3-TB02;5.308.04;SICK","W209设备库","套",194.615344,"2007-03-25T23:31:00",4,778.461376,"340分厂","技改后不可用","让售","XF-10-5-1"]
["5628201022068","电源;6SE7 021-2EP87-OFB1","W209设备库","块",2654.129752,"2010-12-27T04:31:22",1,2654.129752,"340分厂","报废（电气没用过）","让售","XF-4-1-8"]
["42308011009","空调工具;卤素检漏仪;RX-1A","W209设备库","台",914.5299,"2017-07-25T18:01:32",1,914.5299,"能源分厂","空调外委","让售","XF门口"]
["42308012034","空调材料;90°紫铜管弯头;Φ12*0.8","W209设备库","只",3.07692,"2017-07-25T17:59:53",10,30.7692,"能源分厂","空调外委","让售","XF门口"]
["42308012035","空调材料;90°紫铜管弯头;Φ16*1","W209设备库","只",4.4444,"2017-07-25T18:00:06",10,44.444,"能源分厂","空调外委","让售","XF门口"]
["42308012036","空调材料;90°紫铜管弯头;Φ19*1","W209设备库","只",5.89743,"2017-07-25T18:00:17",10,58.9743,"能源分厂","空调外委","让售","XF门口"]
["42308012037","空调材料;90°紫铜管弯头;Φ22*1","W209设备库","只",7.52136,"2017-07-25T18:00:29",10,75.2136,"能源分厂","空调外委","让售","XF门口"]
["42308012043","空调材料;丹佛斯膨胀阀;外平衡5P;TGEX4TR;制冷量14Kw;R22","W209设备库","只",254.70085,"2017-08-15T09:40:13",10,2547.0085,"能源分厂","空调外委","让售","XF门口"]
["42308012044","空调材料;丹佛斯膨胀阀;外平衡10P;TGEX-7.5TR;制冷量27Kw;R22","W209设备库","只",296.5811,"2017-08-15T09:40:20",10,2965.811,"能源分厂","空调外委","让售","XF门口"]
["42308012046","空调材料;视液镜;鸿森SG型;焊口16mm","W209设备库","只",27.3504,"2017-07-25T17:59:03",5,136.752,"能源分厂","空调外委","让售","XF门口"]
["42308012047","空调材料;视液镜;鸿森SG型;焊口12mm","W209设备库","只",24.78632,"2017-07-25T17:59:24",5,123.9316,"能源分厂","空调外委","让售","XF门口"]
["42308012048","空调材料;制冷球阀;鸿森GBC-12;Φ12;焊口","W209设备库","只",47.0085,"2017-07-25T17:59:39",8,376.068,"能源分厂","空调外委","让售","XF门口"]
["42308012049","空调材料;制冷球阀;鸿森GBC-16;Φ16;焊口","W209设备库","只",48.7179,"2017-07-25T17:57:56",8,389.7432,"能源分厂","空调外委","让售","XF门口"]
["42308012050","空调材料;制冷球阀;鸿森GBC-18;Φ18;焊口","W209设备库","只",64.9572,"2017-07-25T17:58:10",8,519.6576,"能源分厂","空调外委","让售","XF门口"]
["42308012051","空调材料;储液罐;3P;接口Φ16*2;罐体Φ115*200mm;挂式","W209设备库","只",70.94017,"2017-07-25T17:58:22",8,567.52136,"能源分厂","空调外委","让售","XF门口"]
["42308012052","空调材料;储液罐;3P;接口Φ19*2;罐体Φ128*300mm;挂式","W209设备库","只",70.9401,"2017-07-25T17:57:06",8,567.5208,"能源分厂","空调外委","让售","XF门口"]
["42308012053","空调材料;干燥过滤器;DFS-164S-1/2;焊接Φ12mm","W209设备库","只",32.4786,"2017-07-25T17:57:20",10,324.786,"能源分厂","空调外委","让售","XF门口"]
["42308012054","空调材料;干燥过滤器;DFS-165S-5/8;焊接Φ16mm","W209设备库","只",32.47863,"2017-07-25T17:57:33",10,324.7863,"能源分厂","空调外委","让售","XF门口"]
["42308012055","空调材料;干燥过滤器;DFS-306S-3/4;焊接Φ19mm","W209设备库","只",48.7179,"2017-07-25T17:58:44",5,243.5895,"能源分厂","空调外委","让售","XF门口"]
["5146001011035","空调配件;电源变压器;EI41-15DD33;220V/15V","W209设备库","只",27.3504,"2017-07-25T18:01:10",3,82.0512,"能源分厂","空调外委","让售","XF门口"]
["5146001011037","空调配件;压力开关;高低压差控制器;P830E;奉申","W209设备库","只",88.0341,"2017-07-25T18:01:21",5,440.1705,"能源分厂","空调外委","让售","XF门口"]
["5146001011039","空调配件;内风机电机;YT150-4E01;380V;150W","W209设备库","台",1189.7435,"2017-07-25T18:01:55",2,2379.487,"能源分厂","空调外委","让售","XF门口"]
["5146001011041","空调配件;飞越VES-100B/50B冷媒氟利昂电子秤;带电磁阀","W209设备库","台",846.1538,"2017-07-25T18:02:03",1,846.1538,"能源分厂","空调外委","让售","XF门口"]
["5146001011048","空调配件;海立特外机;B-12;R142B;制冷量12000W","W209设备库","台",19658.1196,"2017-09-19T10:07:19",2,39316.2392,"能源分厂","空调外委","让售","库100"]
["5146001011049","空调配件;海立特外机;B-4;R142B;制冷量4000W","W209设备库","台",8376.06837,"2017-09-19T10:07:43",3,25128.20511,"能源分厂","空调外委","让售","库100"]
["526129901D111","空段清扫器;DQG-V-800","W209设备库","台",2481.02562,"2010-01-06",7,17367.17934,"炼铁分厂","淘汰备件","让售 ","库100"]
["5000011040187","油水分离器滤芯;JXZ-YQL/1400.10FT","W209设备库","只",3364.102562,"2016-12-27T16:12:36",3,10092.307686,"管加工分厂","有实物 计划错误，我们没有油水分离器","让售","1-1-1-5"]
["5120999148000","气动三偏心硬密封开关蝶阀;HB2511;DN200;PN16;阀体/板材质:WCB/304;阀座材  :304;带执行器","W209设备库","只",15049.2144,"2007-03-25T11:31:00",1,15049.2144,"340分厂","芯棒润滑三通球阀，已取消","让售","已发"]
["507160302Z051","角接取压标准孔板;SN-LGBH-20-01-D-V","W209设备库","件",5606.8376,"2017-07-20T14:53:29",3,16820.5128,"720分厂","技改后不可用","让售","已发"]
["5121102250200","机械密封;32GDL-6-12*12;φ26","W009设备库","件",138.3272,"2007-03-25T10:56:00",30,4149.816,"89分厂","原穿孔机冷却水加压泵已改造,不可用","让售","1-14-1-34"]
["5071604021001","液压缸大活塞杆;4303011.B;45;2.14Kg","W009设备库","件",568.33708,"2007-08-02",7,3978.35956,"219分厂","老108分厂物资，已经不用","让售","1-15-1-3"]
["5072402110063","150空气锤;活塞涨圈;C41-150-302;HT21-40","W009设备库","件",19.8,"2007-03-25T10:56:00",11,217.8,"50机组","机组淘汰","让售","1-15-2-13"]
["5072402110053","150空气锤;活塞阻漏圈;C41-150-311;HT21-40","W009设备库","件",22.9416,"2007-03-25T10:56:00",10,229.416,"50机组","机组淘汰","让售","1-15-2-15"]
["5071605131015","127切管机;挡环;GXQG-127.09027","W009设备库","件",752.136,"2007-03-25",6,4512.816,"219分厂","原108机组","让售","1-15-2-2"]
["5000006060140","液压缸活塞杆;Z0213.03.02.04.00","W009设备库","件",235.5672,"2007-03-25",15,3533.508,"219分厂","老108分厂物资，已经不用","让售","1-15-3-1"]
["5072402110001","150空气锤;锤杆涨圈;C41-150-203;HT21-40","W009设备库","件",24.0328,"2007-03-25T10:56:00",19,456.6232,"50机组","机组淘汰","让售","1-15-3-13.5"]
["5072402110049","150空气锤;活塞涨圈;C41-301-302;HT24-46","W009设备库","件",20.328,"2007-03-25T10:56:00",3,60.984,"50机组","机组淘汰","让售","1-15-3-15"]
["5000004060030","气缸端盖;QGBⅡ-R160","W009设备库","件",324.9224,"2007-03-25T09:47:00",1,324.9224,"89分厂","汽缸改油缸,可改制","让售","1-15-3-19"]
["5071604021002","液压缸小活塞杆;4303011.C;45;1Kg","W009设备库","件",536.153802,"2007-05-14",3,1608.461406,"219分厂","老108分厂物资，已经不用","让售","1-15-3-2"]
["5071604021002","液压缸小活塞杆;4303011.C;45;1Kg","W009设备库","件",536.153802,"2007-08-22",10,5361.53802,"219分厂","老108分厂物资，已经不用","让售","1-15-3-2"]
["5072402110052","150空气锤;活塞阻漏圈;C41-150-310;HT21-40","W009设备库","件",22.9416,"2007-03-25T10:56:00",6,137.6496,"50机组","机组淘汰","让售","1-15-3-6"]
["5072402210012","250空气锤;压缩活塞环;C41-31401;HT21-40","W009设备库","件",53.2664,"2007-03-25T10:56:00",10,532.664,"50机组","机组淘汰","让售","1-15-3-7"]
["5000006060142","液压缸活塞杆;Z0213.05.09.05","W009设备库","件",616.752136,"2007-03-25",4,2467.008544,"219分厂","老108分厂物资，已经不用","让售","1-15-4-24"]
["5000000050404","分水滤气器QSL-40;;","W009设备库","个",142.5864,"2007-03-25",12,1711.0368,"219分厂","老108分厂物资","让售","1-2-3-20纸箱"]
["5000000011060","电动机轴瓦;5E263.024","W009设备库","付",7446.1552,"2007-03-25",2,14892.3104,"219分厂","老108分厂物资","让售","1-T4-2-10"]
["5000011090819","旋转接头;HS-XS;40-20L;左旋","W009设备库","只",406.49573,"2009-10-21T09:09:26",10,4064.9573,"89分厂油管","回火炉循环风机,改造,不可用","让售","1-6-4-28"]
["5000011090817","旋转接头;HS-G;40-20R;右旋","W009设备库","只",328,"2009-03-27T08:31:42",2,656,"89分厂油管","回火炉循环风机,改造,不可用","让售","1-6-4-29"]
["5000011090817","旋转接头;HS-G;40-20R;右旋","W009设备库","只",328,"2009-05-13T09:52:54",3,984,"89分厂油管","回火炉循环风机,改造,不可用","让售","1-6-4-29"]
["5000011090817","旋转接头;HS-G;40-20R;右旋","W009设备库","只",328,"2009-09-10T09:58:40",5,1640,"89分厂油管","回火炉循环风机,改造,不可用","让售","1-6-4-29"]
["5000006060151","液压缸活塞杆Z0213.08.02.01.00","W009设备库","件",204.280384,"2007-03-25",4,817.121536,"219分厂","老108分厂物资，已经不用","让售","1-P1-7(右)"]
["5000006060145","液压缸活塞杆;Z0213.08.05.10.00","W009设备库","件",1579.487184,"2007-03-25",5,7897.43592,"219分厂","老108分厂物资，已经不用","让售","1-P1-7(左)"]
["5000006040015","液压缸;Z0202.05.10.06.23","W009设备库","台",3694.1168,"2007-03-25",1,3694.1168,"219分厂","老108分厂物资，已经不用","让售","1-T1-1-8.5"]
["5000006040011","液压缸;Z0213.05.11.11","W009设备库","台",2550.7152,"2007-03-25",1,2550.7152,"219分厂","老108分厂物资，已经不用","让售","1-T2-1-14.5"]
["5000000060586","液压缸;D2013.12.00","W009设备库","个",528.22,"2007-03-25",4,2112.88,"219分厂","老108分厂物资，已经不用","让售","1-T2-1-16"]
["5000000060587","液压缸D2013.08.00;;","W009设备库","个",494.9472,"2007-03-25",6,2969.6832,"219分厂","老108分厂物资，已经不用","让售","1-T2-1-16"]
["5000008040003","叶片泵;YB-E125","W009设备库","台",1307.2136,"2007-03-25",2,2614.4272,"219分厂","老108分厂物资，已经不用","让售","1-T3-2-7"]
["5000002080019","减速机大齿轮;ZQ500;Mn=6;Z=81","W009设备库","件",1287.44,"2007-03-25T09:47:00",1,1287.44,"50机组","机组淘汰","让售","1-T4-1-11"]
["5000010030238","金属软管;JRD15SL1-800;管螺纹","W009设备库","根",167.332,"2007-03-25",12,2007.984,"219分厂","老108分厂物资，已经不用","让售","2-12-2-25"]
["5000005010007","气阀;K25D-8","W009设备库","只",186.9824,"2007-03-25T09:47:00",2,373.9648,"89分厂","管坯火焰切割机用，改造,不用","让售","2-4-3-21"]
["5000005010008","气阀;K25D2-6","W009设备库","只",172.0928,"2007-03-25T09:47:00",8,1376.7424,"89分厂","管坯火焰切割机用，改造,不用","让售","2-4-3-7"]
["5000000070543","先导电磁阀Q24D2H-15;;","W009设备库","个",206.844,"2007-03-25",6,1241.064,"219分厂","老108分厂物资，已经不用","让售","2-5-2-3"]
["5000000070527","电磁换向阀K25JD-15W AC36V;;","W009设备库","个",243.2408,"2007-03-25",1,243.2408,"219分厂","老108分厂物资，已经不用","让售","2-5-3-20"]
["5741306830000","液晶显示控制无纸记录仪;HR-LCD-S8203-2P","W009设备库","台",2693.0288,"2007-03-25T10:56:00",1,2693.0288,"89分厂","环形炉升级改造,不可用","让售","2-9-3-15"]
["5000000011066","过电压保护器;TBP-6.3","W009设备库","只",356.3032,"2007-03-25",3,1068.9096,"219分厂","老108分厂物资","让售","2-9-1-29"]
["50000001107L1","比例放大器;VT2010S-4X/2;Roxroth","W009设备库","台",2704.3808,"2007-03-25T09:47:00",1,2704.3808,"89分厂","连扎机入口改造,升降辊取消","让售","2-9-2-29"]
["5741457050000","安全栅;DFA-1200-H;4~20mA","W009设备库","台",2382.7672,"2007-03-25T10:56:00",2,4765.5344,"89分厂","锯片修磨,设备封存,不可用","让售","2-9-2-7(木箱)"]
["5741450100000","温度变送器;9404 211;80011(K);0-1200℃","W009设备库","台",2456.8016,"2007-03-25T10:56:00",2,4913.6032,"89分厂","环形炉已改造,不可用","让售","2-9-3-29"]
["50000001107K8","驱动盘;GDX237;进口件","W009设备库","件",19074.0704,"2007-03-25T09:47:00",1,19074.0704,"89分厂","数控机床升级改造,不可用","让售","2-Q4-1-1"]
["526642401B002","水泵联轴器;D80*30-4","W009设备库","件",167.3672,"2007-03-25T10:56:00",10,1673.672,"50机组","机组淘汰","让售","2-Q4-2-1"]
["5000006040012","液压缸;Z0213.05.09.05","W009设备库","台",3048.6192,"2007-03-25",1,3048.6192,"219分厂","老108分厂物资，已经不用","让售","2-T1-1-11.5"]
["5000006040017","液压缸;Z0213.08.05.10.00","W009设备库","台",10078.7896,"2007-03-25",2,20157.5792,"219分厂","老108分厂物资，已经不用","让售","2-T1-1-11里"]
["5000004020028","气缸;JB160*420B","W009设备库","台",1405.668,"2007-03-25T09:47:00",1,1405.668,"50机组","机组淘汰","让售","2-T1-1-6"]
["5000006040007","液压缸;Z0213.03.01.03","W009设备库","台",2659.7648,"2007-03-25",1,2659.7648,"219分厂","老108分厂物资，已经不用","让售","2-T1-2-12"]
["5000004010126","芯杆上下调整气缸;SIJ-100*75-75-TC-M","W009设备库","台",756.923058,"2007-09-20T09:01:46",4,3027.692232,"50机组","机组淘汰","让售","2-T1-2-19"]
["5000006030031","液压缸;G63/45-470-00","W009设备库","台",2376.752136,"2007-03-25T09:47:00",2,4753.504272,"89分厂油管","1#加厚已改造,不可用","让售","2-T1-2-22"]
["5000004010063","气缸;QGBⅡ直径320*350-MF1","W009设备库","台",4951.2821,"2012-08-31T09:48:38",1,4951.2821,"89分厂","汽缸改油缸,可改制","让售","2-T1-3-12"]
["5000000060585","液压缸;D2013.15.00;DG-TICOC-E11","W009设备库","个",1571.5392,"2007-03-25",1,1571.5392,"219分厂","老108分厂物资，已经不用","让售","2-T2-1-1.5"]
["5000006040018","液压缸;Z0213.08.02.01.00","W009设备库","台",3491.9192,"2007-03-25",1,3491.9192,"219分厂","老108分厂物资，已经不用","让售","2-T2-2-1.5里"]
["5000008030008","齿轮油泵;CB-B160","W009设备库","台",1714.2224,"2007-03-25T09:47:00",1,1714.2224,"89分厂","采购错误","让售","2-T2-2-11"]
["5000006040004","液压缸;Z0213.03.02.04.00","W009设备库","台",2247.7488,"2007-03-25",1,2247.7488,"219分厂","老108分厂物资，已经不用","让售","2-T2-2-7.5"]
["5000006010247","液压缸;CDL1MF4/63/36/50D1X/B1CHDMWW","W009设备库","台",2162.3932,"2007-03-25T09:47:00",4,8649.5728,"89分厂油管","2#加厚已改造,不可用","让售","2-T2-2-8.5"]
["5000006040005","液压缸;Z0213.03.02.06.00","W009设备库","台",2472.9496,"2007-03-25",2,4945.8992,"219分厂","老108分厂物资，已经不用","让售","2-T2-2-9"]
["5000008040008","叶片泵;IPV2V4-17/20RA01MC160A1","W009设备库","台",3920.796,"2007-03-25",1,3920.796,"219分厂","老108分厂物资，已经不用","让售","2-T3-1-7"]
["5000008050097","液压马达;ZJM-25-0-P-TANZ排量:2498ml/r","W009设备库","台",18103.07686,"2008-09-24",1,18103.07686,"219分厂","老108分厂物资，已经不用","让售","2-T3-3-9"]
["5000021010169","主轴编码器;6FX2001-3AB02;Siemens","W009设备库","只",1611.6848,"2007-03-25T10:56:00",1,1611.6848,"89分厂","轧辊车床已改造升级,不可用","让售","XF-3-1-4"]
["5628201015166","通讯适配器;PCM-085;Modicon","W009设备库","只",10439.66,"2007-03-25T10:56:00",1,10439.66,"89分厂","采购错误","让售","XF-3-2-1"]
["5000000230047","控制板;6FX1121-4BA02;Siemens","W009设备库","块",18257.9672,"2007-03-25T09:47:00",1,18257.9672,"89分厂","车床升级改造,不可用","让售","XF-3-2-10"]
["5202100033000","传动控制板;6SN1118-0AA11-0AA1","W009设备库","件",6190.6504,"2007-03-25T10:56:00",1,6190.6504,"89分厂","数控机床升级改造,不可用","让售","XF-3-2-3"]
["5628204G40000","电源模块AS-P120-000","W009设备库","件",1844.1632,"2007-03-25T10:56:00",2,3688.3264,"89分厂","7辊矫直机已改造,不可用","让售","XF-3-2-4"]
["5628204C60000","模块AS-BDAP-210","W009设备库","件",1483.856,"2007-03-25T10:56:00",2,2967.712,"89分厂","7辊矫直机已改造,不可用","让售","XF-3-2-5"]
["5202100060000","CPU模块CPU12520;6FX1138-5BB03;Siemens","W009设备库","件",25983.7688,"2007-03-25T10:56:00",1,25983.7688,"89分厂","数控机床升级改造,不可用","让售","XF-3-2-7"]
["5628201015304","数控机床;LCD液晶显示器驱动板;GTC12860;Vers1.01;VOLLMER","W009设备库","块",12572.4104,"2007-03-25T10:56:00",1,12572.4104,"89分厂","锯片修磨,设备封存,不可用","让售","XF-3-5-6"]
["5628201015305","栅极触发板;HE62;Himmel","W009设备库","块",11293.3392,"2007-03-25T10:56:00",2,22586.6784,"89分厂","锯片修磨,设备封存,不可用","让售","XF-3-5-8"]
["5071605131020","127切管机;防护门;GXQG-127.75001改;组件","W009设备库","件",15769.230826,"2009-02-17",1,15769.230826,"219分厂","原108机组","让售","库100"]
["5072402210025","250空气锤;电机皮带轮;C41-32016b;HT21-40","W009设备库","件",549.811944,"2007-10-10T08:34:47",2,1099.623888,"50机组","机组淘汰","让售","库100","2018.7.26已让售*"]
["5000002080017","减速机中间齿轮轴;ZQ500;Mn=6;Z=18","W009设备库","件",332.7016,"2007-03-25T09:47:00",1,332.7016,"50机组","机组淘汰","让售","库100"]
["5000002080018","减速机中间齿轮;ZQ500;Mn=4;Z=77","W009设备库","件",512.556,"2007-03-25T09:47:00",1,512.556,"50机组","机组淘汰","让售","库100"]
["5000002080020","减速机齿轮轴;ZQ350;Mn=3;Z=26;I=12.64","W009设备库","件",193.6968,"2007-03-25T09:47:00",1,193.6968,"50机组","机组淘汰","让售","库100"]
["5000002080033","减速机高速齿轮轴;ZQ35-8-ⅡZ;Z=35;M=3","W009设备库","件",225.8256,"2007-03-25T09:47:00",2,451.6512,"50机组","机组淘汰","让售","库100"]
["5000002080070","减速机齿轮轴;ZQ35.5-5-3","W009设备库","件",243.6896,"2007-03-25T09:47:00",3,731.0688,"50机组","机组淘汰","让售","库100"]
["5072402050026","150空气锤;轴承盖;C41-150-410;HT15-32","W009设备库","件",93.213746,"2012-10-10T08:15:40",2,186.427492,"50机组","机组淘汰","让售","库100"]
["5072402050027","150空气锤;传动轴;C41-150-426; 中级弹簧钢丝","W009设备库","件",489.984,"2007-03-25T10:56:00",6,2939.904,"50机组","机组淘汰","让售","库100"]
["5072402050030","150空气锤;下气门转柄;C41-150-509;HT15-32","W009设备库","件",6.5648,"2007-03-25T10:56:00",5,32.824,"50机组","机组淘汰","让售","库100"]
["5072402050032","150空气锤;上气门芯;C41-150-502;HT20-40","W009设备库","件",83.4768,"2007-03-25T10:56:00",1,83.4768,"50机组","机组淘汰","让售","库100"]
["5072402050033","150空气锤;下转手柄;C41-33028;HT21-40","W009设备库","件",58.2472,"2007-03-25T10:56:00",3,174.7416,"50机组","机组淘汰","让售","库100"]
["5072402110003","150空气锤;二砧座;C41-150-206;ZG45","W009设备库","件",1040.76942,"2012-10-12T08:13:34",2,2081.53884,"50机组","机组淘汰","让售","库100"]
["5072402110012","150空气锤;轴承座;C41-150-406;HT20-40","W009设备库","件",549.811944,"2007-03-25T10:56:00",1,549.811944,"50机组","机组淘汰","让售","库100"]
["5072402110017","150空气锤;轴领座;C41-150-411;HT20-40","W009设备库","件",470.8352,"2007-03-26T11:45:00",1,470.8352,"50机组","机组淘汰","让售","库100"]
["5072402110022","150空气锤;连杆头;C41-150-425;45","W009设备库","件",538.4616,"2012-10-10T08:17:58",2,1076.9232,"50机组","机组淘汰","让售","库100"]
["5072402110027","150空气锤;大皮带轮;C41-150-441;HT15-32","W009设备库","件",542.74,"2007-03-25T10:56:00",1,542.74,"50机组","机组淘汰","让售","库100"]
["5072402110050","150空气锤;曲轴;C41-301-401;45","W009设备库","件",756.923058,"2007-10-10T08:37:00",3,2270.769174,"50机组","机组淘汰","让售","库100"]
["5072402110059","150空气锤;下气门套;C41-150-503;HT20-40","W009设备库","件",490.393112,"2007-03-25T10:56:00",1,490.393112,"50机组","机组淘汰","让售","库100"]
["5072402110060","150空气锤;下气门芯;C41-150-504;HT15-32","W009设备库","件",569.36748,"2007-03-25T10:56:00",1,569.36748,"50机组","机组淘汰","让售","库100"]
["5072402110062","150空气锤;铜套;C41-150-307;TSnEnPb","W009设备库","件",143.5875,"2012-10-10T08:17:58",5,717.9375,"50机组","机组淘汰","让售","库100"]
["5072402111039","150空气锤;连杆;H2016.03;C41-301-106;45锻件","W009设备库","件",538.46,"2012-10-10T08:15:40",8,4307.68,"50机组","机组淘汰","让售","库100"]
["5072402210004","250空气锤;活塞导程;C41-31016;HT21-40","W009设备库","件",603.1432,"2007-03-25T10:56:00",15,9047.148,"50机组","机组淘汰","让售","库100"]
["5072402210015","250空气锤;连杆头;C41-250-04-25;ZG45","W009设备库","件",314.0104,"2007-03-25T10:56:00",2,628.0208,"50机组","机组淘汰","让售","库100"]
["5072402210017","250空气锤;轴承座;C41-32001B;HT15-32","W009设备库","件",406.2608,"2007-03-25T10:56:00",2,812.5216,"50机组","机组淘汰","让售","库100"]
["5072402210019","250空气锤;传动齿轮轴;C41-32004;45","W009设备库","件",770.940138,"2007-10-10T08:37:00",1,770.940138,"50机组","机组淘汰","让售","库100"]
["5072402210026","250空气锤;曲轴;C41-32201;45","W009设备库","件",838.4,"2007-03-25T10:56:00",2,1676.8,"50机组","机组淘汰","让售","库100"]
["5120899384100","气动活塞硬密封蝶阀;DYD673H-0.6;DN250","W009设备库","只",11031.45303,"2007-07-03T03:33:54",2,22062.90606,"50机组","机组淘汰","让售","库100"]
["5120899384200","气动活塞硬密封蝶阀;DYD673H-0.6;DN40","W009设备库","只",3214.119642,"2007-07-03T03:33:28",2,6428.239284,"50机组","机组淘汰","让售","库100"]
["5120899384300","气动活塞硬密封蝶阀;DYD673H-0.6;DN150","W009设备库","只",6272.649532,"2007-07-03T03:33:54",1,6272.649532,"50机组","机组淘汰","让售","库100"]
["5120899385200","气动活塞调节阀;HB2810;DN50","W009设备库","只",8921.880358,"2007-07-18T06:53:43",1,8921.880358,"50机组","机组淘汰","让售","库100"]
["5120899385400","气动活塞调节阀;HB2810;DN40","W009设备库","只",9041.02562,"2007-07-18T06:53:43",1,9041.02562,"50机组","机组淘汰","让售","库100"]
["5120999161100","多功能水泵控制阀;JD745X-75 DN80","W009设备库","只",1654.01708,"2010-01-25T08:51:20",1,1654.01708,"50机组","机组淘汰","让售","库100"]
["5121101531001","离心水泵;IH65-50-160;5.5kw;外购","W009设备库","件",9370.24,"2007-03-25T10:56:00",2,18740.48,"50机组","机组淘汰","让售","库100"]
["5121101550001","离心水泵;BF-25-100;;外购","W009设备库","件",10819.0984,"2007-03-25T10:56:00",2,21638.1968,"50机组","机组淘汰","让售","库100"]
["5120899660000","阀门电动装置;LQA10-1;N=0.03Kw","W009设备库","只",2275.2136,"2007-03-25T10:56:00",1,2275.2136,"89分厂","采购错误","让售","库100"]
["5120899887000","气动装置先导阀2630600;QQ-50;0.15-1MPa","W009设备库","只",479.996,"2007-03-25T10:56:00",4,1919.984,"89分厂","工业炉改造,不可用","让售","库100"]
["5000000060660","导向套DC1415-9改;QT20-40;","W009设备库","件",27.4296,"2007-03-25",14,384.0144,"219分厂","老108分厂物资，已经不用","让售","铜5柜-1-11"]
["5000002080064","升降机蜗轮;QWL10A-I-155","W009设备库","件",1090.598256,"2010-05-21",4,4362.393024,"219分厂","老108分厂物资，已经不用","让售","铜6柜-1-8"]
["5000000011050","电机风罩;Y250M-4;;","W009设备库","件",110.132,"2007-03-25",8,881.056,"219分厂","老108分厂物资","让售","行车梯旁边","2018.7.26已让售*"]
["5000006040182","液压缸;Z0224.04.04.01;100/70-135","W009设备库","台",7709.401708,"2014-09-01",2,15418.803416,"219分厂","老108分厂物资，已经不用","让售","1-T2-3-11"]
["5000011040285","过滤器滤芯;SFAX-800*5","W209设备库","只",1051.275014,"2010-05-21T09:47:35",6,6307.650084,"720分厂","技改后不可用","让售","1-1-1-1"]
["5000011040228","过滤器滤芯;YCX-100/FV.BB","W209设备库","只",890.0854,"2007-10-22T09:29:51",5,4450.427,"管加工分厂","有实物 空压机干燥塔滤芯备件，已停用","让售","1-1-2-1"]
["5000011040512","过滤器滤芯;JXZ-YLX25","W209设备库","只",927.931598,"2010-03-23T10:07:03",5,4639.65799,"管加工分厂","有实物 定径机小液压站用，现已停用","让售","1-1-2-11"]
["5000011040227","过滤器滤芯;LYC-100/FT.AB","W209设备库","只",1120.666612,"2007-10-22T09:29:51",5,5603.33306,"管加工分厂","有实物 空压机干燥塔滤芯备件，已停用","让售","1-1-2-3"]
["5000012120527","外密封环;0640202.15-03;聚甲醛树脂","W209设备库","只",4842.905978,"2010-08-18T08:52:23",1,4842.905978,"管加工分厂","有实物 密封老化，已经无法使用","让售","1-13-1-23"]
["5000011040519","过滤器滤芯;JXZ-XY-60W","W209设备库","只",705.05281,"2011-05-25T11:01:57",4,2820.21124,"管加工分厂","有实物 定径机小液压站用，现已停用","让售","1-1-3-13"]
["5000011040520","过滤器滤芯;JXZ-GY-05V","W209设备库","只",1147.299146,"2011-05-25T11:01:57",4,4589.196584,"管加工分厂","有实物 定径机小液压站用，现已停用","让售","1-1-3-14"]
["5000012120292","增压器活塞导向环;FA500*35;012171","W209设备库","只",860.22838,"2010-08-26T09:40:59",4,3440.91352,"720分厂","技改后不可用","让售","2-Q8-2-5"]
["5266421082604","SEALS FOR HYDRAULIC CYLINDER 140/100/155 DRAWING No.INNSE B-74244;SMS","W209设备库","套",11301.158,"2009-02-24T15:34:06",6,67806.948,"340分厂","超使用寿命无法使用","让售","1-14-1-5"]
["5000011040243","过滤器滤芯;JXZ-KY-37FT30(30um)","W209设备库","只",1198.46157,"2011-03-23T11:21:27",3,3595.38471,"管加工分厂","有实物 加油小车滤芯，由于后期设备不通用，已停用","让售","1-1-4-6"]
["5000011040242","过滤器滤芯;JXZ-KY-38F30(30um)","W209设备库","只",1878.290606,"2011-03-23T11:21:27",3,5634.871818,"管加工分厂","有实物 加油小车滤芯，由于后期设备不通用，已停用","让售","1-1-4-7"]
["5000011030035","过滤器滤芯片;SJPL-6500X30Q","W209设备库","只",3378.119642,"2009-10-14T13:57:13",1,3378.119642,"管加工分厂","有实物 预拧机阀块过渡器用，现已停用","让售","1-2-4-4"]
["5120899870000","双动气动法兰蝶阀;PD374XE75/T;OMAL+GEFA;DN200;PN25;PTFE密封","W209设备库","只",25039.384656,"2007-03-25T23:31:00",1,25039.384656,"340分厂","芯棒冷却隧道水阀，已取消","让售","1-2平架中"]
["5120899872000","双动气动法兰蝶阀;PD374XE78/T;OMAL+GEFA;DN350;PN25;PTFE密封","W209设备库","只",71146.871752,"2007-03-25T23:31:00",1,71146.871752,"340分厂","芯棒冷却隧道水阀，已取消","让售","1-2平架中"]
["507160351W936","H4080铜轴瓦;D08112103;黄铜;1.5Kg","W209设备库","件",105.969174,"2011-07-25T16:49:35",6,635.815044,"管加工分厂","有实物 矫直后翻料机械装置，现已技改","让售","铜库-3-2-20"]
["5000011040510","过滤器滤芯;JXZ-43/16-12","W209设备库","只",2378,"2010-02-04T09:21:50",5,11890,"720分厂","技改后不可用","让售","1-3-4-11"]
["5000011081268","快速接头;HP-032-2-S3042-..-2;不锈钢","W209设备库","只",5428.3944,"2007-03-25T11:31:00",2,10856.7888,"340分厂","已改为胶管直接连接","让售","1-5-2-11"]
["5000011081273","快速接头;LP-032-2-WR548-..-2;不锈钢","W209设备库","只",8273.5048,"2007-03-25T11:31:00",2,16547.0096,"340分厂","已改为胶管直接连接","让售","1-5-2-15"]
["5000011081294","快速接头Adapter Nipple;LP-032-1-WR-548-11;G1-1/2\";WALTHER","W209设备库","只",659.5864,"2007-03-25T11:31:00",5,3297.932,"340分厂","已改为胶管直接连接","让售","1-5-2-11"]
["5000011081266","快速接头;HP-032-0-S3042-..-2;不锈钢","W209设备库","只",7664.272,"2007-03-25T11:31:00",2,15328.544,"340分厂","已改为胶管直接连接","让售","1-5-2-13.5"]
["5000011081270","快速接头;HP-032-2-WB048-..-2;不锈钢","W209设备库","只",3407.1752,"2007-03-25T11:31:00",2,6814.3504,"340分厂","已改为胶管直接连接","让售","1-5-2-13.5"]
["5000011081291","快速接头Adapter Clutch;LP-032-0-WR-548-11-1;G1-1/2\";WALTHER","W209设备库","只",2944.5768,"2007-03-25T11:31:00",5,14722.884,"340分厂","已改为胶管直接连接","让售","1-5-2-14"]
["5000011081295","快速接头Adapter Nipple;LP-032-1-WR-548-22;G1/2\";WALTHER","W209设备库","只",1430.6688,"2007-03-25T11:31:00",5,7153.344,"340分厂","已改为胶管直接连接","让售","1-5-2-14"]
["5000011081272","快速接头;LP-032-0-WR548-..-2;不锈钢","W209设备库","只",11206.8352,"2007-03-25T11:31:00",2,22413.6704,"340分厂","已改为胶管直接连接","让售","1-5-2-11"]
["5123202032056","高压泵;快速接头;HA050500;1\"","W209设备库","只",203.948678,"2009-10-19T10:20:49",5,1019.74339,"管加工分厂","有实物 水压举升油缸用，故障高，现已改造","让售","1-5-2-7"]
["5123202032056","高压泵;快速接头;HA050500;1\"","W209设备库","只",203.948678,"2010-06-09T15:41:19",5,1019.74339,"管加工分厂","有实物 水压举升油缸用，故障高，现已改造","让售","1-5-2-7"]
["5000011081264","快速接头;HP-020-0-S2536-..-2;不锈钢","W209设备库","只",2144.6116,"2008-05-14T08:45:11",3,6433.8348,"340分厂","已改为胶管直接连接","让售","1-5-2-14"]
["5000011081292","快速接头Adapter Clutch;LP-032-0-WR-548-22-1;G1/2\";WALTHER","W209设备库","只",6164.7696,"2007-03-25T11:31:00",5,30823.848,"340分厂","已改为胶管直接连接","让售","1-5-2-13"]
["5000011081690","直接头;KQGH08-00","W209设备库","只",110.7,"2010-05-12T11:07:00",5,553.5,"340分厂","已改为胶管直接连接","让售","1-5-4-30"]
["5000011081691","阳连接头;KQGH06-01S","W209设备库","只",59.57259,"2009-02-13T09:23:48",5,297.86295,"340分厂","已改为胶管直接连接","让售","1-5-4-29"]
["5000011081692","肘节接头;KQGL06-01S","W209设备库","只",113.53843,"2009-02-13T09:23:48",5,567.69215,"340分厂","已改为胶管直接连接","让售","1-5-4-28"]
["5120899700000","电动控制阀;LSDF-1W;DN150;PN10","W209设备库","只",10905.982824,"2007-03-25T23:31:00",1,10905.982824,"340分厂","现场自动控制水阀，已取消","让售","1-T1-3-4"]
["5082202084030","12.5+12.5t双梁行车;挂梁;GL12.5-1;部件;845Kg","W209设备库","件",12711.111072,"2007-03-25T23:31:00",1,12711.111072,"340分厂","技改后不可用","让售","1-后-3#地"]
["5000011040496","油流信号器;YXQ-25Ⅱ;0.4MPa;DN25;DC24V","W209设备库","只",315.3843,"2008-12-26T13:27:18",8,2523.0744,"管加工分厂","有实物 加油小车滤芯，由于后期设备不通用，已停用","让售","2-10-1-20木箱"]
["5000009022085","高压空气软管;DN25接口螺纹;74°扩口软管 3/4\" 两端;SAE1 1/16-12;L=3000","W209设备库","根",235.417982,"2010-08-23T09:18:17",2,470.835964,"720分厂","技改后不可用","让售","1-12-4-3"]
["5000011020006","温度传感器保护套;TFP-100","W209设备库","件",862.051322,"2010-03-23T10:06:31",4,3448.205288,"720分厂","技改后不可用","让售","2-10-3-1"]
["5000009022086","高压空气软管;DN10接口螺纹;两端直通:5/16\"-24;74°扩口;另一端1/4;","W209设备库","根",114.239284,"2010-08-23T09:18:17",5,571.19642,"720分厂","技改后不可用","让售","1-12-4-18"]
["5741202090000","液位计;UX-D4W2;L=1000mm","W209设备库","台",1153.025632,"2007-03-25T23:31:00",8,9224.205056,"340分厂","污水井液位计，已取消","让售","2-11-4-1"]
["5000007090020","比例阀;GIK25R02-5;03155134;CE-C87AS25","W209设备库","只",770.940138,"2007-08-03T15:15:43",3,2312.820414,"管加工分厂","有实物 探伤压辊阀，现已改成普通阀","让售","2-1-3-3"]
["5000007090019","比例阀;GIK40R02-5;03155146;CE-C87AS25","W209设备库","只",1146.598292,"2007-08-03T15:15:43",3,3439.794876,"管加工分厂","有实物 探伤压辊阀，现已改成普通阀","让售","2-1-3-4"]
["5000007090013","减压阀;DGMX2-3-PA-C-W-B-40","W209设备库","只",697.350468,"2007-06-12T18:17:41",1,697.350468,"管加工分厂","有实物 探伤翻料器，现已改成普通阀","让售","2-1-4-11"]
["5000007040493","电磁换向阀;Q250C-L25;AC220V","W209设备库","只",455.54854,"2010-08-25T09:31:07",4,1822.19416,"管加工分厂","有实物 220V的气动换向阀，涉及安全，已改成24V的阀","让售","2-1-4-11.5"]
["5000007090012","比例减压阀先导阀;KCG-3-L160D-Z-M-U-H1-10-P15-T14","W209设备库","只",2663.247824,"2009-08-12T08:47:47",1,2663.247824,"管加工分厂","有实物 水淬压辊减压阀，因为故障高，现已改成普通双级减压阀","让售","2-1-4-12"]
["5120999119300","气动调节切断蝶阀;ET700T-B-1-1.6-100-APS","W209设备库","只",8129.914518,"2010-03-25T09:21:39",1,8129.914518,"720分厂","技改后不可用","让售","100库10.4区-6木箱上"]
["5000007080071","电液比例换向阀;KBDG5V-8-2C280-N-X-M-U-H1-10","W209设备库","只",11334.222204,"2007-06-12T18:17:41",1,11334.222204,"管加工分厂","有实物 1#水淬后步进梁旋转马达用，现改成滚式链和电机旋转","让售","2-2-1-10"]
["5000007030528","三通气闸阀芯;DN65;JB/T2001.47-1999;31.5MPa","W209设备库","只",2266.56405,"2009-10-22T10:03:17",2,4533.1281,"720分厂","报废，机组未投用","让售","2-2-1-11"]
["5000007030525","手动闸阀;DN10;JB/T2001.27-1999;31.5MPa","W209设备库","只",865.55551,"2009-10-22T10:04:12",2,1731.11102,"720分厂","报废，机组未投用","让售","2-2-1-13"]
["5000007080072","保压电磁阀;M3-SEW6C36/420MG24N9K4","W209设备库","只",2540.598292,"2007-12-21T08:30:35",5,12702.99146,"管加工分厂","有实物 矫直机保压阀，因为使用效果不好，已停用","让售","2-2-2-4"]
["5000007090139","双叠加液控单向阀;DGMC2-5-AB-FW-BA-FW-30","W209设备库","只",2312.820496,"2007-04-25T17:08:46",5,11564.10248,"管加工分厂","有实物 2#探伤V3阀台，现已改成普通阀","让售","2-2-3-1"]
["5000007090100","减压溢流阀;DGMX2-5-PA-F-W-B-30","W209设备库","只",1852.359008,"2007-04-25T17:08:46",5,9261.79504,"管加工分厂","有实物 2#探伤V3阀台，现已改成普通阀","让售","2-2-3-2"]
["5000007090101","减压溢流阀;DGMX2-5-PP-F-W-B-30","W209设备库","只",1852.359008,"2007-04-25T17:08:46",2,3704.718016,"管加工分厂","有实物 2#探伤V3阀台，现已改成普通阀","让售","2-2-3-3"]
["5000007070608","比例换向阀;DZ0-AE-271-35/E31;带插头;ATOS","W209设备库","只",13045.00854,"2009-12-25T15:31:03",2,26090.01708,"720分厂","技改后不可用","让售","2-3-4-8"]
["5120899395000","气动直通水阀;Fisher4\"ED","W209设备库","只",66630.2562,"2008-03-05T09:18:21",1,66630.2562,"340分厂","现场自动控制水阀，已取消","让售","2-3地中木箱"]
["526642108Z054","干油快速母接头Quick Female Connection;0109015-02.901;C02185;Fa.MEER","W209设备库","只",25279.3044,"2007-12-04T09:06:23",5,126396.522,"340分厂","液压小仓油管已改为胶管直接连接","让售","1-5-3-10"]
["5000007070584","比例阀先导阀;DHRZ0-P5E-012/25/B1;带放大板;ATOS","W209设备库","只",7243.333306,"2010-01-26T14:35:07",2,14486.666612,"720分厂","技改后不可用","让售","2-7-2-3"]
["5000007070585","比例阀先导阀;DHRZ0-ATE-073-P3/B1/DP27SC20;带放大板;ATOS","W209设备库","只",11143.58967,"2010-01-26T14:35:07",1,11143.58967,"720分厂","技改后不可用","让售","2-7-2-4"]
["5000007070586","比例阀先导阀;DHRZ0-P5E-012/25;带放大板;ATOS","W209设备库","只",7243.333306,"2010-01-26T14:35:07",1,7243.333306,"720分厂","技改后不可用","让售","2-7-2-5"]
["5000021030347","位移传感器;953AC42000MXXC19.7X;VMAX/METEK","W209设备库","只",5312.471598,"2010-10-12T09:44:15",1,5312.471598,"720分厂","技改后不可用","让售","2-8-3-15"]
["5741303190000","多点记录仪;XMD5216UK","W209设备库","台",1576.916088,"2011-01-24T10:05:00",1,1576.916088,"720分厂","技改后不可用","让售","2-9-3-26"]
["507160302Z052","角接取压标准孔板;SN-LGBH-35-01-D-V;空气","W209设备库","件",7794.8718,"2017-07-20T14:54:12",3,23384.6154,"720分厂","技改后不可用","让售","2-P1"]
["5000015050105","锁紧盘;SP2-240*405","W209设备库","件",2922.56405,"2009-04-08T08:48:55",3,8767.69215,"管加工分厂","有实物 预拧机锁紧盘，现已停用","让售","2-P5-1"]
["5000008050128","液压马达;MD025","W209设备库","台",1541.873306,"2010-10-28T09:08:40",2,3083.746612,"管加工分厂","有实物 预拧机旋转马达，使用效果不好，已停用","让售","2-T2-2-21"]
["5000008010012","柱塞泵;10PCY14-1B;31.5MPa","W209设备库","台",1934.35868,"2007-06-25T18:20:56",1,1934.35868,"管加工分厂","有实物 矫直机保压泵，因为使用效果不好，已停用","让售","2-T3-2-22"]
["5000008050123","液压马达;ZBM4-200-F-H-K3Y","W209设备库","台",4064.9573,"2010-09-10T10:08:14",1,4064.9573,"管加工分厂","有实物 1#水淬旋转马达，因为使用效果不好，已改造","让售","2-T3-2-12"]
["5146001011012","空调配件;水冷空调压缩机;VR125KS-TFP-522;吉荣","W209设备库","台",6495.7264,"2017-08-15T09:02:46",8,51965.8112,"能源分厂","空调外委","让售","2-地2-1"]
["5000007090220","试验台;FTE8-235/68-60/350","W209设备库","台",132461.53146,"2015-08-27T11:38:00",1,132461.53146,"720分厂","有实物（水压冲孔机的），让售","让售","T","退库物资"]
["5146001011007","空调配件;谷轮;VR94KS-TFR-522","W209设备库","台",3401.709,"2017-08-15T08:56:20",2,6803.418,"能源分厂","空调外委","让售","XF"]
["5628201015345","空调压缩机;KFR-120;JT160BCDY1L;5P","W209设备库","台",1310.016,"2017-08-15T08:56:09",4,5240.064,"能源分厂","空调外委","让售","XF"]
["50000002100G1","光钎式对射式光电开关配套光钎;LL3-TB02;5.308.04;SICK","W209设备库","套",194.615344,"2007-03-25T23:31:00",4,778.461376,"340分厂","技改后不可用","让售","XF-10-5-1"]
["5628201022068","电源;6SE7 021-2EP87-OFB1","W209设备库","块",2654.129752,"2010-12-27T04:31:22",1,2654.129752,"340分厂","报废（电气没用过）","让售","XF-4-1-8"]
["42308011009","空调工具;卤素检漏仪;RX-1A","W209设备库","台",914.5299,"2017-07-25T18:01:32",1,914.5299,"能源分厂","空调外委","让售","XF门口"]
["42308012034","空调材料;90°紫铜管弯头;Φ12*0.8","W209设备库","只",3.07692,"2017-07-25T17:59:53",10,30.7692,"能源分厂","空调外委","让售","XF门口"]
["42308012035","空调材料;90°紫铜管弯头;Φ16*1","W209设备库","只",4.4444,"2017-07-25T18:00:06",10,44.444,"能源分厂","空调外委","让售","XF门口"]
["42308012036","空调材料;90°紫铜管弯头;Φ19*1","W209设备库","只",5.89743,"2017-07-25T18:00:17",10,58.9743,"能源分厂","空调外委","让售","XF门口"]
["42308012037","空调材料;90°紫铜管弯头;Φ22*1","W209设备库","只",7.52136,"2017-07-25T18:00:29",10,75.2136,"能源分厂","空调外委","让售","XF门口"]
["42308012043","空调材料;丹佛斯膨胀阀;外平衡5P;TGEX4TR;制冷量14Kw;R22","W209设备库","只",254.70085,"2017-08-15T09:40:13",10,2547.0085,"能源分厂","空调外委","让售","XF门口"]
["42308012044","空调材料;丹佛斯膨胀阀;外平衡10P;TGEX-7.5TR;制冷量27Kw;R22","W209设备库","只",296.5811,"2017-08-15T09:40:20",10,2965.811,"能源分厂","空调外委","让售","XF门口"]
["42308012046","空调材料;视液镜;鸿森SG型;焊口16mm","W209设备库","只",27.3504,"2017-07-25T17:59:03",5,136.752,"能源分厂","空调外委","让售","XF门口"]
["42308012047","空调材料;视液镜;鸿森SG型;焊口12mm","W209设备库","只",24.78632,"2017-07-25T17:59:24",5,123.9316,"能源分厂","空调外委","让售","XF门口"]
["42308012048","空调材料;制冷球阀;鸿森GBC-12;Φ12;焊口","W209设备库","只",47.0085,"2017-07-25T17:59:39",8,376.068,"能源分厂","空调外委","让售","XF门口"]
["42308012049","空调材料;制冷球阀;鸿森GBC-16;Φ16;焊口","W209设备库","只",48.7179,"2017-07-25T17:57:56",8,389.7432,"能源分厂","空调外委","让售","XF门口"]
["42308012050","空调材料;制冷球阀;鸿森GBC-18;Φ18;焊口","W209设备库","只",64.9572,"2017-07-25T17:58:10",8,519.6576,"能源分厂","空调外委","让售","XF门口"]
["42308012051","空调材料;储液罐;3P;接口Φ16*2;罐体Φ115*200mm;挂式","W209设备库","只",70.94017,"2017-07-25T17:58:22",8,567.52136,"能源分厂","空调外委","让售","XF门口"]
["42308012052","空调材料;储液罐;3P;接口Φ19*2;罐体Φ128*300mm;挂式","W209设备库","只",70.9401,"2017-07-25T17:57:06",8,567.5208,"能源分厂","空调外委","让售","XF门口"]
["42308012053","空调材料;干燥过滤器;DFS-164S-1/2;焊接Φ12mm","W209设备库","只",32.4786,"2017-07-25T17:57:20",10,324.786,"能源分厂","空调外委","让售","XF门口"]
["42308012054","空调材料;干燥过滤器;DFS-165S-5/8;焊接Φ16mm","W209设备库","只",32.47863,"2017-07-25T17:57:33",10,324.7863,"能源分厂","空调外委","让售","XF门口"]
["42308012055","空调材料;干燥过滤器;DFS-306S-3/4;焊接Φ19mm","W209设备库","只",48.7179,"2017-07-25T17:58:44",5,243.5895,"能源分厂","空调外委","让售","XF门口"]
["5146001011035","空调配件;电源变压器;EI41-15DD33;220V/15V","W209设备库","只",27.3504,"2017-07-25T18:01:10",3,82.0512,"能源分厂","空调外委","让售","XF门口"]
["5146001011037","空调配件;压力开关;高低压差控制器;P830E;奉申","W209设备库","只",88.0341,"2017-07-25T18:01:21",5,440.1705,"能源分厂","空调外委","让售","XF门口"]
["5146001011039","空调配件;内风机电机;YT150-4E01;380V;150W","W209设备库","台",1189.7435,"2017-07-25T18:01:55",2,2379.487,"能源分厂","空调外委","让售","XF门口"]
["5146001011041","空调配件;飞越VES-100B/50B冷媒氟利昂电子秤;带电磁阀","W209设备库","台",846.1538,"2017-07-25T18:02:03",1,846.1538,"能源分厂","空调外委","让售","XF门口"]
["5146001011048","空调配件;海立特外机;B-12;R142B;制冷量12000W","W209设备库","台",19658.1196,"2017-09-19T10:07:19",2,39316.2392,"能源分厂","空调外委","让售","库100"]
["5146001011049","空调配件;海立特外机;B-4;R142B;制冷量4000W","W209设备库","台",8376.06837,"2017-09-19T10:07:43",3,25128.20511,"能源分厂","空调外委","让售","库100"]
["526129901D111","空段清扫器;DQG-V-800","W209设备库","台",2481.02562,"2010-01-06",7,17367.17934,"炼铁分厂","淘汰备件","让售 ","库100"]
["5000011040187","油水分离器滤芯;JXZ-YQL/1400.10FT","W209设备库","只",3364.102562,"2016-12-27T16:12:36",3,10092.307686,"管加工分厂","有实物 计划错误，我们没有油水分离器","让售","1-1-1-5"]
["5120999148000","气动三偏心硬密封开关蝶阀;HB2511;DN200;PN16;阀体/板材质:WCB/304;阀座材  :304;带执行器","W209设备库","只",15049.2144,"2007-03-25T11:31:00",1,15049.2144,"340分厂","芯棒润滑三通球阀，已取消","让售","已发"]
["507160302Z051","角接取压标准孔板;SN-LGBH-20-01-D-V","W209设备库","件",5606.8376,"2017-07-20T14:53:29",3,16820.5128,"720分厂","技改后不可用","让售","已发"]
["5121102250200","机械密封;32GDL-6-12*12;φ26","W009设备库","件",138.3272,"2007-03-25T10:56:00",30,4149.816,"89分厂","原穿孔机冷却水加压泵已改造,不可用","让售","1-14-1-34"]
["5071604021001","液压缸大活塞杆;4303011.B;45;2.14Kg","W009设备库","件",568.33708,"2007-08-02",7,3978.35956,"219分厂","老108分厂物资，已经不用","让售","1-15-1-3"]
["5072402110063","150空气锤;活塞涨圈;C41-150-302;HT21-40","W009设备库","件",19.8,"2007-03-25T10:56:00",11,217.8,"50机组","机组淘汰","让售","1-15-2-13"]
["5072402110053","150空气锤;活塞阻漏圈;C41-150-311;HT21-40","W009设备库","件",22.9416,"2007-03-25T10:56:00",10,229.416,"50机组","机组淘汰","让售","1-15-2-15"]
["5071605131015","127切管机;挡环;GXQG-127.09027","W009设备库","件",752.136,"2007-03-25",6,4512.816,"219分厂","原108机组","让售","1-15-2-2"]
["5000006060140","液压缸活塞杆;Z0213.03.02.04.00","W009设备库","件",235.5672,"2007-03-25",15,3533.508,"219分厂","老108分厂物资，已经不用","让售","1-15-3-1"]
["5072402110001","150空气锤;锤杆涨圈;C41-150-203;HT21-40","W009设备库","件",24.0328,"2007-03-25T10:56:00",19,456.6232,"50机组","机组淘汰","让售","1-15-3-13.5"]
["5072402110049","150空气锤;活塞涨圈;C41-301-302;HT24-46","W009设备库","件",20.328,"2007-03-25T10:56:00",3,60.984,"50机组","机组淘汰","让售","1-15-3-15"]
["5000004060030","气缸端盖;QGBⅡ-R160","W009设备库","件",324.9224,"2007-03-25T09:47:00",1,324.9224,"89分厂","汽缸改油缸,可改制","让售","1-15-3-19"]
["5071604021002","液压缸小活塞杆;4303011.C;45;1Kg","W009设备库","件",536.153802,"2007-05-14",3,1608.461406,"219分厂","老108分厂物资，已经不用","让售","1-15-3-2"]
["5071604021002","液压缸小活塞杆;4303011.C;45;1Kg","W009设备库","件",536.153802,"2007-08-22",10,5361.53802,"219分厂","老108分厂物资，已经不用","让售","1-15-3-2"]
["5072402110052","150空气锤;活塞阻漏圈;C41-150-310;HT21-40","W009设备库","件",22.9416,"2007-03-25T10:56:00",6,137.6496,"50机组","机组淘汰","让售","1-15-3-6"]
["5072402210012","250空气锤;压缩活塞环;C41-31401;HT21-40","W009设备库","件",53.2664,"2007-03-25T10:56:00",10,532.664,"50机组","机组淘汰","让售","1-15-3-7"]
["5000006060142","液压缸活塞杆;Z0213.05.09.05","W009设备库","件",616.752136,"2007-03-25",4,2467.008544,"219分厂","老108分厂物资，已经不用","让售","1-15-4-24"]
["5000000050404","分水滤气器QSL-40;;","W009设备库","个",142.5864,"2007-03-25",12,1711.0368,"219分厂","老108分厂物资","让售","1-2-3-20纸箱"]
["5000000011060","电动机轴瓦;5E263.024","W009设备库","付",7446.1552,"2007-03-25",2,14892.3104,"219分厂","老108分厂物资","让售","1-T4-2-10"]
["5000011090819","旋转接头;HS-XS;40-20L;左旋","W009设备库","只",406.49573,"2009-10-21T09:09:26",10,4064.9573,"89分厂油管","回火炉循环风机,改造,不可用","让售","1-6-4-28"]
["5000011090817","旋转接头;HS-G;40-20R;右旋","W009设备库","只",328,"2009-03-27T08:31:42",2,656,"89分厂油管","回火炉循环风机,改造,不可用","让售","1-6-4-29"]
["5000011090817","旋转接头;HS-G;40-20R;右旋","W009设备库","只",328,"2009-05-13T09:52:54",3,984,"89分厂油管","回火炉循环风机,改造,不可用","让售","1-6-4-29"]
["5000011090817","旋转接头;HS-G;40-20R;右旋","W009设备库","只",328,"2009-09-10T09:58:40",5,1640,"89分厂油管","回火炉循环风机,改造,不可用","让售","1-6-4-29"]
["5000006060151","液压缸活塞杆Z0213.08.02.01.00","W009设备库","件",204.280384,"2007-03-25",4,817.121536,"219分厂","老108分厂物资，已经不用","让售","1-P1-7(右)"]
["5000006060145","液压缸活塞杆;Z0213.08.05.10.00","W009设备库","件",1579.487184,"2007-03-25",5,7897.43592,"219分厂","老108分厂物资，已经不用","让售","1-P1-7(左)"]
["5000006040015","液压缸;Z0202.05.10.06.23","W009设备库","台",3694.1168,"2007-03-25",1,3694.1168,"219分厂","老108分厂物资，已经不用","让售","1-T1-1-8.5"]
["5000006040011","液压缸;Z0213.05.11.11","W009设备库","台",2550.7152,"2007-03-25",1,2550.7152,"219分厂","老108分厂物资，已经不用","让售","1-T2-1-14.5"]
["5000000060586","液压缸;D2013.12.00","W009设备库","个",528.22,"2007-03-25",4,2112.88,"219分厂","老108分厂物资，已经不用","让售","1-T2-1-16"]
["5000000060587","液压缸D2013.08.00;;","W009设备库","个",494.9472,"2007-03-25",6,2969.6832,"219分厂","老108分厂物资，已经不用","让售","1-T2-1-16"]
["5000008040003","叶片泵;YB-E125","W009设备库","台",1307.2136,"2007-03-25",2,2614.4272,"219分厂","老108分厂物资，已经不用","让售","1-T3-2-7"]
["5000002080019","减速机大齿轮;ZQ500;Mn=6;Z=81","W009设备库","件",1287.44,"2007-03-25T09:47:00",1,1287.44,"50机组","机组淘汰","让售","1-T4-1-11"]
["5000010030238","金属软管;JRD15SL1-800;管螺纹","W009设备库","根",167.332,"2007-03-25",12,2007.984,"219分厂","老108分厂物资，已经不用","让售","2-12-2-25"]
["5000005010007","气阀;K25D-8","W009设备库","只",186.9824,"2007-03-25T09:47:00",2,373.9648,"89分厂","管坯火焰切割机用，改造,不用","让售","2-4-3-21"]
["5000005010008","气阀;K25D2-6","W009设备库","只",172.0928,"2007-03-25T09:47:00",8,1376.7424,"89分厂","管坯火焰切割机用，改造,不用","让售","2-4-3-7"]
["5000000070543","先导电磁阀Q24D2H-15;;","W009设备库","个",206.844,"2007-03-25",6,1241.064,"219分厂","老108分厂物资，已经不用","让售","2-5-2-3"]
["5000000070527","电磁换向阀K25JD-15W AC36V;;","W009设备库","个",243.2408,"2007-03-25",1,243.2408,"219分厂","老108分厂物资，已经不用","让售","2-5-3-20"]
["5741306830000","液晶显示控制无纸记录仪;HR-LCD-S8203-2P","W009设备库","台",2693.0288,"2007-03-25T10:56:00",1,2693.0288,"89分厂","环形炉升级改造,不可用","让售","2-9-3-15"]
["5000000011066","过电压保护器;TBP-6.3","W009设备库","只",356.3032,"2007-03-25",3,1068.9096,"219分厂","老108分厂物资","让售","2-9-1-29"]
["50000001107L1","比例放大器;VT2010S-4X/2;Roxroth","W009设备库","台",2704.3808,"2007-03-25T09:47:00",1,2704.3808,"89分厂","连扎机入口改造,升降辊取消","让售","2-9-2-29"]
["5741457050000","安全栅;DFA-1200-H;4~20mA","W009设备库","台",2382.7672,"2007-03-25T10:56:00",2,4765.5344,"89分厂","锯片修磨,设备封存,不可用","让售","2-9-2-7(木箱)"]
["5741450100000","温度变送器;9404 211;80011(K);0-1200℃","W009设备库","台",2456.8016,"2007-03-25T10:56:00",2,4913.6032,"89分厂","环形炉已改造,不可用","让售","2-9-3-29"]
["50000001107K8","驱动盘;GDX237;进口件","W009设备库","件",19074.0704,"2007-03-25T09:47:00",1,19074.0704,"89分厂","数控机床升级改造,不可用","让售","2-Q4-1-1"]
["526642401B002","水泵联轴器;D80*30-4","W009设备库","件",167.3672,"2007-03-25T10:56:00",10,1673.672,"50机组","机组淘汰","让售","2-Q4-2-1"]
["5000006040012","液压缸;Z0213.05.09.05","W009设备库","台",3048.6192,"2007-03-25",1,3048.6192,"219分厂","老108分厂物资，已经不用","让售","2-T1-1-11.5"]
["5000006040017","液压缸;Z0213.08.05.10.00","W009设备库","台",10078.7896,"2007-03-25",2,20157.5792,"219分厂","老108分厂物资，已经不用","让售","2-T1-1-11里"]
["5000004020028","气缸;JB160*420B","W009设备库","台",1405.668,"2007-03-25T09:47:00",1,1405.668,"50机组","机组淘汰","让售","2-T1-1-6"]
["5000006040007","液压缸;Z0213.03.01.03","W009设备库","台",2659.7648,"2007-03-25",1,2659.7648,"219分厂","老108分厂物资，已经不用","让售","2-T1-2-12"]
["5000004010126","芯杆上下调整气缸;SIJ-100*75-75-TC-M","W009设备库","台",756.923058,"2007-09-20T09:01:46",4,3027.692232,"50机组","机组淘汰","让售","2-T1-2-19"]
["5000006030031","液压缸;G63/45-470-00","W009设备库","台",2376.752136,"2007-03-25T09:47:00",2,4753.504272,"89分厂油管","1#加厚已改造,不可用","让售","2-T1-2-22"]
["5000004010063","气缸;QGBⅡ直径320*350-MF1","W009设备库","台",4951.2821,"2012-08-31T09:48:38",1,4951.2821,"89分厂","汽缸改油缸,可改制","让售","2-T1-3-12"]
["5000000060585","液压缸;D2013.15.00;DG-TICOC-E11","W009设备库","个",1571.5392,"2007-03-25",1,1571.5392,"219分厂","老108分厂物资，已经不用","让售","2-T2-1-1.5"]
["5000006040018","液压缸;Z0213.08.02.01.00","W009设备库","台",3491.9192,"2007-03-25",1,3491.9192,"219分厂","老108分厂物资，已经不用","让售","2-T2-2-1.5里"]
["5000008030008","齿轮油泵;CB-B160","W009设备库","台",1714.2224,"2007-03-25T09:47:00",1,1714.2224,"89分厂","采购错误","让售","2-T2-2-11"]
["5000006040004","液压缸;Z0213.03.02.04.00","W009设备库","台",2247.7488,"2007-03-25",1,2247.7488,"219分厂","老108分厂物资，已经不用","让售","2-T2-2-7.5"]
["5000006010247","液压缸;CDL1MF4/63/36/50D1X/B1CHDMWW","W009设备库","台",2162.3932,"2007-03-25T09:47:00",4,8649.5728,"89分厂油管","2#加厚已改造,不可用","让售","2-T2-2-8.5"]
["5000006040005","液压缸;Z0213.03.02.06.00","W009设备库","台",2472.9496,"2007-03-25",2,4945.8992,"219分厂","老108分厂物资，已经不用","让售","2-T2-2-9"]
["5000008040008","叶片泵;IPV2V4-17/20RA01MC160A1","W009设备库","台",3920.796,"2007-03-25",1,3920.796,"219分厂","老108分厂物资，已经不用","让售","2-T3-1-7"]
["5000008050097","液压马达;ZJM-25-0-P-TANZ排量:2498ml/r","W009设备库","台",18103.07686,"2008-09-24",1,18103.07686,"219分厂","老108分厂物资，已经不用","让售","2-T3-3-9"]
["5000021010169","主轴编码器;6FX2001-3AB02;Siemens","W009设备库","只",1611.6848,"2007-03-25T10:56:00",1,1611.6848,"89分厂","轧辊车床已改造升级,不可用","让售","XF-3-1-4"]
["5628201015166","通讯适配器;PCM-085;Modicon","W009设备库","只",10439.66,"2007-03-25T10:56:00",1,10439.66,"89分厂","采购错误","让售","XF-3-2-1"]
["5000000230047","控制板;6FX1121-4BA02;Siemens","W009设备库","块",18257.9672,"2007-03-25T09:47:00",1,18257.9672,"89分厂","车床升级改造,不可用","让售","XF-3-2-10"]
["5202100033000","传动控制板;6SN1118-0AA11-0AA1","W009设备库","件",6190.6504,"2007-03-25T10:56:00",1,6190.6504,"89分厂","数控机床升级改造,不可用","让售","XF-3-2-3"]
["5628204G40000","电源模块AS-P120-000","W009设备库","件",1844.1632,"2007-03-25T10:56:00",2,3688.3264,"89分厂","7辊矫直机已改造,不可用","让售","XF-3-2-4"]
["5628204C60000","模块AS-BDAP-210","W009设备库","件",1483.856,"2007-03-25T10:56:00",2,2967.712,"89分厂","7辊矫直机已改造,不可用","让售","XF-3-2-5"]
["5202100060000","CPU模块CPU12520;6FX1138-5BB03;Siemens","W009设备库","件",25983.7688,"2007-03-25T10:56:00",1,25983.7688,"89分厂","数控机床升级改造,不可用","让售","XF-3-2-7"]
["5628201015304","数控机床;LCD液晶显示器驱动板;GTC12860;Vers1.01;VOLLMER","W009设备库","块",12572.4104,"2007-03-25T10:56:00",1,12572.4104,"89分厂","锯片修磨,设备封存,不可用","让售","XF-3-5-6"]
["5628201015305","栅极触发板;HE62;Himmel","W009设备库","块",11293.3392,"2007-03-25T10:56:00",2,22586.6784,"89分厂","锯片修磨,设备封存,不可用","让售","XF-3-5-8"]
["5071605131020","127切管机;防护门;GXQG-127.75001改;组件","W009设备库","件",15769.230826,"2009-02-17",1,15769.230826,"219分厂","原108机组","让售","库100"]
["5072402210025","250空气锤;电机皮带轮;C41-32016b;HT21-40","W009设备库","件",549.811944,"2007-10-10T08:34:47",2,1099.623888,"50机组","机组淘汰","让售","库100","2018.7.26已让售*"]
["5000002080017","减速机中间齿轮轴;ZQ500;Mn=6;Z=18","W009设备库","件",332.7016,"2007-03-25T09:47:00",1,332.7016,"50机组","机组淘汰","让售","库100"]
["5000002080018","减速机中间齿轮;ZQ500;Mn=4;Z=77","W009设备库","件",512.556,"2007-03-25T09:47:00",1,512.556,"50机组","机组淘汰","让售","库100"]
["5000002080020","减速机齿轮轴;ZQ350;Mn=3;Z=26;I=12.64","W009设备库","件",193.6968,"2007-03-25T09:47:00",1,193.6968,"50机组","机组淘汰","让售","库100"]
["5000002080033","减速机高速齿轮轴;ZQ35-8-ⅡZ;Z=35;M=3","W009设备库","件",225.8256,"2007-03-25T09:47:00",2,451.6512,"50机组","机组淘汰","让售","库100"]
["5000002080070","减速机齿轮轴;ZQ35.5-5-3","W009设备库","件",243.6896,"2007-03-25T09:47:00",3,731.0688,"50机组","机组淘汰","让售","库100"]
["5072402050026","150空气锤;轴承盖;C41-150-410;HT15-32","W009设备库","件",93.213746,"2012-10-10T08:15:40",2,186.427492,"50机组","机组淘汰","让售","库100"]
["5072402050027","150空气锤;传动轴;C41-150-426; 中级弹簧钢丝","W009设备库","件",489.984,"2007-03-25T10:56:00",6,2939.904,"50机组","机组淘汰","让售","库100"]
["5072402050030","150空气锤;下气门转柄;C41-150-509;HT15-32","W009设备库","件",6.5648,"2007-03-25T10:56:00",5,32.824,"50机组","机组淘汰","让售","库100"]
["5072402050032","150空气锤;上气门芯;C41-150-502;HT20-40","W009设备库","件",83.4768,"2007-03-25T10:56:00",1,83.4768,"50机组","机组淘汰","让售","库100"]
["5072402050033","150空气锤;下转手柄;C41-33028;HT21-40","W009设备库","件",58.2472,"2007-03-25T10:56:00",3,174.7416,"50机组","机组淘汰","让售","库100"]
["5072402110003","150空气锤;二砧座;C41-150-206;ZG45","W009设备库","件",1040.76942,"2012-10-12T08:13:34",2,2081.53884,"50机组","机组淘汰","让售","库100"]
["5072402110012","150空气锤;轴承座;C41-150-406;HT20-40","W009设备库","件",549.811944,"2007-03-25T10:56:00",1,549.811944,"50机组","机组淘汰","让售","库100"]
["5072402110017","150空气锤;轴领座;C41-150-411;HT20-40","W009设备库","件",470.8352,"2007-03-26T11:45:00",1,470.8352,"50机组","机组淘汰","让售","库100"]
["5072402110022","150空气锤;连杆头;C41-150-425;45","W009设备库","件",538.4616,"2012-10-10T08:17:58",2,1076.9232,"50机组","机组淘汰","让售","库100"]
["5072402110027","150空气锤;大皮带轮;C41-150-441;HT15-32","W009设备库","件",542.74,"2007-03-25T10:56:00",1,542.74,"50机组","机组淘汰","让售","库100"]
["5072402110050","150空气锤;曲轴;C41-301-401;45","W009设备库","件",756.923058,"2007-10-10T08:37:00",3,2270.769174,"50机组","机组淘汰","让售","库100"]
["5072402110059","150空气锤;下气门套;C41-150-503;HT20-40","W009设备库","件",490.393112,"2007-03-25T10:56:00",1,490.393112,"50机组","机组淘汰","让售","库100"]
["5072402110060","150空气锤;下气门芯;C41-150-504;HT15-32","W009设备库","件",569.36748,"2007-03-25T10:56:00",1,569.36748,"50机组","机组淘汰","让售","库100"]
["5072402110062","150空气锤;铜套;C41-150-307;TSnEnPb","W009设备库","件",143.5875,"2012-10-10T08:17:58",5,717.9375,"50机组","机组淘汰","让售","库100"]
["5072402111039","150空气锤;连杆;H2016.03;C41-301-106;45锻件","W009设备库","件",538.46,"2012-10-10T08:15:40",8,4307.68,"50机组","机组淘汰","让售","库100"]
["5072402210004","250空气锤;活塞导程;C41-31016;HT21-40","W009设备库","件",603.1432,"2007-03-25T10:56:00",15,9047.148,"50机组","机组淘汰","让售","库100"]
["5072402210015","250空气锤;连杆头;C41-250-04-25;ZG45","W009设备库","件",314.0104,"2007-03-25T10:56:00",2,628.0208,"50机组","机组淘汰","让售","库100"]
["5072402210017","250空气锤;轴承座;C41-32001B;HT15-32","W009设备库","件",406.2608,"2007-03-25T10:56:00",2,812.5216,"50机组","机组淘汰","让售","库100"]
["5072402210019","250空气锤;传动齿轮轴;C41-32004;45","W009设备库","件",770.940138,"2007-10-10T08:37:00",1,770.940138,"50机组","机组淘汰","让售","库100"]
["5072402210026","250空气锤;曲轴;C41-32201;45","W009设备库","件",838.4,"2007-03-25T10:56:00",2,1676.8,"50机组","机组淘汰","让售","库100"]
["5120899384100","气动活塞硬密封蝶阀;DYD673H-0.6;DN250","W009设备库","只",11031.45303,"2007-07-03T03:33:54",2,22062.90606,"50机组","机组淘汰","让售","库100"]
["5120899384200","气动活塞硬密封蝶阀;DYD673H-0.6;DN40","W009设备库","只",3214.119642,"2007-07-03T03:33:28",2,6428.239284,"50机组","机组淘汰","让售","库100"]
["5120899384300","气动活塞硬密封蝶阀;DYD673H-0.6;DN150","W009设备库","只",6272.649532,"2007-07-03T03:33:54",1,6272.649532,"50机组","机组淘汰","让售","库100"]
["5120899385200","气动活塞调节阀;HB2810;DN50","W009设备库","只",8921.880358,"2007-07-18T06:53:43",1,8921.880358,"50机组","机组淘汰","让售","库100"]
["5120899385400","气动活塞调节阀;HB2810;DN40","W009设备库","只",9041.02562,"2007-07-18T06:53:43",1,9041.02562,"50机组","机组淘汰","让售","库100"]
["5120999161100","多功能水泵控制阀;JD745X-75 DN80","W009设备库","只",1654.01708,"2010-01-25T08:51:20",1,1654.01708,"50机组","机组淘汰","让售","库100"]
["5121101531001","离心水泵;IH65-50-160;5.5kw;外购","W009设备库","件",9370.24,"2007-03-25T10:56:00",2,18740.48,"50机组","机组淘汰","让售","库100"]
["5121101550001","离心水泵;BF-25-100;;外购","W009设备库","件",10819.0984,"2007-03-25T10:56:00",2,21638.1968,"50机组","机组淘汰","让售","库100"]
["5120899660000","阀门电动装置;LQA10-1;N=0.03Kw","W009设备库","只",2275.2136,"2007-03-25T10:56:00",1,2275.2136,"89分厂","采购错误","让售","库100"]
["5120899887000","气动装置先导阀2630600;QQ-50;0.15-1MPa","W009设备库","只",479.996,"2007-03-25T10:56:00",4,1919.984,"89分厂","工业炉改造,不可用","让售","库100"]
["5000000060660","导向套DC1415-9改;QT20-40;","W009设备库","件",27.4296,"2007-03-25",14,384.0144,"219分厂","老108分厂物资，已经不用","让售","铜5柜-1-11"]
["5000002080064","升降机蜗轮;QWL10A-I-155","W009设备库","件",1090.598256,"2010-05-21",4,4362.393024,"219分厂","老108分厂物资，已经不用","让售","铜6柜-1-8"]
["5000000011050","电机风罩;Y250M-4;;","W009设备库","件",110.132,"2007-03-25",8,881.056,"219分厂","老108分厂物资","让售","行车梯旁边","2018.7.26已让售*"]
["5000006040182","液压缸;Z0224.04.04.01;100/70-135","W009设备库","台",7709.401708,"2014-09-01",2,15418.803416,"219分厂","老108分厂物资，已经不用","让售","1-T2-3-11"]
["5121102250200","机械密封;32GDL-6-12*12;φ26","W009设备库","件",138.3272,"2007-03-25T10:56:00",30,4149.816,"89分厂","原穿孔机冷却水加压泵已改造,不可用","让售","1-14-1-34"]
["5071604021001","液压缸大活塞杆;4303011.B;45;2.14Kg","W009设备库","件",568.33708,"2007-08-02",7,3978.35956,"219分厂","老108分厂物资，已经不用","让售","1-15-1-3"]
["5072402110063","150空气锤;活塞涨圈;C41-150-302;HT21-40","W009设备库","件",19.8,"2007-03-25T10:56:00",11,217.8,"50机组","机组淘汰","让售","1-15-2-13"]
["5072402110053","150空气锤;活塞阻漏圈;C41-150-311;HT21-40","W009设备库","件",22.9416,"2007-03-25T10:56:00",10,229.416,"50机组","机组淘汰","让售","1-15-2-15"]
["5071605131015","127切管机;挡环;GXQG-127.09027","W009设备库","件",752.136,"2007-03-25",6,4512.816,"219分厂","原108机组","让售","1-15-2-2"]
["5000006060140","液压缸活塞杆;Z0213.03.02.04.00","W009设备库","件",235.5672,"2007-03-25",15,3533.508,"219分厂","老108分厂物资，已经不用","让售","1-15-3-1"]
["5072402110001","150空气锤;锤杆涨圈;C41-150-203;HT21-40","W009设备库","件",24.0328,"2007-03-25T10:56:00",19,456.6232,"50机组","机组淘汰","让售","1-15-3-13.5"]
["5072402110049","150空气锤;活塞涨圈;C41-301-302;HT24-46","W009设备库","件",20.328,"2007-03-25T10:56:00",3,60.984,"50机组","机组淘汰","让售","1-15-3-15"]
["5000004060030","气缸端盖;QGBⅡ-R160","W009设备库","件",324.9224,"2007-03-25T09:47:00",1,324.9224,"89分厂","汽缸改油缸,可改制","让售","1-15-3-19"]
["5071604021002","液压缸小活塞杆;4303011.C;45;1Kg","W009设备库","件",536.153802,"2007-05-14",3,1608.461406,"219分厂","老108分厂物资，已经不用","让售","1-15-3-2"]
["5071604021002","液压缸小活塞杆;4303011.C;45;1Kg","W009设备库","件",536.153802,"2007-08-22",10,5361.53802,"219分厂","老108分厂物资，已经不用","让售","1-15-3-2"]
["5072402110052","150空气锤;活塞阻漏圈;C41-150-310;HT21-40","W009设备库","件",22.9416,"2007-03-25T10:56:00",6,137.6496,"50机组","机组淘汰","让售","1-15-3-6"]
["5072402210012","250空气锤;压缩活塞环;C41-31401;HT21-40","W009设备库","件",53.2664,"2007-03-25T10:56:00",10,532.664,"50机组","机组淘汰","让售","1-15-3-7"]
["5000006060142","液压缸活塞杆;Z0213.05.09.05","W009设备库","件",616.752136,"2007-03-25",4,2467.008544,"219分厂","老108分厂物资，已经不用","让售","1-15-4-24"]
["5000000050404","分水滤气器QSL-40;;","W009设备库","个",142.5864,"2007-03-25",12,1711.0368,"219分厂","老108分厂物资","让售","1-2-3-20纸箱"]
["5000000011060","电动机轴瓦;5E263.024","W009设备库","付",7446.1552,"2007-03-25",2,14892.3104,"219分厂","老108分厂物资","让售","1-T4-2-10"]
["5000011090819","旋转接头;HS-XS;40-20L;左旋","W009设备库","只",406.49573,"2009-10-21T09:09:26",10,4064.9573,"89分厂油管","回火炉循环风机,改造,不可用","让售","1-6-4-28"]
["5000011090817","旋转接头;HS-G;40-20R;右旋","W009设备库","只",328,"2009-03-27T08:31:42",2,656,"89分厂油管","回火炉循环风机,改造,不可用","让售","1-6-4-29"]
["5000011090817","旋转接头;HS-G;40-20R;右旋","W009设备库","只",328,"2009-05-13T09:52:54",3,984,"89分厂油管","回火炉循环风机,改造,不可用","让售","1-6-4-29"]
["5000011090817","旋转接头;HS-G;40-20R;右旋","W009设备库","只",328,"2009-09-10T09:58:40",5,1640,"89分厂油管","回火炉循环风机,改造,不可用","让售","1-6-4-29"]
["5000006060151","液压缸活塞杆Z0213.08.02.01.00","W009设备库","件",204.280384,"2007-03-25",4,817.121536,"219分厂","老108分厂物资，已经不用","让售","1-P1-7(右)"]
["5000006060145","液压缸活塞杆;Z0213.08.05.10.00","W009设备库","件",1579.487184,"2007-03-25",5,7897.43592,"219分厂","老108分厂物资，已经不用","让售","1-P1-7(左)"]
["5000006040015","液压缸;Z0202.05.10.06.23","W009设备库","台",3694.1168,"2007-03-25",1,3694.1168,"219分厂","老108分厂物资，已经不用","让售","1-T1-1-8.5"]
["5000006040011","液压缸;Z0213.05.11.11","W009设备库","台",2550.7152,"2007-03-25",1,2550.7152,"219分厂","老108分厂物资，已经不用","让售","1-T2-1-14.5"]
["5000000060586","液压缸;D2013.12.00","W009设备库","个",528.22,"2007-03-25",4,2112.88,"219分厂","老108分厂物资，已经不用","让售","1-T2-1-16"]
["5000000060587","液压缸D2013.08.00;;","W009设备库","个",494.9472,"2007-03-25",6,2969.6832,"219分厂","老108分厂物资，已经不用","让售","1-T2-1-16"]
["5000008040003","叶片泵;YB-E125","W009设备库","台",1307.2136,"2007-03-25",2,2614.4272,"219分厂","老108分厂物资，已经不用","让售","1-T3-2-7"]
["5000002080019","减速机大齿轮;ZQ500;Mn=6;Z=81","W009设备库","件",1287.44,"2007-03-25T09:47:00",1,1287.44,"50机组","机组淘汰","让售","1-T4-1-11"]
["5000010030238","金属软管;JRD15SL1-800;管螺纹","W009设备库","根",167.332,"2007-03-25",12,2007.984,"219分厂","老108分厂物资，已经不用","让售","2-12-2-25"]
["5000005010007","气阀;K25D-8","W009设备库","只",186.9824,"2007-03-25T09:47:00",2,373.9648,"89分厂","管坯火焰切割机用，改造,不用","让售","2-4-3-21"]
["5000005010008","气阀;K25D2-6","W009设备库","只",172.0928,"2007-03-25T09:47:00",8,1376.7424,"89分厂","管坯火焰切割机用，改造,不用","让售","2-4-3-7"]
["5000000070543","先导电磁阀Q24D2H-15;;","W009设备库","个",206.844,"2007-03-25",6,1241.064,"219分厂","老108分厂物资，已经不用","让售","2-5-2-3"]
["5000000070527","电磁换向阀K25JD-15W AC36V;;","W009设备库","个",243.2408,"2007-03-25",1,243.2408,"219分厂","老108分厂物资，已经不用","让售","2-5-3-20"]
["5741306830000","液晶显示控制无纸记录仪;HR-LCD-S8203-2P","W009设备库","台",2693.0288,"2007-03-25T10:56:00",1,2693.0288,"89分厂","环形炉升级改造,不可用","让售","2-9-3-15"]
["5000000011066","过电压保护器;TBP-6.3","W009设备库","只",356.3032,"2007-03-25",3,1068.9096,"219分厂","老108分厂物资","让售","2-9-1-29"]
["50000001107L1","比例放大器;VT2010S-4X/2;Roxroth","W009设备库","台",2704.3808,"2007-03-25T09:47:00",1,2704.3808,"89分厂","连扎机入口改造,升降辊取消","让售","2-9-2-29"]
["5741457050000","安全栅;DFA-1200-H;4~20mA","W009设备库","台",2382.7672,"2007-03-25T10:56:00",2,4765.5344,"89分厂","锯片修磨,设备封存,不可用","让售","2-9-2-7(木箱)"]
["5741450100000","温度变送器;9404 211;80011(K);0-1200℃","W009设备库","台",2456.8016,"2007-03-25T10:56:00",2,4913.6032,"89分厂","环形炉已改造,不可用","让售","2-9-3-29"]
["50000001107K8","驱动盘;GDX237;进口件","W009设备库","件",19074.0704,"2007-03-25T09:47:00",1,19074.0704,"89分厂","数控机床升级改造,不可用","让售","2-Q4-1-1"]
["526642401B002","水泵联轴器;D80*30-4","W009设备库","件",167.3672,"2007-03-25T10:56:00",10,1673.672,"50机组","机组淘汰","让售","2-Q4-2-1"]
["5000006040012","液压缸;Z0213.05.09.05","W009设备库","台",3048.6192,"2007-03-25",1,3048.6192,"219分厂","老108分厂物资，已经不用","让售","2-T1-1-11.5"]
["5000006040017","液压缸;Z0213.08.05.10.00","W009设备库","台",10078.7896,"2007-03-25",2,20157.5792,"219分厂","老108分厂物资，已经不用","让售","2-T1-1-11里"]
["5000004020028","气缸;JB160*420B","W009设备库","台",1405.668,"2007-03-25T09:47:00",1,1405.668,"50机组","机组淘汰","让售","2-T1-1-6"]
["5000006040007","液压缸;Z0213.03.01.03","W009设备库","台",2659.7648,"2007-03-25",1,2659.7648,"219分厂","老108分厂物资，已经不用","让售","2-T1-2-12"]
["5000004010126","芯杆上下调整气缸;SIJ-100*75-75-TC-M","W009设备库","台",756.923058,"2007-09-20T09:01:46",4,3027.692232,"50机组","机组淘汰","让售","2-T1-2-19"]
["5000006030031","液压缸;G63/45-470-00","W009设备库","台",2376.752136,"2007-03-25T09:47:00",2,4753.504272,"89分厂油管","1#加厚已改造,不可用","让售","2-T1-2-22"]
["5000004010063","气缸;QGBⅡ直径320*350-MF1","W009设备库","台",4951.2821,"2012-08-31T09:48:38",1,4951.2821,"89分厂","汽缸改油缸,可改制","让售","2-T1-3-12"]
["5000000060585","液压缸;D2013.15.00;DG-TICOC-E11","W009设备库","个",1571.5392,"2007-03-25",1,1571.5392,"219分厂","老108分厂物资，已经不用","让售","2-T2-1-1.5"]
["5000006040018","液压缸;Z0213.08.02.01.00","W009设备库","台",3491.9192,"2007-03-25",1,3491.9192,"219分厂","老108分厂物资，已经不用","让售","2-T2-2-1.5里"]
["5000008030008","齿轮油泵;CB-B160","W009设备库","台",1714.2224,"2007-03-25T09:47:00",1,1714.2224,"89分厂","采购错误","让售","2-T2-2-11"]
["5000006040004","液压缸;Z0213.03.02.04.00","W009设备库","台",2247.7488,"2007-03-25",1,2247.7488,"219分厂","老108分厂物资，已经不用","让售","2-T2-2-7.5"]
["5000006010247","液压缸;CDL1MF4/63/36/50D1X/B1CHDMWW","W009设备库","台",2162.3932,"2007-03-25T09:47:00",4,8649.5728,"89分厂油管","2#加厚已改造,不可用","让售","2-T2-2-8.5"]
["5000006040005","液压缸;Z0213.03.02.06.00","W009设备库","台",2472.9496,"2007-03-25",2,4945.8992,"219分厂","老108分厂物资，已经不用","让售","2-T2-2-9"]
["5000008040008","叶片泵;IPV2V4-17/20RA01MC160A1","W009设备库","台",3920.796,"2007-03-25",1,3920.796,"219分厂","老108分厂物资，已经不用","让售","2-T3-1-7"]
["5000008050097","液压马达;ZJM-25-0-P-TANZ排量:2498ml/r","W009设备库","台",18103.07686,"2008-09-24",1,18103.07686,"219分厂","老108分厂物资，已经不用","让售","2-T3-3-9"]
["5000021010169","主轴编码器;6FX2001-3AB02;Siemens","W009设备库","只",1611.6848,"2007-03-25T10:56:00",1,1611.6848,"89分厂","轧辊车床已改造升级,不可用","让售","XF-3-1-4"]
["5628201015166","通讯适配器;PCM-085;Modicon","W009设备库","只",10439.66,"2007-03-25T10:56:00",1,10439.66,"89分厂","采购错误","让售","XF-3-2-1"]
["5000000230047","控制板;6FX1121-4BA02;Siemens","W009设备库","块",18257.9672,"2007-03-25T09:47:00",1,18257.9672,"89分厂","车床升级改造,不可用","让售","XF-3-2-10"]
["5202100033000","传动控制板;6SN1118-0AA11-0AA1","W009设备库","件",6190.6504,"2007-03-25T10:56:00",1,6190.6504,"89分厂","数控机床升级改造,不可用","让售","XF-3-2-3"]
["5628204G40000","电源模块AS-P120-000","W009设备库","件",1844.1632,"2007-03-25T10:56:00",2,3688.3264,"89分厂","7辊矫直机已改造,不可用","让售","XF-3-2-4"]
["5628204C60000","模块AS-BDAP-210","W009设备库","件",1483.856,"2007-03-25T10:56:00",2,2967.712,"89分厂","7辊矫直机已改造,不可用","让售","XF-3-2-5"]
["5202100060000","CPU模块CPU12520;6FX1138-5BB03;Siemens","W009设备库","件",25983.7688,"2007-03-25T10:56:00",1,25983.7688,"89分厂","数控机床升级改造,不可用","让售","XF-3-2-7"]
["5628201015304","数控机床;LCD液晶显示器驱动板;GTC12860;Vers1.01;VOLLMER","W009设备库","块",12572.4104,"2007-03-25T10:56:00",1,12572.4104,"89分厂","锯片修磨,设备封存,不可用","让售","XF-3-5-6"]
["5628201015305","栅极触发板;HE62;Himmel","W009设备库","块",11293.3392,"2007-03-25T10:56:00",2,22586.6784,"89分厂","锯片修磨,设备封存,不可用","让售","XF-3-5-8"]
["5071605131020","127切管机;防护门;GXQG-127.75001改;组件","W009设备库","件",15769.230826,"2009-02-17",1,15769.230826,"219分厂","原108机组","让售","库100"]
["5072402210025","250空气锤;电机皮带轮;C41-32016b;HT21-40","W009设备库","件",549.811944,"2007-10-10T08:34:47",2,1099.623888,"50机组","机组淘汰","让售","库100","2018.7.26已让售*"]
["5000002080017","减速机中间齿轮轴;ZQ500;Mn=6;Z=18","W009设备库","件",332.7016,"2007-03-25T09:47:00",1,332.7016,"50机组","机组淘汰","让售","库100"]
["5000002080018","减速机中间齿轮;ZQ500;Mn=4;Z=77","W009设备库","件",512.556,"2007-03-25T09:47:00",1,512.556,"50机组","机组淘汰","让售","库100"]
["5000002080020","减速机齿轮轴;ZQ350;Mn=3;Z=26;I=12.64","W009设备库","件",193.6968,"2007-03-25T09:47:00",1,193.6968,"50机组","机组淘汰","让售","库100"]
["5000002080033","减速机高速齿轮轴;ZQ35-8-ⅡZ;Z=35;M=3","W009设备库","件",225.8256,"2007-03-25T09:47:00",2,451.6512,"50机组","机组淘汰","让售","库100"]
["5000002080070","减速机齿轮轴;ZQ35.5-5-3","W009设备库","件",243.6896,"2007-03-25T09:47:00",3,731.0688,"50机组","机组淘汰","让售","库100"]
["5072402050026","150空气锤;轴承盖;C41-150-410;HT15-32","W009设备库","件",93.213746,"2012-10-10T08:15:40",2,186.427492,"50机组","机组淘汰","让售","库100"]
["5072402050027","150空气锤;传动轴;C41-150-426; 中级弹簧钢丝","W009设备库","件",489.984,"2007-03-25T10:56:00",6,2939.904,"50机组","机组淘汰","让售","库100"]
["5072402050030","150空气锤;下气门转柄;C41-150-509;HT15-32","W009设备库","件",6.5648,"2007-03-25T10:56:00",5,32.824,"50机组","机组淘汰","让售","库100"]
["5072402050032","150空气锤;上气门芯;C41-150-502;HT20-40","W009设备库","件",83.4768,"2007-03-25T10:56:00",1,83.4768,"50机组","机组淘汰","让售","库100"]
["5072402050033","150空气锤;下转手柄;C41-33028;HT21-40","W009设备库","件",58.2472,"2007-03-25T10:56:00",3,174.7416,"50机组","机组淘汰","让售","库100"]
["5072402110003","150空气锤;二砧座;C41-150-206;ZG45","W009设备库","件",1040.76942,"2012-10-12T08:13:34",2,2081.53884,"50机组","机组淘汰","让售","库100"]
["5072402110012","150空气锤;轴承座;C41-150-406;HT20-40","W009设备库","件",549.811944,"2007-03-25T10:56:00",1,549.811944,"50机组","机组淘汰","让售","库100"]
["5072402110017","150空气锤;轴领座;C41-150-411;HT20-40","W009设备库","件",470.8352,"2007-03-26T11:45:00",1,470.8352,"50机组","机组淘汰","让售","库100"]
["5072402110022","150空气锤;连杆头;C41-150-425;45","W009设备库","件",538.4616,"2012-10-10T08:17:58",2,1076.9232,"50机组","机组淘汰","让售","库100"]
["5072402110027","150空气锤;大皮带轮;C41-150-441;HT15-32","W009设备库","件",542.74,"2007-03-25T10:56:00",1,542.74,"50机组","机组淘汰","让售","库100"]
["5072402110050","150空气锤;曲轴;C41-301-401;45","W009设备库","件",756.923058,"2007-10-10T08:37:00",3,2270.769174,"50机组","机组淘汰","让售","库100"]
["5072402110059","150空气锤;下气门套;C41-150-503;HT20-40","W009设备库","件",490.393112,"2007-03-25T10:56:00",1,490.393112,"50机组","机组淘汰","让售","库100"]
["5072402110060","150空气锤;下气门芯;C41-150-504;HT15-32","W009设备库","件",569.36748,"2007-03-25T10:56:00",1,569.36748,"50机组","机组淘汰","让售","库100"]
["5072402110062","150空气锤;铜套;C41-150-307;TSnEnPb","W009设备库","件",143.5875,"2012-10-10T08:17:58",5,717.9375,"50机组","机组淘汰","让售","库100"]
["5072402111039","150空气锤;连杆;H2016.03;C41-301-106;45锻件","W009设备库","件",538.46,"2012-10-10T08:15:40",8,4307.68,"50机组","机组淘汰","让售","库100"]
["5072402210004","250空气锤;活塞导程;C41-31016;HT21-40","W009设备库","件",603.1432,"2007-03-25T10:56:00",15,9047.148,"50机组","机组淘汰","让售","库100"]
["5072402210015","250空气锤;连杆头;C41-250-04-25;ZG45","W009设备库","件",314.0104,"2007-03-25T10:56:00",2,628.0208,"50机组","机组淘汰","让售","库100"]
["5072402210017","250空气锤;轴承座;C41-32001B;HT15-32","W009设备库","件",406.2608,"2007-03-25T10:56:00",2,812.5216,"50机组","机组淘汰","让售","库100"]
["5072402210019","250空气锤;传动齿轮轴;C41-32004;45","W009设备库","件",770.940138,"2007-10-10T08:37:00",1,770.940138,"50机组","机组淘汰","让售","库100"]
["5072402210026","250空气锤;曲轴;C41-32201;45","W009设备库","件",838.4,"2007-03-25T10:56:00",2,1676.8,"50机组","机组淘汰","让售","库100"]
["5120899384100","气动活塞硬密封蝶阀;DYD673H-0.6;DN250","W009设备库","只",11031.45303,"2007-07-03T03:33:54",2,22062.90606,"50机组","机组淘汰","让售","库100"]
["5120899384200","气动活塞硬密封蝶阀;DYD673H-0.6;DN40","W009设备库","只",3214.119642,"2007-07-03T03:33:28",2,6428.239284,"50机组","机组淘汰","让售","库100"]
["5120899384300","气动活塞硬密封蝶阀;DYD673H-0.6;DN150","W009设备库","只",6272.649532,"2007-07-03T03:33:54",1,6272.649532,"50机组","机组淘汰","让售","库100"]
["5120899385200","气动活塞调节阀;HB2810;DN50","W009设备库","只",8921.880358,"2007-07-18T06:53:43",1,8921.880358,"50机组","机组淘汰","让售","库100"]
["5120899385400","气动活塞调节阀;HB2810;DN40","W009设备库","只",9041.02562,"2007-07-18T06:53:43",1,9041.02562,"50机组","机组淘汰","让售","库100"]
["5120999161100","多功能水泵控制阀;JD745X-75 DN80","W009设备库","只",1654.01708,"2010-01-25T08:51:20",1,1654.01708,"50机组","机组淘汰","让售","库100"]
["5121101531001","离心水泵;IH65-50-160;5.5kw;外购","W009设备库","件",9370.24,"2007-03-25T10:56:00",2,18740.48,"50机组","机组淘汰","让售","库100"]
["5121101550001","离心水泵;BF-25-100;;外购","W009设备库","件",10819.0984,"2007-03-25T10:56:00",2,21638.1968,"50机组","机组淘汰","让售","库100"]
["5120899660000","阀门电动装置;LQA10-1;N=0.03Kw","W009设备库","只",2275.2136,"2007-03-25T10:56:00",1,2275.2136,"89分厂","采购错误","让售","库100"]
["5120899887000","气动装置先导阀2630600;QQ-50;0.15-1MPa","W009设备库","只",479.996,"2007-03-25T10:56:00",4,1919.984,"89分厂","工业炉改造,不可用","让售","库100"]
["5000000060660","导向套DC1415-9改;QT20-40;","W009设备库","件",27.4296,"2007-03-25",14,384.0144,"219分厂","老108分厂物资，已经不用","让售","铜5柜-1-11"]
["5000002080064","升降机蜗轮;QWL10A-I-155","W009设备库","件",1090.598256,"2010-05-21",4,4362.393024,"219分厂","老108分厂物资，已经不用","让售","铜6柜-1-8"]
["5000000011050","电机风罩;Y250M-4;;","W009设备库","件",110.132,"2007-03-25",8,881.056,"219分厂","老108分厂物资","让售","行车梯旁边","2018.7.26已让售*"]
["5000006040182","液压缸;Z0224.04.04.01;100/70-135","W009设备库","台",7709.401708,"2014-09-01",2,15418.803416,"219分厂","老108分厂物资，已经不用","让售","1-T2-3-11"]

{"sheet":"Sheet1","index":2,"n_rows":172,"n_cols":13,"rows_kept":172}
["编码","描述","子库存","货位","单位","成本价","入库时间","数量","金额","使用部门","闲置原因","处置方式","存放位置"]
["5000002040094","升降机;SGT30L0-0-24-0-Ⅰ-S;E9608222;国产化","W008设备库","089#分厂设备1 T","台",14914.187962,"2015-07-27T17:00:26",2,29828.375924,"89分厂","无实物 报废","报废","退库物资"]
["5266713034001","内弧角板;04-306冶12-8改1;RTSi-55","W008设备库","108#设备1","件",762.784,"2007-03-25",12,9153.408,"219分厂","有实物 08年环形炉改造 物流中心库存","报废","油库"]
["5266713034003","内支脚板;04-306冶12-11改1;HT20-40;280Kg","W008设备库","108#设备1","件",1342.88,"2007-03-25",4,5371.52,"219分厂","有实物 08年环形炉改造 物流中心库存","报废","油库"]
["5266713034052","外圈支撑板;04-306环炉3-30;ZGCr9Si2","W008设备库","108#设备1","件",3318.9288,"2007-03-25",30,99567.864,"219分厂","有实物 08年环形炉改造 物流中心库存","报废","油库"]
["5266713034053","内圈支撑板;04-306环炉3-31;ZGCr9Si2","W008设备库","108#设备1","件",3328.292,"2007-03-25",15,49924.38,"219分厂","有实物 08年环形炉改造 物流中心库存","报废","油库"]
["526640103Q010","拔料杆;D2019.10.01;ZG35","W008设备库","108#设备1","件",604.032,"2007-03-25",9,5436.288,"219分厂","有实物 老108分厂物资，已经不用","报废","右2.5-中"]
["526640104F006","减速机箱体;268备98-5代1;NZS497-25Ⅲ","W008设备库","089#设备1","件",6336,"2007-03-25T07:34:00",0,6336,"89分厂","有实物 连轧后台链式运输机，该设备已改造，取消","报废","2018.9.27已发"]
["5121103018006","风机叶轮;CTH-4","W008设备库","089#设备1","件",7380,"2008-12-18T04:53:01",1,7380,"89分厂","有实物 电机冷却风机叶轮,改制可用","改制","左2.7-中"]
["5000002050029","非标减速机;Z0213.03.10.03","W008设备库","108#设备1","台",6384.664,"2009-12-07",1,6384.664,"219分厂","老108分厂物资，已经不用","改制","左3.2-中"]
["5000002050032","非标减速机;Z0213.06.02.03","W008设备库","108#设备1","台",17477.7856,"2009-12-07",1,17477.7856,"219分厂","老108分厂物资，已经不用","改制","左3.2-中"]
["5130101212005","离心通风机;叶片;9-19;No7.1D;左旋90","W008设备库","050#设备1","件",1261.53843,"2009-02-06T09:24:08",1,1261.53843,"50机组","有实物 机组淘汰","报废","左3.7墙边"]
["526642601Y004","销轴;04-306冶17-61;42CrMo;","W008设备库","108#设备1","件",570.768,"2007-03-25",2,1141.536,"219分厂","有实物 老108分厂物资，已经不用","报废","左后1-2-24"]
["526640103M005","杠杆;D2014.02.07;ZG35;","W008设备库","108#设备1","件",379.4736,"2007-03-25",1,379.4736,"219分厂","有实物 老108分厂物资，已经不用","报废","左后2-1-17"]
["5266424016010","穿孔机;套管M2005.09.01.07;45","W008设备库","050#设备1","件",616,"2007-03-25T07:34:00",20,12320,"50机组","有实物 机组淘汰","报废","左后2-1-8"]
["526642401F003","20t冷拔机;主轴;H2037.04.03;35SiMn;18.45Kg","W008设备库","050#设备1","件",762.8104,"2007-03-25T07:34:00",1,762.8104,"50机组","有实物 机组淘汰","报废","左后2-2-10"]
["526642401C008","20t冷拔机;活塞管;H2037.02.04.18;45;5.1Kg","W008设备库","050#设备1","件",383.592,"2007-03-25T07:34:00",3,1150.776,"50机组","有实物 机组淘汰","报废","左后2-2-24"]
["5266709082009","凸轮传动轴;H6.2010.05.01.09;45","W008设备库","050#设备1","件",822.8,"2007-03-25T07:34:00",1,822.8,"50机组","有实物 机组淘汰","报废","左后2-2-25"]
["526642401C007","20t冷拔机;大活塞管;H2037.02.04.07;45;11.7Kg","W008设备库","050#设备1","件",880,"2007-03-25T07:34:00",2,1760,"50机组","有实物 机组淘汰","报废","左后2-2-9"]
["5266420191004","套筒;0107061-10.012;42CrMo4V;15.5Kg","W008设备库","108#设备1","件",936.32,"2007-03-25",12,11235.84,"219分厂","报废，原108机组","改制","左后2-3-18"]
["5266424019008","穿孔机;下杠杆;M2005.08.05.00;A3;17Kg","W008设备库","050#设备1","件",255.2,"2007-03-25T07:34:00",2,510.4,"50机组","有实物 机组淘汰","报废","左后2-3-24"]
["5121103018003","风机叶轮;CTH-1","W008设备库","089#设备1","件",3671.07686,"2008-12-18T04:53:01",1,3671.07686,"89分厂","有实物 电机冷却风机叶轮,改制可用","改制","左后2-3-4"]
["5121103018004","风机叶轮;CTH-2","W008设备库","089#设备1","件",3671.07686,"2008-12-18T04:53:01",1,3671.07686,"89分厂","有实物 电机冷却风机叶轮,改制可用","改制","左后2-3-5"]
["5266715037017","运行制动轮;H6.2010.04.05.01;45","W008设备库","050#设备1","件",105.9344,"2007-03-25T07:34:00",1,105.9344,"50机组","有实物 机组淘汰","报废","左后2-4-8"]
["526640103M006","杠杆支座;D2014.02.08;ZG35","W008设备库","108#设备1","件",271.0928,"2007-03-25",1,271.0928,"219分厂","有实物 老108分厂物资，已经不用","报废","左前3-1-5"]
["5123202122026","高压泵;PY密封圈;PY-72","W008设备库","010#管加设备1","只",447.14518,"2010-08-05",5,2235.7259,"89分厂油管","有实物 老化报废报废","报废","左前3-2-8"]
["526640104F026","减速机三级齿轮轴;268备98-62代1-05;40CrMnNo;9.5Kg","W008设备库","001#维修设备1","件",346.896,"2007-03-25T07:34:00",3,1040.688,"89分厂","有实物 连轧后台链式运输机，该设备已改造，取消","报废","左前3-3-12"]
["5266801089007","20t冷拔机;减速箱低速轴;L2112.08.14;45;6.5Kg","W008设备库","050#设备1","件",71.48719,"2007-11-26T08:32:21",8,571.89752,"50机组","有实物 机组淘汰","报废","左前5-1-6"]
["5266801089007","20t冷拔机;减速箱低速轴;L2112.08.14;45;6.5Kg","W008设备库","050#设备1","件",71.48719,"2007-03-25T07:34:00",5,357.43595,"50机组","有实物 机组淘汰","报废","左前5-1-6"]
["5266801089006","20t冷拔机;减速箱大齿轮;L2112.08.13;ZG55;7.1Kg","W008设备库","050#设备1","件",315.384628,"2007-03-25T07:34:00",5,1576.92314,"50机组","有实物 机组淘汰","报废","左前5-2-2"]
["5266424015008","20t冷拔机;低速轴;H2022.02.08;45;6.9Kg","W008设备库","050#分厂设备1","件",107.931598,"2007-11-19T08:40:40",5,539.65799,"50机组","有实物 机组淘汰","报废","左前5-2-5"]
["526640104F025","减速机三级大齿轮;268备98-62代1-04;40CrMnNo;34.5Kg","W008设备库","001#维修设备1","件",1488.3264,"2007-03-25T07:34:00",2,2976.6528,"89分厂","有实物 连轧后台链式运输机，该设备已改造，取消","报废","左前5-2-6"]
["5000002080140","辊道减速机;内-电机小齿轮;YZL132M217;268备95-6","W008设备库","001#维修设备1","件",131.6216,"2007-03-25T07:34:00",9,1184.5944,"89分厂","有实物 辊道减速箱,改制可用","改制","左前5-3-1"]
["5266715037035","高速轴;H6.2010.04.27;45;3.2Kg","W008设备库","050#设备1","件",126.153884,"2007-11-26T08:32:46",4,504.615536,"50机组","有实物 机组淘汰","报废","左前5-3-3"]
["5000002080141","辊道减速机;内-电机过渡齿轮;YZL132M217;268备95-6","W008设备库","001#维修设备1","件",141.3984,"2007-03-25T07:34:00",9,1272.5856,"89分厂","有实物 辊道减速箱,改制可用","改制","左前5-3-6"]
["5000002080143","辊道减速机;内-齿轮轴;YZL132M217;268备95-6","W008设备库","001#维修设备1","件",289.5728,"2007-03-25T07:34:00",4,1158.2912,"89分厂","有实物 辊道减速箱,改制可用","改制","左前5-4-1"]
["526640104F030","传动斜齿轮;268备98-62代1-07;40CrMnMo;23Kg","W008设备库","001#维修设备1","件",864.1688,"2007-03-25T07:34:00",4,3456.6752,"89分厂","有实物 连轧后台链式运输机，该设备已改造，取消","报废","左前7-1-5"]
["5266801089003","20t冷拔机;减速箱高速轴;L2112.08.10;45;28Kg","W008设备库","050#设备1","件",111.400854,"2007-04-27T03:00:36",6,668.405124,"50机组","有实物 机组淘汰","报废","左前7-1-7"]
["5266801089003","20t冷拔机;减速箱高速轴;L2112.08.10;45;28Kg","W008设备库","050#设备1","件",111.400854,"2010-04-22T09:11:30",4,445.603416,"50机组","有实物 机组淘汰","报废","左前7-1-7"]
["5266424015022","20t冷拔机;大齿轮;H2022.02.06.45;18Kg","W008设备库","050#设备1","件",406.495648,"2007-10-31T08:34:51",2,812.991296,"50机组","有实物 机组淘汰","报废","左前7-1-9"]
["526640104F005","减速机;全套齿轮及齿轮轴;268备98-5","W008设备库","001#维修设备1","件",15027.6896,"2007-03-25T07:34:00",1,15027.6896,"89分厂","有实物 连轧后台链式运输机，该设备已改造，取消","报废","左前7-3-2"]
["526640104F028","传动斜齿轮轴;268备98-62代1-06;40CrMnMo;8.5Kg","W008设备库","001#维修设备1","件",447.524,"2007-03-25T07:34:00",4,1790.096,"89分厂","有实物 连轧后台链式运输机，该设备已改造，取消","报废","左前7-3-4"]
["5745704084011","橡胶传动轮;H2028.01;橡胶+45;","W008设备库","050#设备1","台",16.9576,"2007-03-25T07:34:00",100,1695.76,"50机组","有实物 机组淘汰","报废","左前7-3-5"]
["5000002080142","辊道减速机;内-输出齿轮;YZL132M217;268备95-6","W008设备库","001#维修设备1","件",985.3008,"2007-03-25T07:34:00",4,3941.2032,"89分厂","有实物 辊道减速箱,改制可用","改制","左前7-4-10"]
["69H2110000","炼钢110结晶器;隔套;1Cr18Ni9;K8001.05","W208设备库","004#一炼钢设备1","件",215.3242,"2007-03-26T09:27:00",39,8397.6438,"炼钢分厂","有实物 水平连铸结晶器","报废","左前7-4-4"]
["69H3110000","炼钢110结晶器;导水套;1Cr18Ni9;K8001.08","W208设备库","004#一炼钢设备1","件",112.931,"2007-03-26T09:27:00",35,3952.585,"炼钢分厂","有实物 水平连铸结晶器","报废","左前7-4-1"]
["69H0110000","炼钢110结晶器;前端法兰;1Cr18Ni9;K8001.01","W208设备库","004#一炼钢设备1","件",692.7648,"2007-03-26T09:27:00",23,15933.5904,"炼钢分厂","有实物 水平连铸结晶器","报废","左前7-2-1"]
["5072203031044","护板;Y81-250A03-14;;","W208设备库","004#一炼钢设备1","件",85.184,"2007-03-26T09:27:00",4,340.736,"炼钢分厂","有实物 报废，原废钢打包机","报废","左前6-4-5"]
["5072203031021","门护板;Y81-250A01-30;;","W208设备库","004#一炼钢设备1","件",136.2944,"2007-03-26T09:27:00",4,545.1776,"炼钢分厂","有实物 报废，原废钢打包机","报废","左前6-4-1"]
["5072203031009","护板Y81-250AO3-12;","W208设备库","004#一炼钢设备1","件",120.4632,"2007-03-26T09:27:00",3,361.3896,"炼钢分厂","有实物 报废，原废钢打包机","报废","左前6-3-10"]
["5072203031017","刮屑条Y81-250AO3-25;","W208设备库","004#一炼钢设备1","件",132.3784,"2007-03-26T09:27:00",4,529.5136,"炼钢分厂","有实物 报废，原废钢打包机","报废","左前6-2-5"]
["5072203031018","刮屑条Y81-250AO3-26;","W208设备库","004#一炼钢设备1","件",132.3784,"2007-03-26T09:27:00",4,529.5136,"炼钢分厂","有实物 报废，原废钢打包机","报废","左前6-2-5"]
["5072203031014","刮屑条Y81-250AO3-22;","W208设备库","004#一炼钢设备1","件",132.3784,"2007-03-26T09:27:00",4,529.5136,"炼钢分厂","有实物 报废，原废钢打包机","报废","左前6-2-4"]
["5072203031016","刮屑条Y81-250AO3-24;","W208设备库","004#一炼钢设备1","件",132.3784,"2007-03-26T09:27:00",4,529.5136,"炼钢分厂","有实物 报废，原废钢打包机","报废","左前6-2-4"]
["5072203031013","刮屑条Y81-250AO3-21;","W208设备库","004#一炼钢设备1","件",132.3784,"2007-03-26T09:27:00",4,529.5136,"炼钢分厂","有实物 报废，原废钢打包机","报废","左前6-2-3"]
["5072203031015","刮屑条Y81-250AO3-23;","W208设备库","004#一炼钢设备1","件",132.3784,"2007-03-26T09:27:00",4,529.5136,"炼钢分厂","有实物 报废，原废钢打包机","报废","左前6-2-1"]
["5071199018013","LOC650-R车丝机;减速电机;VX04-300M-KSS;P=0.4Kw;I=1:300","W208设备库","030#套管加设备1","台",7351.965758,"2010-08-25T10:13:31",2,14703.931516,"管加工分厂","有实物 淘汰备件","报废","左前3-1-4"]
["526340008K003","防溅板;B206G20-3;Q345A;27.11Kg","W208设备库","005#二炼钢设备1","件",676.9224,"2007-03-26",20,13538.448,"炼钢分厂","有实物 大管坯技改不可用","报废","左后2-4-22"]
["69L1150000","炼钢150结晶器;导水套;K8008-09;1Cr18Ni9Ti;9Kg","W208设备库","004#一炼钢设备1","件",967.45,"2007-03-26T11:25:00",15,14511.75,"炼钢分厂","有实物 水平连铸结晶器","报废","左后2-2-3"]
["69H3120000","炼钢120结晶器;导水套;1Cr18Ni9;SL0501.0-20","W208设备库","004#一炼钢设备1","件",110.9745,"2007-03-26T11:25:00",38,4217.031,"炼钢分厂","有实物 水平连铸结晶器","报废","左后1-4-5"]
["69I2120000","炼钢120结晶器;隔套;1Cr18Ni9;SL0501.0-18","W208设备库","004#一炼钢设备1","件",221.9763,"2007-03-26T09:27:00",23,5105.4549,"炼钢分厂","有实物 水平连铸结晶器","报废","左后1-4-3"]
["69L2150000","炼钢150结晶器;不锈钢螺套;K8008-11;1Cr18Ni9Ti;5Kg","W208设备库","004#一炼钢设备1","件",621.94,"2007-03-26T11:25:00",15,9329.1,"炼钢分厂","有实物 水平连铸结晶器","报废","左后1-4-1"]
["69I1120000","炼钢120结晶器;导水隔套;1Cr18Ni9;SL0501.0-17","W208设备库","004#一炼钢设备1","件",393.7843,"2007-03-26T09:27:00",45,17720.2935,"炼钢分厂","有实物 水平连铸结晶器","报废","左后1-3-3"]
["5211412031043","水压试验机;密封圈;直径219","W208设备库","030#套管加设备1","只",1304.30512,"2009-10-20",10,13043.0512,"管加工分厂","有实物 老化 物流中心库存","报废","左后1-2-9"]
["69K2140000","炼钢140结晶器;隔套;1Cr18Ni9;SL2100-11;5Kg","W208设备库","004#一炼钢设备1","件",354.6336,"2007-03-26T11:25:00",3,1063.9008,"炼钢分厂","有实物 水平连铸结晶器","报废","左后1-2-1"]
["5211412031045","水压试验机;密封圈;直径273","W208设备库","030#套管加设备1","只",1669.0116,"2009-10-20",10,16690.116,"管加工分厂","有实物 老化 物流中心库存","报废","左后1-1-9"]
["69K0140000","炼钢140结晶器;前端法兰;1Cr18Ni9;SL2100-5;11.5Kg","W208设备库","004#一炼钢设备1","件",761.5668,"2007-03-26T11:25:00",1,761.5668,"炼钢分厂","有实物 水平连铸结晶器","报废","左后1-1-18"]
["5000012031121","大间隙密封圈530;NZM530","W208设备库","720#设备1","只",5268.67466,"2010-08-13T09:10:46",6,31612.04796,"720分厂","有实物 水压机 时间长过期老化","报废","右3.5-巷中"]
["5000012031122","大间隙密封圈559;NZM559","W208设备库","720#设备1","只",5465.82562,"2010-08-13T09:13:46",6,32794.95372,"720分厂","有实物 水压机 时间长过期老化","报废","右3.5-巷中"]
["5000012031123","大间隙密封圈560;NZM560","W208设备库","720#设备1","只",5027.33554,"2010-08-13T09:10:46",6,30164.01324,"720分厂","有实物 水压机 时间长过期老化","报废","右3.5-巷中"]
["5000012031125","大间隙密封圈630;NZM630","W208设备库","720#设备1","只",5690.1686,"2010-08-13T09:13:46",4,22760.6744,"720分厂","有实物 水压机 时间长过期老化","报废","右3.5-巷中"]
["5000012031126","大间隙密封圈660;NZM660","W208设备库","720#设备1","只",5753.39306,"2010-08-13T09:10:46",6,34520.35836,"720分厂","有实物 水压机 时间长过期老化","报废","右3.5-巷中"]
["5000012031127","大间隙密封圈711;NZM711","W208设备库","720#设备1","只",6132.73736,"2010-08-13T09:13:46",6,36796.42416,"720分厂","有实物 水压机 时间长过期老化","报废","右3.5-巷中"]
["526642408N137","换向齿轮箱;268.01SB0099-137;组件","W208设备库","340#设备1","台",25604.991456,"2007-03-26T23:25:00",2,51209.982912,"340分厂","有实物 连轧前支撑辊技改后不可用","报废","左3.5-1"]
["5000002070016","锯机减速机Sawing Gear;1220*910*660SG001745;A200658-02-MZ;TYPE:KKS1000-","W208设备库","340#T设备1","台",666313.5828,"2015-07-27T14:34:31",1,666313.5828,"340分厂","有实物 申请帐面报废","报废","退库物资"]
["5000002070017","锯机减速机Sawing Gear;1800 COMPLETE;SG001045;A200658-01-EZ;TYPE:KKS180","W208设备库","340#T设备1","台",1661038.74,"2015-07-27T14:34:31",1,1661038.74,"340分厂","有实物 申请帐面报废","报废","退库物资"]
["5211412031025","水压试验机;充水模;直径365mm","W208设备库","030#套管加分厂设备1 T","套",91760.68,"2015-07-27T14:34:31",1,91760.68,"管加工分厂","有实物 采购错误不可用的，报废","报废","退库物资"]
["5211412031034","水压试验机;排气模;直径355.6mm","W208设备库","030#套管加分厂设备1 T","套",91760.68,"2015-07-27T14:34:31",1,91760.68,"管加工分厂","有实物 采购错误不可用的，报废","报废","退库物资"]
["5266709032324","Material Feed Device for Billet Saw Without Motor;MS-0004-45;3441.0Kg;","W208设备库","340#T设备1","件",429290.2152,"2015-07-27T14:34:31",1,429290.2152,"340分厂","有实物 申请帐面报废","报废","退库物资"]
["526642408Q200","导盘减速机;0112015-22.200;组件;15800Kg","W208设备库","340#T设备1","台",1037264.9532,"2015-07-27T14:34:31",1,1037264.9532,"340分厂","有实物 申请帐面报废","报废","退库物资"]
["526340108X002","塞棒系统;8.097943.T STOPPER ROD","W208设备库","005#二炼钢设备1","套",201539.9232,"2007-03-26",2,403079.8464,"炼钢分厂","有实物 大管坯塞棒系统技改不可用","报废","库100"]
["5000001030007","异步交流电动机;ASF102A;380V;0.25Kw","W008设备库","050#设备1","台",388.0342,"2007-03-25T07:19:00",0,1940.171,"50机组","机组淘汰","让售","2017.7.4发"]
["526642601A006","减速机;A600;04-306冶11-102;组件;578Kg","W008设备库","108#设备1","台",10680.34,"2007-03-25",1,10680.34,"219分厂","原108机组","让售","左3.2-后"]
["5000002080043","减速机中间齿轮轴;ZL2115-6-6;Z=19;I=45","W008设备库","050#设备1","件",5450.584568,"2007-03-25T07:34:00",1,5450.584568,"50机组","机组淘汰","让售","右4.2-前"]
["5000002080044","减速机中间齿轮轴;ZL2115-4-12;Z=19;I=45","W008设备库","050#设备1","件",4475.815344,"2007-03-25T07:34:00",1,4475.815344,"50机组","机组淘汰","让售","右4.2-前"]
["5000001030135","异步交流电动机;YVP225M-8;22Kw","W008设备库","050#设备1","台",8499.14472,"2007-07-31T06:09:21",0,8499.14472,"50机组","机组淘汰","让售","左3.4-中 已发"]
["5266424013020","圆柱齿轮减速机;高速齿轮轴;ZD50-4I;i=2.8,A=500","W008设备库","050#设备1","件",5066.3184,"2009-12-07T12:55:09",1,5066.3184,"50机组","机组淘汰","让售","右梯1-1-4"]
["5121103018006","风机叶轮;CTH-4","W008设备库","089#设备1","件",7380,"2008-12-18T04:53:01",1,7380,"89分厂","有实物 电机冷却风机叶轮,改制可用","改制","左2.7-中"]
["5000002050026","非标减速机;Z0213.03.05.06.00;铸钢壳体;246.6Kg;","W008设备库","108#设备1","台",22940.1744,"2007-03-25T07:34:00",1,22940.1744,"50机组","机组淘汰","让售","左2.8-中"]
["5130101212000","离心风机;9-19-8D;右180度","W008设备库","089#设备1","台",5457.3992,"2007-03-25T07:34:00",1,5457.3992,"89分厂","环形炉风机改造,不可用","让售","左2.8-中"]
["5000002050024","非标减速机;Z0213.03.05.04.00","W008设备库","108#设备1","台",23559.6328,"2009-12-07",1,23559.6328,"219分厂","老108分厂物资，已经不用","让售","左3.2-前"]
["5000002050028","非标减速机;Z0213.03.06.03.00","W008设备库","108#设备1","台",23973.3032,"2009-12-07",1,23973.3032,"219分厂","老108分厂物资，已经不用","让售","左3.2-前"]
["5000002030001","园柱齿轮减速机;ZQ350-Ⅸ-2;I=8.23","W008设备库","050#设备1","台",1903.52135,"2007-07-27T11:02:07",2,3807.0427,"50机组","机组淘汰","让售","左3.2右3.4"]
["5000002030043","圆柱齿轮减速机;ZQ400-25-ⅢCA;i=23.34","W008设备库","050#设备1","台",1985.6408,"2009-12-07T09:11:10",1,1985.6408,"50机组","机组淘汰","让售","左3.2-中"]
["5000002030069","圆柱齿轮减速机;ZQ500-9-6;I=8.23","W008设备库","050#设备1","台",3504.27,"2011-07-14T10:06:22",1,3504.27,"50机组","机组淘汰","让售","左3.2-中"]
["5000002030069","圆柱齿轮减速机;ZQ500-9-6;I=8.23","W008设备库","050#设备1","台",3504.27,"2007-10-19T08:21:45",1,3504.27,"50机组","机组淘汰","让售","左3.2-中"]
["5000002050023","非标减速机;Z0213.03.05.01.00","W008设备库","108#设备1","台",23559.6328,"2009-12-07",1,23559.6328,"219分厂","老108分厂物资，已经不用","让售","左3.2-中"]
["5000002050027","非标减速机;Z0213.03.06.01.00","W008设备库","108#设备1","台",23559.6328,"2009-12-07",1,23559.6328,"219分厂","老108分厂物资，已经不用","让售","左3.2-中"]
["5000002050029","非标减速机;Z0213.03.10.03","W008设备库","108#设备1","台",6384.664,"2009-12-07",1,6384.664,"219分厂","老108分厂物资，已经不用","改制","左3.2-中"]
["5000002050031","非标减速机;Z0213.05.07.21","W008设备库","108#设备1","台",17477.7856,"2009-12-07",1,17477.7856,"219分厂","老108分厂物资，已经不用","让售","左3.2-中"]
["5000002050032","非标减速机;Z0213.06.02.03","W008设备库","108#设备1","台",17477.7856,"2009-12-07",1,17477.7856,"219分厂","老108分厂物资，已经不用","改制","左3.2-中"]
["5000002050047","非标减速机;Z8031.04.04.00","W008设备库","108#设备1","台",18459.848,"2009-12-07",1,18459.848,"219分厂","老108分厂物资，已经不用","让售","左3.2-中"]
["5000008020033","双螺杆泵;2GH70-118W1;70-150℃;15MPa;22Kw","W008设备库","089#设备1","台",20307.6896,"2007-03-25T07:34:00",1,20307.6896,"89分厂","原重油泵、已改造,不能用","让售","左3.2-中"]
["5000001030257","异步交流电动机;YYB160L-4;15Kw","W008设备库","050#设备1","台",3642.2936,"2009-12-07T09:11:10",1,3642.2936,"50机组","机组淘汰","让售","左3.4-中"]
["5000001030260","异步交流电动机;YYB180L-4;22Kw","W008设备库","089#设备1","台",2451.965824,"2007-03-25T07:34:00",1,2451.965824,"89分厂","液压泵电机,已改造,不可用","让售","左3.4-中"]
["5000001050013","冶金起重电动机;YZR112M-6;1.5Kw","W008设备库","050#设备1","台",1519.316216,"2007-06-28T06:08:46",1,1519.316216,"50机组","机组淘汰","让售","左3.4-中"]
["5000002040069","螺旋伞齿轮传动箱;T25-1:1-1-D-0-B3","W008设备库","050#设备1","台",8147.435868,"2009-05-13T08:47:37",1,8147.435868,"50机组","机组淘汰","让售","左3.4-中"]
["5000002050030","非标减速机;Z0213.03.10.07","W008设备库","108#设备1","台",1772.188,"2009-12-07",1,1772.188,"219分厂","老108分厂物资，已经不用","让售","左3.4-中"]
["5000001040246","轧钢辊道电动机;YGa160S2-8;3Kw","W008设备库","089#设备1","台",3005.53792,"2007-03-25T07:34:00",1,3005.53792,"89分厂","采购错误","让售","左3.6-后"]
["5000001040227","轧钢辊道电动机;YBCJ132;23转;0.75Kw","W008设备库","089#设备1","台",3006.9072,"2007-03-25T07:34:00",1,3006.9072,"89分厂","采购错误","让售","左3.6-中"]
["5000001060002","电磁调速电动机;YCT200-4A;5.5Kw","W008设备库","089#设备1","台",2875.048,"2007-03-25T07:34:00",1,2875.048,"89分厂","离线探伤已改变频调速，不可用","让售","左3.6-中"]
["5130101212001","离心风机叶轮;9-19-8#;右旋","W008设备库","089#设备1","件",1725.4688,"2007-03-25T07:34:00",2,3450.9376,"89分厂","环形炉风机改造,不可用","让售","左3.9-墙边"]
["5000002040025","三环减速机;SHL-415-303","W008设备库","089#设备1","台",51863.2452,"2011-12-22T09:30:09",1,51863.2452,"89分厂","报废，实物与现场设备不符，取消","让售","左3-后"]
["5000001040006","电动机;DM112M4/SRD;3Kw","W008设备库","089#设备1","台",2799.456,"2007-03-25T07:34:00",1,2799.456,"89分厂","精整3#宽辊道，取消","让售","左后1-1-27"]
["5000001070079","电动机;1LA7096-4AA16/B35;1.5Kw","W008设备库","108#设备1","台",1851.65758,"2008-09-09",1,1851.65758,"219分厂","老108分厂物资，已经不用","让售","左后1-3-23"]
["5000001100047","电动机风叶;Y180L-6","W008设备库","050#设备1","件",31.768,"2009-12-07T12:55:09",7,222.376,"50机组","机组淘汰","让售","左后1-4-13"]
["5000001100061","电动机风叶;YZR160M1-6;5.5Kw","W008设备库","050#设备1","件",49.6408,"2009-12-07T12:55:09",3,148.9224,"50机组","机组淘汰","让售","左后1-4-15"]
["5000001100061","电动机风叶;YZR160M1-6;5.5Kw","W008设备库","050#设备1","件",49.6408,"2010-08-23T11:14:27",1,49.6408,"50机组","机组淘汰","让售","左后1-4-15"]
["5000001040231","轧钢辊道电动机;YG112L1-6;0.85Kw","W008设备库","089#设备1","台",2076.6504,"2007-03-25T07:34:00",4,8306.6016,"89分厂","采购错误","让售","左后1-顶"]
["5000001040242","轧钢辊道电动机;YGa112L2-6B5;1.2Kw;H级","W008设备库","089#设备1","台",1519.01552,"2007-03-25T07:34:00",2,7595.0776,"89分厂","采购错误","让售","左后1-顶"]
["5000001040253","轧钢辊道电动机;YGB132M2-6B5;2.4Kw","W008设备库","089#设备1","台",3279.5136,"2007-03-25T07:34:00",2,6559.0272,"89分厂","环形炉进出料,已改造，不可用","让售","左后1-顶"]
["5266424013022","圆柱齿轮减速机;低速轴;ZD50-4I;i=2.8,A=500","W008设备库","050#设备1","件",2809.4264,"2009-12-07T12:55:09",1,2809.4264,"50机组","机组淘汰","让售","左后2-1-13"]
["5266424013021","圆柱齿轮减速机;低速齿轮;ZD50-4I;i=2.8,A=500","W008设备库","050#设备1","件",5254.0136,"2009-12-07T12:55:09",1,5254.0136,"50机组","机组淘汰","让售","左后2-1-27"]
["5000002080106","减速机齿轮;ZQ40.1-6-2;Mn=5, Z=83","W008设备库","050#设备1","件",1010.1608,"2009-12-07T12:55:09",2,2020.3216,"50机组","机组淘汰","让售","左后2-2-13"]
["5000002080105","减速机低速轴;ZQ40.1-1","W008设备库","050#设备1","件",665.2272,"2009-12-07T12:55:09",4,2660.9088,"50机组","机组淘汰","让售","左后2-2-14"]
["5266420191004","套筒;0107061-10.012;42CrMo4V;15.5Kg","W008设备库","108#设备1","件",936.32,"2007-03-25",12,11235.84,"219分厂","报废，原108机组","改制","左后2-3-18"]
["5121103018003","风机叶轮;CTH-1","W008设备库","089#设备1","件",3671.07686,"2008-12-18T04:53:01",1,3671.07686,"89分厂","有实物 电机冷却风机叶轮,改制可用","改制","左后2-3-4"]
["5121103018004","风机叶轮;CTH-2","W008设备库","089#设备1","件",3671.07686,"2008-12-18T04:53:01",1,3671.07686,"89分厂","有实物 电机冷却风机叶轮,改制可用","改制","左后2-3-5"]
["5000001010022","直流电动机;ZY3-3A;22Kw;110V;2000r/min;永磁","W008设备库","108#设备1","台",1289.8424,"2007-11-14",2,2579.6848,"219分厂","老108分厂物资，已经不用","让售","左后2-4-16"]
["5000001010025","测速发电机;ZCFY12TH;55V;4.4w;1900r/min","W008设备库","108#设备1","台",2399.3112,"2007-11-14",4,9597.2448,"219分厂","老108分厂物资，已经不用","让售","左后2-4-17"]
["5628901027000","感应加热器;直径120;900Kw","W008设备库","089#设备1","套",32870.64,"2007-03-25T07:34:00",1,32870.64,"89分厂","芯棒淬火，已改型，不可用","让售","左后房内"]
["5000001010016","锥型转子电动机;ZDY1-21-4;0.8Kw","W008设备库","050#设备1","台",666.6667,"2007-11-14",2,1333.3334,"219分厂","老108分厂物资，已经不用","让售","左前3-1-15"]
["5071604022001","127切管机;谐波齿轮;XBF3.120;I=80, M=400","W008设备库","108#设备1","件",2777.777,"2009-01-12",1,2777.777,"219分厂","原108机组","让售","左前3-2-18"]
["5121103231001","自吸泵叶轮;65ZW-20-30","W008设备库","050#设备1","件",584.51281,"2011-07-19T08:56:14",2,1169.02562,"50机组","机组淘汰","让售","左前3-3-16"]
["5000002080140","辊道减速机;内-电机小齿轮;YZL132M217;268备95-6","W008设备库","001#维修设备1","件",131.6216,"2007-03-25T07:34:00",9,1184.5944,"89分厂","有实物 辊道减速箱,改制可用","改制","左前5-3-1"]
["5000002080141","辊道减速机;内-电机过渡齿轮;YZL132M217;268备95-6","W008设备库","001#维修设备1","件",141.3984,"2007-03-25T07:34:00",9,1272.5856,"89分厂","有实物 辊道减速箱,改制可用","改制","左前5-3-6"]
["5000002080143","辊道减速机;内-齿轮轴;YZL132M217;268备95-6","W008设备库","001#维修设备1","件",289.5728,"2007-03-25T07:34:00",4,1158.2912,"89分厂","有实物 辊道减速箱,改制可用","改制","左前5-4-1"]
["5000001070003","进口测速电动机;POG9D+FSL;1024P/R;9-30V","W008设备库","108#设备1","台",18392,"2007-11-14",1,18392,"219分厂","老108分厂物资，已经不用","让售","左前6-4-3"]
["5000001070009","进口测速发电机;TDP0.2T-4+FSL;60V;序号:590547;2880rpm","W008设备库","108#设备1","台",9627.350392,"2007-03-25",1,9627.350392,"219分厂","老108分厂物资，已经不用","让售","左前6-4-3"]
["5000002080052","减速机中间齿轮;ZQ350-Ⅸ-2;I=8.23;Z=64","W008设备库","050#设备1","件",496.408,"2007-03-25T07:34:00",1,496.408,"50机组","机组淘汰","让售","左前6-4-7"]
["5121400020101","主动螺杆;3U45B-16","W008设备库","089#设备1","件",6775.4104,"2007-03-25T07:34:00",2,13550.8208,"89分厂","重油螺杆泵,改造,不可用","让售","左前6-4-8"]
["5121400020102","从动螺杆;3U45B-16","W008设备库","089#设备1","件",1777.9432,"2007-03-25T07:34:00",4,7111.7728,"89分厂","重油螺杆泵,改造,不可用","让售","左前6-4-9"]
["5000002080096","减速机中速齿轮;ZQ400;I=20.9;Z=16","W008设备库","050#设备1","件",285.811944,"2007-03-25T07:34:00",2,571.623888,"50机组","机组淘汰","让售","左前7-1-10"]
["5000002080097","减速机中速齿轮;ZQ400;I=20.9;Z=81","W008设备库","050#设备1","件",962.735048,"2007-03-25T07:34:00",4,3850.940192,"50机组","机组淘汰","让售","左前7-1-8"]
["5000002080142","辊道减速机;内-输出齿轮;YZL132M217;268备95-6","W008设备库","001#维修设备1","件",985.3008,"2007-03-25T07:34:00",4,3941.2032,"89分厂","有实物 辊道减速箱,改制可用","改制","左前7-4-10"]
["5000002010094","摆线针轮减速机;XWD1.1-3-23","W008设备库","010#管加设备1","台",865.55551,"2010-06-25T09:52:57",1,865.55551,"89分厂油管","油管1#探伤已改造,不可用","让售","左前8-2-1"]
["5000001030305","异步交流电动机;YS-7124;0.37Kw;立式","W208设备库","030#套管加设备1","台",224.27,"2011-05-24T08:56:48",2,448.54,"管加工分厂","有实物 水压调整电机，已改造成普通电机","让售","左前7-1-6"]
["5000001030293","电动机;YDFW500-4;500W;1250rpm;B编号:CH0006419-24","W208设备库","340#设备1","台",406.49532,"2008-03-21",1,406.49532,"340分厂","有实物 1台已损坏 物流中心库存","让售","左前6-3-4"]
["5000012080020","车氏密封;CHTB2-235*224*5.3;增强PTFE","W208设备库","030#套管加设备1","只",308.376088,"2010-06-02T09:50:50",10,3083.76088,"管加工分厂","有实物 该规格钢管后来一直没有生产，无法使用","让售","左前3-4-4"]
["5123202032161","高压泵;挡圈2;GS-DJF50H32F-14","W208设备库","030#套管加设备1","只",89.00854,"2010-07-28T09:42:59",20,1780.1708,"管加工分厂","有实物 水压高压水泵备件，高压水泵已改造成增压缸","让售","左前3-4-13"]
["5123202032162","高压泵;挡圈3;GS-DJF50H32F-15","W208设备库","030#套管加设备1","只",90.410248,"2010-07-28T09:42:59",20,1808.20496,"管加工分厂","有实物 水压高压水泵备件，高压水泵已改造成增压缸","让售","左前3-4-13"]
["5123202032160","高压泵;挡圈1;GS-DJF50H32F-07","W208设备库","030#套管加设备1","只",95.316226,"2010-07-28T09:42:59",20,1906.32452,"管加工分厂","有实物 水压高压水泵备件，高压水泵已改造成增压缸","让售","左前3-4-12"]
["5000012080022","车氏密封;CHTB2-273*258*7;增强PTFE","W208设备库","030#套管加设备1","只",402.99146,"2010-06-02T09:50:50",5,2014.9573,"管加工分厂","有实物 密封老化，已经无法使用","让售","左前3-3-5"]
["5000012080023","车氏密封;CHTB2-285*272*7;增强PTFE","W208设备库","030#套管加设备1","只",453.45303,"2010-06-02T09:50:50",5,2267.26515,"管加工分厂","有实物 该规格钢管后来一直没有生产，无法使用","让售","左前3-3-2"]
["5000012030348","大间隙密封圈;TBC-F262","W208设备库","030#套管加设备1","套",1195.31318,"2010-02-10T09:59:28",10,11953.1318,"管加工分厂","有实物 该规格钢管后来一直没有生产，无法使用","让售","左前3-1-19"]
["5130101359000","外转子电机离心风机;DRAD251-4;C00-251 46;IP54;800W;400V;1.56A;1130r/min;Rosenberg","W208设备库","340#设备1","台",10645.36,"2007-03-26T10:31:00",1,10645.36,"340分厂","技改后不可用","让售","左前3-1-18"]
["5000007030558","三通气闸阀密封;DN65;TBF-N20*2a","W208设备库","720#设备1","只",693.846116,"2009-11-05T04:11:20",8,5550.768928,"720分厂","报废，机组未投用","让售","左后1-2-5"]
["5000007030562","最低液面阀密封;DN65;TBF-N90*1a","W208设备库","720#设备1","只",2523.07686,"2009-11-05T04:11:20",2,5046.15372,"720分厂","报废，机组未投用","让售","左后1-2-5"]
["5000007030557","三通气闸阀密封;DN40;TBF-N16*2","W208设备库","720#设备1","只",602.735014,"2009-11-05T04:11:20",1,602.735014,"720分厂","报废，机组未投用","让售","左后1-2-4"]
["5000007030561","最低液面阀密封;DN125;TBF-N160*1a","W208设备库","720#设备1","只",3644.444408,"2009-11-05T04:11:20",2,7288.888816,"720分厂","报废，机组未投用","让售","左后1-2-4"]
["5000007030555","三通气闸阀密封;D=32;d=16;H=39","W208设备库","720#设备1","只",574.700854,"2009-11-05T04:11:20",5,2873.50427,"720分厂","报废，机组未投用","让售","左后1-2-3"]
["5000007030556","三通气闸阀密封;D=36;d=20;H=41","W208设备库","720#设备1","只",672.820496,"2009-11-05T04:11:20",5,3364.10248,"720分厂","报废，机组未投用","让售","左后1-2-3"]
["5000007030559","液压闸阀密封;DN125;TBF-N180*1a","W208设备库","720#设备1","只",4064.957218,"2009-11-05T04:11:20",2,8129.914436,"720分厂","报废，机组未投用","让售","左后1-2-2"]
["5000007030560","液压闸阀密封;DN80;TBF-N120*1a","W208设备库","720#设备1","只",3083.760634,"2009-11-05T04:11:20",2,6167.521268,"720分厂","报废，机组未投用","让售","左后1-2-2"]
["5000008050066","液压马达;1QJM42-2;20L/r;1250r/min","W208设备库","030#套管加设备1","台",4191.111102,"2007-09-10T08:39:48",3,12573.333306,"管加工分厂","有实物 矫直机换辊马达，现场使用平衡锤效果更好","让售","左3.6-中"]
["5000001040585","轧钢辊道减速机;DSZR97-40YTSZ112M-4-I-M1;IC416;带电机","W208设备库","720#设备1","台",3640.940138,"2010-09-01T16:42:37",1,3640.940138,"720分厂","技改后不可用","让售","左3.4-中"]
["5000001040614","齿轮减速电动机;DXCW270-28.5-Ⅱ","W208设备库","720#设备1","台",40836,"2011-02-22T09:53:50",1,40836,"720分厂","技改后不可用","让售","左3.4-后"]
["5000001040270","轧钢辊道电动机;YJTG280S-6A;45Kw","W208设备库","030#套管加设备1","台",14726.837576,"2007-03-26T01:38:00",1,14726.837576,"管加工分厂","有实物 水压前无声链电机，已改造成台架","让售","左2.9-中"]
["512320203A011","管线管专用支撑座;直径290mm","W208设备库","030#套管加设备1","件",443.640992,"2010-12-15T14:30:56",20,8872.81984,"管加工分厂","有实物 水压铝制密封齿块，现场使用效果不好，所以技改","让售","右前5-顶木箱"]
["512320203A012","管线管专用支撑座;直径331mm","W208设备库","030#套管加设备1","件",532.649532,"2010-01-27T08:47:17",30,15979.48596,"管加工分厂","有实物 水压铝制密封齿块，现场使用效果不好，所以技改","让售","右前5-顶木箱"]
["512320203A013","管线管专用支撑座;直径389mm","W208设备库","030#套管加设备1","件",574.700854,"2010-01-27T08:47:17",3,1724.102562,"管加工分厂","有实物 水压铝制密封齿块，现场使用效果不好，所以技改","让售","右前5-顶木箱"]
["512320203A014","管线管专用支撑座;直径409mm","W208设备库","030#套管加设备1","件",616.752094,"2010-01-27T08:47:17",28,17269.058632,"管加工分厂","有实物 水压铝制密封齿块，现场使用效果不好，所以技改","让售","右前5-顶木箱"]